Statistics for Name every bird species in the world - Non-Passerines

Click here to take the quiz!

General Stats

  • This quiz has been taken 128 times
  • The average score is 123 of 4354

Answer Stats

English namescientific nameorderfamily% Correct
Bald EagleHaliaeetus leucocephalusAccipitriformesAccipitridae (Hawks, Eagles, and Kites)
73%
EmuDromaius novaehollandiaeCasuariiformesCasuariidae (Cassowaries and Emu)
62%
Canada GooseBranta canadensisAnseriformesAnatidae (Ducks, Geese, and Waterfowl)
58%
Common OstrichStruthio camelusStruthioniformesStruthionidae (Ostriches)
54%
Golden EagleAquila chrysaetosAccipitriformesAccipitridae (Hawks, Eagles, and Kites)
54%
MallardAnas platyrhynchosAnseriformesAnatidae (Ducks, Geese, and Waterfowl)
54%
Emperor PenguinAptenodytes forsteriSphenisciformesSpheniscidae (Penguins)
50%
Southern CassowaryCasuarius casuariusCasuariiformesCasuariidae (Cassowaries and Emu)
50%
Greater RheaRhea americanaRheiformesRheidae (Rheas)
46%
Barn OwlTyto albaStrigiformesTytonidae (Barn-Owls)
42%
Lesser RheaRhea pennataRheiformesRheidae (Rheas)
42%
Northern CassowaryCasuarius unappendiculatusCasuariiformesCasuariidae (Cassowaries and Emu)
42%
RedheadAythya americanaAnseriformesAnatidae (Ducks, Geese, and Waterfowl)
42%
Somali OstrichStruthio molybdophanesStruthioniformesStruthionidae (Ostriches)
42%
Great Blue HeronArdea herodiasPelecaniformesArdeidae (Herons, Egrets, and Bitterns)
38%
Harpy EagleHarpia harpyjaAccipitriformesAccipitridae (Hawks, Eagles, and Kites)
38%
Peregrine FalconFalco peregrinusFalconiformesFalconidae (Falcons and Caracaras)
38%
Snow GooseAnser caerulescensAnseriformesAnatidae (Ducks, Geese, and Waterfowl)
38%
Turkey VultureCathartes auraCathartiformesCathartidae (New World Vultures)
38%
Blue-footed BoobySula nebouxiiSuliformesSulidae (Boobies and Gannets)
35%
Great Horned OwlBubo virginianusStrigiformesStrigidae (Owls)
35%
King PenguinAptenodytes patagonicusSphenisciformesSpheniscidae (Penguins)
35%
Ross's GooseAnser rossiiAnseriformesAnatidae (Ducks, Geese, and Waterfowl)
35%
Scarlet MacawAra macaoPsittaciformesPsittacidae (New World and African Parrots)
35%
Snowy OwlBubo scandiacusStrigiformesStrigidae (Owls)
35%
Wild TurkeyMeleagris gallopavoGalliformesPhasianidae (Pheasants, Grouse, and Allies)
35%
Wood DuckAix sponsaAnseriformesAnatidae (Ducks, Geese, and Waterfowl)
35%
Black SwanCygnus atratusAnseriformesAnatidae (Ducks, Geese, and Waterfowl)
31%
Black VultureCoragyps atratusCathartiformesCathartidae (New World Vultures)
31%
Cackling GooseBranta hutchinsiiAnseriformesAnatidae (Ducks, Geese, and Waterfowl)
31%
California CondorGymnogyps californianusCathartiformesCathartidae (New World Vultures)
31%
Common LoonGavia immerGaviiformesGaviidae (Loons)
31%
Egyptian GooseAlopochen aegyptiacaAnseriformesAnatidae (Ducks, Geese, and Waterfowl)
31%
Little Blue HeronEgretta caeruleaPelecaniformesArdeidae (Herons, Egrets, and Bitterns)
31%
Mandarin DuckAix galericulataAnseriformesAnatidae (Ducks, Geese, and Waterfowl)
31%
Mute SwanCygnus olorAnseriformesAnatidae (Ducks, Geese, and Waterfowl)
31%
Red-tailed HawkButeo jamaicensisAccipitriformesAccipitridae (Hawks, Eagles, and Kites)
31%
Roseate SpoonbillPlatalea ajajaPelecaniformesThreskiornithidae (Ibises and Spoonbills)
31%
Trumpeter SwanCygnus buccinatorAnseriformesAnatidae (Ducks, Geese, and Waterfowl)
31%
White-winged ScoterMelanitta deglandiAnseriformesAnatidae (Ducks, Geese, and Waterfowl)
31%
Adelie PenguinPygoscelis adeliaeSphenisciformesSpheniscidae (Penguins)
27%
American Black DuckAnas rubripesAnseriformesAnatidae (Ducks, Geese, and Waterfowl)
27%
American White PelicanPelecanus erythrorhynchosPelecaniformesPelecanidae (Pelicans)
27%
American WigeonMareca americanaAnseriformesAnatidae (Ducks, Geese, and Waterfowl)
27%
Andean CondorVultur gryphusCathartiformesCathartidae (New World Vultures)
27%
Atlantic PuffinFratercula arcticaCharadriiformesAlcidae (Auks, Murres, and Puffins)
27%
Barnacle GooseBranta leucopsisAnseriformesAnatidae (Ducks, Geese, and Waterfowl)
27%
Black-bellied Whistling-DuckDendrocygna autumnalisAnseriformesAnatidae (Ducks, Geese, and Waterfowl)
27%
Black-crowned Night-HeronNycticorax nycticoraxPelecaniformesArdeidae (Herons, Egrets, and Bitterns)
27%
Black ScoterMelanitta americanaAnseriformesAnatidae (Ducks, Geese, and Waterfowl)
27%
Blue-winged TealSpatula discorsAnseriformesAnatidae (Ducks, Geese, and Waterfowl)
27%
Brown PelicanPelecanus occidentalisPelecaniformesPelecanidae (Pelicans)
27%
CanvasbackAythya valisineriaAnseriformesAnatidae (Ducks, Geese, and Waterfowl)
27%
Cinnamon TealSpatula cyanopteraAnseriformesAnatidae (Ducks, Geese, and Waterfowl)
27%
Common CraneGrus grusGruiformesGruidae (Cranes)
27%
Fulvous Whistling-DuckDendrocygna bicolorAnseriformesAnatidae (Ducks, Geese, and Waterfowl)
27%
GadwallMareca streperaAnseriformesAnatidae (Ducks, Geese, and Waterfowl)
27%
Graylag GooseAnser anserAnseriformesAnatidae (Ducks, Geese, and Waterfowl)
27%
Great EgretArdea albaPelecaniformesArdeidae (Herons, Egrets, and Bitterns)
27%
Greater FlamingoPhoenicopterus roseusPhoenicopteriformesPhoenicopteridae (Flamingos)
27%
Green HeronButorides virescensPelecaniformesArdeidae (Herons, Egrets, and Bitterns)
27%
Hawaiian GooseBranta sandvicensisAnseriformesAnatidae (Ducks, Geese, and Waterfowl)
27%
Hooded MerganserLophodytes cucullatusAnseriformesAnatidae (Ducks, Geese, and Waterfowl)
27%
Lesser FlamingoPhoeniconaias minorPhoenicopteriformesPhoenicopteridae (Flamingos)
27%
Mexican DuckAnas diaziAnseriformesAnatidae (Ducks, Geese, and Waterfowl)
27%
Muscovy DuckCairina moschataAnseriformesAnatidae (Ducks, Geese, and Waterfowl)
27%
Northern PintailAnas acutaAnseriformesAnatidae (Ducks, Geese, and Waterfowl)
27%
Northern ShovelerSpatula clypeataAnseriformesAnatidae (Ducks, Geese, and Waterfowl)
27%
OspreyPandion haliaetusAccipitriformesPandionidae (Osprey)
27%
Philippine EaglePithecophaga jefferyiAccipitriformesAccipitridae (Hawks, Eagles, and Kites)
27%
Rock PigeonColumba liviaColumbiformesColumbidae (Pigeons and Doves)
27%
Ruddy DuckOxyura jamaicensisAnseriformesAnatidae (Ducks, Geese, and Waterfowl)
27%
Surf ScoterMelanitta perspicillataAnseriformesAnatidae (Ducks, Geese, and Waterfowl)
27%
Tundra SwanCygnus columbianusAnseriformesAnatidae (Ducks, Geese, and Waterfowl)
27%
Wandering AlbatrossDiomedea exulansProcellariiformesDiomedeidae (Albatrosses)
27%
White StorkCiconia ciconiaCiconiiformesCiconiidae (Storks)
27%
Whooping CraneGrus americanaGruiformesGruidae (Cranes)
27%
Yellow-crowned Night-HeronNyctanassa violaceaPelecaniformesArdeidae (Herons, Egrets, and Bitterns)
27%
American FlamingoPhoenicopterus ruberPhoenicopteriformesPhoenicopteridae (Flamingos)
23%
American KestrelFalco sparveriusFalconiformesFalconidae (Falcons and Caracaras)
23%
American OystercatcherHaematopus palliatusCharadriiformesHaematopodidae (Oystercatchers)
23%
Arctic LoonGavia arcticaGaviiformesGaviidae (Loons)
23%
Arctic TernSterna paradisaeaCharadriiformesLaridae (Gulls, Terns, and Skimmers)
23%
Barrow's GoldeneyeBucephala islandicaAnseriformesAnatidae (Ducks, Geese, and Waterfowl)
23%
Belted KingfisherMegaceryle alcyonCoraciiformesAlcedinidae (Kingfishers)
23%
Black OystercatcherHaematopus bachmaniCharadriiformesHaematopodidae (Oystercatchers)
23%
BuffleheadBucephala albeolaAnseriformesAnatidae (Ducks, Geese, and Waterfowl)
23%
Caspian TernHydroprogne caspiaCharadriiformesLaridae (Gulls, Terns, and Skimmers)
23%
Cattle EgretBubulcus ibisPelecaniformesArdeidae (Herons, Egrets, and Bitterns)
23%
Common GoldeneyeBucephala clangulaAnseriformesAnatidae (Ducks, Geese, and Waterfowl)
23%
Common MerganserMergus merganserAnseriformesAnatidae (Ducks, Geese, and Waterfowl)
23%
Common ScoterMelanitta nigraAnseriformesAnatidae (Ducks, Geese, and Waterfowl)
23%
Common TernSterna hirundoCharadriiformesLaridae (Gulls, Terns, and Skimmers)
23%
Cooper's HawkAccipiter cooperiiAccipitriformesAccipitridae (Hawks, Eagles, and Kites)
23%
DodoRaphus cucullatusColumbiformesColumbidae (Pigeons and Doves)
23%
Dwarf CassowaryCasuarius bennettiCasuariiformesCasuariidae (Cassowaries and Emu)
23%
Eurasian WigeonMareca penelopeAnseriformesAnatidae (Ducks, Geese, and Waterfowl)
23%
Greater ScaupAythya marilaAnseriformesAnatidae (Ducks, Geese, and Waterfowl)
23%
Greater White-fronted GooseAnser albifronsAnseriformesAnatidae (Ducks, Geese, and Waterfowl)
23%
Green-winged TealAnas creccaAnseriformesAnatidae (Ducks, Geese, and Waterfowl)
23%
Harlequin DuckHistrionicus histrionicusAnseriformesAnatidae (Ducks, Geese, and Waterfowl)
23%
King EiderSomateria spectabilisAnseriformesAnatidae (Ducks, Geese, and Waterfowl)
23%
Lesser ScaupAythya affinisAnseriformesAnatidae (Ducks, Geese, and Waterfowl)
23%
Lesser White-fronted GooseAnser erythropusAnseriformesAnatidae (Ducks, Geese, and Waterfowl)
23%
Little PenguinEudyptula minorSphenisciformesSpheniscidae (Penguins)
23%
Long-tailed DuckClangula hyemalisAnseriformesAnatidae (Ducks, Geese, and Waterfowl)
23%
Northern BobwhiteColinus virginianusGalliformesOdontophoridae (New World Quail)
23%
Pacific LoonGavia pacificaGaviiformesGaviidae (Loons)
23%
Red-breasted MerganserMergus serratorAnseriformesAnatidae (Ducks, Geese, and Waterfowl)
23%
Reddish EgretEgretta rufescensPelecaniformesArdeidae (Herons, Egrets, and Bitterns)
23%
Ring-necked DuckAythya collarisAnseriformesAnatidae (Ducks, Geese, and Waterfowl)
23%
Ring-necked PheasantPhasianus colchicusGalliformesPhasianidae (Pheasants, Grouse, and Allies)
23%
Ruby-throated HummingbirdArchilochus colubrisCaprimulgiformesTrochilidae (Hummingbirds)
23%
Sandhill CraneAntigone canadensisGruiformesGruidae (Cranes)
23%
Sharp-shinned HawkAccipiter striatusAccipitriformesAccipitridae (Hawks, Eagles, and Kites)
23%
SmewMergellus albellusAnseriformesAnatidae (Ducks, Geese, and Waterfowl)
23%
Snowy EgretEgretta thulaPelecaniformesArdeidae (Herons, Egrets, and Bitterns)
23%
Swan GooseAnser cygnoidesAnseriformesAnatidae (Ducks, Geese, and Waterfowl)
23%
Tricolored HeronEgretta tricolorPelecaniformesArdeidae (Herons, Egrets, and Bitterns)
23%
Tundra Bean-GooseAnser serrirostrisAnseriformesAnatidae (Ducks, Geese, and Waterfowl)
23%
Velvet ScoterMelanitta fuscaAnseriformesAnatidae (Ducks, Geese, and Waterfowl)
23%
White-tailed EagleHaliaeetus albicillaAccipitriformesAccipitridae (Hawks, Eagles, and Kites)
23%
African Fish-EagleHaliaeetus vociferAccipitriformesAccipitridae (Hawks, Eagles, and Kites)
19%
African PenguinSpheniscus demersusSphenisciformesSpheniscidae (Penguins)
19%
American AvocetRecurvirostra americanaCharadriiformesRecurvirostridae (Stilts and Avocets)
19%
American CootFulica americanaGruiformesRallidae (Rails, Gallinules, and Coots)
19%
AnhingaAnhinga anhingaSuliformesAnhingidae (Anhingas)
19%
Anna's HummingbirdCalypte annaCaprimulgiformesTrochilidae (Hummingbirds)
19%
Bar-headed GooseAnser indicusAnseriformesAnatidae (Ducks, Geese, and Waterfowl)
19%
Black KiteMilvus migransAccipitriformesAccipitridae (Hawks, Eagles, and Kites)
19%
Black-necked SwanCygnus melancoryphusAnseriformesAnatidae (Ducks, Geese, and Waterfowl)
19%
Blue-and-yellow MacawAra araraunaPsittaciformesPsittacidae (New World and African Parrots)
19%
BrantBranta berniclaAnseriformesAnatidae (Ducks, Geese, and Waterfowl)
19%
Brazilian TealAmazonetta brasiliensisAnseriformesAnatidae (Ducks, Geese, and Waterfowl)
19%
Burrowing OwlAthene cuniculariaStrigiformesStrigidae (Owls)
19%
California QuailCallipepla californicaGalliformesOdontophoridae (New World Quail)
19%
Chilean FlamingoPhoenicopterus chilensisPhoenicopteriformesPhoenicopteridae (Flamingos)
19%
Clark's GrebeAechmophorus clarkiiPodicipediformesPodicipedidae (Grebes)
19%
Common BuzzardButeo buteoAccipitriformesAccipitridae (Hawks, Eagles, and Kites)
19%
Common EiderSomateria mollissimaAnseriformesAnatidae (Ducks, Geese, and Waterfowl)
19%
Common KingfisherAlcedo atthisCoraciiformesAlcedinidae (Kingfishers)
19%
Common MurreUria aalgeCharadriiformesAlcidae (Auks, Murres, and Puffins)
19%
Common NighthawkChordeiles minorCaprimulgiformesCaprimulgidae (Nightjars and Allies)
19%
Crested CaracaraCaracara plancusFalconiformesFalconidae (Falcons and Caracaras)
19%
Elf OwlMicrathene whitneyiStrigiformesStrigidae (Owls)
19%
Eurasian KestrelFalco tinnunculusFalconiformesFalconidae (Falcons and Caracaras)
19%
Forster's TernSterna forsteriCharadriiformesLaridae (Gulls, Terns, and Skimmers)
19%
Glaucous GullLarus hyperboreusCharadriiformesLaridae (Gulls, Terns, and Skimmers)
19%
Glaucous-winged GullLarus glaucescensCharadriiformesLaridae (Gulls, Terns, and Skimmers)
19%
Gray HeronArdea cinereaPelecaniformesArdeidae (Herons, Egrets, and Bitterns)
19%
Hawaiian DuckAnas wyvillianaAnseriformesAnatidae (Ducks, Geese, and Waterfowl)
19%
KakapoStrigops habroptilaPsittaciformesStrigopidae (New Zealand Parrots)
19%
Least BitternIxobrychus exilisPelecaniformesArdeidae (Herons, Egrets, and Bitterns)
19%
Least TernSternula antillarumCharadriiformesLaridae (Gulls, Terns, and Skimmers)
19%
Little EgretEgretta garzettaPelecaniformesArdeidae (Herons, Egrets, and Bitterns)
19%
Long-billed DowitcherLimnodromus scolopaceusCharadriiformesScolopacidae (Sandpipers and Allies)
19%
Long-eared OwlAsio otusStrigiformesStrigidae (Owls)
19%
Marabou StorkLeptoptilos crumeniferCiconiiformesCiconiidae (Storks)
19%
Martial EaglePolemaetus bellicosusAccipitriformesAccipitridae (Hawks, Eagles, and Kites)
19%
MerlinFalco columbariusFalconiformesFalconidae (Falcons and Caracaras)
19%
Mourning DoveZenaida macrouraColumbiformesColumbidae (Pigeons and Doves)
19%
Northern GannetMorus bassanusSuliformesSulidae (Boobies and Gannets)
19%
Northern GoshawkAccipiter gentilisAccipitriformesAccipitridae (Hawks, Eagles, and Kites)
19%
Ocellated TurkeyMeleagris ocellataGalliformesPhasianidae (Pheasants, Grouse, and Allies)
19%
Red-throated LoonGavia stellataGaviiformesGaviidae (Loons)
19%
Ring-billed GullLarus delawarensisCharadriiformesLaridae (Gulls, Terns, and Skimmers)
19%
Rock PtarmiganLagopus mutaGalliformesPhasianidae (Pheasants, Grouse, and Allies)
19%
Royal TernThalasseus maximusCharadriiformesLaridae (Gulls, Terns, and Skimmers)
19%
RuffCalidris pugnaxCharadriiformesScolopacidae (Sandpipers and Allies)
19%
Ruffed GrouseBonasa umbellusGalliformesPhasianidae (Pheasants, Grouse, and Allies)
19%
Rufous HummingbirdSelasphorus rufusCaprimulgiformesTrochilidae (Hummingbirds)
19%
Sandwich TernThalasseus sandvicensisCharadriiformesLaridae (Gulls, Terns, and Skimmers)
19%
Scarlet IbisEudocimus ruberPelecaniformesThreskiornithidae (Ibises and Spoonbills)
19%
SecretarybirdSagittarius serpentariusAccipitriformesSagittariidae (Secretarybird)
19%
ShoebillBalaeniceps rexPelecaniformesBalaenicipitidae (Shoebill)
19%
Short-billed DowitcherLimnodromus griseusCharadriiformesScolopacidae (Sandpipers and Allies)
19%
Short-eared OwlAsio flammeusStrigiformesStrigidae (Owls)
19%
Snowy PloverCharadrius nivosusCharadriiformesCharadriidae (Plovers and Lapwings)
19%
SoraPorzana carolinaGruiformesRallidae (Rails, Gallinules, and Coots)
19%
Spectacled EiderSomateria fischeriAnseriformesAnatidae (Ducks, Geese, and Waterfowl)
19%
Spotted SandpiperActitis maculariusCharadriiformesScolopacidae (Sandpipers and Allies)
19%
Steller's EiderPolysticta stelleriAnseriformesAnatidae (Ducks, Geese, and Waterfowl)
19%
Steller's Sea-EagleHaliaeetus pelagicusAccipitriformesAccipitridae (Hawks, Eagles, and Kites)
19%
Taiga Bean-GooseAnser fabalisAnseriformesAnatidae (Ducks, Geese, and Waterfowl)
19%
Tufted DuckAythya fuligulaAnseriformesAnatidae (Ducks, Geese, and Waterfowl)
19%
Virginia RailRallus limicolaGruiformesRallidae (Rails, Gallinules, and Coots)
19%
Western GullLarus occidentalisCharadriiformesLaridae (Gulls, Terns, and Skimmers)
19%
White-cheeked PintailAnas bahamensisAnseriformesAnatidae (Ducks, Geese, and Waterfowl)
19%
White-faced Whistling-DuckDendrocygna viduataAnseriformesAnatidae (Ducks, Geese, and Waterfowl)
19%
Whooper SwanCygnus cygnusAnseriformesAnatidae (Ducks, Geese, and Waterfowl)
19%
Wood StorkMycteria americanaCiconiiformesCiconiidae (Storks)
19%
African Pygmy-GooseNettapus auritusAnseriformesAnatidae (Ducks, Geese, and Waterfowl)
15%
American BitternBotaurus lentiginosusPelecaniformesArdeidae (Herons, Egrets, and Bitterns)
15%
Andean DuckOxyura ferrugineaAnseriformesAnatidae (Ducks, Geese, and Waterfowl)
15%
Andean FlamingoPhoenicoparrus andinusPhoenicopteriformesPhoenicopteridae (Flamingos)
15%
Baer's PochardAythya baeriAnseriformesAnatidae (Ducks, Geese, and Waterfowl)
15%
Baird's SandpiperCalidris bairdiiCharadriiformesScolopacidae (Sandpipers and Allies)
15%
Band-tailed PigeonPatagioenas fasciataColumbiformesColumbidae (Pigeons and Doves)
15%
Black Crowned-CraneBalearica pavoninaGruiformesGruidae (Cranes)
15%
Black GuillemotCepphus grylleCharadriiformesAlcidae (Auks, Murres, and Puffins)
15%
Black TernChlidonias nigerCharadriiformesLaridae (Gulls, Terns, and Skimmers)
15%
Blue CraneAnthropoides paradiseusGruiformesGruidae (Cranes)
15%
Bonaparte's GullChroicocephalus philadelphiaCharadriiformesLaridae (Gulls, Terns, and Skimmers)
15%
Brazilian MerganserMergus octosetaceusAnseriformesAnatidae (Ducks, Geese, and Waterfowl)
15%
Broad-winged HawkButeo platypterusAccipitriformesAccipitridae (Hawks, Eagles, and Kites)
15%
BrolgaAntigone rubicundaGruiformesGruidae (Cranes)
15%
BudgerigarMelopsittacus undulatusPsittaciformesPsittaculidae (Old World Parrots)
15%
Calliope HummingbirdSelasphorus calliopeCaprimulgiformesTrochilidae (Hummingbirds)
15%
Cape Barren GooseCereopsis novaehollandiaeAnseriformesAnatidae (Ducks, Geese, and Waterfowl)
15%
Cape GannetMorus capensisSuliformesSulidae (Boobies and Gannets)
15%
Chiloe WigeonMareca sibilatrixAnseriformesAnatidae (Ducks, Geese, and Waterfowl)
15%
Chinstrap PenguinPygoscelis antarcticusSphenisciformesSpheniscidae (Penguins)
15%
Cinereous VultureAegypius monachusAccipitriformesAccipitridae (Hawks, Eagles, and Kites)
15%
Cocoi HeronArdea cocoiPelecaniformesArdeidae (Herons, Egrets, and Bitterns)
15%
Common GallinuleGallinula galeataGruiformesRallidae (Rails, Gallinules, and Coots)
15%
Common PochardAythya ferinaAnseriformesAnatidae (Ducks, Geese, and Waterfowl)
15%
Common SnipeGallinago gallinagoCharadriiformesScolopacidae (Sandpipers and Allies)
15%
Coscoroba SwanCoscoroba coscorobaAnseriformesAnatidae (Ducks, Geese, and Waterfowl)
15%
Cotton Pygmy-GooseNettapus coromandelianusAnseriformesAnatidae (Ducks, Geese, and Waterfowl)
15%
Dalmatian PelicanPelecanus crispusPelecaniformesPelecanidae (Pelicans)
15%
Demoiselle CraneAnthropoides virgoGruiformesGruidae (Cranes)
15%
Double-crested CormorantNannopterum auritumSuliformesPhalacrocoracidae (Cormorants and Shags)
15%
Eastern Screech-OwlMegascops asioStrigiformesStrigidae (Owls)
15%
Eastern Spot-billed DuckAnas zonorhynchaAnseriformesAnatidae (Ducks, Geese, and Waterfowl)
15%
Emperor GooseAnser canagicusAnseriformesAnatidae (Ducks, Geese, and Waterfowl)
15%
Eurasian Eagle-OwlBubo buboStrigiformesStrigidae (Owls)
15%
Eurasian GriffonGyps fulvusAccipitriformesAccipitridae (Hawks, Eagles, and Kites)
15%
Eurasian HoopoeUpupa epopsBucerotiformesUpupidae (Hoopoes)
15%
Eurasian SparrowhawkAccipiter nisusAccipitriformesAccipitridae (Hawks, Eagles, and Kites)
15%
Eurasian SpoonbillPlatalea leucorodiaPelecaniformesThreskiornithidae (Ibises and Spoonbills)
15%
Galapagos PenguinSpheniscus mendiculusSphenisciformesSpheniscidae (Penguins)
15%
Gentoo PenguinPygoscelis papuaSphenisciformesSpheniscidae (Penguins)
15%
Glossy IbisPlegadis falcinellusPelecaniformesThreskiornithidae (Ibises and Spoonbills)
15%
Goliath HeronArdea goliathPelecaniformesArdeidae (Herons, Egrets, and Bitterns)
15%
Gray Crowned-CraneBalearica regulorumGruiformesGruidae (Cranes)
15%
Gray ParrotPsittacus erithacusPsittaciformesPsittacidae (New World and African Parrots)
15%
Great AukPinguinus impennisCharadriiformesAlcidae (Auks, Murres, and Puffins)
15%
Great Black-backed GullLarus marinusCharadriiformesLaridae (Gulls, Terns, and Skimmers)
15%
Great CormorantPhalacrocorax carboSuliformesPhalacrocoracidae (Cormorants and Shags)
15%
Greater YellowlegsTringa melanoleucaCharadriiformesScolopacidae (Sandpipers and Allies)
15%
Great HornbillBuceros bicornisBucerotiformesBucerotidae (Hornbills)
15%
Great TinamouTinamus majorTinamiformesTinamidae (Tinamous)
15%
Great White PelicanPelecanus onocrotalusPelecaniformesPelecanidae (Pelicans)
15%
Green KingfisherChloroceryle americanaCoraciiformesAlcedinidae (Kingfishers)
15%
GyrfalconFalco rusticolusFalconiformesFalconidae (Falcons and Caracaras)
15%
Heermann's GullLarus heermanniCharadriiformesLaridae (Gulls, Terns, and Skimmers)
15%
Helmeted GuineafowlNumida meleagrisGalliformesNumididae (Guineafowl)
15%
Herring GullLarus argentatusCharadriiformesLaridae (Gulls, Terns, and Skimmers)
15%
Horned GrebePodiceps auritusPodicipediformesPodicipedidae (Grebes)
15%
Horned PuffinFratercula corniculataCharadriiformesAlcidae (Auks, Murres, and Puffins)
15%
Humboldt PenguinSpheniscus humboldtiSphenisciformesSpheniscidae (Penguins)
15%
JabiruJabiru mycteriaCiconiiformesCiconiidae (Storks)
15%
King RailRallus elegansGruiformesRallidae (Rails, Gallinules, and Coots)
15%
King VultureSarcoramphus papaCathartiformesCathartidae (New World Vultures)
15%
Knob-billed DuckSarkidiornis melanotosAnseriformesAnatidae (Ducks, Geese, and Waterfowl)
15%
Laysan AlbatrossPhoebastria immutabilisProcellariiformesDiomedeidae (Albatrosses)
15%
Laysan DuckAnas laysanensisAnseriformesAnatidae (Ducks, Geese, and Waterfowl)
15%
Little GrebeTachybaptus ruficollisPodicipediformesPodicipedidae (Grebes)
15%
Little OwlAthene noctuaStrigiformesStrigidae (Owls)
15%
Little TernSternula albifronsCharadriiformesLaridae (Gulls, Terns, and Skimmers)
15%
Macaroni PenguinEudyptes chrysolophusSphenisciformesSpheniscidae (Penguins)
15%
Magellanic PenguinSpheniscus magellanicusSphenisciformesSpheniscidae (Penguins)
15%
Magpie GooseAnseranas semipalmataAnseriformesAnseranatidae (Magpie Goose)
15%
Masked DuckNomonyx dominicusAnseriformesAnatidae (Ducks, Geese, and Waterfowl)
15%
Mississippi KiteIctinia mississippiensisAccipitriformesAccipitridae (Hawks, Eagles, and Kites)
15%
Montezuma QuailCyrtonyx montezumaeGalliformesOdontophoridae (New World Quail)
15%
Mottled DuckAnas fulvigulaAnseriformesAnatidae (Ducks, Geese, and Waterfowl)
15%
Neotropic CormorantNannopterum brasilianumSuliformesPhalacrocoracidae (Cormorants and Shags)
15%
Pink-footed GooseAnser brachyrhynchusAnseriformesAnatidae (Ducks, Geese, and Waterfowl)
15%
Piping PloverCharadrius melodusCharadriiformesCharadriidae (Plovers and Lapwings)
15%
Plain ChachalacaOrtalis vetulaGalliformesCracidae (Guans, Chachalacas, and Curassows)
15%
Puna TealSpatula punaAnseriformesAnatidae (Ducks, Geese, and Waterfowl)
15%
Purple GallinulePorphyrio martinicaGruiformesRallidae (Rails, Gallinules, and Coots)
15%
Red-breasted GooseBranta ruficollisAnseriformesAnatidae (Ducks, Geese, and Waterfowl)
15%
Red-footed BoobySula sulaSuliformesSulidae (Boobies and Gannets)
15%
Red JunglefowlGallus gallusGalliformesPhasianidae (Pheasants, Grouse, and Allies)
15%
Roseate TernSterna dougalliiCharadriiformesLaridae (Gulls, Terns, and Skimmers)
15%
Rough-legged HawkButeo lagopusAccipitriformesAccipitridae (Hawks, Eagles, and Kites)
15%
Ruddy ShelduckTadorna ferrugineaAnseriformesAnatidae (Ducks, Geese, and Waterfowl)
15%
Sarus CraneAntigone antigoneGruiformesGruidae (Cranes)
15%
Southern Ground-HornbillBucorvus leadbeateriBucerotiformesBucorvidae (Ground-Hornbills)
15%
Southern ScreamerChauna torquataAnseriformesAnhimidae (Screamers)
15%
Stejneger's ScoterMelanitta stejnegeriAnseriformesAnatidae (Ducks, Geese, and Waterfowl)
15%
Swallow-tailed KiteElanoides forficatusAccipitriformesAccipitridae (Hawks, Eagles, and Kites)
15%
Tawny OwlStrix alucoStrigiformesStrigidae (Owls)
15%
Thick-billed MurreUria lomviaCharadriiformesAlcidae (Auks, Murres, and Puffins)
15%
Wedge-tailed EagleAquila audaxAccipitriformesAccipitridae (Hawks, Eagles, and Kites)
15%
Western GrebeAechmophorus occidentalisPodicipediformesPodicipedidae (Grebes)
15%
Western Screech-OwlMegascops kennicottiiStrigiformesStrigidae (Owls)
15%
White-headed DuckOxyura leucocephalaAnseriformesAnatidae (Ducks, Geese, and Waterfowl)
15%
White IbisEudocimus albusPelecaniformesThreskiornithidae (Ibises and Spoonbills)
15%
White TernGygis albaCharadriiformesLaridae (Gulls, Terns, and Skimmers)
15%
White-winged DoveZenaida asiaticaColumbiformesColumbidae (Pigeons and Doves)
15%
Wilson's Storm-PetrelOceanites oceanicusProcellariiformesOceanitidae (Southern Storm-Petrels)
15%
Yellow-billed CuckooCoccyzus americanusCuculiformesCuculidae (Cuckoos)
15%
Yellow-billed LoonGavia adamsiiGaviiformesGaviidae (Loons)
15%
Yellow-billed PintailAnas georgicaAnseriformesAnatidae (Ducks, Geese, and Waterfowl)
15%
Abyssinian Ground-HornbillBucorvus abyssinicusBucerotiformesBucorvidae (Ground-Hornbills)
12%
African JacanaActophilornis africanusCharadriiformesJacanidae (Jacanas)
12%
African SpoonbillPlatalea albaPelecaniformesThreskiornithidae (Ibises and Spoonbills)
12%
Amazon KingfisherChloroceryle amazonaCoraciiformesAlcedinidae (Kingfishers)
12%
American Golden-PloverPluvialis dominicaCharadriiformesCharadriidae (Plovers and Lapwings)
12%
American WoodcockScolopax minorCharadriiformesScolopacidae (Sandpipers and Allies)
12%
Andean GooseOressochen melanopterusAnseriformesAnatidae (Ducks, Geese, and Waterfowl)
12%
Australian BrushturkeyAlectura lathamiGalliformesMegapodiidae (Megapodes)
12%
Baikal TealSibirionetta formosaAnseriformesAnatidae (Ducks, Geese, and Waterfowl)
12%
Barred OwlStrix variaStrigiformesStrigidae (Owls)
12%
Bearded VultureGypaetus barbatusAccipitriformesAccipitridae (Hawks, Eagles, and Kites)
12%
Black-bellied PloverPluvialis squatarolaCharadriiformesCharadriidae (Plovers and Lapwings)
12%
Black-billed CuckooCoccyzus erythropthalmusCuculiformesCuculidae (Cuckoos)
12%
Black-chinned HummingbirdArchilochus alexandriCaprimulgiformesTrochilidae (Hummingbirds)
12%
Black-footed AlbatrossPhoebastria nigripesProcellariiformesDiomedeidae (Albatrosses)
12%
Black-headed GullChroicocephalus ridibundusCharadriiformesLaridae (Gulls, Terns, and Skimmers)
12%
Black-headed HeronArdea melanocephalaPelecaniformesArdeidae (Herons, Egrets, and Bitterns)
12%
Black-legged KittiwakeRissa tridactylaCharadriiformesLaridae (Gulls, Terns, and Skimmers)
12%
Black-necked CraneGrus nigricollisGruiformesGruidae (Cranes)
12%
Black-necked StiltHimantopus mexicanusCharadriiformesRecurvirostridae (Stilts and Avocets)
12%
Black RailLaterallus jamaicensisGruiformesRallidae (Rails, Gallinules, and Coots)
12%
Black SkimmerRynchops nigerCharadriiformesLaridae (Gulls, Terns, and Skimmers)
12%
Black StorkCiconia nigraCiconiiformesCiconiidae (Storks)
12%
Black SwiftCypseloides nigerCaprimulgiformesApodidae (Swifts)
12%
Black TurnstoneArenaria melanocephalaCharadriiformesScolopacidae (Sandpipers and Allies)
12%
Black-winged StiltHimantopus himantopusCharadriiformesRecurvirostridae (Stilts and Avocets)
12%
Brown BoobySula leucogasterSuliformesSulidae (Boobies and Gannets)
12%
California GullLarus californicusCharadriiformesLaridae (Gulls, Terns, and Skimmers)
12%
Cape TealAnas capensisAnseriformesAnatidae (Ducks, Geese, and Waterfowl)
12%
Chimney SwiftChaetura pelagicaCaprimulgiformesApodidae (Swifts)
12%
Christmas Island FrigatebirdFregata andrewsiSuliformesFregatidae (Frigatebirds)
12%
Clapper RailRallus crepitansGruiformesRallidae (Rails, Gallinules, and Coots)
12%
CockatielNymphicus hollandicusPsittaciformesCacatuidae (Cockatoos)
12%
Common CuckooCuculus canorusCuculiformesCuculidae (Cuckoos)
12%
Common PoorwillPhalaenoptilus nuttalliiCaprimulgiformesCaprimulgidae (Nightjars and Allies)
12%
Common PotooNyctibius griseusCaprimulgiformesNyctibiidae (Potoos)
12%
Common SandpiperActitis hypoleucosCharadriiformesScolopacidae (Sandpipers and Allies)
12%
Common ShelduckTadorna tadornaAnseriformesAnatidae (Ducks, Geese, and Waterfowl)
12%
Costa's HummingbirdCalypte costaeCaprimulgiformesTrochilidae (Hummingbirds)
12%
Crested DuckLophonetta specularioidesAnseriformesAnatidae (Ducks, Geese, and Waterfowl)
12%
DovekieAlle alleCharadriiformesAlcidae (Auks, Murres, and Puffins)
12%
Dusky GrouseDendragapus obscurusGalliformesPhasianidae (Pheasants, Grouse, and Allies)
12%
Eastern Whip-poor-willAntrostomus vociferusCaprimulgiformesCaprimulgidae (Nightjars and Allies)
12%
Elegant Crested-TinamouEudromia elegansTinamiformesTinamidae (Tinamous)
12%
Elegant TernThalasseus elegansCharadriiformesLaridae (Gulls, Terns, and Skimmers)
12%
Eurasian Collared-DoveStreptopelia decaoctoColumbiformesColumbidae (Pigeons and Doves)
12%
Eurasian CootFulica atraGruiformesRallidae (Rails, Gallinules, and Coots)
12%
Eurasian CurlewNumenius arquataCharadriiformesScolopacidae (Sandpipers and Allies)
12%
Eurasian Marsh-HarrierCircus aeruginosusAccipitriformesAccipitridae (Hawks, Eagles, and Kites)
12%
Eurasian OystercatcherHaematopus ostralegusCharadriiformesHaematopodidae (Oystercatchers)
12%
European ShagGulosus aristotelisSuliformesPhalacrocoracidae (Cormorants and Shags)
12%
Falcated DuckMareca falcataAnseriformesAnatidae (Ducks, Geese, and Waterfowl)
12%
Flightless Steamer-DuckTachyeres pteneresAnseriformesAnatidae (Ducks, Geese, and Waterfowl)
12%
GalahEolophus roseicapillaPsittaciformesCacatuidae (Cockatoos)
12%
Gambel's QuailCallipepla gambeliiGalliformesOdontophoridae (New World Quail)
12%
GarganeySpatula querquedulaAnseriformesAnatidae (Ducks, Geese, and Waterfowl)
12%
Giant KingfisherMegaceryle maximaCoraciiformesAlcedinidae (Kingfishers)
12%
Golden PheasantChrysolophus pictusGalliformesPhasianidae (Pheasants, Grouse, and Allies)
12%
Great BustardOtis tardaOtidiformesOtididae (Bustards)
12%
Great Crested GrebePodiceps cristatusPodicipediformesPodicipedidae (Grebes)
12%
Greater Prairie-ChickenTympanuchus cupidoGalliformesPhasianidae (Pheasants, Grouse, and Allies)
12%
Greater RoadrunnerGeococcyx californianusCuculiformesCuculidae (Cuckoos)
12%
Great PotooNyctibius grandisCaprimulgiformesNyctibiidae (Potoos)
12%
Harris's HawkParabuteo unicinctusAccipitriformesAccipitridae (Hawks, Eagles, and Kites)
12%
Hen HarrierCircus cyaneusAccipitriformesAccipitridae (Hawks, Eagles, and Kites)
12%
Horned GuanOreophasis derbianusGalliformesCracidae (Guans, Chachalacas, and Curassows)
12%
Horned ScreamerAnhima cornutaAnseriformesAnhimidae (Screamers)
12%
Hyacinth MacawAnodorhynchus hyacinthinusPsittaciformesPsittacidae (New World and African Parrots)
12%
Iceland GullLarus glaucoidesCharadriiformesLaridae (Gulls, Terns, and Skimmers)
12%
Inca DoveColumbina incaColumbiformesColumbidae (Pigeons and Doves)
12%
James's FlamingoPhoenicoparrus jamesiPhoenicopteriformesPhoenicopteridae (Flamingos)
12%
KeaNestor notabilisPsittaciformesStrigopidae (New Zealand Parrots)
12%
Keel-billed ToucanRamphastos sulfuratusPiciformesRamphastidae (Toucans)
12%
Kelp GullLarus dominicanusCharadriiformesLaridae (Gulls, Terns, and Skimmers)
12%
KilldeerCharadrius vociferusCharadriiformesCharadriidae (Plovers and Lapwings)
12%
Kori BustardArdeotis koriOtidiformesOtididae (Bustards)
12%
Labrador DuckCamptorhynchus labradoriusAnseriformesAnatidae (Ducks, Geese, and Waterfowl)
12%
Lappet-faced VultureTorgos tracheliotosAccipitriformesAccipitridae (Hawks, Eagles, and Kites)
12%
Laughing GullLeucophaeus atricillaCharadriiformesLaridae (Gulls, Terns, and Skimmers)
12%
Lesser Black-backed GullLarus fuscusCharadriiformesLaridae (Gulls, Terns, and Skimmers)
12%
Lesser FrigatebirdFregata arielSuliformesFregatidae (Frigatebirds)
12%
Lesser Prairie-ChickenTympanuchus pallidicinctusGalliformesPhasianidae (Pheasants, Grouse, and Allies)
12%
Lesser RoadrunnerGeococcyx veloxCuculiformesCuculidae (Cuckoos)
12%
Lesser YellowlegsTringa flavipesCharadriiformesScolopacidae (Sandpipers and Allies)
12%
LimpkinAramus guaraunaGruiformesAramidae (Limpkin)
12%
Little CormorantMicrocarbo nigerSuliformesPhalacrocoracidae (Cormorants and Shags)
12%
Little StintCalidris minutaCharadriiformesScolopacidae (Sandpipers and Allies)
12%
Little TinamouCrypturellus souiTinamiformesTinamidae (Tinamous)
12%
Magnificent FrigatebirdFregata magnificensSuliformesFregatidae (Frigatebirds)
12%
Maned DuckChenonetta jubataAnseriformesAnatidae (Ducks, Geese, and Waterfowl)
12%
Monk ParakeetMyiopsitta monachusPsittaciformesPsittacidae (New World and African Parrots)
12%
Musk DuckBiziura lobataAnseriformesAnatidae (Ducks, Geese, and Waterfowl)
12%
Northern FulmarFulmarus glacialisProcellariiformesProcellariidae (Shearwaters and Petrels)
12%
Northern HarrierCircus hudsoniusAccipitriformesAccipitridae (Hawks, Eagles, and Kites)
12%
Northern Hawk OwlSurnia ululaStrigiformesStrigidae (Owls)
12%
Northern LapwingVanellus vanellusCharadriiformesCharadriidae (Plovers and Lapwings)
12%
Northern ScreamerChauna chavariaAnseriformesAnhimidae (Screamers)
12%
North Island Brown KiwiApteryx mantelliApterygiformesApterygidae (Kiwis)
12%
Pacific Reef-HeronEgretta sacraPelecaniformesArdeidae (Herons, Egrets, and Bitterns)
12%
Painted StorkMycteria leucocephalaCiconiiformesCiconiidae (Storks)
12%
Passenger PigeonEctopistes migratoriusColumbiformesColumbidae (Pigeons and Doves)
12%
Peruvian PelicanPelecanus thagusPelecaniformesPelecanidae (Pelicans)
12%
Philippine DuckAnas luzonicaAnseriformesAnatidae (Ducks, Geese, and Waterfowl)
12%
Pied-billed GrebePodilymbus podicepsPodicipediformesPodicipedidae (Grebes)
12%
Pied KingfisherCeryle rudisCoraciiformesAlcedinidae (Kingfishers)
12%
Pigeon GuillemotCepphus columbaCharadriiformesAlcidae (Auks, Murres, and Puffins)
12%
Pink-backed PelicanPelecanus rufescensPelecaniformesPelecanidae (Pelicans)
12%
Pomarine JaegerStercorarius pomarinusCharadriiformesStercorariidae (Skuas and Jaegers)
12%
Prairie FalconFalco mexicanusFalconiformesFalconidae (Falcons and Caracaras)
12%
Radjah ShelduckRadjah radjahAnseriformesAnatidae (Ducks, Geese, and Waterfowl)
12%
Red-and-green MacawAra chloropterusPsittaciformesPsittacidae (New World and African Parrots)
12%
Red-crested PochardNetta rufinaAnseriformesAnatidae (Ducks, Geese, and Waterfowl)
12%
Red-crowned CraneGrus japonensisGruiformesGruidae (Cranes)
12%
Red KnotCalidris canutusCharadriiformesScolopacidae (Sandpipers and Allies)
12%
Red-legged KittiwakeRissa brevirostrisCharadriiformesLaridae (Gulls, Terns, and Skimmers)
12%
Red-necked GrebePodiceps grisegenaPodicipediformesPodicipedidae (Grebes)
12%
Red ShovelerSpatula plataleaAnseriformesAnatidae (Ducks, Geese, and Waterfowl)
12%
Rhinoceros HornbillBuceros rhinocerosBucerotiformesBucerotidae (Hornbills)
12%
Ringed KingfisherMegaceryle torquataCoraciiformesAlcedinidae (Kingfishers)
12%
Ringed TealCallonetta leucophrysAnseriformesAnatidae (Ducks, Geese, and Waterfowl)
12%
Royal PenguinEudyptes schlegeliSphenisciformesSpheniscidae (Penguins)
12%
Ruddy TurnstoneArenaria interpresCharadriiformesScolopacidae (Sandpipers and Allies)
12%
Sabine's GullXema sabiniCharadriiformesLaridae (Gulls, Terns, and Skimmers)
12%
Scaly-sided MerganserMergus squamatusAnseriformesAnatidae (Ducks, Geese, and Waterfowl)
12%
Semipalmated PloverCharadrius semipalmatusCharadriiformesCharadriidae (Plovers and Lapwings)
12%
Semipalmated SandpiperCalidris pusillaCharadriiformesScolopacidae (Sandpipers and Allies)
12%
Siberian CraneLeucogeranus leucogeranusGruiformesGruidae (Cranes)
12%
Snail KiteRostrhamus sociabilisAccipitriformesAccipitridae (Hawks, Eagles, and Kites)
12%
Snow PetrelPagodroma niveaProcellariiformesProcellariidae (Shearwaters and Petrels)
12%
Solitary SandpiperTringa solitariaCharadriiformesScolopacidae (Sandpipers and Allies)
12%
Sooty TernOnychoprion fuscatusCharadriiformesLaridae (Gulls, Terns, and Skimmers)
12%
Southern Rockhopper PenguinEudyptes chrysocomeSphenisciformesSpheniscidae (Penguins)
12%
Spot-billed PelicanPelecanus philippensisPelecaniformesPelecanidae (Pelicans)
12%
Spruce GrouseCanachites canadensisGalliformesPhasianidae (Pheasants, Grouse, and Allies)
12%
Striated HeronButorides striataPelecaniformesArdeidae (Herons, Egrets, and Bitterns)
12%
SurfbirdCalidris virgataCharadriiformesScolopacidae (Sandpipers and Allies)
12%
Toco ToucanRamphastos tocoPiciformesRamphastidae (Toucans)
12%
Torrent DuckMerganetta armataAnseriformesAnatidae (Ducks, Geese, and Waterfowl)
12%
Tufted PuffinFratercula cirrhataCharadriiformesAlcidae (Auks, Murres, and Puffins)
12%
Upland GooseChloephaga pictaAnseriformesAnatidae (Ducks, Geese, and Waterfowl)
12%
Vulturine GuineafowlAcryllium vulturinumGalliformesNumididae (Guineafowl)
12%
Wattled CraneBugeranus carunculatusGruiformesGruidae (Cranes)
12%
Western Reef-HeronEgretta gularisPelecaniformesArdeidae (Herons, Egrets, and Bitterns)
12%
Western SandpiperCalidris mauriCharadriiformesScolopacidae (Sandpipers and Allies)
12%
West Indian Whistling-DuckDendrocygna arboreaAnseriformesAnatidae (Ducks, Geese, and Waterfowl)
12%
WhimbrelNumenius phaeopusCharadriiformesScolopacidae (Sandpipers and Allies)
12%
White-faced IbisPlegadis chihiPelecaniformesThreskiornithidae (Ibises and Spoonbills)
12%
White-rumped SandpiperCalidris fuscicollisCharadriiformesScolopacidae (Sandpipers and Allies)
12%
White-tailed KiteElanus leucurusAccipitriformesAccipitridae (Hawks, Eagles, and Kites)
12%
White-tailed PtarmiganLagopus leucuraGalliformesPhasianidae (Pheasants, Grouse, and Allies)
12%
Wilson's SnipeGallinago delicataCharadriiformesScolopacidae (Sandpipers and Allies)
12%
Zone-tailed HawkButeo albonotatusAccipitriformesAccipitridae (Hawks, Eagles, and Kites)
12%
African Black DuckAnas sparsaAnseriformesAnatidae (Ducks, Geese, and Waterfowl)
8%
African Collared-DoveStreptopelia roseogriseaColumbiformesColumbidae (Pigeons and Doves)
8%
African Emerald CuckooChrysococcyx cupreusCuculiformesCuculidae (Cuckoos)
8%
African FinfootPodica senegalensisGruiformesHeliornithidae (Finfoots)
8%
African GoshawkAccipiter tachiroAccipitriformesAccipitridae (Hawks, Eagles, and Kites)
8%
African OpenbillAnastomus lamelligerusCiconiiformesCiconiidae (Storks)
8%
African Pygmy KingfisherIspidina pictaCoraciiformesAlcedinidae (Kingfishers)
8%
Allen's HummingbirdSelasphorus sasinCaprimulgiformesTrochilidae (Hummingbirds)
8%
American Pygmy KingfisherChloroceryle aeneaCoraciiformesAlcedinidae (Kingfishers)
8%
Andaman TealAnas albogularisAnseriformesAnatidae (Ducks, Geese, and Waterfowl)
8%
Andean GuanPenelope montagniiGalliformesCracidae (Guans, Chachalacas, and Curassows)
8%
Andean GullChroicocephalus serranusCharadriiformesLaridae (Gulls, Terns, and Skimmers)
8%
Andean TealAnas andiumAnseriformesAnatidae (Ducks, Geese, and Waterfowl)
8%
Antarctic TernSterna vittataCharadriiformesLaridae (Gulls, Terns, and Skimmers)
8%
Ashy-headed GooseChloephaga poliocephalaAnseriformesAnatidae (Ducks, Geese, and Waterfowl)
8%
Asian DowitcherLimnodromus semipalmatusCharadriiformesScolopacidae (Sandpipers and Allies)
8%
Atlantic PetrelPterodroma incertaProcellariiformesProcellariidae (Shearwaters and Petrels)
8%
Australasian DarterAnhinga novaehollandiaeSuliformesAnhingidae (Anhingas)
8%
Australasian GannetMorus serratorSuliformesSulidae (Boobies and Gannets)
8%
Australian BustardArdeotis australisOtidiformesOtididae (Bustards)
8%
Australian PelicanPelecanus conspicillatusPelecaniformesPelecanidae (Pelicans)
8%
Australian ShelduckTadorna tadornoidesAnseriformesAnatidae (Ducks, Geese, and Waterfowl)
8%
Bank CormorantPhalacrocorax neglectusSuliformesPhalacrocoracidae (Cormorants and Shags)
8%
Bare-throated Tiger-HeronTigrisoma mexicanumPelecaniformesArdeidae (Herons, Egrets, and Bitterns)
8%
Bar-tailed GodwitLimosa lapponicaCharadriiformesScolopacidae (Sandpipers and Allies)
8%
BateleurTerathopius ecaudatusAccipitriformesAccipitridae (Hawks, Eagles, and Kites)
8%
Bee HummingbirdMellisuga helenaeCaprimulgiformesTrochilidae (Hummingbirds)
8%
Black CrakeZapornia flavirostraGruiformesRallidae (Rails, Gallinules, and Coots)
8%
Black CurassowCrax alectorGalliformesCracidae (Guans, Chachalacas, and Curassows)
8%
Black-faced SpoonbillPlatalea minorPelecaniformesThreskiornithidae (Ibises and Spoonbills)
8%
Black GrouseLyrurus tetrixGalliformesPhasianidae (Pheasants, Grouse, and Allies)
8%
Black-necked StorkEphippiorhynchus asiaticusCiconiiformesCiconiidae (Storks)
8%
Blue-billed DuckOxyura australisAnseriformesAnatidae (Ducks, Geese, and Waterfowl)
8%
Blue DuckHymenolaimus malacorhynchosAnseriformesAnatidae (Ducks, Geese, and Waterfowl)
8%
Blue-throated Piping-GuanPipile cumanensisGalliformesCracidae (Guans, Chachalacas, and Curassows)
8%
Booted EagleHieraaetus pennatusAccipitriformesAccipitridae (Hawks, Eagles, and Kites)
8%
Boreal OwlAegolius funereusStrigiformesStrigidae (Owls)
8%
Bornean Ground-CuckooCarpococcyx radiceusCuculiformesCuculidae (Cuckoos)
8%
Brahminy KiteHaliastur indusAccipitriformesAccipitridae (Hawks, Eagles, and Kites)
8%
Brandt's CormorantUrile penicillatusSuliformesPhalacrocoracidae (Cormorants and Shags)
8%
Broad-billed HummingbirdCynanthus latirostrisCaprimulgiformesTrochilidae (Hummingbirds)
8%
Cape ShovelerSpatula smithiiAnseriformesAnatidae (Ducks, Geese, and Waterfowl)
8%
Carolina ParakeetConuropsis carolinensisPsittaciformesPsittacidae (New World and African Parrots)
8%
Cassin's AukletPtychoramphus aleuticusCharadriiformesAlcidae (Auks, Murres, and Puffins)
8%
Channel-billed ToucanRamphastos vitellinusPiciformesRamphastidae (Toucans)
8%
Chatham AlbatrossThalassarche eremitaProcellariiformesDiomedeidae (Albatrosses)
8%
Chestnut-fronted MacawAra severusPsittaciformesPsittacidae (New World and African Parrots)
8%
Chestnut TealAnas castaneaAnseriformesAnatidae (Ducks, Geese, and Waterfowl)
8%
Chinese EgretEgretta eulophotesPelecaniformesArdeidae (Herons, Egrets, and Bitterns)
8%
ChukarAlectoris chukarGalliformesPhasianidae (Pheasants, Grouse, and Allies)
8%
Comb DuckSarkidiornis sylvicolaAnseriformesAnatidae (Ducks, Geese, and Waterfowl)
8%
Common Black HawkButeogallus anthracinusAccipitriformesAccipitridae (Hawks, Eagles, and Kites)
8%
Common Ground DoveColumbina passerinaColumbiformesColumbidae (Pigeons and Doves)
8%
Common GullLarus canusCharadriiformesLaridae (Gulls, Terns, and Skimmers)
8%
Common QuailCoturnix coturnixGalliformesPhasianidae (Pheasants, Grouse, and Allies)
8%
Common RedshankTringa totanusCharadriiformesScolopacidae (Sandpipers and Allies)
8%
Common SwiftApus apusCaprimulgiformesApodidae (Swifts)
8%
Common Wood-PigeonColumba palumbusColumbiformesColumbidae (Pigeons and Doves)
8%
Cory's ShearwaterCalonectris diomedeaProcellariiformesProcellariidae (Shearwaters and Petrels)
8%
Crested Serpent-EagleSpilornis cheelaAccipitriformesAccipitridae (Hawks, Eagles, and Kites)
8%
Curlew SandpiperCalidris ferrugineaCharadriiformesScolopacidae (Sandpipers and Allies)
8%
Dolphin GullLeucophaeus scoresbiiCharadriiformesLaridae (Gulls, Terns, and Skimmers)
8%
Downy WoodpeckerDryobates pubescensPiciformesPicidae (Woodpeckers)
8%
Eared GrebePodiceps nigricollisPodicipediformesPodicipedidae (Grebes)
8%
Egyptian VultureNeophron percnopterusAccipitriformesAccipitridae (Hawks, Eagles, and Kites)
8%
Erect-crested PenguinEudyptes sclateriSphenisciformesSpheniscidae (Penguins)
8%
Eurasian DotterelCharadrius morinellusCharadriiformesCharadriidae (Plovers and Lapwings)
8%
Eurasian HobbyFalco subbuteoFalconiformesFalconidae (Falcons and Caracaras)
8%
Eurasian MoorhenGallinula chloropusGruiformesRallidae (Rails, Gallinules, and Coots)
8%
Eurasian NightjarCaprimulgus europaeusCaprimulgiformesCaprimulgidae (Nightjars and Allies)
8%
European Golden-PloverPluvialis apricariaCharadriiformesCharadriidae (Plovers and Lapwings)
8%
European Honey-buzzardPernis apivorusAccipitriformesAccipitridae (Hawks, Eagles, and Kites)
8%
European RollerCoracias garrulusCoraciiformesCoraciidae (Rollers)
8%
European Turtle-DoveStreptopelia turturColumbiformesColumbidae (Pigeons and Doves)
8%
Falkland Steamer-DuckTachyeres brachypterusAnseriformesAnatidae (Ducks, Geese, and Waterfowl)
8%
Far Eastern CurlewNumenius madagascariensisCharadriiformesScolopacidae (Sandpipers and Allies)
8%
Ferruginous DuckAythya nyrocaAnseriformesAnatidae (Ducks, Geese, and Waterfowl)
8%
Fiordland PenguinEudyptes pachyrhynchusSphenisciformesSpheniscidae (Penguins)
8%
Flightless CormorantNannopterum harrisiSuliformesPhalacrocoracidae (Cormorants and Shags)
8%
Flying Steamer-DuckTachyeres patachonicusAnseriformesAnatidae (Ducks, Geese, and Waterfowl)
8%
Freckled DuckStictonetta naevosaAnseriformesAnatidae (Ducks, Geese, and Waterfowl)
8%
Giant CootFulica giganteaGruiformesRallidae (Rails, Gallinules, and Coots)
8%
Giant HummingbirdPatagona gigasCaprimulgiformesTrochilidae (Hummingbirds)
8%
Gila WoodpeckerMelanerpes uropygialisPiciformesPicidae (Woodpeckers)
8%
Gray GullLeucophaeus modestusCharadriiformesLaridae (Gulls, Terns, and Skimmers)
8%
Gray HawkButeo plagiatusAccipitriformesAccipitridae (Hawks, Eagles, and Kites)
8%
Gray PartridgePerdix perdixGalliformesPhasianidae (Pheasants, Grouse, and Allies)
8%
Gray TinamouTinamus taoTinamiformesTinamidae (Tinamous)
8%
Gray-winged TrumpeterPsophia crepitansGruiformesPsophiidae (Trumpeters)
8%
Great BitternBotaurus stellarisPelecaniformesArdeidae (Herons, Egrets, and Bitterns)
8%
Great Black HawkButeogallus urubitingaAccipitriformesAccipitridae (Hawks, Eagles, and Kites)
8%
Greater AdjutantLeptoptilos dubiusCiconiiformesCiconiidae (Storks)
8%
Greater Sage-GrouseCentrocercus urophasianusGalliformesPhasianidae (Pheasants, Grouse, and Allies)
8%
Great FrigatebirdFregata minorSuliformesFregatidae (Frigatebirds)
8%
Great GrebePodiceps majorPodicipediformesPodicipedidae (Grebes)
8%
Great Green MacawAra ambiguusPsittaciformesPsittacidae (New World and African Parrots)
8%
Great Indian BustardArdeotis nigricepsOtidiformesOtididae (Bustards)
8%
Great SkuaStercorarius skuaCharadriiformesStercorariidae (Skuas and Jaegers)
8%
Great Spotted WoodpeckerDendrocopos majorPiciformesPicidae (Woodpeckers)
8%
Green Pygmy-GooseNettapus pulchellusAnseriformesAnatidae (Ducks, Geese, and Waterfowl)
8%
Gunnison Sage-GrouseCentrocercus minimusGalliformesPhasianidae (Pheasants, Grouse, and Allies)
8%
Hairy WoodpeckerDryobates villosusPiciformesPicidae (Woodpeckers)
8%
HamerkopScopus umbrettaPelecaniformesScopidae (Hamerkop)
8%
HardheadAythya australisAnseriformesAnatidae (Ducks, Geese, and Waterfowl)
8%
Hartlaub's DuckPteronetta hartlaubiiAnseriformesAnatidae (Ducks, Geese, and Waterfowl)
8%
Hawaiian CootFulica alaiGruiformesRallidae (Rails, Gallinules, and Coots)
8%
HoatzinOpisthocomus hoazinOpisthocomiformesOpisthocomidae (Hoatzin)
8%
Hooded CraneGrus monachaGruiformesGruidae (Cranes)
8%
Hooded VultureNecrosyrtes monachusAccipitriformesAccipitridae (Hawks, Eagles, and Kites)
8%
Hudsonian GodwitLimosa haemasticaCharadriiformesScolopacidae (Sandpipers and Allies)
8%
IbisbillIbidorhyncha struthersiiCharadriiformesIbidorhynchidae (Ibisbill)
8%
Inca TernLarosterna incaCharadriiformesLaridae (Gulls, Terns, and Skimmers)
8%
Indian Spot-billed DuckAnas poecilorhynchaAnseriformesAnatidae (Ducks, Geese, and Waterfowl)
8%
Indian VultureGyps indicusAccipitriformesAccipitridae (Hawks, Eagles, and Kites)
8%
Inland DotterelPeltohyas australisCharadriiformesCharadriidae (Plovers and Lapwings)
8%
Intermediate EgretArdea intermediaPelecaniformesArdeidae (Herons, Egrets, and Bitterns)
8%
Ivory-billed WoodpeckerCampephilus principalisPiciformesPicidae (Woodpeckers)
8%
Ivory GullPagophila eburneaCharadriiformesLaridae (Gulls, Terns, and Skimmers)
8%
Jack SnipeLymnocryptes minimusCharadriiformesScolopacidae (Sandpipers and Allies)
8%
Japanese QuailCoturnix japonicaGalliformesPhasianidae (Pheasants, Grouse, and Allies)
8%
KaguRhynochetos jubatusEurypygiformesRhynochetidae (Kagu)
8%
Kelp GooseChloephaga hybridaAnseriformesAnatidae (Ducks, Geese, and Waterfowl)
8%
Lady Amherst's PheasantChrysolophus amherstiaeGalliformesPhasianidae (Pheasants, Grouse, and Allies)
8%
Lake DuckOxyura vittataAnseriformesAnatidae (Ducks, Geese, and Waterfowl)
8%
Laughing KookaburraDacelo novaeguineaeCoraciiformesAlcedinidae (Kingfishers)
8%
Least SandpiperCalidris minutillaCharadriiformesScolopacidae (Sandpipers and Allies)
8%
Lesser KestrelFalco naumanniFalconiformesFalconidae (Falcons and Caracaras)
8%
Lesser Whistling-DuckDendrocygna javanicaAnseriformesAnatidae (Ducks, Geese, and Waterfowl)
8%
Little BitternIxobrychus minutusPelecaniformesArdeidae (Herons, Egrets, and Bitterns)
8%
Little BustardTetrax tetraxOtidiformesOtididae (Bustards)
8%
Little CurlewNumenius minutusCharadriiformesScolopacidae (Sandpipers and Allies)
8%
Long-legged BuzzardButeo rufinusAccipitriformesAccipitridae (Hawks, Eagles, and Kites)
8%
Long-tailed CormorantMicrocarbo africanusSuliformesPhalacrocoracidae (Cormorants and Shags)
8%
Maccoa DuckOxyura maccoaAnseriformesAnatidae (Ducks, Geese, and Waterfowl)
8%
Madagascar PochardAythya innotataAnseriformesAnatidae (Ducks, Geese, and Waterfowl)
8%
Magellanic OystercatcherHaematopus leucopodusCharadriiformesHaematopodidae (Oystercatchers)
8%
Magellanic PloverPluvianellus socialisCharadriiformesPluvianellidae (Magellanic Plover)
8%
Maguari StorkCiconia maguariCiconiiformesCiconiidae (Storks)
8%
MaleoMacrocephalon maleoGalliformesMegapodiidae (Megapodes)
8%
MalleefowlLeipoa ocellataGalliformesMegapodiidae (Megapodes)
8%
Mangrove CuckooCoccyzus minorCuculiformesCuculidae (Cuckoos)
8%
Marbled GodwitLimosa fedoaCharadriiformesScolopacidae (Sandpipers and Allies)
8%
Marbled TealMarmaronetta angustirostrisAnseriformesAnatidae (Ducks, Geese, and Waterfowl)
8%
Masked BoobySula dactylatraSuliformesSulidae (Boobies and Gannets)
8%
Meller's DuckAnas melleriAnseriformesAnatidae (Ducks, Geese, and Waterfowl)
8%
Military MacawAra militarisPsittaciformesPsittacidae (New World and African Parrots)
8%
Mountain QuailOreortyx pictusGalliformesOdontophoridae (New World Quail)
8%
New Zealand ScaupAythya novaeseelandiaeAnseriformesAnatidae (Ducks, Geese, and Waterfowl)
8%
Northern FlickerColaptes auratusPiciformesPicidae (Woodpeckers)
8%
Northern JacanaJacana spinosaCharadriiformesJacanidae (Jacanas)
8%
Northern Red-billed HornbillTockus erythrorhynchusBucerotiformesBucerotidae (Hornbills)
8%
Northern Saw-whet OwlAegolius acadicusStrigiformesStrigidae (Owls)
8%
Oriental DarterAnhinga melanogasterSuliformesAnhingidae (Anhingas)
8%
Orinoco GooseOressochen jubatusAnseriformesAnatidae (Ducks, Geese, and Waterfowl)
8%
Pacific Golden-PloverPluvialis fulvaCharadriiformesCharadriidae (Plovers and Lapwings)
8%
Palawan Peacock-PheasantPolyplectron napoleonisGalliformesPhasianidae (Pheasants, Grouse, and Allies)
8%
Pallas's GullIchthyaetus ichthyaetusCharadriiformesLaridae (Gulls, Terns, and Skimmers)
8%
Palm CockatooProbosciger aterrimusPsittaciformesCacatuidae (Cockatoos)
8%
Palm-nut VultureGypohierax angolensisAccipitriformesAccipitridae (Hawks, Eagles, and Kites)
8%
Paradise ShelduckTadorna variegataAnseriformesAnatidae (Ducks, Geese, and Waterfowl)
8%
Pectoral SandpiperCalidris melanotosCharadriiformesScolopacidae (Sandpipers and Allies)
8%
Peruvian TernSternula lorataCharadriiformesLaridae (Gulls, Terns, and Skimmers)
8%
Pheasant-tailed JacanaHydrophasianus chirurgusCharadriiformesJacanidae (Jacanas)
8%
Pied AvocetRecurvirostra avosettaCharadriiformesRecurvirostridae (Stilts and Avocets)
8%
Pink-eared DuckMalacorhynchus membranaceusAnseriformesAnatidae (Ducks, Geese, and Waterfowl)
8%
Pink-headed DuckRhodonessa caryophyllaceaAnseriformesAnatidae (Ducks, Geese, and Waterfowl)
8%
Plumed Whistling-DuckDendrocygna eytoniAnseriformesAnatidae (Ducks, Geese, and Waterfowl)
8%
Purple HeronArdea purpureaPelecaniformesArdeidae (Herons, Egrets, and Bitterns)
8%
Purple SandpiperCalidris maritimaCharadriiformesScolopacidae (Sandpipers and Allies)
8%
Pygmy CormorantMicrocarbo pygmaeusSuliformesPhalacrocoracidae (Cormorants and Shags)
8%
Pygmy FalconPolihierax semitorquatusFalconiformesFalconidae (Falcons and Caracaras)
8%
Rainbow LorikeetTrichoglossus moluccanusPsittaciformesPsittaculidae (Old World Parrots)
8%
RazorbillAlca tordaCharadriiformesAlcidae (Auks, Murres, and Puffins)
8%
Red-bellied WoodpeckerMelanerpes carolinusPiciformesPicidae (Woodpeckers)
8%
Red-billed PigeonPatagioenas flavirostrisColumbiformesColumbidae (Pigeons and Doves)
8%
Red-billed TropicbirdPhaethon aethereusPhaethontiformesPhaethontidae (Tropicbirds)
8%
Red-breasted ToucanRamphastos dicolorusPiciformesRamphastidae (Toucans)
8%
Red-eyed DoveStreptopelia semitorquataColumbiformesColumbidae (Pigeons and Doves)
8%
Red-headed VultureSarcogyps calvusAccipitriformesAccipitridae (Hawks, Eagles, and Kites)
8%
Red-headed WoodpeckerMelanerpes erythrocephalusPiciformesPicidae (Woodpeckers)
8%
Red KiteMilvus milvusAccipitriformesAccipitridae (Hawks, Eagles, and Kites)
8%
Red-legged PartridgeAlectoris rufaGalliformesPhasianidae (Pheasants, Grouse, and Allies)
8%
Red-legged SeriemaCariama cristataCariamiformesCariamidae (Seriemas)
8%
Red-necked StintCalidris ruficollisCharadriiformesScolopacidae (Sandpipers and Allies)
8%
Red-shouldered HawkButeo lineatusAccipitriformesAccipitridae (Hawks, Eagles, and Kites)
8%
Red-throated Piping-GuanPipile cujubiGalliformesCracidae (Guans, Chachalacas, and Curassows)
8%
Rhinoceros AukletCerorhinca monocerataCharadriiformesAlcidae (Auks, Murres, and Puffins)
8%
Rock SandpiperCalidris ptilocnemisCharadriiformesScolopacidae (Sandpipers and Allies)
8%
Ross's GullRhodostethia roseaCharadriiformesLaridae (Gulls, Terns, and Skimmers)
8%
Ross's TuracoMusophaga rossaeMusophagiformesMusophagidae (Turacos)
8%
Royal SpoonbillPlatalea regiaPelecaniformesThreskiornithidae (Ibises and Spoonbills)
8%
Ruddy-headed GooseChloephaga rubidicepsAnseriformesAnatidae (Ducks, Geese, and Waterfowl)
8%
Rufous HornbillBuceros hydrocoraxBucerotiformesBucerotidae (Hornbills)
8%
Saddle-billed StorkEphippiorhynchus senegalensisCiconiiformesCiconiidae (Storks)
8%
Salvadori's TealSalvadorina waigiuensisAnseriformesAnatidae (Ducks, Geese, and Waterfowl)
8%
SanderlingCalidris albaCharadriiformesScolopacidae (Sandpipers and Allies)
8%
Scaled QuailCallipepla squamataGalliformesOdontophoridae (New World Quail)
8%
Sharp-tailed GrouseTympanuchus phasianellusGalliformesPhasianidae (Pheasants, Grouse, and Allies)
8%
Sharp-tailed SandpiperCalidris acuminataCharadriiformesScolopacidae (Sandpipers and Allies)
8%
Short-billed GullLarus brachyrhynchusCharadriiformesLaridae (Gulls, Terns, and Skimmers)
8%
Short-tailed AlbatrossPhoebastria albatrusProcellariiformesDiomedeidae (Albatrosses)
8%
Short-tailed HawkButeo brachyurusAccipitriformesAccipitridae (Hawks, Eagles, and Kites)
8%
Silver TealSpatula versicolorAnseriformesAnatidae (Ducks, Geese, and Waterfowl)
8%
Slender-billed VultureGyps tenuirostrisAccipitriformesAccipitridae (Hawks, Eagles, and Kites)
8%
Snares PenguinEudyptes robustusSphenisciformesSpheniscidae (Penguins)
8%
Sooty ShearwaterArdenna griseaProcellariiformesProcellariidae (Shearwaters and Petrels)
8%
South African ShelduckTadorna canaAnseriformesAnatidae (Ducks, Geese, and Waterfowl)
8%
Southern Brown KiwiApteryx australisApterygiformesApterygidae (Kiwis)
8%
Southern Giant-PetrelMacronectes giganteusProcellariiformesProcellariidae (Shearwaters and Petrels)
8%
Southern PochardNetta erythrophthalmaAnseriformesAnatidae (Ducks, Geese, and Waterfowl)
8%
Spectacled GuillemotCepphus carboCharadriiformesAlcidae (Auks, Murres, and Puffins)
8%
Spix's MacawCyanopsitta spixiiPsittaciformesPsittacidae (New World and African Parrots)
8%
Spotted RedshankTringa erythropusCharadriiformesScolopacidae (Sandpipers and Allies)
8%
Spur-winged GoosePlectropterus gambensisAnseriformesAnatidae (Ducks, Geese, and Waterfowl)
8%
Striated CaracaraPhalcoboenus australisFalconiformesFalconidae (Falcons and Caracaras)
8%
Sulphur-crested CockatooCacatua galeritaPsittaciformesCacatuidae (Cockatoos)
8%
SunbitternEurypyga heliasEurypygiformesEurypygidae (Sunbittern)
8%
SungrebeHeliornis fulicaGruiformesHeliornithidae (Finfoots)
8%
Swainson's HawkButeo swainsoniAccipitriformesAccipitridae (Hawks, Eagles, and Kites)
8%
Tawny EagleAquila rapaxAccipitriformesAccipitridae (Hawks, Eagles, and Kites)
8%
Trumpeter HornbillBycanistes bucinatorBucerotiformesBucerotidae (Hornbills)
8%
Upland SandpiperBartramia longicaudaCharadriiformesScolopacidae (Sandpipers and Allies)
8%
Vaux's SwiftChaetura vauxiCaprimulgiformesApodidae (Swifts)
8%
Wandering Whistling-DuckDendrocygna arcuataAnseriformesAnatidae (Ducks, Geese, and Waterfowl)
8%
Water RailRallus aquaticusGruiformesRallidae (Rails, Gallinules, and Coots)
8%
Western EmeraldChlorostilbon melanorhynchusCaprimulgiformesTrochilidae (Hummingbirds)
8%
White-backed DuckThalassornis leuconotusAnseriformesAnatidae (Ducks, Geese, and Waterfowl)
8%
White-backed VultureGyps africanusAccipitriformesAccipitridae (Hawks, Eagles, and Kites)
8%
White-bellied HeronArdea insignisPelecaniformesArdeidae (Herons, Egrets, and Bitterns)
8%
White CockatooCacatua albaPsittaciformesCacatuidae (Cockatoos)
8%
White-headed Steamer-DuckTachyeres leucocephalusAnseriformesAnatidae (Ducks, Geese, and Waterfowl)
8%
White-headed WoodpeckerDryobates albolarvatusPiciformesPicidae (Woodpeckers)
8%
White-naped CraneAntigone vipioGruiformesGruidae (Cranes)
8%
White-rumped VultureGyps bengalensisAccipitriformesAccipitridae (Hawks, Eagles, and Kites)
8%
White-tailed TropicbirdPhaethon lepturusPhaethontiformesPhaethontidae (Tropicbirds)
8%
White-throated SwiftAeronautes saxatalisCaprimulgiformesApodidae (Swifts)
8%
White-throated ToucanRamphastos tucanusPiciformesRamphastidae (Toucans)
8%
White-winged TernChlidonias leucopterusCharadriiformesLaridae (Gulls, Terns, and Skimmers)
8%
Willow PtarmiganLagopus lagopusGalliformesPhasianidae (Pheasants, Grouse, and Allies)
8%
Wilson's PloverCharadrius wilsoniaCharadriiformesCharadriidae (Plovers and Lapwings)
8%
Yellow-bellied SapsuckerSphyrapicus variusPiciformesPicidae (Woodpeckers)
8%
Yellow-billed StorkMycteria ibisCiconiiformesCiconiidae (Storks)
8%
Yellow-billed TealAnas flavirostrisAnseriformesAnatidae (Ducks, Geese, and Waterfowl)
8%
Yellow BitternIxobrychus sinensisPelecaniformesArdeidae (Herons, Egrets, and Bitterns)
8%
Yellow-eyed PenguinMegadyptes antipodesSphenisciformesSpheniscidae (Penguins)
8%
Yellow-legged GullLarus michahellisCharadriiformesLaridae (Gulls, Terns, and Skimmers)
8%
Yellow RailCoturnicops noveboracensisGruiformesRallidae (Rails, Gallinules, and Coots)
8%
Yellow-throated ToucanRamphastos ambiguusPiciformesRamphastidae (Toucans)
8%
Abbott's BoobyPapasula abbottiSuliformesSulidae (Boobies and Gannets)
4%
Abdim's StorkCiconia abdimiiCiconiiformesCiconiidae (Storks)
4%
Acorn WoodpeckerMelanerpes formicivorusPiciformesPicidae (Woodpeckers)
4%
African DarterAnhinga rufaSuliformesAnhingidae (Anhingas)
4%
African Green-PigeonTreron calvusColumbiformesColumbidae (Pigeons and Doves)
4%
African Sacred IbisThreskiornis aethiopicusPelecaniformesThreskiornithidae (Ibises and Spoonbills)
4%
African SnipeGallinago nigripennisCharadriiformesScolopacidae (Sandpipers and Allies)
4%
Agami HeronAgamia agamiPelecaniformesArdeidae (Herons, Egrets, and Bitterns)
4%
Aleutian TernOnychoprion aleuticusCharadriiformesLaridae (Gulls, Terns, and Skimmers)
4%
Allen's GallinulePorphyrio alleniGruiformesRallidae (Rails, Gallinules, and Coots)
4%
Alpine SwiftApus melbaCaprimulgiformesApodidae (Swifts)
4%
American Three-toed WoodpeckerPicoides dorsalisPiciformesPicidae (Woodpeckers)
4%
Antarctic PrionPachyptila desolataProcellariiformesProcellariidae (Shearwaters and Petrels)
4%
Aplomado FalconFalco femoralisFalconiformesFalconidae (Falcons and Caracaras)
4%
Arabian BustardArdeotis arabsOtidiformesOtididae (Bustards)
4%
Armenian GullLarus armenicusCharadriiformesLaridae (Gulls, Terns, and Skimmers)
4%
Ash-throated CrakeMustelirallus albicollisGruiformesRallidae (Rails, Gallinules, and Coots)
4%
Asian Emerald CuckooChrysococcyx maculatusCuculiformesCuculidae (Cuckoos)
4%
Asian Emerald DoveChalcophaps indicaColumbiformesColumbidae (Pigeons and Doves)
4%
Asian KoelEudynamys scolopaceusCuculiformesCuculidae (Cuckoos)
4%
Asian OpenbillAnastomus oscitansCiconiiformesCiconiidae (Storks)
4%
Auckland Islands MerganserMergus australisAnseriformesAnatidae (Ducks, Geese, and Waterfowl)
4%
Australian ShovelerSpatula rhynchotisAnseriformesAnatidae (Ducks, Geese, and Waterfowl)
4%
Azure KingfisherCeyx azureusCoraciiformesAlcedinidae (Kingfishers)
4%
Baird's TrogonTrogon bairdiiTrogoniformesTrogonidae (Trogons)
4%
Banded Ground-CuckooNeomorphus radiolosusCuculiformesCuculidae (Cuckoos)
4%
Bare-faced Go-away-birdCorythaixoides personatusMusophagiformesMusophagidae (Turacos)
4%
Barred Eagle-OwlBubo sumatranusStrigiformesStrigidae (Owls)
4%
Bat HawkMacheiramphus alcinusAccipitriformesAccipitridae (Hawks, Eagles, and Kites)
4%
Baudo GuanPenelope ortoniGalliformesCracidae (Guans, Chachalacas, and Curassows)
4%
Bengal FloricanHoubaropsis bengalensisOtidiformesOtididae (Bustards)
4%
Berlepsch's TinamouCrypturellus berlepschiTinamiformesTinamidae (Tinamous)
4%
Bernier's TealAnas bernieriAnseriformesAnatidae (Ducks, Geese, and Waterfowl)
4%
BesraAccipiter virgatusAccipitriformesAccipitridae (Hawks, Eagles, and Kites)
4%
Black-and-white Hawk-EagleSpizaetus melanoleucusAccipitriformesAccipitridae (Hawks, Eagles, and Kites)
4%
Black-and-white OwlCiccaba nigrolineataStrigiformesStrigidae (Owls)
4%
Black-backed WoodpeckerPicoides arcticusPiciformesPicidae (Woodpeckers)
4%
Black BazaAviceda leuphotesAccipitriformesAccipitridae (Hawks, Eagles, and Kites)
4%
Black-bellied BustardLissotis melanogasterOtidiformesOtididae (Bustards)
4%
Black-billed CapercaillieTetrao urogalloidesGalliformesPhasianidae (Pheasants, Grouse, and Allies)
4%
Black-billed GullChroicocephalus bulleriCharadriiformesLaridae (Gulls, Terns, and Skimmers)
4%
Black-billed Mountain-ToucanAndigena nigrirostrisPiciformesRamphastidae (Toucans)
4%
Black BitternIxobrychus flavicollisPelecaniformesArdeidae (Herons, Egrets, and Bitterns)
4%
Black-browed AlbatrossThalassarche melanophrisProcellariiformesDiomedeidae (Albatrosses)
4%
Black BustardEupodotis afraOtidiformesOtididae (Bustards)
4%
Black-capped PetrelPterodroma hasitataProcellariiformesProcellariidae (Shearwaters and Petrels)
4%
Black-chested Buzzard-EagleGeranoaetus melanoleucusAccipitriformesAccipitridae (Hawks, Eagles, and Kites)
4%
Black-crested CoquetteLophornis helenaeCaprimulgiformesTrochilidae (Hummingbirds)
4%
Black-faced IbisTheristicus melanopisPelecaniformesThreskiornithidae (Ibises and Spoonbills)
4%
Black FalconFalco subnigerFalconiformesFalconidae (Falcons and Caracaras)
4%
Black FrancolinFrancolinus francolinusGalliformesPhasianidae (Pheasants, Grouse, and Allies)
4%
Black GuanChamaepetes unicolorGalliformesCracidae (Guans, Chachalacas, and Curassows)
4%
Black GuineafowlAgelastes nigerGalliformesNumididae (Guineafowl)
4%
Black Hawk-EagleSpizaetus tyrannusAccipitriformesAccipitridae (Hawks, Eagles, and Kites)
4%
Black-headed DuckHeteronetta atricapillaAnseriformesAnatidae (Ducks, Geese, and Waterfowl)
4%
Black-headed ParrotPionites melanocephalusPsittaciformesPsittacidae (New World and African Parrots)
4%
Black-headed TrogonTrogon melanocephalusTrogoniformesTrogonidae (Trogons)
4%
Black-headed WoodpeckerPicus erythropygiusPiciformesPicidae (Woodpeckers)
4%
Black-legged SeriemaChunga burmeisteriCariamiformesCariamidae (Seriemas)
4%
Black-naped TernSterna sumatranaCharadriiformesLaridae (Gulls, Terns, and Skimmers)
4%
Black NoddyAnous minutusCharadriiformesLaridae (Gulls, Terns, and Skimmers)
4%
Black-tailed TrainbearerLesbia victoriaeCaprimulgiformesTrochilidae (Hummingbirds)
4%
Black TinamouTinamus osgoodiTinamiformesTinamidae (Tinamous)
4%
Black-winged Ground DoveMetriopelia melanopteraColumbiformesColumbidae (Pigeons and Doves)
4%
Black-winged PratincoleGlareola nordmanniCharadriiformesGlareolidae (Pratincoles and Coursers)
4%
Black WoodpeckerDryocopus martiusPiciformesPicidae (Woodpeckers)
4%
Blood PheasantIthaginis cruentusGalliformesPhasianidae (Pheasants, Grouse, and Allies)
4%
Blue-billed CurassowCrax albertiGalliformesCracidae (Guans, Chachalacas, and Curassows)
4%
Blue-billed TealSpatula hottentotaAnseriformesAnatidae (Ducks, Geese, and Waterfowl)
4%
Blue CouaCoua caeruleaCuculiformesCuculidae (Cuckoos)
4%
Blue-crowned ParakeetThectocercus acuticaudatusPsittaciformesPsittacidae (New World and African Parrots)
4%
Blue Ground DoveClaravis pretiosaColumbiformesColumbidae (Pigeons and Doves)
4%
Blue-headed ParrotPionus menstruusPsittaciformesPsittacidae (New World and African Parrots)
4%
Blue-naped MousebirdUrocolius macrourusColiiformesColiidae (Mousebirds)
4%
Blue-winged GooseCyanochen cyanopteraAnseriformesAnatidae (Ducks, Geese, and Waterfowl)
4%
Blue-winged KookaburraDacelo leachiiCoraciiformesAlcedinidae (Kingfishers)
4%
Blyth's HornbillRhyticeros plicatusBucerotiformesBucerotidae (Hornbills)
4%
Blyth's TragopanTragopan blythiiGalliformesPhasianidae (Pheasants, Grouse, and Allies)
4%
Boat-billed HeronCochlearius cochleariusPelecaniformesArdeidae (Herons, Egrets, and Bitterns)
4%
Bonelli's EagleAquila fasciataAccipitriformesAccipitridae (Hawks, Eagles, and Kites)
4%
Booted Racket-tailOcreatus underwoodiiCaprimulgiformesTrochilidae (Hummingbirds)
4%
Bornean Peacock-PheasantPolyplectron schleiermacheriGalliformesPhasianidae (Pheasants, Grouse, and Allies)
4%
Bridled TernOnychoprion anaethetusCharadriiformesLaridae (Gulls, Terns, and Skimmers)
4%
Bronzy HermitGlaucis aeneusCaprimulgiformesTrochilidae (Hummingbirds)
4%
Bronzy JacamarGalbula leucogastraGalbuliformesGalbulidae (Jacamars)
4%
Brown Eared-PheasantCrossoptilon mantchuricumGalliformesPhasianidae (Pheasants, Grouse, and Allies)
4%
Brown FalconFalco berigoraFalconiformesFalconidae (Falcons and Caracaras)
4%
Brown GoshawkAccipiter fasciatusAccipitriformesAccipitridae (Hawks, Eagles, and Kites)
4%
Brown-headed GullChroicocephalus brunnicephalusCharadriiformesLaridae (Gulls, Terns, and Skimmers)
4%
Brown-headed ParrotPoicephalus cryptoxanthusPsittaciformesPsittacidae (New World and African Parrots)
4%
Brown-hooded GullChroicocephalus maculipennisCharadriiformesLaridae (Gulls, Terns, and Skimmers)
4%
Brown NoddyAnous stolidusCharadriiformesLaridae (Gulls, Terns, and Skimmers)
4%
Brown QuailSynoicus ypsilophorusGalliformesPhasianidae (Pheasants, Grouse, and Allies)
4%
Brown SkuaStercorarius antarcticusCharadriiformesStercorariidae (Skuas and Jaegers)
4%
Brown TealAnas chlorotisAnseriformesAnatidae (Ducks, Geese, and Waterfowl)
4%
Brown TinamouCrypturellus obsoletusTinamiformesTinamidae (Tinamous)
4%
Brown VioletearColibri delphinaeCaprimulgiformesTrochilidae (Hummingbirds)
4%
Buff-bellied HummingbirdAmazilia yucatanensisCaprimulgiformesTrochilidae (Hummingbirds)
4%
Buff-breasted SandpiperCalidris subruficollisCharadriiformesScolopacidae (Sandpipers and Allies)
4%
Buff-crested BustardEupodotis gindianaOtidiformesOtididae (Bustards)
4%
Buff-fronted Quail-DoveZentrygon costaricensisColumbiformesColumbidae (Pigeons and Doves)
4%
Buffy Fish-OwlKetupa ketupuStrigiformesStrigidae (Owls)
4%
Buller's AlbatrossThalassarche bulleriProcellariiformesDiomedeidae (Albatrosses)
4%
Buller's ShearwaterArdenna bulleriProcellariiformesProcellariidae (Shearwaters and Petrels)
4%
Cabot's TragopanTragopan cabotiGalliformesPhasianidae (Pheasants, Grouse, and Allies)
4%
Cape PetrelDaption capenseProcellariiformesProcellariidae (Shearwaters and Petrels)
4%
Capped HeronPilherodius pileatusPelecaniformesArdeidae (Herons, Egrets, and Bitterns)
4%
Caucasian GrouseLyrurus mlokosiewicziGalliformesPhasianidae (Pheasants, Grouse, and Allies)
4%
Cave SwiftletCollocalia linchiCaprimulgiformesApodidae (Swifts)
4%
Chaco ChachalacaOrtalis canicollisGalliformesCracidae (Guans, Chachalacas, and Curassows)
4%
Chaco OwlStrix chacoensisStrigiformesStrigidae (Owls)
4%
Channel-billed CuckooScythrops novaehollandiaeCuculiformesCuculidae (Cuckoos)
4%
Chestnut-breasted MalkohaPhaenicophaeus curvirostrisCuculiformesCuculidae (Cuckoos)
4%
Chimango CaracaraMilvago chimangoFalconiformesFalconidae (Falcons and Caracaras)
4%
Chinese Crested TernThalasseus bernsteiniCharadriiformesLaridae (Gulls, Terns, and Skimmers)
4%
Choco ToucanRamphastos brevisPiciformesRamphastidae (Toucans)
4%
Christmas Island Imperial-PigeonDucula whartoniColumbiformesColumbidae (Pigeons and Doves)
4%
Chuck-will's-widowAntrostomus carolinensisCaprimulgiformesCaprimulgidae (Nightjars and Allies)
4%
Cinereous TinamouCrypturellus cinereusTinamiformesTinamidae (Tinamous)
4%
Cinnamon BitternIxobrychus cinnamomeusPelecaniformesArdeidae (Herons, Egrets, and Bitterns)
4%
Cobalt-winged ParakeetBrotogeris cyanopteraPsittaciformesPsittacidae (New World and African Parrots)
4%
Collared AracariPteroglossus torquatusPiciformesRamphastidae (Toucans)
4%
Collared IncaCoeligena torquataCaprimulgiformesTrochilidae (Hummingbirds)
4%
Colombian GrebePodiceps andinusPodicipediformesPodicipedidae (Grebes)
4%
Comb-crested JacanaIrediparra gallinaceaCharadriiformesJacanidae (Jacanas)
4%
Common GreenshankTringa nebulariaCharadriiformesScolopacidae (Sandpipers and Allies)
4%
Common Ringed PloverCharadrius hiaticulaCharadriiformesCharadriidae (Plovers and Lapwings)
4%
Congo PeacockAfropavo congensisGalliformesPhasianidae (Pheasants, Grouse, and Allies)
4%
Copper PheasantSyrmaticus soemmerringiiGalliformesPhasianidae (Pheasants, Grouse, and Allies)
4%
Coppery-headed EmeraldMicrochera cupreicepsCaprimulgiformesTrochilidae (Hummingbirds)
4%
Coral-billed Ground-CuckooCarpococcyx renauldiCuculiformesCuculidae (Cuckoos)
4%
Corn CrakeCrex crexGruiformesRallidae (Rails, Gallinules, and Coots)
4%
Costa Rican Pygmy-OwlGlaucidium costaricanumStrigiformesStrigidae (Owls)
4%
Crab-PloverDromas ardeolaCharadriiformesDromadidae (Crab-Plover)
4%
Cream-colored CourserCursorius cursorCharadriiformesGlareolidae (Pratincoles and Coursers)
4%
Crested AukletAethia cristatellaCharadriiformesAlcidae (Auks, Murres, and Puffins)
4%
Crested CouaCoua cristataCuculiformesCuculidae (Cuckoos)
4%
Crested EagleMorphnus guianensisAccipitriformesAccipitridae (Hawks, Eagles, and Kites)
4%
Crested FrancolinOrtygornis sephaenaGalliformesPhasianidae (Pheasants, Grouse, and Allies)
4%
Crested GuanPenelope purpurascensGalliformesCracidae (Guans, Chachalacas, and Curassows)
4%
Crested GuineafowlGuttera pucheraniGalliformesNumididae (Guineafowl)
4%
Crested OwlLophostrix cristataStrigiformesStrigidae (Owls)
4%
Crested PartridgeRollulus rouloulGalliformesPhasianidae (Pheasants, Grouse, and Allies)
4%
Crested ShelduckTadorna cristataAnseriformesAnatidae (Ducks, Geese, and Waterfowl)
4%
Crimson RosellaPlatycercus elegansPsittaciformesPsittaculidae (Old World Parrots)
4%
Crimson TopazTopaza pellaCaprimulgiformesTrochilidae (Hummingbirds)
4%
Cuban EmeraldRiccordia ricordiiCaprimulgiformesTrochilidae (Hummingbirds)
4%
Cuban ParrotAmazona leucocephalaPsittaciformesPsittacidae (New World and African Parrots)
4%
Curve-billed TinamouNothoprocta curvirostrisTinamiformesTinamidae (Tinamous)
4%
Damara TernSternula balaenarumCharadriiformesLaridae (Gulls, Terns, and Skimmers)
4%
Dark-billed CuckooCoccyzus melacoryphusCuculiformesCuculidae (Cuckoos)
4%
Dark Chanting-GoshawkMelierax metabatesAccipitriformesAccipitridae (Hawks, Eagles, and Kites)
4%
Darwin's NothuraNothura darwiniiTinamiformesTinamidae (Tinamous)
4%
Denham's BustardNeotis denhamiOtidiformesOtididae (Bustards)
4%
Diademed Sandpiper-PloverPhegornis mitchelliiCharadriiformesCharadriidae (Plovers and Lapwings)
4%
Diamond DoveGeopelia cuneataColumbiformesColumbidae (Pigeons and Doves)
4%
DollarbirdEurystomus orientalisCoraciiformesCoraciidae (Rollers)
4%
DunlinCalidris alpinaCharadriiformesScolopacidae (Sandpipers and Allies)
4%
Dusky Eagle-OwlBubo coromandusStrigiformesStrigidae (Owls)
4%
Dusky NightjarAntrostomus saturatusCaprimulgiformesCaprimulgidae (Nightjars and Allies)
4%
Dwarf TinamouTaoniscus nanusTinamiformesTinamidae (Tinamous)
4%
Eared DoveZenaida auriculataColumbiformesColumbidae (Pigeons and Doves)
4%
Eastern BuzzardButeo japonicusAccipitriformesAccipitridae (Hawks, Eagles, and Kites)
4%
Eastern RosellaPlatycercus eximiusPsittaciformesPsittaculidae (Old World Parrots)
4%
Eastern Yellow-billed HornbillTockus flavirostrisBucerotiformesBucerotidae (Hornbills)
4%
Eaton's PintailAnas eatoniAnseriformesAnatidae (Ducks, Geese, and Waterfowl)
4%
Eclectus ParrotEclectus roratusPsittaciformesPsittaculidae (Old World Parrots)
4%
Ecuadorian Ground DoveColumbina buckleyiColumbiformesColumbidae (Pigeons and Doves)
4%
Egyptian PloverPluvianus aegyptiusCharadriiformesPluvianidae (Egyptian Plover)
4%
Elliot's PheasantSyrmaticus elliotiGalliformesPhasianidae (Pheasants, Grouse, and Allies)
4%
Eskimo CurlewNumenius borealisCharadriiformesScolopacidae (Sandpipers and Allies)
4%
Eurasian Green WoodpeckerPicus viridisPiciformesPicidae (Woodpeckers)
4%
Eurasian WoodcockScolopax rusticolaCharadriiformesScolopacidae (Sandpipers and Allies)
4%
European Bee-eaterMerops apiasterCoraciiformesMeropidae (Bee-eaters)
4%
European Storm-PetrelHydrobates pelagicusProcellariiformesHydrobatidae (Northern Storm-Petrels)
4%
Fairy PrionPachyptila turturProcellariiformesProcellariidae (Shearwaters and Petrels)
4%
Fasciated Tiger-HeronTigrisoma fasciatumPelecaniformesArdeidae (Herons, Egrets, and Bitterns)
4%
Fawn-breasted BrilliantHeliodoxa rubinoidesCaprimulgiformesTrochilidae (Hummingbirds)
4%
Ferruginous HawkButeo regalisAccipitriformesAccipitridae (Hawks, Eagles, and Kites)
4%
Ferruginous Pygmy-OwlGlaucidium brasilianumStrigiformesStrigidae (Owls)
4%
Fiery-billed AracariPteroglossus frantziiPiciformesRamphastidae (Toucans)
4%
Fischer's LovebirdAgapornis fischeriPsittaciformesPsittaculidae (Old World Parrots)
4%
Fischer's TuracoTauraco fischeriMusophagiformesMusophagidae (Turacos)
4%
Flammulated OwlPsiloscops flammeolusStrigiformesStrigidae (Owls)
4%
Franklin's GullLeucophaeus pipixcanCharadriiformesLaridae (Gulls, Terns, and Skimmers)
4%
Gabar GoshawkMicronisus gabarAccipitriformesAccipitridae (Hawks, Eagles, and Kites)
4%
Galapagos DoveZenaida galapagoensisColumbiformesColumbidae (Pigeons and Doves)
4%
Giant CouaCoua gigasCuculiformesCuculidae (Cuckoos)
4%
Giant IbisPseudibis giganteaPelecaniformesThreskiornithidae (Ibises and Spoonbills)
4%
Gilded FlickerColaptes chrysoidesPiciformesPicidae (Woodpeckers)
4%
Goliath CoucalCentropus goliathCuculiformesCuculidae (Cuckoos)
4%
Gray-backed TernOnychoprion lunatusCharadriiformesLaridae (Gulls, Terns, and Skimmers)
4%
Gray-faced BuzzardButastur indicusAccipitriformesAccipitridae (Hawks, Eagles, and Kites)
4%
Gray Go-away-birdCorythaixoides concolorMusophagiformesMusophagidae (Turacos)
4%
Gray-headed Fish-EagleHaliaeetus ichthyaetusAccipitriformesAccipitridae (Hawks, Eagles, and Kites)
4%
Gray-headed KingfisherHalcyon leucocephalaCoraciiformesAlcedinidae (Kingfishers)
4%
Gray-headed LovebirdAgapornis canusPsittaciformesPsittaculidae (Old World Parrots)
4%
Grayish Eagle-OwlBubo cinerascensStrigiformesStrigidae (Owls)
4%
Gray JunglefowlGallus sonneratiiGalliformesPhasianidae (Pheasants, Grouse, and Allies)
4%
Gray KestrelFalco ardosiaceusFalconiformesFalconidae (Falcons and Caracaras)
4%
Great ArgusArgusianus argusGalliformesPhasianidae (Pheasants, Grouse, and Allies)
4%
Great-billed HeronArdea sumatranaPelecaniformesArdeidae (Herons, Egrets, and Bitterns)
4%
Great Blue TuracoCorythaeola cristataMusophagiformesMusophagidae (Turacos)
4%
Great Crested TernThalasseus bergiiCharadriiformesLaridae (Gulls, Terns, and Skimmers)
4%
Great CurassowCrax rubraGalliformesCracidae (Guans, Chachalacas, and Curassows)
4%
Greater AniCrotophaga majorCuculiformesCuculidae (Cuckoos)
4%
Greater CoucalCentropus sinensisCuculiformesCuculidae (Cuckoos)
4%
Greater KestrelFalco rupicoloidesFalconiformesFalconidae (Falcons and Caracaras)
4%
Greater Painted-SnipeRostratula benghalensisCharadriiformesRostratulidae (Painted-Snipes)
4%
Greater Spotted EagleClanga clangaAccipitriformesAccipitridae (Hawks, Eagles, and Kites)
4%
Greater Yellow-headed VultureCathartes melambrotusCathartiformesCathartidae (New World Vultures)
4%
Great Gray OwlStrix nebulosaStrigiformesStrigidae (Owls)
4%
Great JacamarJacamerops aureusGalbuliformesGalbulidae (Jacamars)
4%
Great KnotCalidris tenuirostrisCharadriiformesScolopacidae (Sandpipers and Allies)
4%
Great SapphirewingPterophanes cyanopterusCaprimulgiformesTrochilidae (Hummingbirds)
4%
Great SnipeGallinago mediaCharadriiformesScolopacidae (Sandpipers and Allies)
4%
Great Spotted KiwiApteryx haastiiApterygiformesApterygidae (Kiwis)
4%
Green-and-rufous KingfisherChloroceryle indaCoraciiformesAlcedinidae (Kingfishers)
4%
Green AracariPteroglossus viridisPiciformesRamphastidae (Toucans)
4%
Green-cheeked ParakeetPyrrhura molinaePsittaciformesPsittacidae (New World and African Parrots)
4%
Green JunglefowlGallus variusGalliformesPhasianidae (Pheasants, Grouse, and Allies)
4%
Green MangoAnthracothorax viridisCaprimulgiformesTrochilidae (Hummingbirds)
4%
Green PeafowlPavo muticusGalliformesPhasianidae (Pheasants, Grouse, and Allies)
4%
Green RosellaPlatycercus caledonicusPsittaciformesPsittaculidae (Old World Parrots)
4%
Green-tailed TrainbearerLesbia nunaCaprimulgiformesTrochilidae (Hummingbirds)
4%
Green WoodhoopoePhoeniculus purpureusBucerotiformesPhoeniculidae (Woodhoopoes and Scimitarbills)
4%
Groove-billed AniCrotophaga sulcirostrisCuculiformesCuculidae (Cuckoos)
4%
Guam KingfisherTodiramphus cinnamominusCoraciiformesAlcedinidae (Kingfishers)
4%
Guam RailGallirallus owstoniGruiformesRallidae (Rails, Gallinules, and Coots)
4%
Guinea TuracoTauraco persaMusophagiformesMusophagidae (Turacos)
4%
Guira CuckooGuira guiraCuculiformesCuculidae (Cuckoos)
4%
Gull-billed TernGelochelidon niloticaCharadriiformesLaridae (Gulls, Terns, and Skimmers)
4%
Half-collared KingfisherAlcedo semitorquataCoraciiformesAlcedinidae (Kingfishers)
4%
Harlequin QuailCoturnix delegorgueiGalliformesPhasianidae (Pheasants, Grouse, and Allies)
4%
Hartlaub's BustardLissotis hartlaubiiOtidiformesOtididae (Bustards)
4%
Hartlaub's TuracoTauraco hartlaubiMusophagiformesMusophagidae (Turacos)
4%
Helmeted HornbillBuceros vigilBucerotiformesBucerotidae (Hornbills)
4%
Hemprich's HornbillLophoceros hemprichiiBucerotiformesBucerotidae (Hornbills)
4%
Himalayan GriffonGyps himalayensisAccipitriformesAccipitridae (Hawks, Eagles, and Kites)
4%
Himalayan MonalLophophorus impejanusGalliformesPhasianidae (Pheasants, Grouse, and Allies)
4%
Himalayan SnowcockTetraogallus himalayensisGalliformesPhasianidae (Pheasants, Grouse, and Allies)
4%
Hoary-headed GrebePoliocephalus poliocephalusPodicipediformesPodicipedidae (Grebes)
4%
Hook-billed KiteChondrohierax uncinatusAccipitriformesAccipitridae (Hawks, Eagles, and Kites)
4%
Horned CurassowPauxi unicornisGalliformesCracidae (Guans, Chachalacas, and Curassows)
4%
Houbara BustardChlamydotis undulataOtidiformesOtididae (Bustards)
4%
House SwiftApus nipalensisCaprimulgiformesApodidae (Swifts)
4%
Humblot's HeronArdea humblotiPelecaniformesArdeidae (Herons, Egrets, and Bitterns)
4%
Iberian Green WoodpeckerPicus sharpeiPiciformesPicidae (Woodpeckers)
4%
Imperial EagleAquila heliacaAccipitriformesAccipitridae (Hawks, Eagles, and Kites)
4%
Imperial ParrotAmazona imperialisPsittaciformesPsittacidae (New World and African Parrots)
4%
Indian CormorantPhalacrocorax fuscicollisSuliformesPhalacrocoracidae (Cormorants and Shags)
4%
Indian PeafowlPavo cristatusGalliformesPhasianidae (Pheasants, Grouse, and Allies)
4%
Indian RollerCoracias benghalensisCoraciiformesCoraciidae (Rollers)
4%
Indian Spotted EagleClanga hastataAccipitriformesAccipitridae (Hawks, Eagles, and Kites)
4%
Jambu Fruit-DovePtilinopus jambuColumbiformesColumbidae (Pigeons and Doves)
4%
Japanese CormorantPhalacrocorax capillatusSuliformesPhalacrocoracidae (Cormorants and Shags)
4%
Javan PloverCharadrius javanicusCharadriiformesCharadriidae (Plovers and Lapwings)
4%
Knobbed HornbillRhyticeros cassidixBucerotiformesBucerotidae (Hornbills)
4%
Ladder-backed WoodpeckerDryobates scalarisPiciformesPicidae (Woodpeckers)
4%
Lanner FalconFalco biarmicusFalconiformesFalconidae (Falcons and Caracaras)
4%
Large-billed TernPhaetusa simplexCharadriiformesLaridae (Gulls, Terns, and Skimmers)
4%
Laughing DoveStreptopelia senegalensisColumbiformesColumbidae (Pigeons and Doves)
4%
Laughing FalconHerpetotheres cachinnansFalconiformesFalconidae (Falcons and Caracaras)
4%
Laughing OwlSceloglaux albifaciesStrigiformesStrigidae (Owls)
4%
Lava GullLeucophaeus fuliginosusCharadriiformesLaridae (Gulls, Terns, and Skimmers)
4%
Least GrebeTachybaptus dominicusPodicipediformesPodicipedidae (Grebes)
4%
Lesser AdjutantLeptoptilos javanicusCiconiiformesCiconiidae (Storks)
4%
Lesser Crested TernThalasseus bengalensisCharadriiformesLaridae (Gulls, Terns, and Skimmers)
4%
Lesser Fish-EagleHaliaeetus humilisAccipitriformesAccipitridae (Hawks, Eagles, and Kites)
4%
Lesser FloricanSypheotides indicusOtidiformesOtididae (Bustards)
4%
Lesser NighthawkChordeiles acutipennisCaprimulgiformesCaprimulgidae (Nightjars and Allies)
4%
Lesser NothuraNothura minorTinamiformesTinamidae (Tinamous)
4%
Lesser Spotted EagleClanga pomarinaAccipitriformesAccipitridae (Hawks, Eagles, and Kites)
4%
Lesser VioletearColibri cyanotusCaprimulgiformesTrochilidae (Hummingbirds)
4%
Lesser Yellow-headed VultureCathartes burrovianusCathartiformesCathartidae (New World Vultures)
4%
Lewis's WoodpeckerMelanerpes lewisPiciformesPicidae (Woodpeckers)
4%
Little Bee-eaterMerops pusillusCoraciiformesMeropidae (Bee-eaters)
4%
Little ButtonquailTurnix veloxCharadriiformesTurnicidae (Buttonquail)
4%
Little CrakeZapornia parvaGruiformesRallidae (Rails, Gallinules, and Coots)
4%
Little EagleHieraaetus morphnoidesAccipitriformesAccipitridae (Hawks, Eagles, and Kites)
4%
Little GullHydrocoloeus minutusCharadriiformesLaridae (Gulls, Terns, and Skimmers)
4%
Little KingfisherCeyx pusillusCoraciiformesAlcedinidae (Kingfishers)
4%
Little NightjarSetopagis parvulaCaprimulgiformesCaprimulgidae (Nightjars and Allies)
4%
Little Pied CormorantMicrocarbo melanoleucosSuliformesPhalacrocoracidae (Cormorants and Shags)
4%
Little Ringed PloverCharadrius dubiusCharadriiformesCharadriidae (Plovers and Lapwings)
4%
Little SparrowhawkAccipiter minullusAccipitriformesAccipitridae (Hawks, Eagles, and Kites)
4%
Little Spotted KiwiApteryx oweniiApterygiformesApterygidae (Kiwis)
4%
Little SwiftApus affinisCaprimulgiformesApodidae (Swifts)
4%
Little WoodpeckerDryobates passerinusPiciformesPicidae (Woodpeckers)
4%
Lizard BuzzardKaupifalco monogrammicusAccipitriformesAccipitridae (Hawks, Eagles, and Kites)
4%
Long-billed CurlewNumenius americanusCharadriiformesScolopacidae (Sandpipers and Allies)
4%
Long-tailed JaegerStercorarius longicaudusCharadriiformesStercorariidae (Skuas and Jaegers)
4%
Long-tailed SylphAglaiocercus kingiiCaprimulgiformesTrochilidae (Hummingbirds)
4%
Long-toed StintCalidris subminutaCharadriiformesScolopacidae (Sandpipers and Allies)
4%
Long-winged HarrierCircus buffoniAccipitriformesAccipitridae (Hawks, Eagles, and Kites)
4%
Lucifer HummingbirdCalothorax luciferCaprimulgiformesTrochilidae (Hummingbirds)
4%
Luzon Bleeding-heartGallicolumba luzonicaColumbiformesColumbidae (Pigeons and Doves)
4%
Macqueen's BustardChlamydotis macqueeniiOtidiformesOtididae (Bustards)
4%
Madagascar Fish-EagleHaliaeetus vociferoidesAccipitriformesAccipitridae (Hawks, Eagles, and Kites)
4%
Madagascar HoopoeUpupa marginataBucerotiformesUpupidae (Hoopoes)
4%
Madagascar JacanaActophilornis albinuchaCharadriiformesJacanidae (Jacanas)
4%
Magellanic CormorantLeucocarbo magellanicusSuliformesPhalacrocoracidae (Cormorants and Shags)
4%
Malabar Pied-HornbillAnthracoceros coronatusBucerotiformesBucerotidae (Hornbills)
4%
Malayan Peacock-PheasantPolyplectron malacenseGalliformesPhasianidae (Pheasants, Grouse, and Allies)
4%
Mangrove HummingbirdAmazilia boucardiCaprimulgiformesTrochilidae (Hummingbirds)
4%
Marsh OwlAsio capensisStrigiformesStrigidae (Owls)
4%
Masked FinfootHeliopais personatusGruiformesHeliornithidae (Finfoots)
4%
Mediterranean GullIchthyaetus melanocephalusCharadriiformesLaridae (Gulls, Terns, and Skimmers)
4%
Mexican HermitPhaethornis mexicanusCaprimulgiformesTrochilidae (Hummingbirds)
4%
Mexican Whip-poor-willAntrostomus arizonaeCaprimulgiformesCaprimulgidae (Nightjars and Allies)
4%
Mikado PheasantSyrmaticus mikadoGalliformesPhasianidae (Pheasants, Grouse, and Allies)
4%
Milky StorkMycteria cinereaCiconiiformesCiconiidae (Storks)
4%
Mindanao Bleeding-heartGallicolumba crinigeraColumbiformesColumbidae (Pigeons and Doves)
4%
Montagu's HarrierCircus pygargusAccipitriformesAccipitridae (Hawks, Eagles, and Kites)
4%
MoreporkNinox novaeseelandiaeStrigiformesStrigidae (Owls)
4%
Moseley's Rockhopper PenguinEudyptes moseleyiSphenisciformesSpheniscidae (Penguins)
4%
Mottled OwlCiccaba virgataStrigiformesStrigidae (Owls)
4%
Mountain AvocetbillOpisthoprora eurypteraCaprimulgiformesTrochilidae (Hummingbirds)
4%
Mountain PloverCharadrius montanusCharadriiformesCharadriidae (Plovers and Lapwings)
4%
Mountain Serpent-EagleSpilornis kinabaluensisAccipitriformesAccipitridae (Hawks, Eagles, and Kites)
4%
Namaqua DoveOena capensisColumbiformesColumbidae (Pigeons and Doves)
4%
Namaqua SandgrousePterocles namaquaPterocliformesPteroclidae (Sandgrouse)
4%
Nazca BoobySula grantiSuliformesSulidae (Boobies and Gannets)
4%
New Guinea WoodcockScolopax rosenbergiiCharadriiformesScolopacidae (Sandpipers and Allies)
4%
Nicobar PigeonCaloenas nicobaricaColumbiformesColumbidae (Pigeons and Doves)
4%
Nocturnal CurassowNothocrax urumutumGalliformesCracidae (Guans, Chachalacas, and Curassows)
4%
Nordmann's GreenshankTringa guttiferCharadriiformesScolopacidae (Sandpipers and Allies)
4%
Northern BoobookNinox japonicaStrigiformesStrigidae (Owls)
4%
Northern Emerald-ToucanetAulacorhynchus prasinusPiciformesRamphastidae (Toucans)
4%
Northern Giant-PetrelMacronectes halliProcellariiformesProcellariidae (Shearwaters and Petrels)
4%
Northern PotooNyctibius jamaicensisCaprimulgiformesNyctibiidae (Potoos)
4%
Northern Pygmy-OwlGlaucidium gnomaStrigiformesStrigidae (Owls)
4%
Northern RosellaPlatycercus venustusPsittaciformesPsittaculidae (Old World Parrots)
4%
Nuttall's WoodpeckerDryobates nuttalliiPiciformesPicidae (Woodpeckers)
4%
Orange-chinned ParakeetBrotogeris jugularisPsittaciformesPsittacidae (New World and African Parrots)
4%
Orange-footed ScrubfowlMegapodius reinwardtGalliformesMegapodiidae (Megapodes)
4%
Oriental CuckooCuculus optatusCuculiformesCuculidae (Cuckoos)
4%
Oriental Honey-buzzardPernis ptilorhynchusAccipitriformesAccipitridae (Hawks, Eagles, and Kites)
4%
Oriental Pied-HornbillAnthracoceros albirostrisBucerotiformesBucerotidae (Hornbills)
4%
Oriental PratincoleGlareola maldivarumCharadriiformesGlareolidae (Pratincoles and Coursers)
4%
Oriental StorkCiconia boycianaCiconiiformesCiconiidae (Storks)
4%
Ornate TinamouNothoprocta ornataTinamiformesTinamidae (Tinamous)
4%
Pacific BazaAviceda subcristataAccipitriformesAccipitridae (Hawks, Eagles, and Kites)
4%
Pacific Black DuckAnas superciliosaAnseriformesAnatidae (Ducks, Geese, and Waterfowl)
4%
Pacific Emerald DoveChalcophaps longirostrisColumbiformesColumbidae (Pigeons and Doves)
4%
Pacific GullLarus pacificusCharadriiformesLaridae (Gulls, Terns, and Skimmers)
4%
Pacific HeronArdea pacificaPelecaniformesArdeidae (Herons, Egrets, and Bitterns)
4%
Pacific KoelEudynamys orientalisCuculiformesCuculidae (Cuckoos)
4%
Pacific Screech-OwlMegascops cooperiStrigiformesStrigidae (Owls)
4%
Painted SpurfowlGalloperdix lunulataGalliformesPhasianidae (Pheasants, Grouse, and Allies)
4%
Pale Chanting-GoshawkMelierax canorusAccipitriformesAccipitridae (Hawks, Eagles, and Kites)
4%
Pale-headed RosellaPlatycercus adscitusPsittaciformesPsittaculidae (Old World Parrots)
4%
Pallas's Fish-EagleHaliaeetus leucoryphusAccipitriformesAccipitridae (Hawks, Eagles, and Kites)
4%
Pallas's SandgrouseSyrrhaptes paradoxusPterocliformesPteroclidae (Sandgrouse)
4%
Pallid HarrierCircus macrourusAccipitriformesAccipitridae (Hawks, Eagles, and Kites)
4%
Papuan FrogmouthPodargus papuensisCaprimulgiformesPodargidae (Frogmouths)
4%
Parasitic JaegerStercorarius parasiticusCharadriiformesStercorariidae (Skuas and Jaegers)
4%
Partridge PigeonGeophaps smithiiColumbiformesColumbidae (Pigeons and Doves)
4%
Pelagic CormorantUrile pelagicusSuliformesPhalacrocoracidae (Cormorants and Shags)
4%
Pel's Fishing-OwlScotopelia peliStrigiformesStrigidae (Owls)
4%
Peruvian BoobySula variegataSuliformesSulidae (Boobies and Gannets)
4%
Pesquet's ParrotPsittrichas fulgidusPsittaciformesPsittaculidae (Old World Parrots)
4%
Pheasant PigeonOtidiphaps nobilisColumbiformesColumbidae (Pigeons and Doves)
4%
Philippine Eagle-OwlBubo philippensisStrigiformesStrigidae (Owls)
4%
Philippine Hawk-EagleNisaetus philippensisAccipitriformesAccipitridae (Hawks, Eagles, and Kites)
4%
Picui Ground DoveColumbina picuiColumbiformesColumbidae (Pigeons and Doves)
4%
Pied HarrierCircus melanoleucosAccipitriformesAccipitridae (Hawks, Eagles, and Kites)
4%
Pied HeronEgretta picataPelecaniformesArdeidae (Herons, Egrets, and Bitterns)
4%
Pied Imperial-PigeonDucula bicolorColumbiformesColumbidae (Pigeons and Doves)
4%
Pied StiltHimantopus leucocephalusCharadriiformesRecurvirostridae (Stilts and Avocets)
4%
Pileated WoodpeckerDryocopus pileatusPiciformesPicidae (Woodpeckers)
4%
Pink CockatooLophochroa leadbeateriPsittaciformesCacatuidae (Cockatoos)
4%
Plains-wandererPedionomus torquatusCharadriiformesPedionomidae (Plains-wanderer)
4%
Plate-billed Mountain-ToucanAndigena laminirostrisPiciformesRamphastidae (Toucans)
4%
Plumbeous KiteIctinia plumbeaAccipitriformesAccipitridae (Hawks, Eagles, and Kites)
4%
Powerful OwlNinox strenuaStrigiformesStrigidae (Owls)
4%
Prince Ruspoli's TuracoTauraco ruspoliiMusophagiformesMusophagidae (Turacos)
4%
Purple-throated CaribEulampis jugularisCaprimulgiformesTrochilidae (Hummingbirds)
4%
Quebracho Crested-TinamouEudromia formosaTinamiformesTinamidae (Tinamous)
4%
Rainbow Bee-eaterMerops ornatusCoraciiformesMeropidae (Bee-eaters)
4%
Rain QuailCoturnix coromandelicaGalliformesPhasianidae (Pheasants, Grouse, and Allies)
4%
Razor-billed CurassowMitu tuberosumGalliformesCracidae (Guans, Chachalacas, and Curassows)
4%
Red-billed DuckAnas erythrorhynchaAnseriformesAnatidae (Ducks, Geese, and Waterfowl)
4%
Red-billed Ground-CuckooNeomorphus pucheraniiCuculiformesCuculidae (Cuckoos)
4%
Red-breasted SapsuckerSphyrapicus ruberPiciformesPicidae (Woodpeckers)
4%
Red-crested TuracoTauraco erythrolophusMusophagiformesMusophagidae (Turacos)
4%
Red-fronted MacawAra rubrogenysPsittaciformesPsittacidae (New World and African Parrots)
4%
Red GoshawkErythrotriorchis radiatusAccipitriformesAccipitridae (Hawks, Eagles, and Kites)
4%
Red-knobbed CootFulica cristataGruiformesRallidae (Rails, Gallinules, and Coots)
4%
Red-lored ParrotAmazona autumnalisPsittaciformesPsittacidae (New World and African Parrots)
4%
Red-naped SapsuckerSphyrapicus nuchalisPiciformesPicidae (Woodpeckers)
4%
Red-necked AvocetRecurvirostra novaehollandiaeCharadriiformesRecurvirostridae (Stilts and Avocets)
4%
Red-tailed TropicbirdPhaethon rubricaudaPhaethontiformesPhaethontidae (Tropicbirds)
4%
Red-wattled LapwingVanellus indicusCharadriiformesCharadriidae (Plovers and Lapwings)
4%
Red-winged TinamouRhynchotus rufescensTinamiformesTinamidae (Tinamous)
4%
Reeves's PheasantSyrmaticus reevesiiGalliformesPhasianidae (Pheasants, Grouse, and Allies)
4%
Relict GullIchthyaetus relictusCharadriiformesLaridae (Gulls, Terns, and Skimmers)
4%
Roadside HawkRupornis magnirostrisAccipitriformesAccipitridae (Hawks, Eagles, and Kites)
4%
Rock KestrelFalco rupicolusFalconiformesFalconidae (Falcons and Caracaras)
4%
Rock PartridgeAlectoris graecaGalliformesPhasianidae (Pheasants, Grouse, and Allies)
4%
Rose-faced ParrotPyrilia pulchraPsittaciformesPsittacidae (New World and African Parrots)
4%
Rosy-billed PochardNetta peposacaAnseriformesAnatidae (Ducks, Geese, and Waterfowl)
4%
Rosy-faced LovebirdAgapornis roseicollisPsittaciformesPsittaculidae (Old World Parrots)
4%
Royal AlbatrossDiomedea epomophoraProcellariiformesDiomedeidae (Albatrosses)
4%
Rufescent Tiger-HeronTigrisoma lineatumPelecaniformesArdeidae (Herons, Egrets, and Bitterns)
4%
Rufous-headed ChachalacaOrtalis erythropteraGalliformesCracidae (Guans, Chachalacas, and Curassows)
4%
Rufous MotmotBaryphthengus martiiCoraciiformesMomotidae (Motmots)
4%
Rufous NightjarAntrostomus rufusCaprimulgiformesCaprimulgidae (Nightjars and Allies)
4%
Rufous OwlNinox rufaStrigiformesStrigidae (Owls)
4%
Rufous-tailed HummingbirdAmazilia tzacatlCaprimulgiformesTrochilidae (Hummingbirds)
4%
Rüppell's GriffonGyps rueppelliAccipitriformesAccipitridae (Hawks, Eagles, and Kites)
4%
Rwenzori TuracoRuwenzorornis johnstoniMusophagiformesMusophagidae (Turacos)
4%
Saffron ToucanetPteroglossus bailloniPiciformesRamphastidae (Toucans)
4%
Salmon-crested CockatooCacatua moluccensisPsittaciformesCacatuidae (Cockatoos)
4%
Satyr TragopanTragopan satyraGalliformesPhasianidae (Pheasants, Grouse, and Allies)
4%
Saunders's GullSaundersilarus saundersiCharadriiformesLaridae (Gulls, Terns, and Skimmers)
4%
Savile's BustardEupodotis savileiOtidiformesOtididae (Bustards)
4%
Semiplumbeous HawkLeucopternis semiplumbeusAccipitriformesAccipitridae (Hawks, Eagles, and Kites)
4%
Shelley's Eagle-OwlBubo shelleyiStrigiformesStrigidae (Owls)
4%
ShikraAccipiter badiusAccipitriformesAccipitridae (Hawks, Eagles, and Kites)
4%
Shining-blue KingfisherAlcedo quadribrachysCoraciiformesAlcedinidae (Kingfishers)
4%
Shining SunbeamAglaeactis cupripennisCaprimulgiformesTrochilidae (Hummingbirds)
4%
Short-toed Snake-EagleCircaetus gallicusAccipitriformesAccipitridae (Hawks, Eagles, and Kites)
4%
Sickle-winged GuanChamaepetes goudotiiGalliformesCracidae (Guans, Chachalacas, and Curassows)
4%
Silver GullChroicocephalus novaehollandiaeCharadriiformesLaridae (Gulls, Terns, and Skimmers)
4%
Silvery-cheeked HornbillBycanistes brevisBucerotiformesBucerotidae (Hornbills)
4%
Silvery GrebePodiceps occipitalisPodicipediformesPodicipedidae (Grebes)
4%
Slate-colored CootFulica ardesiacaGruiformesRallidae (Rails, Gallinules, and Coots)
4%
Slaty-backed GullLarus schistisagusCharadriiformesLaridae (Gulls, Terns, and Skimmers)
4%
Slaty-breasted TinamouCrypturellus boucardiTinamiformesTinamidae (Tinamous)
4%
Slaty EgretEgretta vinaceigulaPelecaniformesArdeidae (Herons, Egrets, and Bitterns)
4%
Slender-billed CurlewNumenius tenuirostrisCharadriiformesScolopacidae (Sandpipers and Allies)
4%
Slender-billed PrionPachyptila belcheriProcellariiformesProcellariidae (Shearwaters and Petrels)
4%
Smooth-billed AniCrotophaga aniCuculiformesCuculidae (Cuckoos)
4%
SnowcapMicrochera albocoronataCaprimulgiformesTrochilidae (Hummingbirds)
4%
Snowy SheathbillChionis albusCharadriiformesChionidae (Sheathbills)
4%
Sooty GrouseDendragapus fuliginosusGalliformesPhasianidae (Pheasants, Grouse, and Allies)
4%
Sooty OystercatcherHaematopus fuliginosusCharadriiformesHaematopodidae (Oystercatchers)
4%
South American TernSterna hirundinaceaCharadriiformesLaridae (Gulls, Terns, and Skimmers)
4%
Southern BoobookNinox boobookStrigiformesStrigidae (Owls)
4%
Southern Emerald-ToucanetAulacorhynchus albivittaPiciformesRamphastidae (Toucans)
4%
Southern FulmarFulmarus glacialoidesProcellariiformesProcellariidae (Shearwaters and Petrels)
4%
Southern LapwingVanellus chilensisCharadriiformesCharadriidae (Plovers and Lapwings)
4%
Southern Red-billed HornbillTockus rufirostrisBucerotiformesBucerotidae (Hornbills)
4%
Southern Yellow-billed HornbillTockus leucomelasBucerotiformesBucerotidae (Hornbills)
4%
South Island TakahePorphyrio hochstetteriGruiformesRallidae (Rails, Gallinules, and Coots)
4%
South Polar SkuaStercorarius maccormickiCharadriiformesStercorariidae (Skuas and Jaegers)
4%
Sparkling VioletearColibri coruscansCaprimulgiformesTrochilidae (Hummingbirds)
4%
Speckled MousebirdColius striatusColiiformesColiidae (Mousebirds)
4%
Spectacled DuckSpeculanas specularisAnseriformesAnatidae (Ducks, Geese, and Waterfowl)
4%
Spectacled OwlPulsatrix perspicillataStrigiformesStrigidae (Owls)
4%
Spoon-billed SandpiperCalidris pygmaeaCharadriiformesScolopacidae (Sandpipers and Allies)
4%
Spot-backed PuffbirdNystalus maculatusGalbuliformesBucconidae (Puffbirds)
4%
Spotted Thick-kneeBurhinus capensisCharadriiformesBurhinidae (Thick-knees)
4%
Spotted Whistling-DuckDendrocygna guttataAnseriformesAnatidae (Ducks, Geese, and Waterfowl)
4%
Squatter PigeonGeophaps scriptaColumbiformesColumbidae (Pigeons and Doves)
4%
Squirrel CuckooPiaya cayanaCuculiformesCuculidae (Cuckoos)
4%
Sri Lanka JunglefowlGallus lafayettiiGalliformesPhasianidae (Pheasants, Grouse, and Allies)
4%
Standard-winged NightjarCaprimulgus longipennisCaprimulgiformesCaprimulgidae (Nightjars and Allies)
4%
Steppe EagleAquila nipalensisAccipitriformesAccipitridae (Hawks, Eagles, and Kites)
4%
Stork-billed KingfisherPelargopsis capensisCoraciiformesAlcedinidae (Kingfishers)
4%
Storm's StorkCiconia stormiCiconiiformesCiconiidae (Storks)
4%
Straw-necked IbisThreskiornis spinicollisPelecaniformesThreskiornithidae (Ibises and Spoonbills)
4%
Striped KingfisherHalcyon chelicutiCoraciiformesAlcedinidae (Kingfishers)
4%
Sulu HornbillAnthracoceros montaniBucerotiformesBucerotidae (Hornbills)
4%
Sumatran Ground-CuckooCarpococcyx viridisCuculiformesCuculidae (Cuckoos)
4%
Sunda Collared-DoveStreptopelia bitorquataColumbiformesColumbidae (Pigeons and Doves)
4%
Sunda TealAnas gibberifronsAnseriformesAnatidae (Ducks, Geese, and Waterfowl)
4%
Sun ParakeetAratinga solstitialisPsittaciformesPsittacidae (New World and African Parrots)
4%
Superb Fruit-DovePtilinopus superbusColumbiformesColumbidae (Pigeons and Doves)
4%
Swallow-tailed GullCreagrus furcatusCharadriiformesLaridae (Gulls, Terns, and Skimmers)
4%
Swallow-tailed NightjarUropsalis segmentataCaprimulgiformesCaprimulgidae (Nightjars and Allies)
4%
Swallow-winged PuffbirdChelidoptera tenebrosaGalbuliformesBucconidae (Puffbirds)
4%
Swinhoe's PheasantLophura swinhoiiGalliformesPhasianidae (Pheasants, Grouse, and Allies)
4%
Syrian WoodpeckerDendrocopos syriacusPiciformesPicidae (Woodpeckers)
4%
Taczanowski's TinamouNothoprocta taczanowskiiTinamiformesTinamidae (Tinamous)
4%
Tambourine DoveTurtur tympanistriaColumbiformesColumbidae (Pigeons and Doves)
4%
Tataupa TinamouCrypturellus tataupaTinamiformesTinamidae (Tinamous)
4%
Tawny FrogmouthPodargus strigoidesCaprimulgiformesPodargidae (Frogmouths)
4%
Temminck's StintCalidris temminckiiCharadriiformesScolopacidae (Sandpipers and Allies)
4%
Temminck's TragopanTragopan temminckiiGalliformesPhasianidae (Pheasants, Grouse, and Allies)
4%
Thick-billed ParrotRhynchopsitta pachyrhynchaPsittaciformesPsittacidae (New World and African Parrots)
4%
Thicket TinamouCrypturellus cinnamomeusTinamiformesTinamidae (Tinamous)
4%
Tiny HawkAccipiter superciliosusAccipitriformesAccipitridae (Hawks, Eagles, and Kites)
4%
Titicaca GrebeRollandia micropteraPodicipediformesPodicipedidae (Grebes)
4%
Topknot PigeonLopholaimus antarcticusColumbiformesColumbidae (Pigeons and Doves)
4%
Torresian Imperial-PigeonDucula spilorrhoaColumbiformesColumbidae (Pigeons and Doves)
4%
Trocaz PigeonColumba trocazColumbiformesColumbidae (Pigeons and Doves)
4%
Tyrian MetaltailMetallura tyrianthinaCaprimulgiformesTrochilidae (Hummingbirds)
4%
Undulated TinamouCrypturellus undulatusTinamiformesTinamidae (Tinamous)
4%
Unspotted Saw-whet OwlAegolius ridgwayiStrigiformesStrigidae (Owls)
4%
Ural OwlStrix uralensisStrigiformesStrigidae (Owls)
4%
Velvet-purple CoronetBoissonneaua jardiniCaprimulgiformesTrochilidae (Hummingbirds)
4%
Verreaux's EagleAquila verreauxiiAccipitriformesAccipitridae (Hawks, Eagles, and Kites)
4%
Verreaux's Eagle-OwlBubo lacteusStrigiformesStrigidae (Owls)
4%
Victoria Crowned-PigeonGoura victoriaColumbiformesColumbidae (Pigeons and Doves)
4%
Violet SabrewingCampylopterus hemileucurusCaprimulgiformesTrochilidae (Hummingbirds)
4%
Violet-tailed SylphAglaiocercus coelestisCaprimulgiformesTrochilidae (Hummingbirds)
4%
Violet TuracoMusophaga violaceaMusophagiformesMusophagidae (Turacos)
4%
Viridian MetaltailMetallura williamiCaprimulgiformesTrochilidae (Hummingbirds)
4%
Visayan HornbillPenelopides paniniBucerotiformesBucerotidae (Hornbills)
4%
Wahlberg's EagleHieraaetus wahlbergiAccipitriformesAccipitridae (Hawks, Eagles, and Kites)
4%
Wandering TattlerTringa incanaCharadriiformesScolopacidae (Sandpipers and Allies)
4%
Water Thick-kneeBurhinus vermiculatusCharadriiformesBurhinidae (Thick-knees)
4%
Wattled CurassowCrax globulosaGalliformesCracidae (Guans, Chachalacas, and Curassows)
4%
Wattled JacanaJacana jacanaCharadriiformesJacanidae (Jacanas)
4%
Waved AlbatrossPhoebastria irrorataProcellariiformesDiomedeidae (Albatrosses)
4%
West African Crested TernThalasseus albididorsalisCharadriiformesLaridae (Gulls, Terns, and Skimmers)
4%
Western CapercaillieTetrao urogallusGalliformesPhasianidae (Pheasants, Grouse, and Allies)
4%
Western Crowned-PigeonGoura cristataColumbiformesColumbidae (Pigeons and Doves)
4%
Western Plantain-eaterCrinifer piscatorMusophagiformesMusophagidae (Turacos)
4%
Western RosellaPlatycercus icterotisPsittaciformesPsittaculidae (Old World Parrots)
4%
Western TragopanTragopan melanocephalusGalliformesPhasianidae (Pheasants, Grouse, and Allies)
4%
West Mexican ChachalacaOrtalis poliocephalaGalliformesCracidae (Guans, Chachalacas, and Curassows)
4%
West Peruvian DoveZenaida melodaColumbiformesColumbidae (Pigeons and Doves)
4%
Whistling HeronSyrigma sibilatrixPelecaniformesArdeidae (Herons, Egrets, and Bitterns)
4%
Whistling KiteHaliastur sphenurusAccipitriformesAccipitridae (Hawks, Eagles, and Kites)
4%
White-backed Night-HeronGorsachius leuconotusPelecaniformesArdeidae (Herons, Egrets, and Bitterns)
4%
White-bellied BustardEupodotis senegalensisOtidiformesOtididae (Bustards)
4%
White-bellied Sea-EagleHaliaeetus leucogasterAccipitriformesAccipitridae (Hawks, Eagles, and Kites)
4%
White-cheeked TuracoTauraco leucotisMusophagiformesMusophagidae (Turacos)
4%
White-crowned HornbillBerenicornis comatusBucerotiformesBucerotidae (Hornbills)
4%
White-crowned ParrotPionus senilisPsittaciformesPsittacidae (New World and African Parrots)
4%
White-crowned PigeonPatagioenas leucocephalaColumbiformesColumbidae (Pigeons and Doves)
4%
White-eyed BuzzardButastur teesaAccipitriformesAccipitridae (Hawks, Eagles, and Kites)
4%
White-faced HeronEgretta novaehollandiaePelecaniformesArdeidae (Herons, Egrets, and Bitterns)
4%
White-fronted PloverCharadrius marginatusCharadriiformesCharadriidae (Plovers and Lapwings)
4%
White HawkPseudastur albicollisAccipitriformesAccipitridae (Hawks, Eagles, and Kites)
4%
White-headed PigeonColumba leucomelaColumbiformesColumbidae (Pigeons and Doves)
4%
White-headed VultureTrigonoceps occipitalisAccipitriformesAccipitridae (Hawks, Eagles, and Kites)
4%
White-throated KingfisherHalcyon smyrnensisCoraciiformesAlcedinidae (Kingfishers)
4%
White-throated NeedletailHirundapus caudacutusCaprimulgiformesApodidae (Swifts)
4%
White-tipped DoveLeptotila verreauxiColumbiformesColumbidae (Pigeons and Doves)
4%
White-tufted GrebeRollandia rollandPodicipediformesPodicipedidae (Grebes)
4%
White-winged DuckAsarcornis scutulataAnseriformesAnatidae (Ducks, Geese, and Waterfowl)
4%
White-winged NightjarEleothreptus candicansCaprimulgiformesCaprimulgidae (Nightjars and Allies)
4%
Williamson's SapsuckerSphyrapicus thyroideusPiciformesPicidae (Woodpeckers)
4%
Woolly-necked StorkCiconia episcopusCiconiiformesCiconiidae (Storks)
4%
Wreathed HornbillRhyticeros undulatusBucerotiformesBucerotidae (Hornbills)
4%
Wrinkled HornbillRhabdotorrhinus corrugatusBucerotiformesBucerotidae (Hornbills)
4%
Yellow-billed DuckAnas undulataAnseriformesAnatidae (Ducks, Geese, and Waterfowl)
4%
Yellow-billed SpoonbillPlatalea flavipesPelecaniformesThreskiornithidae (Ibises and Spoonbills)
4%
Yellow-billed TernSternula superciliarisCharadriiformesLaridae (Gulls, Terns, and Skimmers)
4%
Yellow-collared LovebirdAgapornis personatusPsittaciformesPsittaculidae (Old World Parrots)
4%
Yellow-knobbed CurassowCrax daubentoniGalliformesCracidae (Guans, Chachalacas, and Curassows)
4%
Yellow-legged TinamouCrypturellus noctivagusTinamiformesTinamidae (Tinamous)
4%
Yellow-nosed AlbatrossThalassarche chlororhynchosProcellariiformesDiomedeidae (Albatrosses)
4%
Zenaida DoveZenaida auritaColumbiformesColumbidae (Pigeons and Doves)
4%
Abyssinian NightjarCaprimulgus poliocephalusCaprimulgiformesCaprimulgidae (Nightjars and Allies)
0%
Abyssinian OwlAsio abyssinicusStrigiformesStrigidae (Owls)
0%
Abyssinian RollerCoracias abyssinicusCoraciiformesCoraciidae (Rollers)
0%
Abyssinian ScimitarbillRhinopomastus minorBucerotiformesPhoeniculidae (Woodhoopoes and Scimitarbills)
0%
Abyssinian WoodpeckerChloropicus abyssinicusPiciformesPicidae (Woodpeckers)
0%
Adamawa Turtle-DoveStreptopelia hypopyrrhaColumbiformesColumbidae (Pigeons and Doves)
0%
Afep PigeonColumba unicinctaColumbiformesColumbidae (Pigeons and Doves)
0%
African Barred OwletGlaucidium capenseStrigiformesStrigidae (Owls)
0%
African CrakeCrex egregiaGruiformesRallidae (Rails, Gallinules, and Coots)
0%
African CuckooCuculus gularisCuculiformesCuculidae (Cuckoos)
0%
African Cuckoo-HawkAviceda cuculoidesAccipitriformesAccipitridae (Hawks, Eagles, and Kites)
0%
African Dwarf KingfisherIspidina leconteiCoraciiformesAlcedinidae (Kingfishers)
0%
African Grass-OwlTyto capensisStrigiformesTytonidae (Barn-Owls)
0%
African Gray HornbillLophoceros nasutusBucerotiformesBucerotidae (Hornbills)
0%
African Gray WoodpeckerChloropicus goertaePiciformesPicidae (Woodpeckers)
0%
African Harrier-HawkPolyboroides typusAccipitriformesAccipitridae (Hawks, Eagles, and Kites)
0%
African Hawk-EagleAquila spilogasterAccipitriformesAccipitridae (Hawks, Eagles, and Kites)
0%
African HobbyFalco cuvieriiFalconiformesFalconidae (Falcons and Caracaras)
0%
African Marsh-HarrierCircus ranivorusAccipitriformesAccipitridae (Hawks, Eagles, and Kites)
0%
African OystercatcherHaematopus moquiniCharadriiformesHaematopodidae (Oystercatchers)
0%
African Palm-SwiftCypsiurus parvusCaprimulgiformesApodidae (Swifts)
0%
African PiculetVerreauxia africanaPiciformesPicidae (Woodpeckers)
0%
African Pied HornbillLophoceros fasciatusBucerotiformesBucerotidae (Hornbills)
0%
African RailRallus caerulescensGruiformesRallidae (Rails, Gallinules, and Coots)
0%
African Scops-OwlOtus senegalensisStrigiformesStrigidae (Owls)
0%
African SkimmerRynchops flavirostrisCharadriiformesLaridae (Gulls, Terns, and Skimmers)
0%
African SwamphenPorphyrio madagascariensisGruiformesRallidae (Rails, Gallinules, and Coots)
0%
African SwiftApus barbatusCaprimulgiformesApodidae (Swifts)
0%
African Wood-OwlStrix woodfordiiStrigiformesStrigidae (Owls)
0%
Ahanta FrancolinPternistis ahantensisGalliformesPhasianidae (Pheasants, Grouse, and Allies)
0%
Ainley's Storm-PetrelHydrobates cheimomnestesProcellariiformesHydrobatidae (Northern Storm-Petrels)
0%
Akun Eagle-OwlBubo leucostictusStrigiformesStrigidae (Owls)
0%
Alagoas CurassowMitu mituGalliformesCracidae (Guans, Chachalacas, and Curassows)
0%
Alaotra GrebeTachybaptus rufolavatusPodicipediformesPodicipedidae (Grebes)
0%
Albertine OwletGlaucidium albertinumStrigiformesStrigidae (Owls)
0%
Alexander's SwiftApus alexandriCaprimulgiformesApodidae (Swifts)
0%
Alexandrine ParakeetPsittacula eupatriaPsittaciformesPsittaculidae (Old World Parrots)
0%
Alor BoobookNinox plesseniStrigiformesStrigidae (Owls)
0%
Altai SnowcockTetraogallus altaicusGalliformesPhasianidae (Pheasants, Grouse, and Allies)
0%
Amami WoodcockScolopax miraCharadriiformesScolopacidae (Sandpipers and Allies)
0%
Amazilia HummingbirdAmazilis amaziliaCaprimulgiformesTrochilidae (Hummingbirds)
0%
Amazonian MotmotMomotus momotaCoraciiformesMomotidae (Motmots)
0%
Amazonian ParrotletNannopsittaca dachilleaePsittaciformesPsittacidae (New World and African Parrots)
0%
Amazonian Pygmy-OwlGlaucidium hardyiStrigiformesStrigidae (Owls)
0%
Amazonian TrogonTrogon ramonianusTrogoniformesTrogonidae (Trogons)
0%
Amboyna Cuckoo-DoveMacropygia amboinensisColumbiformesColumbidae (Pigeons and Doves)
0%
Ameline SwiftletAerodramus amelisCaprimulgiformesApodidae (Swifts)
0%
Amethyst Brown-DovePhapitreron amethystinusColumbiformesColumbidae (Pigeons and Doves)
0%
Amethyst-throated Mountain-gemLampornis amethystinusCaprimulgiformesTrochilidae (Hummingbirds)
0%
Amethyst-throated SunangelHeliangelus amethysticollisCaprimulgiformesTrochilidae (Hummingbirds)
0%
Amethyst WoodstarCalliphlox amethystinaCaprimulgiformesTrochilidae (Hummingbirds)
0%
Amsterdam DuckMareca mareculaAnseriformesAnatidae (Ducks, Geese, and Waterfowl)
0%
Amur FalconFalco amurensisFalconiformesFalconidae (Falcons and Caracaras)
0%
Anchieta's BarbetStactolaema anchietaePiciformesLybiidae (African Barbets)
0%
Ancient MurreletSynthliboramphus antiquusCharadriiformesAlcidae (Auks, Murres, and Puffins)
0%
Andaman BoobookNinox affinisStrigiformesStrigidae (Owls)
0%
Andaman CoucalCentropus andamanensisCuculiformesCuculidae (Cuckoos)
0%
Andaman CrakeRallina canningiGruiformesRallidae (Rails, Gallinules, and Coots)
0%
Andaman Cuckoo-DoveMacropygia rufipennisColumbiformesColumbidae (Pigeons and Doves)
0%
Andaman Green-PigeonTreron chloropterusColumbiformesColumbidae (Pigeons and Doves)
0%
Andaman Masked-OwlTyto deroepstorffiStrigiformesTytonidae (Barn-Owls)
0%
Andaman NightjarCaprimulgus andamanicusCaprimulgiformesCaprimulgidae (Nightjars and Allies)
0%
Andaman Scops-OwlOtus balliStrigiformesStrigidae (Owls)
0%
Andaman Serpent-EagleSpilornis elginiAccipitriformesAccipitridae (Hawks, Eagles, and Kites)
0%
Andaman WoodpeckerDryocopus hodgeiPiciformesPicidae (Woodpeckers)
0%
Andaman Wood-PigeonColumba palumboidesColumbiformesColumbidae (Pigeons and Doves)
0%
Andean AvocetRecurvirostra andinaCharadriiformesRecurvirostridae (Stilts and Avocets)
0%
Andean EmeraldUranomitra franciaeCaprimulgiformesTrochilidae (Hummingbirds)
0%
Andean FlickerColaptes rupicolaPiciformesPicidae (Woodpeckers)
0%
Andean HillstarOreotrochilus estellaCaprimulgiformesTrochilidae (Hummingbirds)
0%
Andean IbisTheristicus branickiiPelecaniformesThreskiornithidae (Ibises and Spoonbills)
0%
Andean LapwingVanellus resplendensCharadriiformesCharadriidae (Plovers and Lapwings)
0%
Andean MotmotMomotus aequatorialisCoraciiformesMomotidae (Motmots)
0%
Andean ParakeetBolborhynchus orbygnesiusPsittaciformesPsittacidae (New World and African Parrots)
0%
Andean PotooNyctibius maculosusCaprimulgiformesNyctibiidae (Potoos)
0%
Andean Pygmy-OwlGlaucidium jardiniiStrigiformesStrigidae (Owls)
0%
Andean SwiftAeronautes andecolusCaprimulgiformesApodidae (Swifts)
0%
Andean TinamouNothoprocta pentlandiiTinamiformesTinamidae (Tinamous)
0%
Anjouan Scops-OwlOtus capnodesStrigiformesStrigidae (Owls)
0%
Antarctic PetrelThalassoica antarcticaProcellariiformesProcellariidae (Shearwaters and Petrels)
0%
Antarctic ShagLeucocarbo bransfieldensisSuliformesPhalacrocoracidae (Cormorants and Shags)
0%
Antillean Crested HummingbirdOrthorhyncus cristatusCaprimulgiformesTrochilidae (Hummingbirds)
0%
Antillean MangoAnthracothorax dominicusCaprimulgiformesTrochilidae (Hummingbirds)
0%
Antillean NighthawkChordeiles gundlachiiCaprimulgiformesCaprimulgidae (Nightjars and Allies)
0%
Antillean Palm-SwiftTachornis phoenicobiaCaprimulgiformesApodidae (Swifts)
0%
Antillean PiculetNesoctites micromegasPiciformesPicidae (Woodpeckers)
0%
Antipodes ParakeetCyanoramphus unicolorPsittaciformesPsittaculidae (Old World Parrots)
0%
Arabian Eagle-OwlBubo milesiStrigiformesStrigidae (Owls)
0%
Arabian PartridgeAlectoris melanocephalaGalliformesPhasianidae (Pheasants, Grouse, and Allies)
0%
Arabian Scops-OwlOtus pamelaeStrigiformesStrigidae (Owls)
0%
Arabian WoodpeckerDendrocoptes doraePiciformesPicidae (Woodpeckers)
0%
Archbold's NightjarEurostopodus archboldiCaprimulgiformesCaprimulgidae (Nightjars and Allies)
0%
Archbold's Owlet-nightjarAegotheles archboldiCaprimulgiformesAegothelidae (Owlet-nightjars)
0%
Archer's BuzzardButeo archeriAccipitriformesAccipitridae (Hawks, Eagles, and Kites)
0%
Arizona WoodpeckerDryobates arizonaePiciformesPicidae (Woodpeckers)
0%
Arrowhead PiculetPicumnus minutissimusPiciformesPicidae (Woodpeckers)
0%
Ascension CrakeMundia elpenorGruiformesRallidae (Rails, Gallinules, and Coots)
0%
Ascension FrigatebirdFregata aquilaSuliformesFregatidae (Frigatebirds)
0%
Ash-colored CuckooCoccycua cinereaCuculiformesCuculidae (Cuckoos)
0%
Ashy-faced OwlTyto glaucopsStrigiformesTytonidae (Barn-Owls)
0%
Ashy-headed Green-PigeonTreron phayreiColumbiformesColumbidae (Pigeons and Doves)
0%
Ashy Storm-PetrelHydrobates homochroaProcellariiformesHydrobatidae (Northern Storm-Petrels)
0%
Ashy-tailed SwiftChaetura andreiCaprimulgiformesApodidae (Swifts)
0%
Ashy WoodpeckerMulleripicus fulvusPiciformesPicidae (Woodpeckers)
0%
Ashy Wood-PigeonColumba pulchricollisColumbiformesColumbidae (Pigeons and Doves)
0%
Asian Barred OwletGlaucidium cuculoidesStrigiformesStrigidae (Owls)
0%
Asian Palm-SwiftCypsiurus balasiensisCaprimulgiformesApodidae (Swifts)
0%
Atitlan GrebePodilymbus gigasPodicipediformesPodicipedidae (Grebes)
0%
Atiu SwiftletAerodramus sawtelliCaprimulgiformesApodidae (Swifts)
0%
Atoll Fruit-DovePtilinopus coralensisColumbiformesColumbidae (Pigeons and Doves)
0%
Auckland Islands RailLewinia muelleriGruiformesRallidae (Rails, Gallinules, and Coots)
0%
Auckland Islands ShagLeucocarbo colensoiSuliformesPhalacrocoracidae (Cormorants and Shags)
0%
Auckland Islands TealAnas aucklandicaAnseriformesAnatidae (Ducks, Geese, and Waterfowl)
0%
Audouin's GullIchthyaetus audouiniiCharadriiformesLaridae (Gulls, Terns, and Skimmers)
0%
Audubon's ShearwaterPuffinus lherminieriProcellariiformesProcellariidae (Shearwaters and Petrels)
0%
Augur BuzzardButeo augurAccipitriformesAccipitridae (Hawks, Eagles, and Kites)
0%
Australasian BitternBotaurus poiciloptilusPelecaniformesArdeidae (Herons, Egrets, and Bitterns)
0%
Australasian Grass-OwlTyto longimembrisStrigiformesTytonidae (Barn-Owls)
0%
Australasian GrebeTachybaptus novaehollandiaePodicipediformesPodicipedidae (Grebes)
0%
Australasian SwamphenPorphyrio melanotusGruiformesRallidae (Rails, Gallinules, and Coots)
0%
Australian CrakePorzana flumineaGruiformesRallidae (Rails, Gallinules, and Coots)
0%
Australian Fairy TernSternula nereisCharadriiformesLaridae (Gulls, Terns, and Skimmers)
0%
Australian HobbyFalco longipennisFalconiformesFalconidae (Falcons and Caracaras)
0%
Australian IbisThreskiornis moluccaPelecaniformesThreskiornithidae (Ibises and Spoonbills)
0%
Australian King-ParrotAlisterus scapularisPsittaciformesPsittaculidae (Old World Parrots)
0%
Australian Masked-OwlTyto novaehollandiaeStrigiformesTytonidae (Barn-Owls)
0%
Australian Owlet-nightjarAegotheles cristatusCaprimulgiformesAegothelidae (Owlet-nightjars)
0%
Australian Painted-SnipeRostratula australisCharadriiformesRostratulidae (Painted-Snipes)
0%
Australian PratincoleStiltia isabellaCharadriiformesGlareolidae (Pratincoles and Coursers)
0%
Australian RingneckBarnardius zonariusPsittaciformesPsittaculidae (Old World Parrots)
0%
Australian SwiftletAerodramus terraereginaeCaprimulgiformesApodidae (Swifts)
0%
Austral ParakeetEnicognathus ferrugineusPsittaciformesPsittacidae (New World and African Parrots)
0%
Austral Pygmy-OwlGlaucidium nanaStrigiformesStrigidae (Owls)
0%
Austral RailRallus antarcticusGruiformesRallidae (Rails, Gallinules, and Coots)
0%
Ayres's Hawk-EagleHieraaetus ayresiiAccipitriformesAccipitridae (Hawks, Eagles, and Kites)
0%
Aztec RailRallus tenuirostrisGruiformesRallidae (Rails, Gallinules, and Coots)
0%
Azure-crowned HummingbirdSaucerottia cyanocephalaCaprimulgiformesTrochilidae (Hummingbirds)
0%
Azure GallinulePorphyrio flavirostrisGruiformesRallidae (Rails, Gallinules, and Coots)
0%
Azure RollerEurystomus azureusCoraciiformesCoraciidae (Rollers)
0%
Azure-rumped ParrotTanygnathus sumatranusPsittaciformesPsittaculidae (Old World Parrots)
0%
Bahama WoodstarNesophlox evelynaeCaprimulgiformesTrochilidae (Hummingbirds)
0%
Bahian NighthawkNyctiprogne vielliardiCaprimulgiformesCaprimulgidae (Nightjars and Allies)
0%
Baillon's CrakeZapornia pusillaGruiformesRallidae (Rails, Gallinules, and Coots)
0%
Baker's Imperial-PigeonDucula bakeriColumbiformesColumbidae (Pigeons and Doves)
0%
Bald ParrotPyrilia aurantiocephalaPsittaciformesPsittacidae (New World and African Parrots)
0%
Balearic ShearwaterPuffinus mauretanicusProcellariiformesProcellariidae (Shearwaters and Petrels)
0%
Balsas Screech-OwlMegascops seductusStrigiformesStrigidae (Owls)
0%
Bamboo WoodpeckerGecinulus viridisPiciformesPicidae (Woodpeckers)
0%
Band-bellied CrakeZapornia paykulliiGruiformesRallidae (Rails, Gallinules, and Coots)
0%
Band-bellied OwlPulsatrix melanotaStrigiformesStrigidae (Owls)
0%
Banded BarbetLybius undatusPiciformesLybiidae (African Barbets)
0%
Banded Bay CuckooCacomantis sonneratiiCuculiformesCuculidae (Cuckoos)
0%
Banded KestrelFalco zoniventrisFalconiformesFalconidae (Falcons and Caracaras)
0%
Banded KingfisherLacedo pulchellaCoraciiformesAlcedinidae (Kingfishers)
0%
Banded LapwingVanellus tricolorCharadriiformesCharadriidae (Plovers and Lapwings)
0%
Banded QuailPhilortyx fasciatusGalliformesOdontophoridae (New World Quail)
0%
Banded Snake-EagleCircaetus cinerascensAccipitriformesAccipitridae (Hawks, Eagles, and Kites)
0%
Banded StiltCladorhynchus leucocephalusCharadriiformesRecurvirostridae (Stilts and Avocets)
0%
Banded WoodpeckerChrysophlegma miniaceumPiciformesPicidae (Woodpeckers)
0%
Band-rumped Storm-PetrelHydrobates castroProcellariiformesHydrobatidae (Northern Storm-Petrels)
0%
Band-rumped SwiftChaetura spinicaudusCaprimulgiformesApodidae (Swifts)
0%
Band-tailed BarbthroatThrenetes ruckeriCaprimulgiformesTrochilidae (Hummingbirds)
0%
Band-tailed GuanPenelope argyrotisGalliformesCracidae (Guans, Chachalacas, and Curassows)
0%
Band-tailed NighthawkNyctiprogne leucopygaCaprimulgiformesCaprimulgidae (Nightjars and Allies)
0%
Band-winged NightjarSystellura longirostrisCaprimulgiformesCaprimulgidae (Nightjars and Allies)
0%
Banggai Fruit-DovePtilinopus subgularisColumbiformesColumbidae (Pigeons and Doves)
0%
Bannerman's ShearwaterPuffinus bannermaniProcellariiformesProcellariidae (Shearwaters and Petrels)
0%
Bannerman's TuracoTauraco bannermaniMusophagiformesMusophagidae (Turacos)
0%
Barau's PetrelPterodroma barauiProcellariiformesProcellariidae (Shearwaters and Petrels)
0%
Bar-backed PartridgeArborophila brunneopectusGalliformesPhasianidae (Pheasants, Grouse, and Allies)
0%
Barbary PartridgeAlectoris barbaraGalliformesPhasianidae (Pheasants, Grouse, and Allies)
0%
Bar-bellied WoodpeckerDryobates nigricepsPiciformesPicidae (Woodpeckers)
0%
Bar-breasted PiculetPicumnus aurifronsPiciformesPicidae (Woodpeckers)
0%
Bare-cheeked TrogonApaloderma aequatorialeTrogoniformesTrogonidae (Trogons)
0%
Bare-eyed Ground DoveMetriopelia morenoiColumbiformesColumbidae (Pigeons and Doves)
0%
Bare-eyed PigeonPatagioenas corensisColumbiformesColumbidae (Pigeons and Doves)
0%
Bare-eyed RailGymnocrex plumbeiventrisGruiformesRallidae (Rails, Gallinules, and Coots)
0%
Bare-faced CurassowCrax fasciolataGalliformesCracidae (Guans, Chachalacas, and Curassows)
0%
Bare-faced Ground DoveMetriopelia ceciliaeColumbiformesColumbidae (Pigeons and Doves)
0%
Bare-faced IbisPhimosus infuscatusPelecaniformesThreskiornithidae (Ibises and Spoonbills)
0%
Bare-legged OwlMargarobyas lawrenciiStrigiformesStrigidae (Owls)
0%
Bare-legged SwiftletAerodramus nuditarsusCaprimulgiformesApodidae (Swifts)
0%
Bare-shanked Screech-OwlMegascops clarkiiStrigiformesStrigidae (Owls)
0%
Barking OwlNinox connivensStrigiformesStrigidae (Owls)
0%
Barolo ShearwaterPuffinus baroliProcellariiformesProcellariidae (Shearwaters and Petrels)
0%
Barred ButtonquailTurnix suscitatorCharadriiformesTurnicidae (Buttonquail)
0%
Barred Cuckoo-DoveMacropygia unchallColumbiformesColumbidae (Pigeons and Doves)
0%
Barred DoveGeopelia maugeusColumbiformesColumbidae (Pigeons and Doves)
0%
Barred Forest-FalconMicrastur ruficollisFalconiformesFalconidae (Falcons and Caracaras)
0%
Barred HawkMorphnarchus princepsAccipitriformesAccipitridae (Hawks, Eagles, and Kites)
0%
Barred Long-tailed CuckooCercococcyx montanusCuculiformesCuculidae (Cuckoos)
0%
Barred Owlet-nightjarAegotheles bennettiiCaprimulgiformesAegothelidae (Owlet-nightjars)
0%
Barred ParakeetBolborhynchus lineolaPsittaciformesPsittacidae (New World and African Parrots)
0%
Barred PuffbirdNystalus radiatusGalbuliformesBucconidae (Puffbirds)
0%
Barred RailGallirallus torquatusGruiformesRallidae (Rails, Gallinules, and Coots)
0%
Barred TinamouCrypturellus casiquiareTinamiformesTinamidae (Tinamous)
0%
Bar-shouldered DoveGeopelia humeralisColumbiformesColumbidae (Pigeons and Doves)
0%
Bar-tailed TrogonApaloderma vittatumTrogoniformesTrogonidae (Trogons)
0%
Bartlett's TinamouCrypturellus bartlettiTinamiformesTinamidae (Tinamous)
0%
Barusan Cuckoo-DoveMacropygia modiglianiiColumbiformesColumbidae (Pigeons and Doves)
0%
Bar-winged RailGallirallus poecilopterusGruiformesRallidae (Rails, Gallinules, and Coots)
0%
Bates's NightjarCaprimulgus batesiCaprimulgiformesCaprimulgidae (Nightjars and Allies)
0%
Bates's SwiftApus batesiCaprimulgiformesApodidae (Swifts)
0%
Bat FalconFalco rufigularisFalconiformesFalconidae (Falcons and Caracaras)
0%
Bat-like SpinetailNeafrapus boehmiCaprimulgiformesApodidae (Swifts)
0%
Baudin's Black-CockatooCalyptorhynchus baudiniiPsittaciformesCacatuidae (Cockatoos)
0%
Bay-breasted CuckooCoccyzus rufigularisCuculiformesCuculidae (Cuckoos)
0%
Bay CoucalCentropus celebensisCuculiformesCuculidae (Cuckoos)
0%
Bay WoodpeckerBlythipicus pyrrhotisPiciformesPicidae (Woodpeckers)
0%
Beach KingfisherTodiramphus saurophagusCoraciiformesAlcedinidae (Kingfishers)
0%
Beach Thick-kneeEsacus magnirostrisCharadriiformesBurhinidae (Thick-knees)
0%
Bearded BarbetLybius dubiusPiciformesLybiidae (African Barbets)
0%
Bearded GuanPenelope barbataGalliformesCracidae (Guans, Chachalacas, and Curassows)
0%
Bearded MountaineerOreonympha nobilisCaprimulgiformesTrochilidae (Hummingbirds)
0%
Bearded Screech-OwlMegascops barbarusStrigiformesStrigidae (Owls)
0%
Bearded Wood-PartridgeDendrortyx barbatusGalliformesOdontophoridae (New World Quail)
0%
Bearded WoodpeckerChloropicus namaquusPiciformesPicidae (Woodpeckers)
0%
Beaudouin's Snake-EagleCircaetus beaudouiniAccipitriformesAccipitridae (Hawks, Eagles, and Kites)
0%
Beautiful Fruit-DovePtilinopus pulchellusColumbiformesColumbidae (Pigeons and Doves)
0%
Beautiful HummingbirdCalothorax pulcherCaprimulgiformesTrochilidae (Hummingbirds)
0%
Beautiful WoodpeckerMelanerpes pulcherPiciformesPicidae (Woodpeckers)
0%
Beck's PetrelPseudobulweria beckiProcellariiformesProcellariidae (Shearwaters and Petrels)
0%
Belcher's GullLarus belcheriCharadriiformesLaridae (Gulls, Terns, and Skimmers)
0%
Bennett's WoodpeckerCampethera bennettiiPiciformesPicidae (Woodpeckers)
0%
Bermuda FlickerColaptes oceanicusPiciformesPicidae (Woodpeckers)
0%
Bermuda HawkBermuteo avivorusAccipitriformesAccipitridae (Hawks, Eagles, and Kites)
0%
Bermuda Night-HeronNyctanassa carcinocatactesPelecaniformesArdeidae (Herons, Egrets, and Bitterns)
0%
Bermuda PetrelPterodroma cahowProcellariiformesProcellariidae (Shearwaters and Petrels)
0%
Bermuda Saw-whet OwlAegolius gradyiStrigiformesStrigidae (Owls)
0%
Berylline HummingbirdSaucerottia beryllinaCaprimulgiformesTrochilidae (Hummingbirds)
0%
Biak CoucalCentropus chalybeusCuculiformesCuculidae (Cuckoos)
0%
Biak Paradise-KingfisherTanysiptera riedeliiCoraciiformesAlcedinidae (Kingfishers)
0%
Biak Scops-OwlOtus beccariiStrigiformesStrigidae (Owls)
0%
Biak ScrubfowlMegapodius geelvinkianusGalliformesMegapodiidae (Megapodes)
0%
Bicolored HawkAccipiter bicolorAccipitriformesAccipitridae (Hawks, Eagles, and Kites)
0%
Biscutate SwiftStreptoprocne biscutataCaprimulgiformesApodidae (Swifts)
0%
Bismarck BoobookNinox variegataStrigiformesStrigidae (Owls)
0%
Bismarck Imperial-PigeonDucula melanochroaColumbiformesColumbidae (Pigeons and Doves)
0%
Bismarck KingfisherCeyx websteriCoraciiformesAlcedinidae (Kingfishers)
0%
Black-and-buff WoodpeckerMeiglyptes jugularisPiciformesPicidae (Woodpeckers)
0%
Black-and-chestnut EagleSpizaetus isidoriAccipitriformesAccipitridae (Hawks, Eagles, and Kites)
0%
Black-and-white-casqued HornbillBycanistes subcylindricusBucerotiformesBucerotidae (Hornbills)
0%
Black-backed BarbetLybius minorPiciformesLybiidae (African Barbets)
0%
Black-backed BitternIxobrychus dubiusPelecaniformesArdeidae (Herons, Egrets, and Bitterns)
0%
Black-backed Dwarf-KingfisherCeyx erithacaCoraciiformesAlcedinidae (Kingfishers)
0%
Black-backed Fruit-DovePtilinopus cinctusColumbiformesColumbidae (Pigeons and Doves)
0%
Black-backed SwamphenPorphyrio indicusGruiformesRallidae (Rails, Gallinules, and Coots)
0%
Black-backed ThornbillRamphomicron dorsaleCaprimulgiformesTrochilidae (Hummingbirds)
0%
Black-banded BarbetPsilopogon javensisPiciformesMegalaimidae (Asian Barbets)
0%
Black-banded CrakeAnurolimnas fasciatusGruiformesRallidae (Rails, Gallinules, and Coots)
0%
Black-banded Fruit-DovePtilinopus alligatorColumbiformesColumbidae (Pigeons and Doves)
0%
Black-banded OwlCiccaba huhulaStrigiformesStrigidae (Owls)
0%
Black Bee-eaterMerops gularisCoraciiformesMeropidae (Bee-eaters)
0%
Black-bellied CuckooPiaya melanogasterCuculiformesCuculidae (Cuckoos)
0%
Black-bellied HummingbirdEupherusa nigriventrisCaprimulgiformesTrochilidae (Hummingbirds)
0%
Black-bellied MalkohaPhaenicophaeus diardiCuculiformesCuculidae (Cuckoos)
0%
Black-bellied SandgrousePterocles orientalisPterocliformesPteroclidae (Sandgrouse)
0%
Black-bellied Storm-PetrelFregetta tropicaProcellariiformesOceanitidae (Southern Storm-Petrels)
0%
Black-bellied TernSterna acuticaudaCharadriiformesLaridae (Gulls, Terns, and Skimmers)
0%
Black-bellied ThorntailDiscosura langsdorffiCaprimulgiformesTrochilidae (Hummingbirds)
0%
Black-billed BarbetLybius guifsobalitoPiciformesLybiidae (African Barbets)
0%
Black-billed Cuckoo-DoveMacropygia nigrirostrisColumbiformesColumbidae (Pigeons and Doves)
0%
Black-billed KoelEudynamys melanorhynchusCuculiformesCuculidae (Cuckoos)
0%
Black-billed ParrotAmazona agilisPsittaciformesPsittacidae (New World and African Parrots)
0%
Black-billed TuracoTauraco schuettiiMusophagiformesMusophagidae (Turacos)
0%
Black-billed Wood-DoveTurtur abyssinicusColumbiformesColumbidae (Pigeons and Doves)
0%
Black-billed WoodhoopoePhoeniculus somaliensisBucerotiformesPhoeniculidae (Woodhoopoes and Scimitarbills)
0%
Black-bodied WoodpeckerDryocopus schulziiPiciformesPicidae (Woodpeckers)
0%
Black-breasted BarbetLybius rolletiPiciformesLybiidae (African Barbets)
0%
Black-breasted ButtonquailTurnix melanogasterCharadriiformesTurnicidae (Buttonquail)
0%
Black-breasted HillstarOreotrochilus melanogasterCaprimulgiformesTrochilidae (Hummingbirds)
0%
Black-breasted KiteHamirostra melanosternonAccipitriformesAccipitridae (Hawks, Eagles, and Kites)
0%
Black-breasted PuffbirdNotharchus pectoralisGalbuliformesBucconidae (Puffbirds)
0%
Black-breasted PufflegEriocnemis nigrivestisCaprimulgiformesTrochilidae (Hummingbirds)
0%
Black-breasted Wood-QuailOdontophorus leucolaemusGalliformesOdontophoridae (New World Quail)
0%
Black-browed BarbetPsilopogon oortiPiciformesMegalaimidae (Asian Barbets)
0%
Black-capped KingfisherHalcyon pileataCoraciiformesAlcedinidae (Kingfishers)
0%
Black-capped LoryLorius loryPsittaciformesPsittaculidae (Old World Parrots)
0%
Black-capped Paradise-KingfisherTanysiptera nigricepsCoraciiformesAlcedinidae (Kingfishers)
0%
Black-capped ParakeetPyrrhura rupicolaPsittaciformesPsittacidae (New World and African Parrots)
0%
Black-capped Screech-OwlMegascops atricapillaStrigiformesStrigidae (Owls)
0%
Black-capped TinamouCrypturellus atrocapillusTinamiformesTinamidae (Tinamous)
0%
Black CaracaraDaptrius aterFalconiformesFalconidae (Falcons and Caracaras)
0%
Black-casqued HornbillCeratogymna atrataBucerotiformesBucerotidae (Hornbills)
0%
Black-cheeked LovebirdAgapornis nigrigenisPsittaciformesPsittaculidae (Old World Parrots)
0%
Black-cheeked WoodpeckerMelanerpes pucheraniPiciformesPicidae (Woodpeckers)
0%
Black-chested Snake-EagleCircaetus pectoralisAccipitriformesAccipitridae (Hawks, Eagles, and Kites)
0%
Black-chinned Fruit-DovePtilinopus leclancheriColumbiformesColumbidae (Pigeons and Doves)
0%
Black-collared BarbetLybius torquatusPiciformesLybiidae (African Barbets)
0%
Black-collared HawkBusarellus nigricollisAccipitriformesAccipitridae (Hawks, Eagles, and Kites)
0%
Black-collared LovebirdAgapornis swindernianusPsittaciformesPsittaculidae (Old World Parrots)
0%
Black CoucalCentropus grilliiCuculiformesCuculidae (Cuckoos)
0%
Black CuckooCuculus clamosusCuculiformesCuculidae (Cuckoos)
0%
Black Dwarf HornbillHorizocerus hartlaubiBucerotiformesBucerotidae (Hornbills)
0%
Black EagleIctinaetus malaiensisAccipitriformesAccipitridae (Hawks, Eagles, and Kites)
0%
Black-eared CuckooChrysococcyx osculansCuculiformesCuculidae (Cuckoos)
0%
Black-eared FairyHeliothryx auritusCaprimulgiformesTrochilidae (Hummingbirds)
0%
Black-eared Wood-QuailOdontophorus melanotisGalliformesOdontophoridae (New World Quail)
0%
Black-faced CormorantPhalacrocorax fuscescensSuliformesPhalacrocoracidae (Cormorants and Shags)
0%
Black-faced CoucalCentropus melanopsCuculiformesCuculidae (Cuckoos)
0%
Black-faced HawkLeucopternis melanopsAccipitriformesAccipitridae (Hawks, Eagles, and Kites)
0%
Black-faced SandgrousePterocles decoratusPterocliformesPteroclidae (Sandgrouse)
0%
Black-faced SheathbillChionis minorCharadriiformesChionidae (Sheathbills)
0%
Black-fronted DotterelElseyornis melanopsCharadriiformesCharadriidae (Plovers and Lapwings)
0%
Black-fronted FrancolinPternistis atrifronsGalliformesPhasianidae (Pheasants, Grouse, and Allies)
0%
Black-fronted NunbirdMonasa nigrifronsGalbuliformesBucconidae (Puffbirds)
0%
Black-fronted ParakeetCyanoramphus zealandicusPsittaciformesPsittaculidae (Old World Parrots)
0%
Black-fronted Piping-GuanPipile jacutingaGalliformesCracidae (Guans, Chachalacas, and Curassows)
0%
Black-fronted TernChlidonias albostriatusCharadriiformesLaridae (Gulls, Terns, and Skimmers)
0%
Black-fronted Wood-QuailOdontophorus atrifronsGalliformesOdontophoridae (New World Quail)
0%
Black-girdled BarbetCapito dayiPiciformesCapitonidae (New World Barbets)
0%
Black GoshawkAccipiter melanoleucusAccipitriformesAccipitridae (Hawks, Eagles, and Kites)
0%
Black HarrierCircus maurusAccipitriformesAccipitridae (Hawks, Eagles, and Kites)
0%
Black-headed Bee-eaterMerops breweriCoraciiformesMeropidae (Bee-eaters)
0%
Black-headed IbisThreskiornis melanocephalusPelecaniformesThreskiornithidae (Ibises and Spoonbills)
0%
Black-headed LapwingVanellus tectusCharadriiformesCharadriidae (Plovers and Lapwings)
0%
Black HeronEgretta ardesiacaPelecaniformesArdeidae (Herons, Egrets, and Bitterns)
0%
Black Honey-buzzardHenicopernis infuscatusAccipitriformesAccipitridae (Hawks, Eagles, and Kites)
0%
Black-hooded CoucalCentropus steeriiCuculiformesCuculidae (Cuckoos)
0%
Black-hooded SunbeamAglaeactis pamelaCaprimulgiformesTrochilidae (Hummingbirds)
0%
Black HornbillAnthracoceros malayanusBucerotiformesBucerotidae (Hornbills)
0%
Black IncaCoeligena prunelleiCaprimulgiformesTrochilidae (Hummingbirds)
0%
Blackish NightjarNyctipolus nigrescensCaprimulgiformesCaprimulgidae (Nightjars and Allies)
0%
Blackish OystercatcherHaematopus aterCharadriiformesHaematopodidae (Oystercatchers)
0%
Blackish RailPardirallus nigricansGruiformesRallidae (Rails, Gallinules, and Coots)
0%
Black JacobinFlorisuga fuscaCaprimulgiformesTrochilidae (Hummingbirds)
0%
Black-lored ParrotTanygnathus gramineusPsittaciformesPsittaculidae (Old World Parrots)
0%
Black LoryChalcopsitta atraPsittaciformesPsittaculidae (Old World Parrots)
0%
Black-mantled GoshawkAccipiter melanochlamysAccipitriformesAccipitridae (Hawks, Eagles, and Kites)
0%
Black MetaltailMetallura phoebeCaprimulgiformesTrochilidae (Hummingbirds)
0%
Black-naped Fruit-DovePtilinopus melanospilusColumbiformesColumbidae (Pigeons and Doves)
0%
Black-necked AracariPteroglossus aracariPiciformesRamphastidae (Toucans)
0%
Black-necked WoodpeckerColaptes atricollisPiciformesPicidae (Woodpeckers)
0%
Black-nest SwiftletAerodramus maximusCaprimulgiformesApodidae (Swifts)
0%
Black NunbirdMonasa atraGalbuliformesBucconidae (Puffbirds)
0%
Black PartridgeMelanoperdix nigerGalliformesPhasianidae (Pheasants, Grouse, and Allies)
0%
Black-rumped ButtonquailTurnix nanusCharadriiformesTurnicidae (Buttonquail)
0%
Black-rumped FlamebackDinopium benghalensePiciformesPicidae (Woodpeckers)
0%
Black ScimitarbillRhinopomastus aterrimusBucerotiformesPhoeniculidae (Woodhoopoes and Scimitarbills)
0%
Black-shouldered KiteElanus axillarisAccipitriformesAccipitridae (Hawks, Eagles, and Kites)
0%
Black-shouldered NightjarCaprimulgus nigriscapularisCaprimulgiformesCaprimulgidae (Nightjars and Allies)
0%
Blacksmith LapwingVanellus armatusCharadriiformesCharadriidae (Plovers and Lapwings)
0%
Black SpinetailTelacanthura melanopygiaCaprimulgiformesApodidae (Swifts)
0%
Black-spotted BarbetCapito nigerPiciformesCapitonidae (New World Barbets)
0%
Black StiltHimantopus novaezelandiaeCharadriiformesRecurvirostridae (Stilts and Avocets)
0%
Black Storm-PetrelHydrobates melaniaProcellariiformesHydrobatidae (Northern Storm-Petrels)
0%
Black-streaked PuffbirdMalacoptila fulvogularisGalbuliformesBucconidae (Puffbirds)
0%
Black-tailed CrakeZapornia bicolorGruiformesRallidae (Rails, Gallinules, and Coots)
0%
Black-tailed GodwitLimosa limosaCharadriiformesScolopacidae (Sandpipers and Allies)
0%
Black-tailed GullLarus crassirostrisCharadriiformesLaridae (Gulls, Terns, and Skimmers)
0%
Black-tailed NativehenTribonyx ventralisGruiformesRallidae (Rails, Gallinules, and Coots)
0%
Black-tailed TrogonTrogon melanurusTrogoniformesTrogonidae (Trogons)
0%
Black-thighed FalconetMicrohierax fringillariusFalconiformesFalconidae (Falcons and Caracaras)
0%
Black-thighed PufflegEriocnemis derbyiCaprimulgiformesTrochilidae (Hummingbirds)
0%
Black-throated BarbetTricholaema melanocephalaPiciformesLybiidae (African Barbets)
0%
Black-throated BobwhiteColinus nigrogularisGalliformesOdontophoridae (New World Quail)
0%
Black-throated BrilliantHeliodoxa schreibersiiCaprimulgiformesTrochilidae (Hummingbirds)
0%
Black-throated CoucalCentropus leucogasterCuculiformesCuculidae (Cuckoos)
0%
Black-throated HermitPhaethornis atrimentalisCaprimulgiformesTrochilidae (Hummingbirds)
0%
Black-throated MangoAnthracothorax nigricollisCaprimulgiformesTrochilidae (Hummingbirds)
0%
Black-throated TrogonTrogon rufusTrogoniformesTrogonidae (Trogons)
0%
Black-vented ShearwaterPuffinus opisthomelasProcellariiformesProcellariidae (Shearwaters and Petrels)
0%
Black-winged KiteElanus caeruleusAccipitriformesAccipitridae (Hawks, Eagles, and Kites)
0%
Black-winged LapwingVanellus melanopterusCharadriiformesCharadriidae (Plovers and Lapwings)
0%
Black-winged LoryEos cyanogeniaPsittaciformesPsittaculidae (Old World Parrots)
0%
Black-winged LovebirdAgapornis tarantaPsittaciformesPsittaculidae (Old World Parrots)
0%
Black-winged ParrotHapalopsittaca melanotisPsittaciformesPsittacidae (New World and African Parrots)
0%
Black-winged PetrelPterodroma nigripennisProcellariiformesProcellariidae (Shearwaters and Petrels)
0%
Blakiston's Fish-OwlKetupa blakistoniStrigiformesStrigidae (Owls)
0%
Blaze-winged ParakeetPyrrhura devilleiPsittaciformesPsittacidae (New World and African Parrots)
0%
Blond-crested WoodpeckerCeleus flavescensPiciformesPicidae (Woodpeckers)
0%
Blood-colored WoodpeckerDryobates sanguineusPiciformesPicidae (Woodpeckers)
0%
Blossom-headed ParakeetPsittacula roseataPsittaciformesPsittaculidae (Old World Parrots)
0%
Blue-and-white KingfisherTodiramphus diopsCoraciiformesAlcedinidae (Kingfishers)
0%
Blue-banded KingfisherAlcedo euryzonaCoraciiformesAlcedinidae (Kingfishers)
0%
Blue-banded ToucanetAulacorhynchus coeruleicinctisPiciformesRamphastidae (Toucans)
0%
Blue-bearded Bee-eaterNyctyornis athertoniCoraciiformesMeropidae (Bee-eaters)
0%
Blue-bearded HelmetcrestOxypogon cyanolaemusCaprimulgiformesTrochilidae (Hummingbirds)
0%
Blue-bellied ParrotTriclaria malachitaceaPsittaciformesPsittacidae (New World and African Parrots)
0%
Blue-bellied RollerCoracias cyanogasterCoraciiformesCoraciidae (Rollers)
0%
Blue-black KingfisherTodiramphus nigrocyaneusCoraciiformesAlcedinidae (Kingfishers)
0%
Blue-breasted Bee-eaterMerops variegatusCoraciiformesMeropidae (Bee-eaters)
0%
Blue-breasted KingfisherHalcyon malimbicaCoraciiformesAlcedinidae (Kingfishers)
0%
Blue-breasted QuailSynoicus chinensisGalliformesPhasianidae (Pheasants, Grouse, and Allies)
0%
Blue BustardEupodotis caerulescensOtidiformesOtididae (Bustards)
0%
Blue-capped Fruit-DovePtilinopus monachaColumbiformesColumbidae (Pigeons and Doves)
0%
Blue-capped HummingbirdEupherusa cyanophrysCaprimulgiformesTrochilidae (Hummingbirds)
0%
Blue-capped KingfisherActenoides hombroniCoraciiformesAlcedinidae (Kingfishers)
0%
Blue-capped MotmotMomotus coerulicepsCoraciiformesMomotidae (Motmots)
0%
Blue-capped PufflegEriocnemis glaucopoidesCaprimulgiformesTrochilidae (Hummingbirds)
0%
Blue-cheeked Bee-eaterMerops persicusCoraciiformesMeropidae (Bee-eaters)
0%
Blue-cheeked JacamarGalbula cyanicollisGalbuliformesGalbulidae (Jacamars)
0%
Blue-cheeked ParrotAmazona dufresnianaPsittaciformesPsittacidae (New World and African Parrots)
0%
Blue-chested HummingbirdPolyerata amabilisCaprimulgiformesTrochilidae (Hummingbirds)
0%
Blue-chinned SapphireChlorestes notataCaprimulgiformesTrochilidae (Hummingbirds)
0%
Blue-collared ParrotGeoffroyus simplexPsittaciformesPsittaculidae (Old World Parrots)
0%
Blue-crowned Hanging-ParrotLoriculus galgulusPsittaciformesPsittaculidae (Old World Parrots)
0%
Blue-crowned LorikeetVini australisPsittaciformesPsittaculidae (Old World Parrots)
0%
Blue-crowned Racquet-tailPrioniturus discurusPsittaciformesPsittaculidae (Old World Parrots)
0%
Blue-crowned TrogonTrogon curucuiTrogoniformesTrogonidae (Trogons)
0%
Blue-eared BarbetPsilopogon duvauceliiPiciformesMegalaimidae (Asian Barbets)
0%
Blue-eared KingfisherAlcedo menintingCoraciiformesAlcedinidae (Kingfishers)
0%
Blue-eared LoryEos semilarvataPsittaciformesPsittaculidae (Old World Parrots)
0%
Blue Eared-PheasantCrossoptilon auritumGalliformesPhasianidae (Pheasants, Grouse, and Allies)
0%
Blue-eyed CockatooCacatua ophthalmicaPsittaciformesCacatuidae (Cockatoos)
0%
Blue-eyed Ground DoveColumbina cyanopisColumbiformesColumbidae (Pigeons and Doves)
0%
Blue-faced MalkohaPhaenicophaeus viridirostrisCuculiformesCuculidae (Cuckoos)
0%
Blue-faced RailGymnocrex rosenbergiiGruiformesRallidae (Rails, Gallinules, and Coots)
0%
Blue-fronted LancebillDoryfera johannaeCaprimulgiformesTrochilidae (Hummingbirds)
0%
Blue-fronted LorikeetCharmosynopsis toxopeiPsittaciformesPsittaculidae (Old World Parrots)
0%
Blue-fronted ParrotletTouit dilectissimusPsittaciformesPsittacidae (New World and African Parrots)
0%
Blue-gray NoddyAnous ceruleusCharadriiformesLaridae (Gulls, Terns, and Skimmers)
0%
Blue-headed Bee-eaterMerops muelleriCoraciiformesMeropidae (Bee-eaters)
0%
Blue-headed CoucalCentropus monachusCuculiformesCuculidae (Cuckoos)
0%
Blue-headed HummingbirdRiccordia bicolorCaprimulgiformesTrochilidae (Hummingbirds)
0%
Blue-headed MacawPrimolius couloniPsittaciformesPsittacidae (New World and African Parrots)
0%
Blue-headed Quail-DoveStarnoenas cyanocephalaColumbiformesColumbidae (Pigeons and Doves)
0%
Blue-headed Racquet-tailPrioniturus platenaePsittaciformesPsittaculidae (Old World Parrots)
0%
Blue-headed SapphireChrysuronia grayiCaprimulgiformesTrochilidae (Hummingbirds)
0%
Blue-headed Wood-DoveTurtur brehmeriColumbiformesColumbidae (Pigeons and Doves)
0%
Blue LorikeetVini peruvianaPsittaciformesPsittaculidae (Old World Parrots)
0%
Blue MalkohaCeuthmochares aereusCuculiformesCuculidae (Cuckoos)
0%
Blue-mantled ThornbillChalcostigma stanleyiCaprimulgiformesTrochilidae (Hummingbirds)
0%
Blue-moustached Bee-eaterMerops mentalisCoraciiformesMeropidae (Bee-eaters)
0%
Blue-naped ParrotTanygnathus lucionensisPsittaciformesPsittaculidae (Old World Parrots)
0%
Blue PetrelHalobaena caeruleaProcellariiformesProcellariidae (Shearwaters and Petrels)
0%
Blue QuailSynoicus adansoniiGalliformesPhasianidae (Pheasants, Grouse, and Allies)
0%
Blue-rumped ParrotPsittinus cyanurusPsittaciformesPsittaculidae (Old World Parrots)
0%
Blue-spotted Wood-DoveTurtur aferColumbiformesColumbidae (Pigeons and Doves)
0%
Blue-streaked LoryEos reticulataPsittaciformesPsittaculidae (Old World Parrots)
0%
Blue-tailed Bee-eaterMerops philippinusCoraciiformesMeropidae (Bee-eaters)
0%
Blue-tailed EmeraldChlorostilbon mellisugusCaprimulgiformesTrochilidae (Hummingbirds)
0%
Blue-tailed HummingbirdSaucerottia cyanuraCaprimulgiformesTrochilidae (Hummingbirds)
0%
Blue-tailed TrogonTrogon comptusTrogoniformesTrogonidae (Trogons)
0%
Blue-throated BarbetPsilopogon asiaticusPiciformesMegalaimidae (Asian Barbets)
0%
Blue-throated Bee-eaterMerops viridisCoraciiformesMeropidae (Bee-eaters)
0%
Blue-throated GoldentailChlorestes eliciaeCaprimulgiformesTrochilidae (Hummingbirds)
0%
Blue-throated HillstarOreotrochilus cyanolaemusCaprimulgiformesTrochilidae (Hummingbirds)
0%
Blue-throated MacawAra glaucogularisPsittaciformesPsittacidae (New World and African Parrots)
0%
Blue-throated MotmotAspatha gularisCoraciiformesMomotidae (Motmots)
0%
Blue-throated Mountain-gemLampornis clemenciaeCaprimulgiformesTrochilidae (Hummingbirds)
0%
Blue-throated RollerEurystomus gularisCoraciiformesCoraciidae (Rollers)
0%
Blue-throated StarfrontletCoeligena heliantheaCaprimulgiformesTrochilidae (Hummingbirds)
0%
Blue-tufted StarthroatHeliomaster furciferCaprimulgiformesTrochilidae (Hummingbirds)
0%
Blue-vented HummingbirdSaucerottia hoffmanniCaprimulgiformesTrochilidae (Hummingbirds)
0%
Blue-winged MacawPrimolius maracanaPsittaciformesPsittacidae (New World and African Parrots)
0%
Blue-winged ParrotNeophema chrysostomaPsittaciformesPsittaculidae (Old World Parrots)
0%
Blue-winged Racquet-tailPrioniturus verticalisPsittaciformesPsittaculidae (Old World Parrots)
0%
Bluish-fronted JacamarGalbula cyanescensGalbuliformesGalbulidae (Jacamars)
0%
Blyth's FrogmouthBatrachostomus affinisCaprimulgiformesPodargidae (Frogmouths)
0%
Blyth's Hawk-EagleNisaetus albonigerAccipitriformesAccipitridae (Hawks, Eagles, and Kites)
0%
Blyth's KingfisherAlcedo herculesCoraciiformesAlcedinidae (Kingfishers)
0%
Blyth's SwiftApus leuconyxCaprimulgiformesApodidae (Swifts)
0%
Bogota RailRallus semiplumbeusGruiformesRallidae (Rails, Gallinules, and Coots)
0%
Böhm's Bee-eaterMerops boehmiCoraciiformesMeropidae (Bee-eaters)
0%
Bolle's PigeonColumba bolliiColumbiformesColumbidae (Pigeons and Doves)
0%
Bonaparte's NightjarCaprimulgus concretusCaprimulgiformesCaprimulgidae (Nightjars and Allies)
0%
Bonaparte's ParakeetPyrrhura lucianiiPsittaciformesPsittacidae (New World and African Parrots)
0%
Bonin PetrelPterodroma hypoleucaProcellariiformesProcellariidae (Shearwaters and Petrels)
0%
Bonin PigeonColumba versicolorColumbiformesColumbidae (Pigeons and Doves)
0%
Bornean BarbetPsilopogon eximiusPiciformesMegalaimidae (Asian Barbets)
0%
Bornean FrogmouthBatrachostomus mixtusCaprimulgiformesPodargidae (Frogmouths)
0%
Bornean SwiftletCollocalia dodgeiCaprimulgiformesApodidae (Swifts)
0%
Bougainville Dwarf-KingfisherCeyx pallidusCoraciiformesAlcedinidae (Kingfishers)
0%
Bounty Islands ShagLeucocarbo ranfurlyiSuliformesPhalacrocoracidae (Cormorants and Shags)
0%
Bourke's ParrotNeophema bourkiiPsittaciformesPsittaculidae (Old World Parrots)
0%
Boyd's ShearwaterPuffinus boydiProcellariiformesProcellariidae (Shearwaters and Petrels)
0%
Brace's EmeraldRiccordia braceiCaprimulgiformesTrochilidae (Hummingbirds)
0%
Bradfield's HornbillLophoceros bradfieldiBucerotiformesBucerotidae (Hornbills)
0%
Bradfield's SwiftApus bradfieldiCaprimulgiformesApodidae (Swifts)
0%
Brazilian RubyClytolaema rubricaudaCaprimulgiformesTrochilidae (Hummingbirds)
0%
Brazilian TinamouCrypturellus strigulosusTinamiformesTinamidae (Tinamous)
0%
Brehm's Tiger-ParrotPsittacella brehmiiPsittaciformesPsittaculidae (Old World Parrots)
0%
Bridled Quail-DoveGeotrygon mystaceaColumbiformesColumbidae (Pigeons and Doves)
0%
Bristle-nosed BarbetGymnobucco peliPiciformesLybiidae (African Barbets)
0%
Bristle-thighed CurlewNumenius tahitiensisCharadriiformesScolopacidae (Sandpipers and Allies)
0%
Broad-billed MotmotElectron platyrhynchumCoraciiformesMomotidae (Motmots)
0%
Broad-billed ParrotLophopsittacus mauritianusPsittaciformesPsittaculidae (Old World Parrots)
0%
Broad-billed PrionPachyptila vittataProcellariiformesProcellariidae (Shearwaters and Petrels)
0%
Broad-billed RollerEurystomus glaucurusCoraciiformesCoraciidae (Rollers)
0%
Broad-billed SandpiperCalidris falcinellusCharadriiformesScolopacidae (Sandpipers and Allies)
0%
Broad-billed TodyTodus subulatusCoraciiformesTodidae (Todies)
0%
Broad-tailed HummingbirdSelasphorus platycercusCaprimulgiformesTrochilidae (Hummingbirds)
0%
Broad-tipped HermitAnopetia gounelleiCaprimulgiformesTrochilidae (Hummingbirds)
0%
Bronze Ground DoveAlopecoenas beccariiColumbiformesColumbidae (Pigeons and Doves)
0%
Bronze-naped PigeonColumba iriditorquesColumbiformesColumbidae (Pigeons and Doves)
0%
Bronze-tailed CometPolyonymus caroliCaprimulgiformesTrochilidae (Hummingbirds)
0%
Bronze-tailed Peacock-PheasantPolyplectron chalcurumGalliformesPhasianidae (Pheasants, Grouse, and Allies)
0%
Bronze-tailed PlumeleteerChalybura urochrysiaCaprimulgiformesTrochilidae (Hummingbirds)
0%
Bronze-tailed ThornbillChalcostigma heteropogonCaprimulgiformesTrochilidae (Hummingbirds)
0%
Bronze-winged CourserRhinoptilus chalcopterusCharadriiformesGlareolidae (Pratincoles and Coursers)
0%
Bronze-winged JacanaMetopidius indicusCharadriiformesJacanidae (Jacanas)
0%
Bronze-winged ParrotPionus chalcopterusPsittaciformesPsittacidae (New World and African Parrots)
0%
Bronzy IncaCoeligena coeligenaCaprimulgiformesTrochilidae (Hummingbirds)
0%
Brown-backed NeedletailHirundapus giganteusCaprimulgiformesApodidae (Swifts)
0%
Brown-backed ParrotletTouit melanonotusPsittaciformesPsittacidae (New World and African Parrots)
0%
Brown-backed WoodpeckerChloropicus obsoletusPiciformesPicidae (Woodpeckers)
0%
Brown-banded PuffbirdNotharchus ordiiGalbuliformesBucconidae (Puffbirds)
0%
Brown BarbetCaloramphus fuliginosusPiciformesMegalaimidae (Asian Barbets)
0%
Brown BoobookNinox scutulataStrigiformesStrigidae (Owls)
0%
Brown-breasted BarbetLybius melanopterusPiciformesLybiidae (African Barbets)
0%
Brown-breasted KingfisherHalcyon gularisCoraciiformesAlcedinidae (Kingfishers)
0%
Brown-breasted ParakeetPyrrhura callipteraPsittaciformesPsittacidae (New World and African Parrots)
0%
Brown-capped Pygmy WoodpeckerYungipicus nanusPiciformesPicidae (Woodpeckers)
0%
Brown-cheeked HornbillBycanistes cylindricusBucerotiformesBucerotidae (Hornbills)
0%
Brown-cheeked RailRallus indicusGruiformesRallidae (Rails, Gallinules, and Coots)
0%
Brown-chested BarbetCapito brunneipectusPiciformesCapitonidae (New World Barbets)
0%
Brown-chested LapwingVanellus superciliosusCharadriiformesCharadriidae (Plovers and Lapwings)
0%
Brown CrakeZapornia akoolGruiformesRallidae (Rails, Gallinules, and Coots)
0%
Brown Cuckoo-DoveMacropygia phasianellaColumbiformesColumbidae (Pigeons and Doves)
0%
Brown-eared WoodpeckerCampethera caroliPiciformesPicidae (Woodpeckers)
0%
Brown Fish-OwlKetupa zeylonensisStrigiformesStrigidae (Owls)
0%
Brown-fronted WoodpeckerDendrocoptes auricepsPiciformesPicidae (Woodpeckers)
0%
Brown-headed BarbetPsilopogon zeylanicusPiciformesMegalaimidae (Asian Barbets)
0%
Brown-headed Paradise-KingfisherTanysiptera danaeCoraciiformesAlcedinidae (Kingfishers)
0%
Brown-hooded KingfisherHalcyon albiventrisCoraciiformesAlcedinidae (Kingfishers)
0%
Brown-hooded ParrotPyrilia haematotisPsittaciformesPsittacidae (New World and African Parrots)
0%
Brown HornbillAnorrhinus austeniBucerotiformesBucerotidae (Hornbills)
0%
Brown IncaCoeligena wilsoniCaprimulgiformesTrochilidae (Hummingbirds)
0%
Brown JacamarBrachygalba lugubrisGalbuliformesGalbulidae (Jacamars)
0%
Brown LoryChalcopsitta duivenbodeiPsittaciformesPsittaculidae (Old World Parrots)
0%
Brown MesiteMesitornis unicolorMesitornithiformesMesitornithidae (Mesites)
0%
Brown-necked ParrotPoicephalus fuscicollisPsittaciformesPsittacidae (New World and African Parrots)
0%
Brown NightjarCaprimulgus binotatusCaprimulgiformesCaprimulgidae (Nightjars and Allies)
0%
Brown NunletNonnula brunneaGalbuliformesBucconidae (Puffbirds)
0%
Brown Snake-EagleCircaetus cinereusAccipitriformesAccipitridae (Hawks, Eagles, and Kites)
0%
Brown-throated BarbetPsilopogon corvinusPiciformesMegalaimidae (Asian Barbets)
0%
Brown-throated ParakeetEupsittula pertinaxPsittaciformesPsittacidae (New World and African Parrots)
0%
Brown-winged KingfisherPelargopsis amauropteraCoraciiformesAlcedinidae (Kingfishers)
0%
Brown Wood-OwlStrix leptogrammicaStrigiformesStrigidae (Owls)
0%
Brown Wood-RailAramides wolfiGruiformesRallidae (Rails, Gallinules, and Coots)
0%
Bruce's Green-PigeonTreron waaliaColumbiformesColumbidae (Pigeons and Doves)
0%
Brush BronzewingPhaps elegansColumbiformesColumbidae (Pigeons and Doves)
0%
Brush CuckooCacomantis variolosusCuculiformesCuculidae (Cuckoos)
0%
Brushland TinamouNothoprocta cinerascensTinamiformesTinamidae (Tinamous)
0%
Bryan's ShearwaterPuffinus bryaniProcellariiformesProcellariidae (Shearwaters and Petrels)
0%
Buckley's Forest-FalconMicrastur buckleyiFalconiformesFalconidae (Falcons and Caracaras)
0%
Buff-banded RailGallirallus philippensisGruiformesRallidae (Rails, Gallinules, and Coots)
0%
Buff-bellied HermitPhaethornis subochraceusCaprimulgiformesTrochilidae (Hummingbirds)
0%
Buff-bellied PuffbirdNotharchus swainsoniGalbuliformesBucconidae (Puffbirds)
0%
Buff-breasted ButtonquailTurnix oliviiCharadriiformesTurnicidae (Buttonquail)
0%
Buff-breasted Paradise-KingfisherTanysiptera sylviaCoraciiformesAlcedinidae (Kingfishers)
0%
Buff-breasted SabrewingCampylopterus duidaeCaprimulgiformesTrochilidae (Hummingbirds)
0%
Buff-browed ChachalacaOrtalis superciliarisGalliformesCracidae (Guans, Chachalacas, and Curassows)
0%
Buff-collared NightjarAntrostomus ridgwayiCaprimulgiformesCaprimulgidae (Nightjars and Allies)
0%
Buff-faced Pygmy-ParrotMicropsitta pusioPsittaciformesPsittaculidae (Old World Parrots)
0%
Buff-fronted OwlAegolius harrisiiStrigiformesStrigidae (Owls)
0%
Buff-headed CoucalCentropus miloCuculiformesCuculidae (Cuckoos)
0%
Buff-necked IbisTheristicus caudatusPelecaniformesThreskiornithidae (Ibises and Spoonbills)
0%
Buff-necked WoodpeckerMeiglyptes tukkiPiciformesPicidae (Woodpeckers)
0%
Buff-rumped WoodpeckerMeiglyptes tristisPiciformesPicidae (Woodpeckers)
0%
Buff-spotted FlamebackChrysocolaptes lucidusPiciformesPicidae (Woodpeckers)
0%
Buff-spotted FlufftailSarothrura elegansGruiformesSarothruridae (Flufftails)
0%
Buff-spotted WoodpeckerCampethera nivosaPiciformesPicidae (Woodpeckers)
0%
Buff-tailed CoronetBoissonneaua flavescensCaprimulgiformesTrochilidae (Hummingbirds)
0%
Buff-tailed SicklebillEutoxeres condaminiCaprimulgiformesTrochilidae (Hummingbirds)
0%
Buff-thighed PufflegHaplophaedia assimilisCaprimulgiformesTrochilidae (Hummingbirds)
0%
Buff-winged StarfrontletCoeligena lutetiaeCaprimulgiformesTrochilidae (Hummingbirds)
0%
Buffy-crowned Wood-PartridgeDendrortyx leucophrysGalliformesOdontophoridae (New World Quail)
0%
Buffy HelmetcrestOxypogon stuebeliiCaprimulgiformesTrochilidae (Hummingbirds)
0%
Buffy HummingbirdLeucippus fallaxCaprimulgiformesTrochilidae (Hummingbirds)
0%
Bukidnon WoodcockScolopax bukidnonensisCharadriiformesScolopacidae (Sandpipers and Allies)
0%
Bulwer's PetrelBulweria bulweriiProcellariiformesProcellariidae (Shearwaters and Petrels)
0%
Bulwer's PheasantLophura bulweriGalliformesPhasianidae (Pheasants, Grouse, and Allies)
0%
Bumblebee HummingbirdSelasphorus heloisaCaprimulgiformesTrochilidae (Hummingbirds)
0%
Burchell's CourserCursorius rufusCharadriiformesGlareolidae (Pratincoles and Coursers)
0%
Burchell's SandgrousePterocles burchelliPterocliformesPteroclidae (Sandgrouse)
0%
Burrowing ParakeetCyanoliseus patagonusPsittaciformesPsittacidae (New World and African Parrots)
0%
Buru BoobookNinox hantuStrigiformesStrigidae (Owls)
0%
Buru Dwarf-KingfisherCeyx cajeliCoraciiformesAlcedinidae (Kingfishers)
0%
Buru Green-PigeonTreron aromaticusColumbiformesColumbidae (Pigeons and Doves)
0%
Buru Mountain-PigeonGymnophaps madaColumbiformesColumbidae (Pigeons and Doves)
0%
Buru Racquet-tailPrioniturus madaPsittaciformesPsittaculidae (Old World Parrots)
0%
Bush Thick-kneeBurhinus grallariusCharadriiformesBurhinidae (Thick-knees)
0%
Bushy-crested HornbillAnorrhinus galeritusBucerotiformesBucerotidae (Hornbills)
0%
Butterfly CoquetteLophornis verreauxiiCaprimulgiformesTrochilidae (Hummingbirds)
0%
Cactus ParakeetEupsittula cactorumPsittaciformesPsittacidae (New World and African Parrots)
0%
Caica ParrotPyrilia caicaPsittaciformesPsittacidae (New World and African Parrots)
0%
Calayan RailGallirallus calayanensisGruiformesRallidae (Rails, Gallinules, and Coots)
0%
Cameroon FrancolinPternistis camerunensisGalliformesPhasianidae (Pheasants, Grouse, and Allies)
0%
Cameroon PigeonColumba sjostedtiColumbiformesColumbidae (Pigeons and Doves)
0%
Camiguin BoobookNinox leventisiStrigiformesStrigidae (Owls)
0%
Camiguin Hanging-ParrotLoriculus camiguinensisPsittaciformesPsittaculidae (Old World Parrots)
0%
Campbell Islands ShagLeucocarbo campbelliSuliformesPhalacrocoracidae (Cormorants and Shags)
0%
Campbell Islands TealAnas nesiotisAnseriformesAnatidae (Ducks, Geese, and Waterfowl)
0%
Campo FlickerColaptes campestrisPiciformesPicidae (Woodpeckers)
0%
Canarian OystercatcherHaematopus meadewaldoiCharadriiformesHaematopodidae (Oystercatchers)
0%
Canivet's EmeraldCynanthus canivetiiCaprimulgiformesTrochilidae (Hummingbirds)
0%
Cape CormorantPhalacrocorax capensisSuliformesPhalacrocoracidae (Cormorants and Shags)
0%
Cape Eagle-OwlBubo capensisStrigiformesStrigidae (Owls)
0%
Cape FrancolinPternistis capensisGalliformesPhasianidae (Pheasants, Grouse, and Allies)
0%
Cape GriffonGyps coprotheresAccipitriformesAccipitridae (Hawks, Eagles, and Kites)
0%
Cape ParrotPoicephalus robustusPsittaciformesPsittacidae (New World and African Parrots)
0%
Cape Verde BuzzardButeo bannermaniAccipitriformesAccipitridae (Hawks, Eagles, and Kites)
0%
Cape Verde ShearwaterCalonectris edwardsiiProcellariiformesProcellariidae (Shearwaters and Petrels)
0%
Cape Verde Storm-PetrelHydrobates jabejabeProcellariiformesHydrobatidae (Northern Storm-Petrels)
0%
Cardinal LoryPseudeos cardinalisPsittaciformesPsittaculidae (Old World Parrots)
0%
Cardinal WoodpeckerChloropicus fuscescensPiciformesPicidae (Woodpeckers)
0%
Caribbean DoveLeptotila jamaicensisColumbiformesColumbidae (Pigeons and Doves)
0%
Carnaby's Black-CockatooCalyptorhynchus latirostrisPsittaciformesCacatuidae (Cockatoos)
0%
Caroline Islands Ground DoveAlopecoenas kubaryiColumbiformesColumbidae (Pigeons and Doves)
0%
Caroline Islands SwiftletAerodramus inquietusCaprimulgiformesApodidae (Swifts)
0%
Carunculated CaracaraPhalcoboenus carunculatusFalconiformesFalconidae (Falcons and Caracaras)
0%
Carunculated Fruit-DovePtilinopus granulifronsColumbiformesColumbidae (Pigeons and Doves)
0%
Caspian GullLarus cachinnansCharadriiformesLaridae (Gulls, Terns, and Skimmers)
0%
Caspian PloverCharadrius asiaticusCharadriiformesCharadriidae (Plovers and Lapwings)
0%
Caspian SnowcockTetraogallus caspiusGalliformesPhasianidae (Pheasants, Grouse, and Allies)
0%
Cassin's Hawk-EagleAquila africanaAccipitriformesAccipitridae (Hawks, Eagles, and Kites)
0%
Cassin's HoneyguideProdotiscus insignisPiciformesIndicatoridae (Honeyguides)
0%
Cassin's SpinetailNeafrapus cassiniCaprimulgiformesApodidae (Swifts)
0%
Cauca GuanPenelope perspicaxGalliformesCracidae (Guans, Chachalacas, and Curassows)
0%
Caucasian SnowcockTetraogallus caucasicusGalliformesPhasianidae (Pheasants, Grouse, and Allies)
0%
Cayenne NightjarSetopagis maculosaCaprimulgiformesCaprimulgidae (Nightjars and Allies)
0%
Cebu BoobookNinox rumseyiStrigiformesStrigidae (Owls)
0%
Central American Pygmy-OwlGlaucidium griseicepsStrigiformesStrigidae (Owls)
0%
Chaco EagleButeogallus coronatusAccipitriformesAccipitridae (Hawks, Eagles, and Kites)
0%
Changeable Hawk-EagleNisaetus cirrhatusAccipitriformesAccipitridae (Hawks, Eagles, and Kites)
0%
Chaplin's BarbetLybius chapliniPiciformesLybiidae (African Barbets)
0%
Chapman's SwiftChaetura chapmaniCaprimulgiformesApodidae (Swifts)
0%
Charming HummingbirdPolyerata decoraCaprimulgiformesTrochilidae (Hummingbirds)
0%
Chatham Island PigeonHemiphaga chathamensisColumbiformesColumbidae (Pigeons and Doves)
0%
Chatham Islands ParakeetCyanoramphus forbesiPsittaciformesPsittaculidae (Old World Parrots)
0%
Chatham Islands RailGallirallus modestusGruiformesRallidae (Rails, Gallinules, and Coots)
0%
Chatham Islands ShagLeucocarbo onslowiSuliformesPhalacrocoracidae (Cormorants and Shags)
0%
Chatham Islands SnipeCoenocorypha pusillaCharadriiformesScolopacidae (Sandpipers and Allies)
0%
Chatham OystercatcherHaematopus chathamensisCharadriiformesHaematopodidae (Oystercatchers)
0%
Chatham PetrelPterodroma axillarisProcellariiformesProcellariidae (Shearwaters and Petrels)
0%
Chattering KingfisherTodiramphus tutusCoraciiformesAlcedinidae (Kingfishers)
0%
Chattering LoryLorius garrulusPsittaciformesPsittaculidae (Old World Parrots)
0%
Checkered WoodpeckerDryobates mixtusPiciformesPicidae (Woodpeckers)
0%
Checker-throated WoodpeckerChrysophlegma mentalePiciformesPicidae (Woodpeckers)
0%
Cheer PheasantCatreus wallichiiGalliformesPhasianidae (Pheasants, Grouse, and Allies)
0%
Chestnut-backed ButtonquailTurnix castanotusCharadriiformesTurnicidae (Buttonquail)
0%
Chestnut-backed OwletGlaucidium castanotumStrigiformesStrigidae (Owls)
0%
Chestnut-banded PloverCharadrius pallidusCharadriiformesCharadriidae (Plovers and Lapwings)
0%
Chestnut-bellied CuckooCoccyzus pluvialisCuculiformesCuculidae (Cuckoos)
0%
Chestnut-bellied GuanPenelope ochrogasterGalliformesCracidae (Guans, Chachalacas, and Curassows)
0%
Chestnut-bellied HummingbirdSaucerottia castaneiventrisCaprimulgiformesTrochilidae (Hummingbirds)
0%
Chestnut-bellied Imperial-PigeonDucula brenchleyiColumbiformesColumbidae (Pigeons and Doves)
0%
Chestnut-bellied MalkohaPhaenicophaeus sumatranusCuculiformesCuculidae (Cuckoos)
0%
Chestnut-bellied PartridgeArborophila javanicaGalliformesPhasianidae (Pheasants, Grouse, and Allies)
0%
Chestnut-bellied SandgrousePterocles exustusPterocliformesPteroclidae (Sandgrouse)
0%
Chestnut-breasted CoronetBoissonneaua matthewsiiCaprimulgiformesTrochilidae (Hummingbirds)
0%
Chestnut-breasted CuckooCacomantis castaneiventrisCuculiformesCuculidae (Cuckoos)
0%
Chestnut-breasted PartridgeArborophila mandelliiGalliformesPhasianidae (Pheasants, Grouse, and Allies)
0%
Chestnut-capped PuffbirdBucco macrodactylusGalbuliformesBucconidae (Puffbirds)
0%
Chestnut-collared SwiftStreptoprocne rutilaCaprimulgiformesApodidae (Swifts)
0%
Chestnut-colored WoodpeckerCeleus castaneusPiciformesPicidae (Woodpeckers)
0%
Chestnut-eared AracariPteroglossus castanotisPiciformesRamphastidae (Toucans)
0%
Chestnut-flanked SparrowhawkAccipiter castaniliusAccipitriformesAccipitridae (Hawks, Eagles, and Kites)
0%
Chestnut Forest-RailRallina rubraGruiformesRallidae (Rails, Gallinules, and Coots)
0%
Chestnut-headed Bee-eaterMerops leschenaultiCoraciiformesMeropidae (Bee-eaters)
0%
Chestnut-headed ChachalacaOrtalis ruficepsGalliformesCracidae (Guans, Chachalacas, and Curassows)
0%
Chestnut-headed CrakeAnurolimnas castaneicepsGruiformesRallidae (Rails, Gallinules, and Coots)
0%
Chestnut-headed FlufftailSarothrura lugensGruiformesSarothruridae (Flufftails)
0%
Chestnut-headed NunletNonnula amaurocephalaGalbuliformesBucconidae (Puffbirds)
0%
Chestnut-headed PartridgeArborophila cambodianaGalliformesPhasianidae (Pheasants, Grouse, and Allies)
0%
Chestnut-naped FrancolinPternistis castaneicollisGalliformesPhasianidae (Pheasants, Grouse, and Allies)
0%
Chestnut-necklaced PartridgeTropicoperdix charltoniiGalliformesPhasianidae (Pheasants, Grouse, and Allies)
0%
Chestnut OwletGlaucidium castaneumStrigiformesStrigidae (Owls)
0%
Chestnut PiculetPicumnus cinnamomeusPiciformesPicidae (Woodpeckers)
0%
Chestnut-quilled Rock-PigeonPetrophassa rufipennisColumbiformesColumbidae (Pigeons and Doves)
0%
Chestnut RailGallirallus castaneoventrisGruiformesRallidae (Rails, Gallinules, and Coots)
0%
Chestnut-shouldered GoshawkErythrotriorchis buergersiAccipitriformesAccipitridae (Hawks, Eagles, and Kites)
0%
Chestnut-tipped ToucanetAulacorhynchus derbianusPiciformesRamphastidae (Toucans)
0%
Chestnut-winged ChachalacaOrtalis garrulaGalliformesCracidae (Guans, Chachalacas, and Curassows)
0%
Chestnut-winged CuckooClamator coromandusCuculiformesCuculidae (Cuckoos)
0%
Chestnut WoodpeckerCeleus elegansPiciformesPicidae (Woodpeckers)
0%
Chestnut Wood-QuailOdontophorus hyperythrusGalliformesOdontophoridae (New World Quail)
0%
Chilean FlickerColaptes pitiusPiciformesPicidae (Woodpeckers)
0%
Chilean PigeonPatagioenas araucanaColumbiformesColumbidae (Pigeons and Doves)
0%
Chilean SkuaStercorarius chilensisCharadriiformesStercorariidae (Skuas and Jaegers)
0%
Chilean TinamouNothoprocta perdicariaTinamiformesTinamidae (Tinamous)
0%
Chilean WoodstarEulidia yarrelliiCaprimulgiformesTrochilidae (Hummingbirds)
0%
Chinese Bamboo-PartridgeBambusicola thoracicusGalliformesPhasianidae (Pheasants, Grouse, and Allies)
0%
Chinese BarbetPsilopogon faberPiciformesMegalaimidae (Asian Barbets)
0%
Chinese FrancolinFrancolinus pintadeanusGalliformesPhasianidae (Pheasants, Grouse, and Allies)
0%
Chinese MonalLophophorus lhuysiiGalliformesPhasianidae (Pheasants, Grouse, and Allies)
0%
Chinese Pond-HeronArdeola bacchusPelecaniformesArdeidae (Herons, Egrets, and Bitterns)
0%
Chinese SparrowhawkAccipiter soloensisAccipitriformesAccipitridae (Hawks, Eagles, and Kites)
0%
Chiribiquete EmeraldChlorostilbon olivaresiCaprimulgiformesTrochilidae (Hummingbirds)
0%
Chiriqui Quail-DoveZentrygon chiriquensisColumbiformesColumbidae (Pigeons and Doves)
0%
Chocolate-backed KingfisherHalcyon badiaCoraciiformesAlcedinidae (Kingfishers)
0%
Chocolate BoobookNinox randiStrigiformesStrigidae (Owls)
0%
Choco PoorwillNyctiphrynus rosenbergiCaprimulgiformesCaprimulgidae (Nightjars and Allies)
0%
Choco Screech-OwlMegascops centralisStrigiformesStrigidae (Owls)
0%
Choco TinamouCrypturellus kerriaeTinamiformesTinamidae (Tinamous)
0%
Choco WoodpeckerDryobates chocoensisPiciformesPicidae (Woodpeckers)
0%
Choiseul PigeonMicrogoura meekiColumbiformesColumbidae (Pigeons and Doves)
0%
Christmas Island BoobookNinox natalisStrigiformesStrigidae (Owls)
0%
Christmas Island SwiftletCollocalia natalisCaprimulgiformesApodidae (Swifts)
0%
Christmas ShearwaterPuffinus nativitatisProcellariiformesProcellariidae (Shearwaters and Petrels)
0%
Cinereous HarrierCircus cinereusAccipitriformesAccipitridae (Hawks, Eagles, and Kites)
0%
Cinereous OwlStrix sartoriiStrigiformesStrigidae (Owls)
0%
Cinnabar BoobookNinox iosStrigiformesStrigidae (Owls)
0%
Cinnamon-banded KingfisherTodiramphus australasiaCoraciiformesAlcedinidae (Kingfishers)
0%
Cinnamon-bellied Imperial-PigeonDucula basilicaColumbiformesColumbidae (Pigeons and Doves)
0%
Cinnamon-chested Bee-eaterMerops oreobatesCoraciiformesMeropidae (Bee-eaters)
0%
Cinnamon Ground DoveGallicolumba rufigulaColumbiformesColumbidae (Pigeons and Doves)
0%
Cinnamon-headed Green-PigeonTreron fulvicollisColumbiformesColumbidae (Pigeons and Doves)
0%
Cinnamon HummingbirdAmazilia rutilaCaprimulgiformesTrochilidae (Hummingbirds)
0%
Cinnamon-rumped TrogonHarpactes orrhophaeusTrogoniformesTrogonidae (Trogons)
0%
Cinnamon Screech-OwlMegascops petersoniStrigiformesStrigidae (Owls)
0%
Cinnamon-throated HermitPhaethornis nattereriCaprimulgiformesTrochilidae (Hummingbirds)
0%
Cinnamon WoodpeckerCeleus loricatusPiciformesPicidae (Woodpeckers)
0%
Citreoline TrogonTrogon citreolusTrogoniformesTrogonidae (Trogons)
0%
Clapperton's FrancolinPternistis clappertoniGalliformesPhasianidae (Pheasants, Grouse, and Allies)
0%
Claret-breasted Fruit-DovePtilinopus viridisColumbiformesColumbidae (Pigeons and Doves)
0%
Cloud-forest Pygmy-OwlGlaucidium nubicolaStrigiformesStrigidae (Owls)
0%
Cloud-forest Screech-OwlMegascops marshalliStrigiformesStrigidae (Owls)
0%
Cloven-feathered DoveDrepanoptila holosericeaColumbiformesColumbidae (Pigeons and Doves)
0%
Cobalt-rumped ParrotletForpus xanthopterygiusPsittaciformesPsittacidae (New World and African Parrots)
0%
Coconut LorikeetTrichoglossus haematodusPsittaciformesPsittaculidae (Old World Parrots)
0%
Cocos CuckooCoccyzus ferrugineusCuculiformesCuculidae (Cuckoos)
0%
Colima Pygmy-OwlGlaucidium palmarumStrigiformesStrigidae (Owls)
0%
Collared FalconetMicrohierax caerulescensFalconiformesFalconidae (Falcons and Caracaras)
0%
Collared Forest-FalconMicrastur semitorquatusFalconiformesFalconidae (Falcons and Caracaras)
0%
Collared Imperial-PigeonDucula mulleriiColumbiformesColumbidae (Pigeons and Doves)
0%
Collared KingfisherTodiramphus chlorisCoraciiformesAlcedinidae (Kingfishers)
0%
Collared LoryVini solitariusPsittaciformesPsittaculidae (Old World Parrots)
0%
Collared NightjarGactornis enarratusCaprimulgiformesCaprimulgidae (Nightjars and Allies)
0%
Collared OwletTaenioptynx brodieiStrigiformesStrigidae (Owls)
0%
Collared PetrelPterodroma brevipesProcellariiformesProcellariidae (Shearwaters and Petrels)
0%
Collared PloverCharadrius collarisCharadriiformesCharadriidae (Plovers and Lapwings)
0%
Collared PratincoleGlareola pratincolaCharadriiformesGlareolidae (Pratincoles and Coursers)
0%
Collared PuffbirdBucco capensisGalbuliformesBucconidae (Puffbirds)
0%
Collared Scops-OwlOtus lettiaStrigiformesStrigidae (Owls)
0%
Collared SparrowhawkAccipiter cirrocephalusAccipitriformesAccipitridae (Hawks, Eagles, and Kites)
0%
Collared TrogonTrogon collarisTrogoniformesTrogonidae (Trogons)
0%
Colombian ChachalacaOrtalis columbianaGalliformesCracidae (Guans, Chachalacas, and Curassows)
0%
Colombian CrakeMustelirallus colombianusGruiformesRallidae (Rails, Gallinules, and Coots)
0%
Colonist KingfisherTodiramphus colonusCoraciiformesAlcedinidae (Kingfishers)
0%
Colorful PufflegEriocnemis mirabilisCaprimulgiformesTrochilidae (Hummingbirds)
0%
Common BronzewingPhaps chalcopteraColumbiformesColumbidae (Pigeons and Doves)
0%
Common Diving-PetrelPelecanoides urinatrixProcellariiformesProcellariidae (Shearwaters and Petrels)
0%
Common FlamebackDinopium javanensePiciformesPicidae (Woodpeckers)
0%
Common Hawk-CuckooHierococcyx variusCuculiformesCuculidae (Cuckoos)
0%
Common Paradise-KingfisherTanysiptera galateaCoraciiformesAlcedinidae (Kingfishers)
0%
Common PauraqueNyctidromus albicollisCaprimulgiformesCaprimulgidae (Nightjars and Allies)
0%
Common ScimitarbillRhinopomastus cyanomelasBucerotiformesPhoeniculidae (Woodhoopoes and Scimitarbills)
0%
Comoro Blue-PigeonAlectroenas sganziniColumbiformesColumbidae (Pigeons and Doves)
0%
Comoro PigeonColumba polleniiColumbiformesColumbidae (Pigeons and Doves)
0%
Comoro Scops-OwlOtus paulianiStrigiformesStrigidae (Owls)
0%
Comoros Green-PigeonTreron griveaudiColumbiformesColumbidae (Pigeons and Doves)
0%
Congo Bay-OwlPhodilus prigogineiStrigiformesTytonidae (Barn-Owls)
0%
Congo Serpent-EagleDryotriorchis spectabilisAccipitriformesAccipitridae (Hawks, Eagles, and Kites)
0%
Cook Islands Fruit-DovePtilinopus rarotongensisColumbiformesColumbidae (Pigeons and Doves)
0%
Cook's PetrelPterodroma cookiiProcellariiformesProcellariidae (Shearwaters and Petrels)
0%
Cook's SwiftApus cookiCaprimulgiformesApodidae (Swifts)
0%
Copper-rumped HummingbirdSaucerottia tobaciCaprimulgiformesTrochilidae (Hummingbirds)
0%
Coppersmith BarbetPsilopogon haemacephalusPiciformesMegalaimidae (Asian Barbets)
0%
Coppery-bellied PufflegEriocnemis cupreoventrisCaprimulgiformesTrochilidae (Hummingbirds)
0%
Coppery-chested JacamarGalbula pastazaeGalbuliformesGalbulidae (Jacamars)
0%
Coppery EmeraldChlorostilbon russatusCaprimulgiformesTrochilidae (Hummingbirds)
0%
Coppery MetaltailMetallura theresiaeCaprimulgiformesTrochilidae (Hummingbirds)
0%
Coppery-tailed CoucalCentropus cupreicaudusCuculiformesCuculidae (Cuckoos)
0%
Coppery ThorntailDiscosura letitiaeCaprimulgiformesTrochilidae (Hummingbirds)
0%
Coquerel's CouaCoua coquereliCuculiformesCuculidae (Cuckoos)
0%
Coqui FrancolinCampocolinus coquiGalliformesPhasianidae (Pheasants, Grouse, and Allies)
0%
Coroneted Fruit-DovePtilinopus coronulatusColumbiformesColumbidae (Pigeons and Doves)
0%
Costa Rican SwiftChaetura fumosaCaprimulgiformesApodidae (Swifts)
0%
Cozumel EmeraldCynanthus forficatusCaprimulgiformesTrochilidae (Hummingbirds)
0%
Crane HawkGeranospiza caerulescensAccipitriformesAccipitridae (Hawks, Eagles, and Kites)
0%
Craveri's MurreletSynthliboramphus craveriCharadriiformesAlcidae (Auks, Murres, and Puffins)
0%
Cream-backed WoodpeckerCampephilus leucopogonPiciformesPicidae (Woodpeckers)
0%
Cream-breasted Fruit-DovePtilinopus merrilliColumbiformesColumbidae (Pigeons and Doves)
0%
Cream-colored WoodpeckerCeleus flavusPiciformesPicidae (Woodpeckers)
0%
Crescent-chested PuffbirdMalacoptila striataGalbuliformesBucconidae (Puffbirds)
0%
Crested BarbetTrachyphonus vaillantiiPiciformesLybiidae (African Barbets)
0%
Crested BobwhiteColinus cristatusGalliformesOdontophoridae (New World Quail)
0%
Crested Cuckoo-DoveReinwardtoena crassirostrisColumbiformesColumbidae (Pigeons and Doves)
0%
Crested FirebackLophura ignitaGalliformesPhasianidae (Pheasants, Grouse, and Allies)
0%
Crested GoshawkAccipiter trivirgatusAccipitriformesAccipitridae (Hawks, Eagles, and Kites)
0%
Crested IbisNipponia nipponPelecaniformesThreskiornithidae (Ibises and Spoonbills)
0%
Crested KingfisherMegaceryle lugubrisCoraciiformesAlcedinidae (Kingfishers)
0%
Crested PigeonOcyphaps lophotesColumbiformesColumbidae (Pigeons and Doves)
0%
Crested Quail-DoveGeotrygon versicolorColumbiformesColumbidae (Pigeons and Doves)
0%
Crested QuetzalPharomachrus antisianusTrogoniformesTrogonidae (Trogons)
0%
Crested TreeswiftHemiprocne coronataCaprimulgiformesHemiprocnidae (Treeswifts)
0%
Crestless CurassowMitu tomentosumGalliformesCracidae (Guans, Chachalacas, and Curassows)
0%
Crestless FirebackLophura erythrophthalmaGalliformesPhasianidae (Pheasants, Grouse, and Allies)
0%
Crimson-backed FlamebackChrysocolaptes stricklandiPiciformesPicidae (Woodpeckers)
0%
Crimson-bellied ParakeetPyrrhura perlataPsittaciformesPsittacidae (New World and African Parrots)
0%
Crimson-bellied WoodpeckerCampephilus haematogasterPiciformesPicidae (Woodpeckers)
0%
Crimson-breasted WoodpeckerDryobates cathphariusPiciformesPicidae (Woodpeckers)
0%
Crimson-crested WoodpeckerCampephilus melanoleucosPiciformesPicidae (Woodpeckers)
0%
Crimson-crowned Fruit-DovePtilinopus porphyraceusColumbiformesColumbidae (Pigeons and Doves)
0%
Crimson-fronted BarbetPsilopogon rubricapillusPiciformesMegalaimidae (Asian Barbets)
0%
Crimson-fronted ParakeetPsittacara finschiPsittaciformesPsittacidae (New World and African Parrots)
0%
Crimson-headed PartridgeHaematortyx sanguinicepsGalliformesPhasianidae (Pheasants, Grouse, and Allies)
0%
Crimson-mantled WoodpeckerColaptes rivoliiPiciformesPicidae (Woodpeckers)
0%
Crimson-rumped ToucanetAulacorhynchus haematopygusPiciformesRamphastidae (Toucans)
0%
Crimson Shining-ParrotProsopeia splendensPsittaciformesPsittaculidae (Old World Parrots)
0%
Crimson-winged WoodpeckerPicus puniceusPiciformesPicidae (Woodpeckers)
0%
Croaking Ground DoveColumbina cruzianaColumbiformesColumbidae (Pigeons and Doves)
0%
Crowned CormorantMicrocarbo coronatusSuliformesPhalacrocoracidae (Cormorants and Shags)
0%
Crowned EagleStephanoaetus coronatusAccipitriformesAccipitridae (Hawks, Eagles, and Kites)
0%
Crowned HornbillLophoceros alboterminatusBucerotiformesBucerotidae (Hornbills)
0%
Crowned LapwingVanellus coronatusCharadriiformesCharadriidae (Plovers and Lapwings)
0%
Crowned SandgrousePterocles coronatusPterocliformesPteroclidae (Sandgrouse)
0%
Crowned WoodnymphThalurania colombicaCaprimulgiformesTrochilidae (Hummingbirds)
0%
Crozet ShagLeucocarbo melanogenisSuliformesPhalacrocoracidae (Cormorants and Shags)
0%
Cryptic Forest-FalconMicrastur mintoniFalconiformesFalconidae (Falcons and Caracaras)
0%
Cuban Black HawkButeogallus gundlachiiAccipitriformesAccipitridae (Hawks, Eagles, and Kites)
0%
Cuban Green WoodpeckerXiphidiopicus percussusPiciformesPicidae (Woodpeckers)
0%
Cuban MacawAra tricolorPsittaciformesPsittacidae (New World and African Parrots)
0%
Cuban ParakeetPsittacara euopsPsittaciformesPsittacidae (New World and African Parrots)
0%
Cuban Pygmy-OwlGlaucidium sijuStrigiformesStrigidae (Owls)
0%
Cuban TodyTodus multicolorCoraciiformesTodidae (Todies)
0%
Cuban TrogonPriotelus temnurusTrogoniformesTrogonidae (Trogons)
0%
Cuckoo-rollerLeptosomus discolorLeptosomiformesLeptosomidae (Cuckoo-roller)
0%
Curl-crested AracariPteroglossus beauharnaisiiPiciformesRamphastidae (Toucans)
0%
Cyprus Scops-OwlOtus cypriusStrigiformesStrigidae (Owls)
0%
Damara Red-billed HornbillTockus damarensisBucerotiformesBucerotidae (Hornbills)
0%
Darjeeling WoodpeckerDendrocopos darjellensisPiciformesPicidae (Woodpeckers)
0%
Dark-backed Imperial-PigeonDucula lacernulataColumbiformesColumbidae (Pigeons and Doves)
0%
Dark-backed Wood-QuailOdontophorus melanonotusGalliformesOdontophoridae (New World Quail)
0%
Dark Hawk-CuckooHierococcyx bockiCuculiformesCuculidae (Cuckoos)
0%
Dark-rumped SwiftApus acuticaudaCaprimulgiformesApodidae (Swifts)
0%
Dark-winged TrumpeterPsophia viridisGruiformesPsophiidae (Trumpeters)
0%
D'Arnaud's BarbetTrachyphonus darnaudiiPiciformesLybiidae (African Barbets)
0%
Daurian PartridgePerdix dauuricaGalliformesPhasianidae (Pheasants, Grouse, and Allies)
0%
Delegorgue's PigeonColumba delegorgueiColumbiformesColumbidae (Pigeons and Doves)
0%
Derbyan ParakeetPsittacula derbianaPsittaciformesPsittaculidae (Old World Parrots)
0%
Desert OwlStrix hadoramiStrigiformesStrigidae (Owls)
0%
Diabolical NightjarEurostopodus diabolicusCaprimulgiformesCaprimulgidae (Nightjars and Allies)
0%
Diamantina SabrewingCampylopterus diamantinensisCaprimulgiformesTrochilidae (Hummingbirds)
0%
Diard's TrogonHarpactes diardiiTrogoniformesTrogonidae (Trogons)
0%
Dickinson's KestrelFalco dickinsoniFalconiformesFalconidae (Falcons and Caracaras)
0%
Dideric CuckooChrysococcyx capriusCuculiformesCuculidae (Cuckoos)
0%
Dieffenbach's RailGallirallus dieffenbachiiGruiformesRallidae (Rails, Gallinules, and Coots)
0%
Dimorphic Dwarf-KingfisherCeyx margarethaeCoraciiformesAlcedinidae (Kingfishers)
0%
Djibouti FrancolinPternistis ochropectusGalliformesPhasianidae (Pheasants, Grouse, and Allies)
0%
Donaldson-Smith's NightjarCaprimulgus donaldsoniCaprimulgiformesCaprimulgidae (Nightjars and Allies)
0%
Doria's GoshawkMegatriorchis doriaeAccipitriformesAccipitridae (Hawks, Eagles, and Kites)
0%
Dot-eared CoquetteLophornis gouldiiCaprimulgiformesTrochilidae (Hummingbirds)
0%
Dot-fronted WoodpeckerDryobates frontalisPiciformesPicidae (Woodpeckers)
0%
Dot-winged CrakePorzana spilopteraGruiformesRallidae (Rails, Gallinules, and Coots)
0%
Double-banded CourserSmutsornis africanusCharadriiformesGlareolidae (Pratincoles and Coursers)
0%
Double-banded PloverCharadrius bicinctusCharadriiformesCharadriidae (Plovers and Lapwings)
0%
Double-banded SandgrousePterocles bicinctusPterocliformesPteroclidae (Sandgrouse)
0%
Double-eyed Fig-ParrotCyclopsitta diophthalmaPsittaciformesPsittaculidae (Old World Parrots)
0%
Double-spurred FrancolinPternistis bicalcaratusGalliformesPhasianidae (Pheasants, Grouse, and Allies)
0%
Double-striped Thick-kneeBurhinus bistriatusCharadriiformesBurhinidae (Thick-knees)
0%
Double-toothed BarbetLybius bidentatusPiciformesLybiidae (African Barbets)
0%
Double-toothed KiteHarpagus bidentatusAccipitriformesAccipitridae (Hawks, Eagles, and Kites)
0%
Drab SwiftletCollocalia neglectaCaprimulgiformesApodidae (Swifts)
0%
Duchess LorikeetCharmosynoides margarethaePsittaciformesPsittaculidae (Old World Parrots)
0%
Ducorps's CockatooCacatua ducorpsiiPsittaciformesCacatuidae (Cockatoos)
0%
Dulit FrogmouthBatrachostomus hartertiCaprimulgiformesPodargidae (Frogmouths)
0%
Dulit PartridgeRhizothera dulitensisGalliformesPhasianidae (Pheasants, Grouse, and Allies)
0%
Dusky-backed JacamarBrachygalba salmoniGalbuliformesGalbulidae (Jacamars)
0%
Dusky-billed ParrotletForpus modestusPsittaciformesPsittacidae (New World and African Parrots)
0%
Dusky-headed ParakeetAratinga weddelliiPsittaciformesPsittacidae (New World and African Parrots)
0%
Dusky HummingbirdPhaeoptila sordidaCaprimulgiformesTrochilidae (Hummingbirds)
0%
Dusky-legged GuanPenelope obscuraGalliformesCracidae (Guans, Chachalacas, and Curassows)
0%
Dusky Long-tailed CuckooCercococcyx mechowiCuculiformesCuculidae (Cuckoos)
0%
Dusky LoryPseudeos fuscataPsittaciformesPsittaculidae (Old World Parrots)
0%
Dusky MoorhenGallinula tenebrosaGruiformesRallidae (Rails, Gallinules, and Coots)
0%
Dusky ParrotPionus fuscusPsittaciformesPsittacidae (New World and African Parrots)
0%
Dusky PigeonPatagioenas goodsoniColumbiformesColumbidae (Pigeons and Doves)
0%
Dusky ScrubfowlMegapodius freycinetGalliformesMegapodiidae (Megapodes)
0%
Dusky StarfrontletCoeligena orinaCaprimulgiformesTrochilidae (Hummingbirds)
0%
Dusky-throated HermitPhaethornis squalidusCaprimulgiformesTrochilidae (Hummingbirds)
0%
Dusky Turtle-DoveStreptopelia lugensColumbiformesColumbidae (Pigeons and Doves)
0%
Dwarf BitternIxobrychus sturmiiPelecaniformesArdeidae (Herons, Egrets, and Bitterns)
0%
Dwarf CuckooCoccycua pumilaCuculiformesCuculidae (Cuckoos)
0%
Dwarf Fruit-DovePtilinopus nainusColumbiformesColumbidae (Pigeons and Doves)
0%
Dwarf HoneyguideIndicator pumilioPiciformesIndicatoridae (Honeyguides)
0%
Dwarf KoelMicrodynamis parvaCuculiformesCuculidae (Cuckoos)
0%
Eared PoorwillNyctiphrynus mcleodiiCaprimulgiformesCaprimulgidae (Nightjars and Allies)
0%
Eared QuetzalEuptilotis neoxenusTrogoniformesTrogonidae (Trogons)
0%
East Brazilian ChachalacaOrtalis araucuanGalliformesCracidae (Guans, Chachalacas, and Curassows)
0%
Eastern Chanting-GoshawkMelierax poliopterusAccipitriformesAccipitridae (Hawks, Eagles, and Kites)
0%
Eastern Marsh-HarrierCircus spilonotusAccipitriformesAccipitridae (Hawks, Eagles, and Kites)
0%
Eastern Plantain-eaterCrinifer zonurusMusophagiformesMusophagidae (Turacos)
0%
Eastern Striolated-PuffbirdNystalus striolatusGalbuliformesBucconidae (Puffbirds)
0%
Echo ParakeetPsittacula equesPsittaciformesPsittaculidae (Old World Parrots)
0%
Ecuadorian HillstarOreotrochilus chimborazoCaprimulgiformesTrochilidae (Hummingbirds)
0%
Ecuadorian PiculetPicumnus sclateriPiciformesPicidae (Woodpeckers)
0%
Ecuadorian PiedtailPhlogophilus hemileucurusCaprimulgiformesTrochilidae (Hummingbirds)
0%
Ecuadorian TrogonTrogon mesurusTrogoniformesTrogonidae (Trogons)
0%
Edwards's Fig-ParrotPsittaculirostris edwardsiiPsittaciformesPsittaculidae (Old World Parrots)
0%
Edwards's PheasantLophura edwardsiGalliformesPhasianidae (Pheasants, Grouse, and Allies)
0%
Egyptian NightjarCaprimulgus aegyptiusCaprimulgiformesCaprimulgidae (Nightjars and Allies)
0%
Elegant Imperial-PigeonDucula concinnaColumbiformesColumbidae (Pigeons and Doves)
0%
Elegant ParrotNeophema elegansPsittaciformesPsittaculidae (Old World Parrots)
0%
Elegant QuailCallipepla douglasiiGalliformesOdontophoridae (New World Quail)
0%
Elegant TrogonTrogon elegansTrogoniformesTrogonidae (Trogons)
0%
Eleonora's FalconFalco eleonoraeFalconiformesFalconidae (Falcons and Caracaras)
0%
Elliot's Storm-PetrelOceanites gracilisProcellariiformesOceanitidae (Southern Storm-Petrels)
0%
Elliot's WoodpeckerChloropicus elliotiiPiciformesPicidae (Woodpeckers)
0%
El Oro ParakeetPyrrhura orcesiPsittaciformesPsittacidae (New World and African Parrots)
0%
Emerald-bellied PufflegEriocnemis alineCaprimulgiformesTrochilidae (Hummingbirds)
0%
Emerald-chinned HummingbirdAbeillia abeilleiCaprimulgiformesTrochilidae (Hummingbirds)
0%
Emerald-spotted Wood-DoveTurtur chalcospilosColumbiformesColumbidae (Pigeons and Doves)
0%
Empress BrilliantHeliodoxa imperatrixCaprimulgiformesTrochilidae (Hummingbirds)
0%
Enggano Cuckoo-DoveMacropygia cinnamomeaColumbiformesColumbidae (Pigeons and Doves)
0%
Enggano Scops-OwlOtus enganensisStrigiformesStrigidae (Owls)
0%
Erckel's FrancolinPternistis erckeliiGalliformesPhasianidae (Pheasants, Grouse, and Allies)
0%
Esmeraldas WoodstarChaetocercus berlepschiCaprimulgiformesTrochilidae (Hummingbirds)
0%
Eurasian Pygmy-OwlGlaucidium passerinumStrigiformesStrigidae (Owls)
0%
Eurasian Scops-OwlOtus scopsStrigiformesStrigidae (Owls)
0%
Eurasian Thick-kneeBurhinus oedicnemusCharadriiformesBurhinidae (Thick-knees)
0%
Eurasian Three-toed WoodpeckerPicoides tridactylusPiciformesPicidae (Woodpeckers)
0%
Eurasian WryneckJynx torquillaPiciformesPicidae (Woodpeckers)
0%
Everett's Scops-OwlOtus everettiStrigiformesStrigidae (Owls)
0%
Fairy LorikeetCharmosynopsis pulchellaPsittaciformesPsittaculidae (Old World Parrots)
0%
Fan-tailed CuckooCacomantis flabelliformisCuculiformesCuculidae (Cuckoos)
0%
Fasciated Snake-EagleCircaetus fasciolatusAccipitriformesAccipitridae (Hawks, Eagles, and Kites)
0%
Fearful OwlAsio solomonensisStrigiformesStrigidae (Owls)
0%
Fea's PetrelPterodroma feaeProcellariiformesProcellariidae (Shearwaters and Petrels)
0%
Feline Owlet-nightjarAegotheles insignisCaprimulgiformesAegothelidae (Owlet-nightjars)
0%
Fernandina's FlickerColaptes fernandinaePiciformesPicidae (Woodpeckers)
0%
Ferruginous PartridgeCaloperdix oculeusGalliformesPhasianidae (Pheasants, Grouse, and Allies)
0%
Festive CoquetteLophornis chalybeusCaprimulgiformesTrochilidae (Hummingbirds)
0%
Festive ParrotAmazona festivaPsittaciformesPsittacidae (New World and African Parrots)
0%
Fiery-necked NightjarCaprimulgus pectoralisCaprimulgiformesCaprimulgidae (Nightjars and Allies)
0%
Fiery-shouldered ParakeetPyrrhura egregiaPsittaciformesPsittacidae (New World and African Parrots)
0%
Fiery-tailed AwlbillAvocettula recurvirostrisCaprimulgiformesTrochilidae (Hummingbirds)
0%
Fiery-throated HummingbirdPanterpe insignisCaprimulgiformesTrochilidae (Hummingbirds)
0%
Fiery TopazTopaza pyraCaprimulgiformesTrochilidae (Hummingbirds)
0%
Fiji GoshawkAccipiter rufitorquesAccipitriformesAccipitridae (Hawks, Eagles, and Kites)
0%
Fiji PetrelPseudobulweria macgillivrayiProcellariiformesProcellariidae (Shearwaters and Petrels)
0%
Fine-barred PiculetPicumnus subtilisPiciformesPicidae (Woodpeckers)
0%
Fine-spotted WoodpeckerCampethera punctuligeraPiciformesPicidae (Woodpeckers)
0%
Finsch's DuckChenonetta finschiAnseriformesAnatidae (Ducks, Geese, and Waterfowl)
0%
Finsch's FrancolinScleroptila finschiGalliformesPhasianidae (Pheasants, Grouse, and Allies)
0%
Finsch's Imperial-PigeonDucula finschiiColumbiformesColumbidae (Pigeons and Doves)
0%
Finsch's Pygmy-ParrotMicropsitta finschiiPsittaciformesPsittaculidae (Old World Parrots)
0%
Fire-bellied WoodpeckerChloropicus pyrrhogasterPiciformesPicidae (Woodpeckers)
0%
Fire-throated MetaltailMetallura eupogonCaprimulgiformesTrochilidae (Hummingbirds)
0%
Fire-tufted BarbetPsilopogon pyrolophusPiciformesMegalaimidae (Asian Barbets)
0%
Five-colored BarbetCapito quinticolorPiciformesCapitonidae (New World Barbets)
0%
Flame-breasted Fruit-DovePtilinopus marcheiColumbiformesColumbidae (Pigeons and Doves)
0%
Flame-fronted BarbetPsilopogon armillarisPiciformesMegalaimidae (Asian Barbets)
0%
Flat-billed KingfisherTodiramphus recurvirostrisCoraciiformesAlcedinidae (Kingfishers)
0%
Flesh-footed ShearwaterArdenna carneipesProcellariiformesProcellariidae (Shearwaters and Petrels)
0%
Flock BronzewingPhaps histrionicaColumbiformesColumbidae (Pigeons and Doves)
0%
Flores Green-PigeonTreron florisColumbiformesColumbidae (Pigeons and Doves)
0%
Flores Hawk-EagleNisaetus florisAccipitriformesAccipitridae (Hawks, Eagles, and Kites)
0%
Flores Scops-OwlOtus alfrediStrigiformesStrigidae (Owls)
0%
Flores Sea Cuckoo-DoveMacropygia macassariensisColumbiformesColumbidae (Pigeons and Doves)
0%
Fluttering ShearwaterPuffinus gaviaProcellariiformesProcellariidae (Shearwaters and Petrels)
0%
Foothill Screech-OwlMegascops roraimaeStrigiformesStrigidae (Owls)
0%
Forbes's PloverCharadrius forbesiCharadriiformesCharadriidae (Plovers and Lapwings)
0%
Forbes's RailRallina forbesiGruiformesRallidae (Rails, Gallinules, and Coots)
0%
Forbes-Watson's SwiftApus berlioziCaprimulgiformesApodidae (Swifts)
0%
Forest BitternZonerodius heliosylusPelecaniformesArdeidae (Herons, Egrets, and Bitterns)
0%
Forest BuzzardButeo trizonatusAccipitriformesAccipitridae (Hawks, Eagles, and Kites)
0%
Forest KingfisherTodiramphus macleayiiCoraciiformesAlcedinidae (Kingfishers)
0%
Forest OwletAthene blewittiStrigiformesStrigidae (Owls)
0%
Forest WoodhoopoePhoeniculus castaneicepsBucerotiformesPhoeniculidae (Woodhoopoes and Scimitarbills)
0%
Fork-tailed Drongo-CuckooSurniculus dicruroidesCuculiformesCuculidae (Cuckoos)
0%
Fork-tailed Palm-SwiftTachornis squamataCaprimulgiformesApodidae (Swifts)
0%
Fork-tailed Storm-PetrelHydrobates furcatusProcellariiformesHydrobatidae (Northern Storm-Petrels)
0%
Fork-tailed WoodnymphThalurania furcataCaprimulgiformesTrochilidae (Hummingbirds)
0%
Forsten's ScrubfowlMegapodius forsteniGalliformesMegapodiidae (Megapodes)
0%
Four-banded SandgrousePterocles quadricinctusPterocliformesPteroclidae (Sandgrouse)
0%
Fox KestrelFalco alopexFalconiformesFalconidae (Falcons and Caracaras)
0%
Frances's SparrowhawkAccipiter francesiaeAccipitriformesAccipitridae (Hawks, Eagles, and Kites)
0%
Fraser's Eagle-OwlBubo poensisStrigiformesStrigidae (Owls)
0%
Freckle-breasted WoodpeckerDendrocopos analisPiciformesPicidae (Woodpeckers)
0%
Freckled NightjarCaprimulgus tristigmaCaprimulgiformesCaprimulgidae (Nightjars and Allies)
0%
Frilled CoquetteLophornis magnificusCaprimulgiformesTrochilidae (Hummingbirds)
0%
Fuegian SnipeGallinago stricklandiiCharadriiformesScolopacidae (Sandpipers and Allies)
0%
Fulmar PrionPachyptila crassirostrisProcellariiformesProcellariidae (Shearwaters and Petrels)
0%
Fulvous-breasted WoodpeckerDendrocopos maceiPiciformesPicidae (Woodpeckers)
0%
Fulvous-chinned NunletNonnula sclateriGalbuliformesBucconidae (Puffbirds)
0%
Fulvous OwlStrix fulvescensStrigiformesStrigidae (Owls)
0%
Fynbos ButtonquailTurnix hottentottusCharadriiformesTurnicidae (Buttonquail)
0%
Gabon CoucalCentropus anselliCuculiformesCuculidae (Cuckoos)
0%
Gabon WoodpeckerChloropicus gabonensisPiciformesPicidae (Woodpeckers)
0%
Galapagos HawkButeo galapagoensisAccipitriformesAccipitridae (Hawks, Eagles, and Kites)
0%
Galapagos PetrelPterodroma phaeopygiaProcellariiformesProcellariidae (Shearwaters and Petrels)
0%
Galapagos RailLaterallus spilonotaGruiformesRallidae (Rails, Gallinules, and Coots)
0%
Galapagos ShearwaterPuffinus subalarisProcellariiformesProcellariidae (Shearwaters and Petrels)
0%
Gang-gang CockatooCallocephalon fimbriatumPsittaciformesCacatuidae (Cockatoos)
0%
Garden EmeraldChlorostilbon assimilisCaprimulgiformesTrochilidae (Hummingbirds)
0%
Garnet-throated HummingbirdLamprolaima rhamiCaprimulgiformesTrochilidae (Hummingbirds)
0%
Gartered TrogonTrogon caligatusTrogoniformesTrogonidae (Trogons)
0%
Geelvink Pygmy-ParrotMicropsitta geelvinkianaPsittaciformesPsittaculidae (Old World Parrots)
0%
Geoffroy's DaggerbillSchistes geoffroyiCaprimulgiformesTrochilidae (Hummingbirds)
0%
Germain's Peacock-PheasantPolyplectron germainiGalliformesPhasianidae (Pheasants, Grouse, and Allies)
0%
Germain's SwiftletAerodramus germaniCaprimulgiformesApodidae (Swifts)
0%
Giant Scops-OwlOtus gurneyiStrigiformesStrigidae (Owls)
0%
Giant SnipeGallinago undulataCharadriiformesScolopacidae (Sandpipers and Allies)
0%
Giant Wood-RailAramides ypecahaGruiformesRallidae (Rails, Gallinules, and Coots)
0%
Gilded BarbetCapito auratusPiciformesCapitonidae (New World Barbets)
0%
Gilded HummingbirdHylocharis chrysuraCaprimulgiformesTrochilidae (Hummingbirds)
0%
Glaucous MacawAnodorhynchus glaucusPsittaciformesPsittacidae (New World and African Parrots)
0%
Glittering-bellied EmeraldChlorostilbon lucidusCaprimulgiformesTrochilidae (Hummingbirds)
0%
Glittering-throated EmeraldChionomesa fimbriataCaprimulgiformesTrochilidae (Hummingbirds)
0%
Glossy Black-CockatooCalyptorhynchus lathamiPsittaciformesCacatuidae (Cockatoos)
0%
Glossy SwiftletCollocalia esculentaCaprimulgiformesApodidae (Swifts)
0%
Glowing PufflegEriocnemis vestitaCaprimulgiformesTrochilidae (Hummingbirds)
0%
Glow-throated HummingbirdSelasphorus ardensCaprimulgiformesTrochilidae (Hummingbirds)
0%
Golden-bellied StarfrontletCoeligena bonaparteiCaprimulgiformesTrochilidae (Hummingbirds)
0%
Golden-breasted PufflegEriocnemis mosqueraCaprimulgiformesTrochilidae (Hummingbirds)
0%
Golden-capped ParakeetAratinga auricapillusPsittaciformesPsittacidae (New World and African Parrots)
0%
Golden-cheeked WoodpeckerMelanerpes chrysogenysPiciformesPicidae (Woodpeckers)
0%
Golden-collared ToucanetSelenidera reinwardtiiPiciformesRamphastidae (Toucans)
0%
Golden-collared WoodpeckerDryobates cassiniPiciformesPicidae (Woodpeckers)
0%
Golden-crowned EmeraldCynanthus auricepsCaprimulgiformesTrochilidae (Hummingbirds)
0%
Golden-crowned WoodpeckerChloropicus xantholophusPiciformesPicidae (Woodpeckers)
0%
Golden DovePtilinopus luteovirensColumbiformesColumbidae (Pigeons and Doves)
0%
Golden-fronted WoodpeckerMelanerpes aurifronsPiciformesPicidae (Woodpeckers)
0%
Golden-green WoodpeckerPiculus chrysochlorosPiciformesPicidae (Woodpeckers)
0%
Golden-headed QuetzalPharomachrus auricepsTrogoniformesTrogonidae (Trogons)
0%
Golden-mantled Racquet-tailPrioniturus platurusPsittaciformesPsittaculidae (Old World Parrots)
0%
Golden Masked-OwlTyto aurantiaStrigiformesTytonidae (Barn-Owls)
0%
Golden-naped BarbetPsilopogon pulcherrimusPiciformesMegalaimidae (Asian Barbets)
0%
Golden-naped WoodpeckerMelanerpes chrysauchenPiciformesPicidae (Woodpeckers)
0%
Golden NightjarCaprimulgus eximiusCaprimulgiformesCaprimulgidae (Nightjars and Allies)
0%
Golden-olive WoodpeckerColaptes rubiginosusPiciformesPicidae (Woodpeckers)
0%
Golden ParakeetGuaruba guaroubaPsittaciformesPsittacidae (New World and African Parrots)
0%
Golden-plumed ParakeetLeptosittaca branickiiPsittaciformesPsittacidae (New World and African Parrots)
0%
Golden-shouldered ParrotPsephotus chrysopterygiusPsittaciformesPsittaculidae (Old World Parrots)
0%
Golden-spangled PiculetPicumnus exilisPiciformesPicidae (Woodpeckers)
0%
Golden-spotted Ground DoveMetriopelia aymaraColumbiformesColumbidae (Pigeons and Doves)
0%
Golden-tailed ParrotletTouit surdusPsittaciformesPsittacidae (New World and African Parrots)
0%
Golden-tailed SapphireChrysuronia oenoneCaprimulgiformesTrochilidae (Hummingbirds)
0%
Golden-tailed WoodpeckerCampethera abingoniPiciformesPicidae (Woodpeckers)
0%
Golden-throated BarbetPsilopogon frankliniiPiciformesMegalaimidae (Asian Barbets)
0%
Golden-winged ParakeetBrotogeris chrysopteraPsittaciformesPsittacidae (New World and African Parrots)
0%
Goldie's LorikeetGlossoptila goldieiPsittaciformesPsittaculidae (Old World Parrots)
0%
Gold-whiskered BarbetPsilopogon chrysopogonPiciformesMegalaimidae (Asian Barbets)
0%
Gorgeted PufflegEriocnemis isabellaeCaprimulgiformesTrochilidae (Hummingbirds)
0%
Gorgeted SunangelHeliangelus strophianusCaprimulgiformesTrochilidae (Hummingbirds)
0%
Gorgeted Wood-QuailOdontophorus strophiumGalliformesOdontophoridae (New World Quail)
0%
Gorgeted WoodstarChaetocercus heliodorCaprimulgiformesTrochilidae (Hummingbirds)
0%
Gough MoorhenGallinula comeriGruiformesRallidae (Rails, Gallinules, and Coots)
0%
Gould's FrogmouthBatrachostomus stellatusCaprimulgiformesPodargidae (Frogmouths)
0%
Gould's JewelfrontHeliodoxa aurescensCaprimulgiformesTrochilidae (Hummingbirds)
0%
Gould's PetrelPterodroma leucopteraProcellariiformesProcellariidae (Shearwaters and Petrels)
0%
Gould's ToucanetSelenidera gouldiiPiciformesRamphastidae (Toucans)
0%
Grasshopper BuzzardButastur rufipennisAccipitriformesAccipitridae (Hawks, Eagles, and Kites)
0%
Gray-and-buff WoodpeckerHemicircus concretusPiciformesPicidae (Woodpeckers)
0%
Gray-backed HawkPseudastur occidentalisAccipitriformesAccipitridae (Hawks, Eagles, and Kites)
0%
Gray-backed Storm-PetrelGarrodia nereisProcellariiformesOceanitidae (Southern Storm-Petrels)
0%
Gray-bellied CometTaphrolesbia griseiventrisCaprimulgiformesTrochilidae (Hummingbirds)
0%
Gray-bellied CuckooCacomantis passerinusCuculiformesCuculidae (Cuckoos)
0%
Gray-bellied HawkAccipiter poliogasterAccipitriformesAccipitridae (Hawks, Eagles, and Kites)
0%
Gray-breasted CrakeLaterallus exilisGruiformesRallidae (Rails, Gallinules, and Coots)
0%
Gray-breasted FrancolinPternistis rufopictusGalliformesPhasianidae (Pheasants, Grouse, and Allies)
0%
Gray-breasted Mountain-ToucanAndigena hypoglaucaPiciformesRamphastidae (Toucans)
0%
Gray-breasted ParakeetPyrrhura griseipectusPsittaciformesPsittacidae (New World and African Parrots)
0%
Gray-breasted PartridgeArborophila orientalisGalliformesPhasianidae (Pheasants, Grouse, and Allies)
0%
Gray-breasted SabrewingCampylopterus largipennisCaprimulgiformesTrochilidae (Hummingbirds)
0%
Gray-breasted SeedsnipeThinocorus orbignyianusCharadriiformesThinocoridae (Seedsnipes)
0%
Gray-breasted WoodpeckerMelanerpes hypopoliusPiciformesPicidae (Woodpeckers)
0%
Gray-capped CuckooCoccyzus lansbergiCuculiformesCuculidae (Cuckoos)
0%
Gray-capped Pygmy WoodpeckerYungipicus canicapillusPiciformesPicidae (Woodpeckers)
0%
Gray-cheeked Green-PigeonTreron griseicaudaColumbiformesColumbidae (Pigeons and Doves)
0%
Gray-cheeked NunletNonnula frontalisGalbuliformesBucconidae (Puffbirds)
0%
Gray-cheeked ParakeetBrotogeris pyrrhopteraPsittaciformesPsittacidae (New World and African Parrots)
0%
Gray-chested DoveLeptotila cassiniiColumbiformesColumbidae (Pigeons and Doves)
0%
Gray-chinned HermitPhaethornis griseogularisCaprimulgiformesTrochilidae (Hummingbirds)
0%
Gray-cowled Wood-RailAramides cajaneusGruiformesRallidae (Rails, Gallinules, and Coots)
0%
Gray-crowned WoodpeckerColaptes auricularisPiciformesPicidae (Woodpeckers)
0%
Gray-faced PetrelPterodroma gouldiProcellariiformesProcellariidae (Shearwaters and Petrels)
0%
Gray FalconFalco hypoleucosFalconiformesFalconidae (Falcons and Caracaras)
0%
Gray FrancolinOrtygornis pondicerianusGalliformesPhasianidae (Pheasants, Grouse, and Allies)
0%
Gray-fronted DoveLeptotila rufaxillaColumbiformesColumbidae (Pigeons and Doves)
0%
Gray-fronted Green-PigeonTreron affinisColumbiformesColumbidae (Pigeons and Doves)
0%
Gray-fronted Quail-DoveGeotrygon canicepsColumbiformesColumbidae (Pigeons and Doves)
0%
Gray GoshawkAccipiter novaehollandiaeAccipitriformesAccipitridae (Hawks, Eagles, and Kites)
0%
Gray-green Fruit-DovePtilinopus purpuratusColumbiformesColumbidae (Pigeons and Doves)
0%
Gray-headed AlbatrossThalassarche chrysostomaProcellariiformesDiomedeidae (Albatrosses)
0%
Gray-headed ChachalacaOrtalis cinereicepsGalliformesCracidae (Guans, Chachalacas, and Curassows)
0%
Gray-headed DoveLeptotila plumbeicepsColumbiformesColumbidae (Pigeons and Doves)
0%
Gray-headed Fruit-DovePtilinopus hyogastrusColumbiformesColumbidae (Pigeons and Doves)
0%
Gray-headed GoshawkAccipiter poliocephalusAccipitriformesAccipitridae (Hawks, Eagles, and Kites)
0%
Gray-headed Imperial-PigeonDucula radiataColumbiformesColumbidae (Pigeons and Doves)
0%
Gray-headed KiteLeptodon cayanensisAccipitriformesAccipitridae (Hawks, Eagles, and Kites)
0%
Gray-headed LapwingVanellus cinereusCharadriiformesCharadriidae (Plovers and Lapwings)
0%
Gray-headed ParakeetPsittacula finschiiPsittaciformesPsittaculidae (Old World Parrots)
0%
Gray-headed SwamphenPorphyrio poliocephalusGruiformesRallidae (Rails, Gallinules, and Coots)
0%
Gray-headed WoodpeckerPicus canusPiciformesPicidae (Woodpeckers)
0%
Gray-hooded GullChroicocephalus cirrocephalusCharadriiformesLaridae (Gulls, Terns, and Skimmers)
0%
Gray-hooded ParakeetPsilopsiagon aymaraPsittaciformesPsittacidae (New World and African Parrots)
0%
Gray Imperial-PigeonDucula pickeringiiColumbiformesColumbidae (Pigeons and Doves)
0%
Grayish PiculetPicumnus granadensisPiciformesPicidae (Woodpeckers)
0%
Gray-legged TinamouCrypturellus duidaeTinamiformesTinamidae (Tinamous)
0%
Gray-lined HawkButeo nitidusAccipitriformesAccipitridae (Hawks, Eagles, and Kites)
0%
Gray NightjarCaprimulgus jotakaCaprimulgiformesCaprimulgidae (Nightjars and Allies)
0%
Gray NoddyAnous albivittaCharadriiformesLaridae (Gulls, Terns, and Skimmers)
0%
Gray Peacock-PheasantPolyplectron bicalcaratumGalliformesPhasianidae (Pheasants, Grouse, and Allies)
0%
Gray PetrelProcellaria cinereaProcellariiformesProcellariidae (Shearwaters and Petrels)
0%
Gray PratincoleGlareola cinereaCharadriiformesGlareolidae (Pratincoles and Coursers)
0%
Gray-rumped SwiftChaetura cinereiventrisCaprimulgiformesApodidae (Swifts)
0%
Gray-rumped SwiftletCollocalia marginataCaprimulgiformesApodidae (Swifts)
0%
Gray-rumped TreeswiftHemiprocne longipennisCaprimulgiformesHemiprocnidae (Treeswifts)
0%
Gray-striped FrancolinPternistis griseostriatusGalliformesPhasianidae (Pheasants, Grouse, and Allies)
0%
Gray-tailed TattlerTringa brevipesCharadriiformesScolopacidae (Sandpipers and Allies)
0%
Gray TealAnas gracilisAnseriformesAnatidae (Ducks, Geese, and Waterfowl)
0%
Gray-throated BarbetGymnobucco bonaparteiPiciformesLybiidae (African Barbets)
0%
Gray-throated RailCanirallus oculeusGruiformesRallidae (Rails, Gallinules, and Coots)
0%
Gray-winged FrancolinScleroptila afraGalliformesPhasianidae (Pheasants, Grouse, and Allies)
0%
Great BarbetPsilopogon virensPiciformesMegalaimidae (Asian Barbets)
0%
Great-billed HermitPhaethornis malarisCaprimulgiformesTrochilidae (Hummingbirds)
0%
Great-billed KingfisherPelargopsis melanorhynchaCoraciiformesAlcedinidae (Kingfishers)
0%
Great-billed ParrotTanygnathus megalorynchosPsittaciformesPsittaculidae (Old World Parrots)
0%
Great Cuckoo-DoveReinwardtoena reinwardtiColumbiformesColumbidae (Pigeons and Doves)
0%
Great Dusky SwiftCypseloides senexCaprimulgiformesApodidae (Swifts)
0%
Great Eared-NightjarLyncornis macrotisCaprimulgiformesCaprimulgidae (Nightjars and Allies)
0%
Greater Antillean NightjarAntrostomus cubanensisCaprimulgiformesCaprimulgidae (Nightjars and Allies)
0%
Greater Black CoucalCentropus menbekiCuculiformesCuculidae (Cuckoos)
0%
Greater BluebonnetNorthiella haematogasterPsittaciformesPsittaculidae (Old World Parrots)
0%
Greater FlamebackChrysocolaptes guttacristatusPiciformesPicidae (Woodpeckers)
0%
Greater HoneyguideIndicator indicatorPiciformesIndicatoridae (Honeyguides)
0%
Greater Sand-PloverCharadrius leschenaultiiCharadriiformesCharadriidae (Plovers and Lapwings)
0%
Greater Vasa ParrotCoracopsis vasaPsittaciformesPsittaculidae (Old World Parrots)
0%
Greater YellownapeChrysophlegma flavinuchaPiciformesPicidae (Woodpeckers)
0%
Great Lizard-CuckooCoccyzus merliniCuculiformesCuculidae (Cuckoos)
0%
Great ShearwaterArdenna gravisProcellariiformesProcellariidae (Shearwaters and Petrels)
0%
Great Slaty WoodpeckerMulleripicus pulverulentusPiciformesPicidae (Woodpeckers)
0%
Great Spotted CuckooClamator glandariusCuculiformesCuculidae (Cuckoos)
0%
Great Swallow-tailed SwiftPanyptila sanctihieronymiCaprimulgiformesApodidae (Swifts)
0%
Great Thick-kneeEsacus recurvirostrisCharadriiformesBurhinidae (Thick-knees)
0%
Great-winged PetrelPterodroma macropteraProcellariiformesProcellariidae (Shearwaters and Petrels)
0%
Green-and-white HummingbirdElliotomyia viridicaudaCaprimulgiformesTrochilidae (Hummingbirds)
0%
Green-backed FirecrownSephanoides sephaniodesCaprimulgiformesTrochilidae (Hummingbirds)
0%
Green-backed HillstarUrochroa leucuraCaprimulgiformesTrochilidae (Hummingbirds)
0%
Green-backed HoneyguideProdotiscus zambesiaePiciformesIndicatoridae (Honeyguides)
0%
Green-backed KingfisherActenoides monachusCoraciiformesAlcedinidae (Kingfishers)
0%
Green-backed TrogonTrogon viridisTrogoniformesTrogonidae (Trogons)
0%
Green-backed WoodpeckerCampethera cailliautiiPiciformesPicidae (Woodpeckers)
0%
Green BarbetStactolaema olivaceaPiciformesLybiidae (African Barbets)
0%
Green-barred WoodpeckerColaptes melanochlorosPiciformesPicidae (Woodpeckers)
0%
Green-bearded HelmetcrestOxypogon gueriniiCaprimulgiformesTrochilidae (Hummingbirds)
0%
Green Bee-eaterMerops orientalisCoraciiformesMeropidae (Bee-eaters)
0%
Green-bellied HummingbirdSaucerottia viridigasterCaprimulgiformesTrochilidae (Hummingbirds)
0%
Green-billed CoucalCentropus chlororhynchosCuculiformesCuculidae (Cuckoos)
0%
Green-billed MalkohaPhaenicophaeus tristisCuculiformesCuculidae (Cuckoos)
0%
Green-breasted MangoAnthracothorax prevostiiCaprimulgiformesTrochilidae (Hummingbirds)
0%
Green-breasted Mountain-gemLampornis sybillaeCaprimulgiformesTrochilidae (Hummingbirds)
0%
Green-crowned BrilliantHeliodoxa jaculaCaprimulgiformesTrochilidae (Hummingbirds)
0%
Green-crowned PlovercrestStephanoxis lalandiCaprimulgiformesTrochilidae (Hummingbirds)
0%
Green-eared BarbetPsilopogon faiostrictusPiciformesMegalaimidae (Asian Barbets)
0%
Green-fronted Hanging-ParrotLoriculus tenerPsittaciformesPsittaculidae (Old World Parrots)
0%
Green-fronted HummingbirdLeucolia viridifronsCaprimulgiformesTrochilidae (Hummingbirds)
0%
Green-fronted LancebillDoryfera ludovicaeCaprimulgiformesTrochilidae (Hummingbirds)
0%
Green-headed HillstarOreotrochilus stolzmanniCaprimulgiformesTrochilidae (Hummingbirds)
0%
Green HermitPhaethornis guyCaprimulgiformesTrochilidae (Hummingbirds)
0%
Green IbisMesembrinibis cayennensisPelecaniformesThreskiornithidae (Ibises and Spoonbills)
0%
Green Imperial-PigeonDucula aeneaColumbiformesColumbidae (Pigeons and Doves)
0%
Greenish PufflegHaplophaedia aureliaeCaprimulgiformesTrochilidae (Hummingbirds)
0%
Green MalkohaCeuthmochares australisCuculiformesCuculidae (Cuckoos)
0%
Green ParakeetPsittacara holochlorusPsittaciformesPsittacidae (New World and African Parrots)
0%
Green Racquet-tailPrioniturus luconensisPsittaciformesPsittaculidae (Old World Parrots)
0%
Green-rumped ParrotletForpus passerinusPsittaciformesPsittacidae (New World and African Parrots)
0%
Green SandpiperTringa ochropusCharadriiformesScolopacidae (Sandpipers and Allies)
0%
Green-spectacled Green-PigeonTreron oxyurusColumbiformesColumbidae (Pigeons and Doves)
0%
Green-tailed EmeraldChlorostilbon aliceCaprimulgiformesTrochilidae (Hummingbirds)
0%
Green-tailed GoldenthroatPolytmus theresiaeCaprimulgiformesTrochilidae (Hummingbirds)
0%
Green-tailed JacamarGalbula galbulaGalbuliformesGalbulidae (Jacamars)
0%
Green ThorntailDiscosura conversiiCaprimulgiformesTrochilidae (Hummingbirds)
0%
Green-throated CaribEulampis holosericeusCaprimulgiformesTrochilidae (Hummingbirds)
0%
Green-throated MangoAnthracothorax viridigulaCaprimulgiformesTrochilidae (Hummingbirds)
0%
Green-throated Mountain-gemLampornis viridipallensCaprimulgiformesTrochilidae (Hummingbirds)
0%
Green TinkerbirdPogoniulus simplexPiciformesLybiidae (African Barbets)
0%
Grenada DoveLeptotila wellsiColumbiformesColumbidae (Pigeons and Doves)
0%
Groove-billed ToucanetAulacorhynchus sulcatusPiciformesRamphastidae (Toucans)
0%
Ground ParrotPezoporus wallicusPsittaciformesPsittaculidae (Old World Parrots)
0%
Ground WoodpeckerGeocolaptes olivaceusPiciformesPicidae (Woodpeckers)
0%
Guadalcanal Dwarf-KingfisherCeyx nigromaxillaCoraciiformesAlcedinidae (Kingfishers)
0%
Guadalupe CaracaraCaracara lutosaFalconiformesFalconidae (Falcons and Caracaras)
0%
Guadalupe MurreletSynthliboramphus hypoleucusCharadriiformesAlcidae (Auks, Murres, and Puffins)
0%
Guadalupe Storm-PetrelHydrobates macrodactylaProcellariiformesHydrobatidae (Northern Storm-Petrels)
0%
Guadeloupe ParakeetPsittacara labatiPsittaciformesPsittacidae (New World and African Parrots)
0%
Guadeloupe ParrotAmazona violaceaPsittaciformesPsittacidae (New World and African Parrots)
0%
Guadeloupe WoodpeckerMelanerpes herminieriPiciformesPicidae (Woodpeckers)
0%
GuaiaberoBolbopsittacus lunulatusPsittaciformesPsittaculidae (Old World Parrots)
0%
Guanay CormorantLeucocarbo bougainvilliiSuliformesPhalacrocoracidae (Cormorants and Shags)
0%
Guayaquil WoodpeckerCampephilus gayaquilensisPiciformesPicidae (Woodpeckers)
0%
Guianan PuffbirdNotharchus macrorhynchosGalbuliformesBucconidae (Puffbirds)
0%
Guianan ToucanetSelenidera piperivoraPiciformesRamphastidae (Toucans)
0%
Guianan TrogonTrogon violaceusTrogoniformesTrogonidae (Trogons)
0%
Gundlach's HawkAccipiter gundlachiAccipitriformesAccipitridae (Hawks, Eagles, and Kites)
0%
Gurney's EagleAquila gurneyiAccipitriformesAccipitridae (Hawks, Eagles, and Kites)
0%
Hadada IbisBostrychia hagedashPelecaniformesThreskiornithidae (Ibises and Spoonbills)
0%
Hainan PartridgeArborophila ardensGalliformesPhasianidae (Pheasants, Grouse, and Allies)
0%
Hainan Peacock-PheasantPolyplectron katsumataeGalliformesPhasianidae (Pheasants, Grouse, and Allies)
0%
Hairy-breasted BarbetTricholaema hirsutaPiciformesLybiidae (African Barbets)
0%
Halmahera BoobookNinox hypogrammaStrigiformesStrigidae (Owls)
0%
Halmahera SwiftletAerodramus infuscatusCaprimulgiformesApodidae (Swifts)
0%
Handsome FrancolinPternistis nobilisGalliformesPhasianidae (Pheasants, Grouse, and Allies)
0%
Hartlaub's FrancolinPternistis hartlaubiGalliformesPhasianidae (Pheasants, Grouse, and Allies)
0%
Hartlaub's GullChroicocephalus hartlaubiiCharadriiformesLaridae (Gulls, Terns, and Skimmers)
0%
Harwood's FrancolinPternistis harwoodiGalliformesPhasianidae (Pheasants, Grouse, and Allies)
0%
Hawaiian HawkButeo solitariusAccipitriformesAccipitridae (Hawks, Eagles, and Kites)
0%
Hawaiian PetrelPterodroma sandwichensisProcellariiformesProcellariidae (Shearwaters and Petrels)
0%
Hawaiian RailZapornia sandwichensisGruiformesRallidae (Rails, Gallinules, and Coots)
0%
Hawkins's RailDiaphorapteryx hawkinsiGruiformesRallidae (Rails, Gallinules, and Coots)
0%
Hazel GrouseTetrastes bonasiaGalliformesPhasianidae (Pheasants, Grouse, and Allies)
0%
Heard Island ShagLeucocarbo nivalisSuliformesPhalacrocoracidae (Cormorants and Shags)
0%
Heart-spotted WoodpeckerHemicircus canentePiciformesPicidae (Woodpeckers)
0%
Heinroth's ShearwaterPuffinus heinrothiProcellariiformesProcellariidae (Shearwaters and Petrels)
0%
Helmeted CurassowPauxi pauxiGalliformesCracidae (Guans, Chachalacas, and Curassows)
0%
Helmeted WoodpeckerCeleus galeatusPiciformesPicidae (Woodpeckers)
0%
Henderson Island CrakeZapornia atraGruiformesRallidae (Rails, Gallinules, and Coots)
0%
Henderson Island Fruit-DovePtilinopus insularisColumbiformesColumbidae (Pigeons and Doves)
0%
Henderson PetrelPterodroma atrataProcellariiformesProcellariidae (Shearwaters and Petrels)
0%
Henst's GoshawkAccipiter henstiiAccipitriformesAccipitridae (Hawks, Eagles, and Kites)
0%
Herald PetrelPterodroma heraldicaProcellariiformesProcellariidae (Shearwaters and Petrels)
0%
Heuglin's BustardNeotis heugliniiOtidiformesOtididae (Bustards)
0%
Heuglin's FrancolinPternistis icterorhynchusGalliformesPhasianidae (Pheasants, Grouse, and Allies)
0%
Highland GuanPenelopina nigraGalliformesCracidae (Guans, Chachalacas, and Curassows)
0%
Highland TinamouNothocercus bonaparteiTinamiformesTinamidae (Tinamous)
0%
Hildebrandt's FrancolinPternistis hildebrandtiGalliformesPhasianidae (Pheasants, Grouse, and Allies)
0%
Hill PartridgeArborophila torqueolaGalliformesPhasianidae (Pheasants, Grouse, and Allies)
0%
Hill PigeonColumba rupestrisColumbiformesColumbidae (Pigeons and Doves)
0%
Himalayan BuzzardButeo refectusAccipitriformesAccipitridae (Hawks, Eagles, and Kites)
0%
Himalayan CuckooCuculus saturatusCuculiformesCuculidae (Cuckoos)
0%
Himalayan FlamebackDinopium shoriiPiciformesPicidae (Woodpeckers)
0%
Himalayan OwlStrix nivicolumStrigiformesStrigidae (Owls)
0%
Himalayan QuailOphrysia superciliosaGalliformesPhasianidae (Pheasants, Grouse, and Allies)
0%
Himalayan SwiftletAerodramus brevirostrisCaprimulgiformesApodidae (Swifts)
0%
Himalayan WoodpeckerDendrocopos himalayensisPiciformesPicidae (Woodpeckers)
0%
Hispaniolan EmeraldRiccordia swainsoniiCaprimulgiformesTrochilidae (Hummingbirds)
0%
Hispaniolan Lizard-CuckooCoccyzus longirostrisCuculiformesCuculidae (Cuckoos)
0%
Hispaniolan ParakeetPsittacara chloropterusPsittaciformesPsittacidae (New World and African Parrots)
0%
Hispaniolan ParrotAmazona ventralisPsittaciformesPsittacidae (New World and African Parrots)
0%
Hispaniolan TrogonPriotelus roseigasterTrogoniformesTrogonidae (Trogons)
0%
Hispaniolan WoodpeckerMelanerpes striatusPiciformesPicidae (Woodpeckers)
0%
Hoary PufflegHaplophaedia lugensCaprimulgiformesTrochilidae (Hummingbirds)
0%
Hodgen's WaterhenTribonyx hodgenorumGruiformesRallidae (Rails, Gallinules, and Coots)
0%
Hodgson's FrogmouthBatrachostomus hodgsoniCaprimulgiformesPodargidae (Frogmouths)
0%
Hodgson's Hawk-CuckooHierococcyx nisicolorCuculiformesCuculidae (Cuckoos)
0%
Hoffmann's WoodpeckerMelanerpes hoffmanniiPiciformesPicidae (Woodpeckers)
0%
Honduran EmeraldAmazilia luciaeCaprimulgiformesTrochilidae (Hummingbirds)
0%
Hooded GrebePodiceps gallardoiPodicipediformesPodicipedidae (Grebes)
0%
Hooded Mountain-ToucanAndigena cucullataPiciformesRamphastidae (Toucans)
0%
Hooded ParrotPsephotus dissimilisPsittaciformesPsittaculidae (Old World Parrots)
0%
Hooded PloverThinornis cucullatusCharadriiformesCharadriidae (Plovers and Lapwings)
0%
Hooded TinamouNothocercus nigrocapillusTinamiformesTinamidae (Tinamous)
0%
Hooded VisorbearerAugastes lumachellaCaprimulgiformesTrochilidae (Hummingbirds)
0%
Hook-billed HermitGlaucis dohrniiCaprimulgiformesTrochilidae (Hummingbirds)
0%
Hook-billed KingfisherMelidora macrorrhinaCoraciiformesAlcedinidae (Kingfishers)
0%
Horned CootFulica cornutaGruiformesRallidae (Rails, Gallinules, and Coots)
0%
Horned ParakeetEunymphicus cornutusPsittaciformesPsittaculidae (Old World Parrots)
0%
Horned SungemHeliactin bilophusCaprimulgiformesTrochilidae (Hummingbirds)
0%
Horsfield's Bronze-CuckooChrysococcyx basalisCuculiformesCuculidae (Cuckoos)
0%
Horus SwiftApus horusCaprimulgiformesApodidae (Swifts)
0%
Huayco TinamouRhynchotus maculicollisTinamiformesTinamidae (Tinamous)
0%
Humboldt's SapphireChrysuronia humboldtiiCaprimulgiformesTrochilidae (Hummingbirds)
0%
Hume's BoobookNinox obscuraStrigiformesStrigidae (Owls)
0%
Hume's PheasantSyrmaticus humiaeGalliformesPhasianidae (Pheasants, Grouse, and Allies)
0%
Hutton's ShearwaterPuffinus huttoniProcellariiformesProcellariidae (Shearwaters and Petrels)
0%
Hyacinth VisorbearerAugastes scutatusCaprimulgiformesTrochilidae (Hummingbirds)
0%
Imitator SparrowhawkAccipiter imitatorAccipitriformesAccipitridae (Hawks, Eagles, and Kites)
0%
Imperial CormorantLeucocarbo atricepsSuliformesPhalacrocoracidae (Cormorants and Shags)
0%
Imperial SnipeGallinago imperialisCharadriiformesScolopacidae (Sandpipers and Allies)
0%
Imperial WoodpeckerCampephilus imperialisPiciformesPicidae (Woodpeckers)
0%
Inaccessible Island RailAtlantisia rogersiGruiformesRallidae (Rails, Gallinules, and Coots)
0%
Inagua WoodstarNesophlox lyruraCaprimulgiformesTrochilidae (Hummingbirds)
0%
Indian CourserCursorius coromandelicusCharadriiformesGlareolidae (Pratincoles and Coursers)
0%
Indian CuckooCuculus micropterusCuculiformesCuculidae (Cuckoos)
0%
Indian Gray HornbillOcyceros birostrisBucerotiformesBucerotidae (Hornbills)
0%
Indian NightjarCaprimulgus asiaticusCaprimulgiformesCaprimulgidae (Nightjars and Allies)
0%
Indian Pond-HeronArdeola grayiiPelecaniformesArdeidae (Herons, Egrets, and Bitterns)
0%
Indian Scops-OwlOtus bakkamoenaStrigiformesStrigidae (Owls)
0%
Indian SkimmerRynchops albicollisCharadriiformesLaridae (Gulls, Terns, and Skimmers)
0%
Indian SwiftletAerodramus unicolorCaprimulgiformesApodidae (Swifts)
0%
Indian Thick-kneeBurhinus indicusCharadriiformesBurhinidae (Thick-knees)
0%
Indigo-banded KingfisherCeyx cyanopectusCoraciiformesAlcedinidae (Kingfishers)
0%
Indigo-capped HummingbirdSaucerottia cyanifronsCaprimulgiformesTrochilidae (Hummingbirds)
0%
Indigo MacawAnodorhynchus leariPsittaciformesPsittacidae (New World and African Parrots)
0%
Indigo-winged ParrotHapalopsittaca fuertesiPsittaciformesPsittacidae (New World and African Parrots)
0%
Indochinese BarbetPsilopogon annamensisPiciformesMegalaimidae (Asian Barbets)
0%
Indochinese RollerCoracias affinisCoraciiformesCoraciidae (Rollers)
0%
Invisible RailGallirallus wallaciiGruiformesRallidae (Rails, Gallinules, and Coots)
0%
Iris LorikeetSaudareos irisPsittaciformesPsittaculidae (Old World Parrots)
0%
Isabelline Bush-henAmaurornis isabellinaGruiformesRallidae (Rails, Gallinules, and Coots)
0%
Island Imperial-PigeonDucula pistrinariaColumbiformesColumbidae (Pigeons and Doves)
0%
Itombwe NightjarCaprimulgus prigogineiCaprimulgiformesCaprimulgidae (Nightjars and Allies)
0%
Ivory-billed AracariPteroglossus azaraPiciformesRamphastidae (Toucans)
0%
Jackal BuzzardButeo rufofuscusAccipitriformesAccipitridae (Hawks, Eagles, and Kites)
0%
Jackson's FrancolinPternistis jacksoniGalliformesPhasianidae (Pheasants, Grouse, and Allies)
0%
Jackson's HornbillTockus jacksoniBucerotiformesBucerotidae (Hornbills)
0%
Jamaican Lizard-CuckooCoccyzus vetulaCuculiformesCuculidae (Cuckoos)
0%
Jamaican MangoAnthracothorax mangoCaprimulgiformesTrochilidae (Hummingbirds)
0%
Jamaican OwlAsio grammicusStrigiformesStrigidae (Owls)
0%
Jamaican PauraqueSiphonorhis americanaCaprimulgiformesCaprimulgidae (Nightjars and Allies)
0%
Jamaican TodyTodus todusCoraciiformesTodidae (Todies)
0%
Jamaican WoodpeckerMelanerpes radiolatusPiciformesPicidae (Woodpeckers)
0%
Jameson's SnipeGallinago jamesoniCharadriiformesScolopacidae (Sandpipers and Allies)
0%
Jandaya ParakeetAratinga jandayaPsittaciformesPsittacidae (New World and African Parrots)
0%
Japanese MurreletSynthliboramphus wumizusumeCharadriiformesAlcidae (Auks, Murres, and Puffins)
0%
Japanese Night-HeronGorsachius goisagiPelecaniformesArdeidae (Herons, Egrets, and Bitterns)
0%
Japanese Pygmy WoodpeckerYungipicus kizukiPiciformesPicidae (Woodpeckers)
0%
Japanese Scops-OwlOtus semitorquesStrigiformesStrigidae (Owls)
0%
Japanese SparrowhawkAccipiter gularisAccipitriformesAccipitridae (Hawks, Eagles, and Kites)
0%
Japanese WoodpeckerPicus awokeraPiciformesPicidae (Woodpeckers)
0%
Japanese Wood-PigeonColumba janthinaColumbiformesColumbidae (Pigeons and Doves)
0%
Javan FlamebackChrysocolaptes strictusPiciformesPicidae (Woodpeckers)
0%
Javan FrogmouthBatrachostomus javensisCaprimulgiformesPodargidae (Frogmouths)
0%
Javan Hawk-EagleNisaetus bartelsiAccipitriformesAccipitridae (Hawks, Eagles, and Kites)
0%
Javan KingfisherHalcyon cyanoventrisCoraciiformesAlcedinidae (Kingfishers)
0%
Javan LapwingVanellus macropterusCharadriiformesCharadriidae (Plovers and Lapwings)
0%
Javan OwletGlaucidium castanopterumStrigiformesStrigidae (Owls)
0%
Javan Pond-HeronArdeola speciosaPelecaniformesArdeidae (Herons, Egrets, and Bitterns)
0%
Javan Scops-OwlOtus angelinaeStrigiformesStrigidae (Owls)
0%
Javan TrogonHarpactes reinwardtiiTrogoniformesTrogonidae (Trogons)
0%
Javan WoodcockScolopax saturataCharadriiformesScolopacidae (Sandpipers and Allies)
0%
Jerdon's BazaAviceda jerdoniAccipitriformesAccipitridae (Hawks, Eagles, and Kites)
0%
Jerdon's CourserRhinoptilus bitorquatusCharadriiformesGlareolidae (Pratincoles and Coursers)
0%
Jerdon's NightjarCaprimulgus atripennisCaprimulgiformesCaprimulgidae (Nightjars and Allies)
0%
Josephine's LorikeetCharmosyna josefinaePsittaciformesPsittaculidae (Old World Parrots)
0%
Jouanin's PetrelBulweria fallaxProcellariiformesProcellariidae (Shearwaters and Petrels)
0%
Juan Fernandez FirecrownSephanoides fernandensisCaprimulgiformesTrochilidae (Hummingbirds)
0%
Juan Fernandez PetrelPterodroma externaProcellariiformesProcellariidae (Shearwaters and Petrels)
0%
Jungle Bush-QuailPerdicula asiaticaGalliformesPhasianidae (Pheasants, Grouse, and Allies)
0%
Jungle NightjarCaprimulgus indicusCaprimulgiformesCaprimulgidae (Nightjars and Allies)
0%
Jungle OwletGlaucidium radiatumStrigiformesStrigidae (Owls)
0%
Junin GrebePodiceps taczanowskiiPodicipediformesPodicipedidae (Grebes)
0%
Kaempfer's WoodpeckerCeleus obrieniPiciformesPicidae (Woodpeckers)
0%
Kalij PheasantLophura leucomelanosGalliformesPhasianidae (Pheasants, Grouse, and Allies)
0%
Karoo BustardEupodotis vigorsiiOtidiformesOtididae (Bustards)
0%
Kawall's ParrotAmazona kawalliPsittaciformesPsittacidae (New World and African Parrots)
0%
Keel-billed MotmotElectron carinatumCoraciiformesMomotidae (Motmots)
0%
Kentish PloverCharadrius alexandrinusCharadriiformesCharadriidae (Plovers and Lapwings)
0%
Kerguelen PetrelAphrodroma brevirostrisProcellariiformesProcellariidae (Shearwaters and Petrels)
0%
Kerguelen ShagLeucocarbo verrucosusSuliformesPhalacrocoracidae (Cormorants and Shags)
0%
Kerguelen TernSterna virgataCharadriiformesLaridae (Gulls, Terns, and Skimmers)
0%
Kermadec PetrelPterodroma neglectaProcellariiformesProcellariidae (Shearwaters and Petrels)
0%
Key West Quail-DoveGeotrygon chrysiaColumbiformesColumbidae (Pigeons and Doves)
0%
Kiritimati SandpiperProsobonia cancellataCharadriiformesScolopacidae (Sandpipers and Allies)
0%
Kittlitz's MurreletBrachyramphus brevirostrisCharadriiformesAlcidae (Auks, Murres, and Puffins)
0%
Kittlitz's PloverCharadrius pecuariusCharadriiformesCharadriidae (Plovers and Lapwings)
0%
Klaas's CuckooChrysococcyx klaasCuculiformesCuculidae (Cuckoos)
0%
Knob-billed Fruit-DovePtilinopus insolitusColumbiformesColumbidae (Pigeons and Doves)
0%
Knysna TuracoTauraco corythaixMusophagiformesMusophagidae (Turacos)
0%
Knysna WoodpeckerCampethera notataPiciformesPicidae (Woodpeckers)
0%
Koepcke's HermitPhaethornis koepckeaeCaprimulgiformesTrochilidae (Hummingbirds)
0%
Koepcke's Screech-OwlMegascops koepckeaeStrigiformesStrigidae (Owls)
0%
Kofiau Paradise-KingfisherTanysiptera elliotiCoraciiformesAlcedinidae (Kingfishers)
0%
Koklass PheasantPucrasia macrolophaGalliformesPhasianidae (Pheasants, Grouse, and Allies)
0%
Kosrae CrakeZapornia monasaGruiformesRallidae (Rails, Gallinules, and Coots)
0%
Kosrae Fruit-DovePtilinopus hernsheimiColumbiformesColumbidae (Pigeons and Doves)
0%
Kuhl's LorikeetVini kuhliiPsittaciformesPsittaculidae (Old World Parrots)
0%
Laced WoodpeckerPicus vittatusPiciformesPicidae (Woodpeckers)
0%
Ladder-tailed NightjarHydropsalis climacocercaCaprimulgiformesCaprimulgidae (Nightjars and Allies)
0%
Lafresnaye's PiculetPicumnus lafresnayiPiciformesPicidae (Woodpeckers)
0%
Laggar FalconFalco juggerFalconiformesFalconidae (Falcons and Caracaras)
0%
Lanceolated MonkletMicromonacha lanceolataGalbuliformesBucconidae (Puffbirds)
0%
Large Fig-ParrotPsittaculirostris desmarestiiPsittaciformesPsittaculidae (Old World Parrots)
0%
Large FrogmouthBatrachostomus auritusCaprimulgiformesPodargidae (Frogmouths)
0%
Large Green-PigeonTreron capelleiColumbiformesColumbidae (Pigeons and Doves)
0%
Large Hawk-CuckooHierococcyx sparverioidesCuculiformesCuculidae (Cuckoos)
0%
Large St. Helena PetrelPterodroma rupinarumProcellariiformesProcellariidae (Shearwaters and Petrels)
0%
Large-tailed DoveLeptotila megaluraColumbiformesColumbidae (Pigeons and Doves)
0%
Large-tailed NightjarCaprimulgus macrurusCaprimulgiformesCaprimulgidae (Nightjars and Allies)
0%
Latham's FrancolinPeliperdix lathamiGalliformesPhasianidae (Pheasants, Grouse, and Allies)
0%
Latham's SnipeGallinago hardwickiiCharadriiformesScolopacidae (Sandpipers and Allies)
0%
Lattice-tailed TrogonTrogon clathratusTrogoniformesTrogonidae (Trogons)
0%
Laurel PigeonColumba junoniaeColumbiformesColumbidae (Pigeons and Doves)
0%
Layard's ParakeetPsittacula calthrapaePsittaciformesPsittaculidae (Old World Parrots)
0%
Laysan RailZapornia palmeriGruiformesRallidae (Rails, Gallinules, and Coots)
0%
Lazuli KingfisherTodiramphus lazuliCoraciiformesAlcedinidae (Kingfishers)
0%
Lazuline SabrewingCampylopterus falcatusCaprimulgiformesTrochilidae (Hummingbirds)
0%
Leach's Storm-PetrelHydrobates leucorhousProcellariiformesHydrobatidae (Northern Storm-Petrels)
0%
Leaf LorikeetTrichoglossus weberiPsittaciformesPsittaculidae (Old World Parrots)
0%
Least AukletAethia pusillaCharadriiformesAlcidae (Auks, Murres, and Puffins)
0%
Least BoobookNinox sumbaensisStrigiformesStrigidae (Owls)
0%
Least HoneyguideIndicator exilisPiciformesIndicatoridae (Honeyguides)
0%
Least NighthawkChordeiles pusillusCaprimulgiformesCaprimulgidae (Nightjars and Allies)
0%
Least PauraqueSiphonorhis brewsteriCaprimulgiformesCaprimulgidae (Nightjars and Allies)
0%
Least Pygmy-OwlGlaucidium minutissimumStrigiformesStrigidae (Owls)
0%
Least SeedsnipeThinocorus rumicivorusCharadriiformesThinocoridae (Seedsnipes)
0%
Least Storm-PetrelHydrobates microsomaProcellariiformesHydrobatidae (Northern Storm-Petrels)
0%
Legge's Hawk-EagleNisaetus kelaartiAccipitriformesAccipitridae (Hawks, Eagles, and Kites)
0%
Lemon DoveColumba larvataColumbiformesColumbidae (Pigeons and Doves)
0%
Lemon-throated BarbetEubucco richardsoniPiciformesCapitonidae (New World Barbets)
0%
Lesser Antillean SwiftChaetura martinicaCaprimulgiformesApodidae (Swifts)
0%
Lesser Black CoucalCentropus bernsteiniCuculiformesCuculidae (Cuckoos)
0%
Lesser CoucalCentropus bengalensisCuculiformesCuculidae (Cuckoos)
0%
Lesser CuckooCuculus poliocephalusCuculiformesCuculidae (Cuckoos)
0%
Lesser Ground-CuckooMorococcyx erythropygusCuculiformesCuculidae (Cuckoos)
0%
Lesser HoneyguideIndicator minorPiciformesIndicatoridae (Honeyguides)
0%
Lesser JacanaMicroparra capensisCharadriiformesJacanidae (Jacanas)
0%
Lesser Masked-OwlTyto sororculaStrigiformesTytonidae (Barn-Owls)
0%
Lesser MoorhenParagallinula angulataGruiformesRallidae (Rails, Gallinules, and Coots)
0%
Lesser NoddyAnous tenuirostrisCharadriiformesLaridae (Gulls, Terns, and Skimmers)
0%
Lesser Sand-PloverCharadrius mongolusCharadriiformesCharadriidae (Plovers and Lapwings)
0%
Lesser Spotted WoodpeckerDryobates minorPiciformesPicidae (Woodpeckers)
0%
Lesser Swallow-tailed SwiftPanyptila cayennensisCaprimulgiformesApodidae (Swifts)
0%
Lesser Vasa ParrotCoracopsis nigraPsittaciformesPsittaculidae (Old World Parrots)
0%
Lesser YellownapePicus chlorolophusPiciformesPicidae (Woodpeckers)
0%
Lesson's MotmotMomotus lessoniiCoraciiformesMomotidae (Motmots)
0%
Lettered AracariPteroglossus inscriptusPiciformesRamphastidae (Toucans)
0%
Letter-winged KiteElanus scriptusAccipitriformesAccipitridae (Hawks, Eagles, and Kites)
0%
Levaillant's CuckooClamator levaillantiiCuculiformesCuculidae (Cuckoos)
0%
Levaillant's WoodpeckerPicus vaillantiiPiciformesPicidae (Woodpeckers)
0%
Levant SparrowhawkAccipiter brevipesAccipitriformesAccipitridae (Hawks, Eagles, and Kites)
0%
Lewin's RailLewinia pectoralisGruiformesRallidae (Rails, Gallinules, and Coots)
0%
Lichtenstein's SandgrousePterocles lichtensteiniiPterocliformesPteroclidae (Sandgrouse)
0%
Light-mantled AlbatrossPhoebetria palpebrataProcellariiformesDiomedeidae (Albatrosses)
0%
Lilac-breasted RollerCoracias caudatusCoraciiformesCoraciidae (Rollers)
0%
Lilac-cheeked KingfisherCittura cyanotisCoraciiformesAlcedinidae (Kingfishers)
0%
Lilac-crowned ParrotAmazona finschiPsittaciformesPsittacidae (New World and African Parrots)
0%
Lilac-tailed ParrotletTouit batavicusPsittaciformesPsittacidae (New World and African Parrots)
0%
Lilian's LovebirdAgapornis lilianaePsittaciformesPsittaculidae (Old World Parrots)
0%
Lineated BarbetPsilopogon lineatusPiciformesMegalaimidae (Asian Barbets)
0%
Lineated WoodpeckerDryocopus lineatusPiciformesPicidae (Woodpeckers)
0%
Lined Forest-FalconMicrastur gilvicollisFalconiformesFalconidae (Falcons and Caracaras)
0%
Lined Quail-DoveZentrygon linearisColumbiformesColumbidae (Pigeons and Doves)
0%
Lita WoodpeckerPiculus litaePiciformesPicidae (Woodpeckers)
0%
Little BarbetPsilopogon australisPiciformesMegalaimidae (Asian Barbets)
0%
Little Black CormorantPhalacrocorax sulcirostrisSuliformesPhalacrocoracidae (Cormorants and Shags)
0%
Little Bronze-CuckooChrysococcyx minutillusCuculiformesCuculidae (Cuckoos)
0%
Little Brown BustardEupodotis humilisOtidiformesOtididae (Bustards)
0%
Little CorellaCacatua sanguineaPsittaciformesCacatuidae (Cockatoos)
0%
Little CuckooCoccycua minutaCuculiformesCuculidae (Cuckoos)
0%
Little Cuckoo-DoveMacropygia ruficepsColumbiformesColumbidae (Pigeons and Doves)
0%
Little Gray WoodpeckerChloropicus elachusPiciformesPicidae (Woodpeckers)
0%
Little Green-PigeonTreron olaxColumbiformesColumbidae (Pigeons and Doves)
0%
Little Green WoodpeckerCampethera maculosaPiciformesPicidae (Woodpeckers)
0%
Little HermitPhaethornis longuemareusCaprimulgiformesTrochilidae (Hummingbirds)
0%
Little LorikeetParvipsitta pusillaPsittaciformesPsittaculidae (Old World Parrots)
0%
Little Paradise-KingfisherTanysiptera hydrocharisCoraciiformesAlcedinidae (Kingfishers)
0%
Little ShearwaterPuffinus assimilisProcellariiformesProcellariidae (Shearwaters and Petrels)
0%
Little SunangelHeliangelus micrasterCaprimulgiformesTrochilidae (Hummingbirds)
0%
Little Wood-RailAramides mangleGruiformesRallidae (Rails, Gallinules, and Coots)
0%
Little WoodstarChaetocercus bombusCaprimulgiformesTrochilidae (Hummingbirds)
0%
Livingstone's TuracoTauraco livingstoniiMusophagiformesMusophagidae (Turacos)
0%
Long-billed CorellaCacatua tenuirostrisPsittaciformesCacatuidae (Cockatoos)
0%
Long-billed CuckooChrysococcyx megarhynchusCuculiformesCuculidae (Cuckoos)
0%
Long-billed HermitPhaethornis longirostrisCaprimulgiformesTrochilidae (Hummingbirds)
0%
Long-billed MurreletBrachyramphus perdixCharadriiformesAlcidae (Auks, Murres, and Puffins)
0%
Long-billed PartridgeRhizothera longirostrisGalliformesPhasianidae (Pheasants, Grouse, and Allies)
0%
Long-billed PloverCharadrius placidusCharadriiformesCharadriidae (Plovers and Lapwings)
0%
Long-billed StarthroatHeliomaster longirostrisCaprimulgiformesTrochilidae (Hummingbirds)
0%
Long-crested EagleLophaetus occipitalisAccipitriformesAccipitridae (Hawks, Eagles, and Kites)
0%
Long-tailed Ground DoveUropelia campestrisColumbiformesColumbidae (Pigeons and Doves)
0%
Long-tailed Ground-RollerUratelornis chimaeraCoraciiformesBrachypteraciidae (Ground-Rollers)
0%
Long-tailed HawkUrotriorchis macrourusAccipitriformesAccipitridae (Hawks, Eagles, and Kites)
0%
Long-tailed HermitPhaethornis superciliosusCaprimulgiformesTrochilidae (Hummingbirds)
0%
Long-tailed Honey-buzzardHenicopernis longicaudaAccipitriformesAccipitridae (Hawks, Eagles, and Kites)
0%
Long-tailed KoelUrodynamis taitensisCuculiformesCuculidae (Cuckoos)
0%
Long-tailed NightjarCaprimulgus climacurusCaprimulgiformesCaprimulgidae (Nightjars and Allies)
0%
Long-tailed ParakeetPsittacula longicaudaPsittaciformesPsittaculidae (Old World Parrots)
0%
Long-tailed PotooNyctibius aethereusCaprimulgiformesNyctibiidae (Potoos)
0%
Long-tailed SabrewingPampa excellensCaprimulgiformesTrochilidae (Hummingbirds)
0%
Long-tailed WoodnymphThalurania watertoniiCaprimulgiformesTrochilidae (Hummingbirds)
0%
Long-tailed Wood-PartridgeDendrortyx macrouraGalliformesOdontophoridae (New World Quail)
0%
Long-toed LapwingVanellus crassirostrisCharadriiformesCharadriidae (Plovers and Lapwings)
0%
Long-trained NightjarMacropsalis forcipataCaprimulgiformesCaprimulgidae (Nightjars and Allies)
0%
Long-tufted Screech-OwlMegascops sanctaecatarinaeStrigiformesStrigidae (Owls)
0%
Long-whiskered OwletXenoglaux loweryiStrigiformesStrigidae (Owls)
0%
Lord Howe RailGallirallus sylvestrisGruiformesRallidae (Rails, Gallinules, and Coots)
0%
Lord Howe SwamphenPorphyrio albusGruiformesRallidae (Rails, Gallinules, and Coots)
0%
Ludwig's BustardNeotis ludwigiiOtidiformesOtididae (Bustards)
0%
Luzon BoobookNinox philippensisStrigiformesStrigidae (Owls)
0%
Luzon ButtonquailTurnix worcesteriCharadriiformesTurnicidae (Buttonquail)
0%
Luzon FlamebackChrysocolaptes haematribonPiciformesPicidae (Woodpeckers)
0%
Luzon HornbillPenelopides manillaeBucerotiformesBucerotidae (Hornbills)
0%
Luzon Racquet-tailPrioniturus montanusPsittaciformesPsittaculidae (Old World Parrots)
0%
Luzon RailLewinia mirificaGruiformesRallidae (Rails, Gallinules, and Coots)
0%
Luzon Scops-OwlOtus longicornisStrigiformesStrigidae (Owls)
0%
Lyre-tailed HoneyguideMelichneutes robustusPiciformesIndicatoridae (Honeyguides)
0%
Lyre-tailed NightjarUropsalis lyraCaprimulgiformesCaprimulgidae (Nightjars and Allies)
0%
Mackinlay's Cuckoo-DoveMacropygia mackinlayiColumbiformesColumbidae (Pigeons and Doves)
0%
Macquarie ShagLeucocarbo purpurascensSuliformesPhalacrocoracidae (Cormorants and Shags)
0%
Madagascar Bee-eaterMerops superciliosusCoraciiformesMeropidae (Bee-eaters)
0%
Madagascar Blue-PigeonAlectroenas madagascariensisColumbiformesColumbidae (Pigeons and Doves)
0%
Madagascar ButtonquailTurnix nigricollisCharadriiformesTurnicidae (Buttonquail)
0%
Madagascar BuzzardButeo brachypterusAccipitriformesAccipitridae (Hawks, Eagles, and Kites)
0%
Madagascar CuckooCuculus rochiiCuculiformesCuculidae (Cuckoos)
0%
Madagascar Cuckoo-HawkAviceda madagascariensisAccipitriformesAccipitridae (Hawks, Eagles, and Kites)
0%
Madagascar FlufftailSarothrura insularisGruiformesSarothruridae (Flufftails)
0%
Madagascar GrebeTachybaptus pelzelniiPodicipediformesPodicipedidae (Grebes)
0%
Madagascar Green-PigeonTreron australisColumbiformesColumbidae (Pigeons and Doves)
0%
Madagascar Harrier-HawkPolyboroides radiatusAccipitriformesAccipitridae (Hawks, Eagles, and Kites)
0%
Madagascar IbisLophotibis cristataPelecaniformesThreskiornithidae (Ibises and Spoonbills)
0%
Madagascar NightjarCaprimulgus madagascariensisCaprimulgiformesCaprimulgidae (Nightjars and Allies)
0%
Madagascar OwlAsio madagascariensisStrigiformesStrigidae (Owls)
0%
Madagascar PartridgeMargaroperdix madagarensisGalliformesPhasianidae (Pheasants, Grouse, and Allies)
0%
Madagascar PloverCharadrius thoracicusCharadriiformesCharadriidae (Plovers and Lapwings)
0%
Madagascar PratincoleGlareola ocularisCharadriiformesGlareolidae (Pratincoles and Coursers)
0%
Madagascar Pygmy KingfisherCorythornis madagascariensisCoraciiformesAlcedinidae (Kingfishers)
0%
Madagascar RailRallus madagascariensisGruiformesRallidae (Rails, Gallinules, and Coots)
0%
Madagascar SandgrousePterocles personatusPterocliformesPteroclidae (Sandgrouse)
0%
Madagascar Scops-OwlOtus rutilusStrigiformesStrigidae (Owls)
0%
Madagascar Serpent-EagleEutriorchis asturAccipitriformesAccipitridae (Hawks, Eagles, and Kites)
0%
Madagascar SnipeGallinago macrodactylaCharadriiformesScolopacidae (Sandpipers and Allies)
0%
Madagascar SparrowhawkAccipiter madagascariensisAccipitriformesAccipitridae (Hawks, Eagles, and Kites)
0%
Madagascar SpinetailZoonavena grandidieriCaprimulgiformesApodidae (Swifts)
0%
Madagascar Wood-RailMentocrex kioloidesGruiformesSarothruridae (Flufftails)
0%
Madarasz's Tiger-ParrotPsittacella madarasziPsittaciformesPsittaculidae (Old World Parrots)
0%
Magellanic Diving-PetrelPelecanoides magellaniProcellariiformesProcellariidae (Shearwaters and Petrels)
0%
Magellanic SnipeGallinago magellanicaCharadriiformesScolopacidae (Sandpipers and Allies)
0%
Magellanic WoodpeckerCampephilus magellanicusPiciformesPicidae (Woodpeckers)
0%
Magenta PetrelPterodroma magentaeProcellariiformesProcellariidae (Shearwaters and Petrels)
0%
Magenta-throated WoodstarPhilodice bryantaeCaprimulgiformesTrochilidae (Hummingbirds)
0%
Maghreb OwlStrix mauritanicaStrigiformesStrigidae (Owls)
0%
Makatea Fruit-DovePtilinopus chalcurusColumbiformesColumbidae (Pigeons and Doves)
0%
Makira Dwarf-KingfisherCeyx gentianusCoraciiformesAlcedinidae (Kingfishers)
0%
Makira MoorhenGallinula silvestrisGruiformesRallidae (Rails, Gallinules, and Coots)
0%
Malabar BarbetPsilopogon malabaricusPiciformesMegalaimidae (Asian Barbets)
0%
Malabar Gray HornbillOcyceros griseusBucerotiformesBucerotidae (Hornbills)
0%
Malabar ParakeetPsittacula columboidesPsittaciformesPsittaculidae (Old World Parrots)
0%
Malabar TrogonHarpactes fasciatusTrogoniformesTrogonidae (Trogons)
0%
Malachite KingfisherCorythornis cristatusCoraciiformesAlcedinidae (Kingfishers)
0%
Malagasy CoucalCentropus toulouCuculiformesCuculidae (Cuckoos)
0%
Malagasy HarrierCircus macroscelesAccipitriformesAccipitridae (Hawks, Eagles, and Kites)
0%
Malagasy KestrelFalco newtoniFalconiformesFalconidae (Falcons and Caracaras)
0%
Malagasy KingfisherCorythornis vintsioidesCoraciiformesAlcedinidae (Kingfishers)
0%
Malagasy Palm-SwiftCypsiurus gracilisCaprimulgiformesApodidae (Swifts)
0%
Malagasy Pond-HeronArdeola idaePelecaniformesArdeidae (Herons, Egrets, and Bitterns)
0%
Malagasy Sacred IbisThreskiornis bernieriPelecaniformesThreskiornithidae (Ibises and Spoonbills)
0%
Malagasy SwiftApus balstoniCaprimulgiformesApodidae (Swifts)
0%
Malagasy Turtle-DoveStreptopelia picturataColumbiformesColumbidae (Pigeons and Doves)
0%
Malaita Dwarf-KingfisherCeyx malaitaeCoraciiformesAlcedinidae (Kingfishers)
0%
Malayan Crested ArgusRheinardia nigrescensGalliformesPhasianidae (Pheasants, Grouse, and Allies)
0%
Malayan Night-HeronGorsachius melanolophusPelecaniformesArdeidae (Herons, Egrets, and Bitterns)
0%
Malayan PartridgeArborophila campbelliGalliformesPhasianidae (Pheasants, Grouse, and Allies)
0%
Malaysian Eared-NightjarLyncornis temminckiiCaprimulgiformesCaprimulgidae (Nightjars and Allies)
0%
Malaysian Hawk-CuckooHierococcyx fugaxCuculiformesCuculidae (Cuckoos)
0%
Malaysian HoneyguideIndicator archipelagicusPiciformesIndicatoridae (Honeyguides)
0%
Malaysian PloverCharadrius peroniiCharadriiformesCharadriidae (Plovers and Lapwings)
0%
Malherbe's ParakeetCyanoramphus malherbiPsittaciformesPsittaculidae (Old World Parrots)
0%
Maned OwlJubula lettiiStrigiformesStrigidae (Owls)
0%
Mangareva KingfisherTodiramphus gambieriCoraciiformesAlcedinidae (Kingfishers)
0%
Mangrove KingfisherHalcyon senegaloidesCoraciiformesAlcedinidae (Kingfishers)
0%
Mangrove RailRallus longirostrisGruiformesRallidae (Rails, Gallinules, and Coots)
0%
Manipur Bush-QuailPerdicula manipurensisGalliformesPhasianidae (Pheasants, Grouse, and Allies)
0%
Mantanani Scops-OwlOtus mantananensisStrigiformesStrigidae (Owls)
0%
Mantled HawkPseudastur polionotusAccipitriformesAccipitridae (Hawks, Eagles, and Kites)
0%
Manus BoobookNinox meekiStrigiformesStrigidae (Owls)
0%
Manus Dwarf-KingfisherCeyx disparCoraciiformesAlcedinidae (Kingfishers)
0%
Manus Masked-OwlTyto manusiStrigiformesTytonidae (Barn-Owls)
0%
Manx ShearwaterPuffinus puffinusProcellariiformesProcellariidae (Shearwaters and Petrels)
0%
Many-banded AracariPteroglossus pluricinctusPiciformesRamphastidae (Toucans)
0%
Many-colored Fruit-DovePtilinopus perousiiColumbiformesColumbidae (Pigeons and Doves)
0%
Many-spotted HummingbirdTaphrospilus hypostictusCaprimulgiformesTrochilidae (Hummingbirds)
0%
Marail GuanPenelope marailGalliformesCracidae (Guans, Chachalacas, and Curassows)
0%
Marbled FrogmouthPodargus ocellatusCaprimulgiformesPodargidae (Frogmouths)
0%
Marbled MurreletBrachyramphus marmoratusCharadriiformesAlcidae (Auks, Murres, and Puffins)
0%
Marbled Wood-QuailOdontophorus gujanensisGalliformesOdontophoridae (New World Quail)
0%
Mariana Fruit-DovePtilinopus roseicapillaColumbiformesColumbidae (Pigeons and Doves)
0%
Mariana KingfisherTodiramphus albicillaCoraciiformesAlcedinidae (Kingfishers)
0%
Mariana SwiftletAerodramus bartschiCaprimulgiformesApodidae (Swifts)
0%
Marigold LorikeetTrichoglossus capistratusPsittaciformesPsittaculidae (Old World Parrots)
0%
Markham's Storm-PetrelHydrobates markhamiProcellariiformesHydrobatidae (Northern Storm-Petrels)
0%
Maroon-bellied ParakeetPyrrhura frontalisPsittaciformesPsittacidae (New World and African Parrots)
0%
Maroon-chested Ground DoveParaclaravis mondetouraColumbiformesColumbidae (Pigeons and Doves)
0%
Maroon-chinned Fruit-DovePtilinopus epiusColumbiformesColumbidae (Pigeons and Doves)
0%
Maroon-faced ParakeetPyrrhura leucotisPsittaciformesPsittacidae (New World and African Parrots)
0%
Maroon-fronted ParrotRhynchopsitta terrisiPsittaciformesPsittacidae (New World and African Parrots)
0%
Maroon PigeonColumba thomensisColumbiformesColumbidae (Pigeons and Doves)
0%
Maroon-tailed ParakeetPyrrhura melanuraPsittaciformesPsittacidae (New World and African Parrots)
0%
Maroon WoodpeckerBlythipicus rubiginosusPiciformesPicidae (Woodpeckers)
0%
Marquesan SwamphenPorphyrio paepaeGruiformesRallidae (Rails, Gallinules, and Coots)
0%
Marquesan SwiftletAerodramus ocistusCaprimulgiformesApodidae (Swifts)
0%
Marquesas Ground DoveAlopecoenas rubescensColumbiformesColumbidae (Pigeons and Doves)
0%
Marquesas Imperial-PigeonDucula galeataColumbiformesColumbidae (Pigeons and Doves)
0%
Marquesas KingfisherTodiramphus godeffroyiCoraciiformesAlcedinidae (Kingfishers)
0%
Marsh SandpiperTringa stagnatilisCharadriiformesScolopacidae (Sandpipers and Allies)
0%
Martinique ParrotAmazona martinicanaPsittaciformesPsittacidae (New World and African Parrots)
0%
Marvelous SpatuletailLoddigesia mirabilisCaprimulgiformesTrochilidae (Hummingbirds)
0%
Masatierra PetrelPterodroma defilippianaProcellariiformesProcellariidae (Shearwaters and Petrels)
0%
Mascarene CootFulica newtoniiGruiformesRallidae (Rails, Gallinules, and Coots)
0%
Mascarene ParrotMascarinus mascarinPsittaciformesPsittaculidae (Old World Parrots)
0%
Mascarene PetrelPseudobulweria aterrimaProcellariiformesProcellariidae (Shearwaters and Petrels)
0%
Mascarene SwiftletAerodramus francicusCaprimulgiformesApodidae (Swifts)
0%
Masked LapwingVanellus milesCharadriiformesCharadriidae (Plovers and Lapwings)
0%
Masked Shining-ParrotProsopeia personataPsittaciformesPsittaculidae (Old World Parrots)
0%
Masked TrogonTrogon personatusTrogoniformesTrogonidae (Trogons)
0%
Matsudaira's Storm-PetrelHydrobates matsudairaeProcellariiformesHydrobatidae (Northern Storm-Petrels)
0%
Mauritius Blue-PigeonAlectroenas nitidissimusColumbiformesColumbidae (Pigeons and Doves)
0%
Mauritius DuckAnas theodoriAnseriformesAnatidae (Ducks, Geese, and Waterfowl)
0%
Mauritius Gray ParrotLophopsittacus bensoniPsittaciformesPsittaculidae (Old World Parrots)
0%
Mauritius KestrelFalco punctatusFalconiformesFalconidae (Falcons and Caracaras)
0%
Mauritius Night-HeronNycticorax mauritianusPelecaniformesArdeidae (Herons, Egrets, and Bitterns)
0%
Mauritius Scops-OwlOtus sauzieriStrigiformesStrigidae (Owls)
0%
Mauritius ShelduckAlopochen mauritianaAnseriformesAnatidae (Ducks, Geese, and Waterfowl)
0%
Mauritius Turtle-DoveNesoenas cicurColumbiformesColumbidae (Pigeons and Doves)
0%
Mauritius Wood-PigeonColumba thiriouxiColumbiformesColumbidae (Pigeons and Doves)
0%
Mayotte Scops-OwlOtus mayottensisStrigiformesStrigidae (Owls)
0%
Mayr's RailRallina mayriGruiformesRallidae (Rails, Gallinules, and Coots)
0%
Mayr's SwiftletAerodramus orientalisCaprimulgiformesApodidae (Swifts)
0%
Mealy ParrotAmazona farinosaPsittaciformesPsittacidae (New World and African Parrots)
0%
Meek's LorikeetVini meekiPsittaciformesPsittaculidae (Old World Parrots)
0%
Meek's Pygmy-ParrotMicropsitta meekiPsittaciformesPsittaculidae (Old World Parrots)
0%
Mees's NightjarCaprimulgus meesiCaprimulgiformesCaprimulgidae (Nightjars and Allies)
0%
Melancholy WoodpeckerChloropicus lugubrisPiciformesPicidae (Woodpeckers)
0%
Melanesian KingfisherTodiramphus tristramiCoraciiformesAlcedinidae (Kingfishers)
0%
Melanesian ScrubfowlMegapodius eremitaGalliformesMegapodiidae (Megapodes)
0%
Mentawai Scops-OwlOtus mentawiStrigiformesStrigidae (Owls)
0%
Metallic PigeonColumba vitiensisColumbiformesColumbidae (Pigeons and Doves)
0%
Mewing KingfisherTodiramphus ruficollarisCoraciiformesAlcedinidae (Kingfishers)
0%
Mexican ParrotletForpus cyanopygiusPsittaciformesPsittacidae (New World and African Parrots)
0%
Mexican SheartailDoricha elizaCaprimulgiformesTrochilidae (Hummingbirds)
0%
Mexican VioletearColibri thalassinusCaprimulgiformesTrochilidae (Hummingbirds)
0%
Mexican WoodnymphEupherusa ridgwayiCaprimulgiformesTrochilidae (Hummingbirds)
0%
Meyer's GoshawkAccipiter meyerianusAccipitriformesAccipitridae (Hawks, Eagles, and Kites)
0%
Meyer's ParrotPoicephalus meyeriPsittaciformesPsittacidae (New World and African Parrots)
0%
Micronesian Imperial-PigeonDucula oceanicaColumbiformesColumbidae (Pigeons and Doves)
0%
Micronesian ScrubfowlMegapodius laperouseGalliformesMegapodiidae (Megapodes)
0%
Middle American Screech-OwlMegascops guatemalaeStrigiformesStrigidae (Owls)
0%
Middle Spotted WoodpeckerDendrocoptes mediusPiciformesPicidae (Woodpeckers)
0%
Miller's RailZapornia nigraGruiformesRallidae (Rails, Gallinules, and Coots)
0%
Minahassa Masked-OwlTyto inexspectataStrigiformesTytonidae (Barn-Owls)
0%
Mindanao BoobookNinox spilocephalaStrigiformesStrigidae (Owls)
0%
Mindanao Brown-DovePhapitreron brunneicepsColumbiformesColumbidae (Pigeons and Doves)
0%
Mindanao HornbillPenelopides affinisBucerotiformesBucerotidae (Hornbills)
0%
Mindanao LorikeetSaudareos johnstoniaePsittaciformesPsittaculidae (Old World Parrots)
0%
Mindanao Racquet-tailPrioniturus waterstradtiPsittaciformesPsittaculidae (Old World Parrots)
0%
Mindanao Scops-OwlOtus mirusStrigiformesStrigidae (Owls)
0%
Mindoro Bleeding-heartGallicolumba platenaeColumbiformesColumbidae (Pigeons and Doves)
0%
Mindoro BoobookNinox mindorensisStrigiformesStrigidae (Owls)
0%
Mindoro HornbillPenelopides mindorensisBucerotiformesBucerotidae (Hornbills)
0%
Mindoro Imperial-PigeonDucula mindorensisColumbiformesColumbidae (Pigeons and Doves)
0%
Mindoro Racquet-tailPrioniturus mindorensisPsittaciformesPsittaculidae (Old World Parrots)
0%
Mindoro Scops-OwlOtus mindorensisStrigiformesStrigidae (Owls)
0%
Minute HermitPhaethornis idaliaeCaprimulgiformesTrochilidae (Hummingbirds)
0%
Miombo BarbetTricholaema frontataPiciformesLybiidae (African Barbets)
0%
Mitred ParakeetPsittacara mitratusPsittaciformesPsittacidae (New World and African Parrots)
0%
Modest Tiger-ParrotPsittacella modestaPsittaciformesPsittaculidae (Old World Parrots)
0%
Moheli Scops-OwlOtus moheliensisStrigiformesStrigidae (Owls)
0%
Moluccan CuckooCacomantis aeruginosusCuculiformesCuculidae (Cuckoos)
0%
Moluccan Drongo-CuckooSurniculus musschenbroekiCuculiformesCuculidae (Cuckoos)
0%
Moluccan GoshawkAccipiter henicogrammusAccipitriformesAccipitridae (Hawks, Eagles, and Kites)
0%
Moluccan Hanging-ParrotLoriculus amabilisPsittaciformesPsittaculidae (Old World Parrots)
0%
Moluccan King-ParrotAlisterus amboinensisPsittaciformesPsittaculidae (Old World Parrots)
0%
Moluccan Owlet-nightjarAegotheles crinifronsCaprimulgiformesAegothelidae (Owlet-nightjars)
0%
Moluccan Scops-OwlOtus magicusStrigiformesStrigidae (Owls)
0%
Moluccan ScrubfowlEulipoa wallaceiGalliformesMegapodiidae (Megapodes)
0%
Moluccan WoodcockScolopax rochusseniiCharadriiformesScolopacidae (Sandpipers and Allies)
0%
Mombasa WoodpeckerCampethera mombassicaPiciformesPicidae (Woodpeckers)
0%
Montane Forest Screech-OwlMegascops hoyiStrigiformesStrigidae (Owls)
0%
Monteiro's HornbillTockus monteiriBucerotiformesBucerotidae (Hornbills)
0%
Monteiro's Storm-PetrelHydrobates monteiroiProcellariiformesHydrobatidae (Northern Storm-Petrels)
0%
Moorea SandpiperProsobonia ellisiCharadriiformesScolopacidae (Sandpipers and Allies)
0%
Moorland FrancolinScleroptila psilolaemaGalliformesPhasianidae (Pheasants, Grouse, and Allies)
0%
Mossy-nest SwiftletAerodramus salanganaCaprimulgiformesApodidae (Swifts)
0%
Mottled PetrelPterodroma inexpectataProcellariiformesProcellariidae (Shearwaters and Petrels)
0%
Mottled PiculetPicumnus nebulosusPiciformesPicidae (Woodpeckers)
0%
Mottled SpinetailTelacanthura ussheriCaprimulgiformesApodidae (Swifts)
0%
Mottled SwiftApus aequatorialisCaprimulgiformesApodidae (Swifts)
0%
Mottled Wood-OwlStrix ocellataStrigiformesStrigidae (Owls)
0%
Mountain Bamboo-PartridgeBambusicola fytchiiGalliformesPhasianidae (Pheasants, Grouse, and Allies)
0%
Mountain BarbetPsilopogon monticolaPiciformesMegalaimidae (Asian Barbets)
0%
Mountain BuzzardButeo oreophilusAccipitriformesAccipitridae (Hawks, Eagles, and Kites)
0%
Mountain CaracaraPhalcoboenus megalopterusFalconiformesFalconidae (Falcons and Caracaras)
0%
Mountain Gray WoodpeckerChloropicus spodocephalusPiciformesPicidae (Woodpeckers)
0%
Mountain Hawk-EagleNisaetus nipalensisAccipitriformesAccipitridae (Hawks, Eagles, and Kites)
0%
Mountain Imperial-PigeonDucula badiaColumbiformesColumbidae (Pigeons and Doves)
0%
Mountain KingfisherSyma megarhynchaCoraciiformesAlcedinidae (Kingfishers)
0%
Mountain Owlet-nightjarAegotheles albertisiCaprimulgiformesAegothelidae (Owlet-nightjars)
0%
Mountain ParakeetPsilopsiagon aurifronsPsittaciformesPsittacidae (New World and African Parrots)
0%
Mountain Peacock-PheasantPolyplectron inopinatumGalliformesPhasianidae (Pheasants, Grouse, and Allies)
0%
Mountain Scops-OwlOtus spilocephalusStrigiformesStrigidae (Owls)
0%
Mountain SwiftletAerodramus hirundinaceusCaprimulgiformesApodidae (Swifts)
0%
Mountain TrogonTrogon mexicanusTrogoniformesTrogonidae (Trogons)
0%
Mountain VelvetbreastLafresnaya lafresnayiCaprimulgiformesTrochilidae (Hummingbirds)
0%
Mourning Collared-DoveStreptopelia decipiensColumbiformesColumbidae (Pigeons and Doves)
0%
Moustached BarbetPsilopogon incognitusPiciformesMegalaimidae (Asian Barbets)
0%
Moustached Hawk-CuckooHierococcyx vagansCuculiformesCuculidae (Cuckoos)
0%
Moustached KingfisherActenoides bougainvilleiCoraciiformesAlcedinidae (Kingfishers)
0%
Moustached PuffbirdMalacoptila mystacalisGalbuliformesBucconidae (Puffbirds)
0%
Moustached TinkerbirdPogoniulus leucomystaxPiciformesLybiidae (African Barbets)
0%
Moustached TreeswiftHemiprocne mystaceaCaprimulgiformesHemiprocnidae (Treeswifts)
0%
Mulga ParrotPsephotus variusPsittaciformesPsittaculidae (Old World Parrots)
0%
Murphy's PetrelPterodroma ultimaProcellariiformesProcellariidae (Shearwaters and Petrels)
0%
Musk LorikeetGlossopsitta concinnaPsittaciformesPsittaculidae (Old World Parrots)
0%
Nacunda NighthawkChordeiles nacundaCaprimulgiformesCaprimulgidae (Nightjars and Allies)
0%
Nahan's FrancolinPtilopachus nahaniGalliformesOdontophoridae (New World Quail)
0%
Naked-faced BarbetGymnobucco calvusPiciformesLybiidae (African Barbets)
0%
Nanday ParakeetAratinga nendayPsittaciformesPsittacidae (New World and African Parrots)
0%
Nankeen KestrelFalco cenchroidesFalconiformesFalconidae (Falcons and Caracaras)
0%
Nankeen Night-HeronNycticorax caledonicusPelecaniformesArdeidae (Herons, Egrets, and Bitterns)
0%
Napo SabrewingCampylopterus villaviscensioCaprimulgiformesTrochilidae (Hummingbirds)
0%
Narcondam HornbillRhyticeros narcondamiBucerotiformesBucerotidae (Hornbills)
0%
Naretha BluebonnetNorthiella narethaePsittaciformesPsittaculidae (Old World Parrots)
0%
Narina TrogonApaloderma narinaTrogoniformesTrogonidae (Trogons)
0%
Narrow-billed TodyTodus angustirostrisCoraciiformesTodidae (Todies)
0%
Narrow-tailed EmeraldChlorostilbon stenurusCaprimulgiformesTrochilidae (Hummingbirds)
0%
Natal FrancolinPternistis natalensisGalliformesPhasianidae (Pheasants, Grouse, and Allies)
0%
Neblina MetaltailMetallura odomaeCaprimulgiformesTrochilidae (Hummingbirds)
0%
Nechisar NightjarCaprimulgus solalaCaprimulgiformesCaprimulgidae (Nightjars and Allies)
0%
Necklaced BarbetPsilopogon auricularisPiciformesMegalaimidae (Asian Barbets)
0%
Needle-billed HermitPhaethornis philippiiCaprimulgiformesTrochilidae (Hummingbirds)
0%
Negros Bleeding-heartGallicolumba keayiColumbiformesColumbidae (Pigeons and Doves)
0%
Negros Fruit-DovePtilinopus arcanusColumbiformesColumbidae (Pigeons and Doves)
0%
Negros Scops-OwlOtus nigrorumStrigiformesStrigidae (Owls)
0%
New Britain BoobookNinox odiosaStrigiformesStrigidae (Owls)
0%
New Britain BronzewingHenicophaps foersteriColumbiformesColumbidae (Pigeons and Doves)
0%
New Britain Dwarf-KingfisherCeyx sacerdotisCoraciiformesAlcedinidae (Kingfishers)
0%
New Britain GoshawkAccipiter princepsAccipitriformesAccipitridae (Hawks, Eagles, and Kites)
0%
New Britain KingfisherTodiramphus albonotatusCoraciiformesAlcedinidae (Kingfishers)
0%
New Britain RailGallirallus insignisGruiformesRallidae (Rails, Gallinules, and Coots)
0%
New Britain SparrowhawkAccipiter brachyurusAccipitriformesAccipitridae (Hawks, Eagles, and Kites)
0%
New Caledonia GoshawkAccipiter haplochrousAccipitriformesAccipitridae (Hawks, Eagles, and Kites)
0%
New Caledonian GallinulePorphyrio kukwiedeiGruiformesRallidae (Rails, Gallinules, and Coots)
0%
New Caledonian Imperial-PigeonDucula goliathColumbiformesColumbidae (Pigeons and Doves)
0%
New Caledonian LorikeetVini diademaPsittaciformesPsittaculidae (Old World Parrots)
0%
New Caledonian NightjarEurostopodus exulCaprimulgiformesCaprimulgidae (Nightjars and Allies)
0%
New Caledonian Owlet-nightjarAegotheles savesiCaprimulgiformesAegothelidae (Owlet-nightjars)
0%
New Caledonian ParakeetCyanoramphus saissetiPsittaciformesPsittaculidae (Old World Parrots)
0%
New Caledonian RailGallirallus lafresnayanusGruiformesRallidae (Rails, Gallinules, and Coots)
0%
Newell's ShearwaterPuffinus newelliProcellariiformesProcellariidae (Shearwaters and Petrels)
0%
New Georgia Dwarf-KingfisherCeyx collectorisCoraciiformesAlcedinidae (Kingfishers)
0%
New Guinea BronzewingHenicophaps albifronsColumbiformesColumbidae (Pigeons and Doves)
0%
New Guinea EagleHarpyopsis novaeguineaeAccipitriformesAccipitridae (Hawks, Eagles, and Kites)
0%
New Guinea Flightless RailMegacrex ineptaGruiformesRallidae (Rails, Gallinules, and Coots)
0%
New Guinea ScrubfowlMegapodius decollatusGalliformesMegapodiidae (Megapodes)
0%
New Ireland Dwarf-KingfisherCeyx mulcatusCoraciiformesAlcedinidae (Kingfishers)
0%
Newton's ParakeetPsittacula exsulPsittaciformesPsittaculidae (Old World Parrots)
0%
New Zealand BitternIxobrychus novaezelandiaePelecaniformesArdeidae (Herons, Egrets, and Bitterns)
0%
New Zealand FalconFalco novaeseelandiaeFalconiformesFalconidae (Falcons and Caracaras)
0%
New Zealand GrebePoliocephalus rufopectusPodicipediformesPodicipedidae (Grebes)
0%
New Zealand KakaNestor meridionalisPsittaciformesStrigopidae (New Zealand Parrots)
0%
New Zealand King ShagLeucocarbo carunculatusSuliformesPhalacrocoracidae (Cormorants and Shags)
0%
New Zealand PigeonHemiphaga novaeseelandiaeColumbiformesColumbidae (Pigeons and Doves)
0%
New Zealand QuailCoturnix novaezelandiaeGalliformesPhasianidae (Pheasants, Grouse, and Allies)
0%
New Zealand Storm-PetrelFregetta maorianaProcellariiformesOceanitidae (Southern Storm-Petrels)
0%
Niam-Niam ParrotPoicephalus crassusPsittaciformesPsittacidae (New World and African Parrots)
0%
Niau KingfisherTodiramphus gertrudaeCoraciiformesAlcedinidae (Kingfishers)
0%
Nicobar Imperial-PigeonDucula nicobaricaColumbiformesColumbidae (Pigeons and Doves)
0%
Nicobar ParakeetPsittacula canicepsPsittaciformesPsittaculidae (Old World Parrots)
0%
Nicobar Scops-OwlOtus aliusStrigiformesStrigidae (Owls)
0%
Nicobar ScrubfowlMegapodius nicobariensisGalliformesMegapodiidae (Megapodes)
0%
Nicobar Serpent-EagleSpilornis klossiAccipitriformesAccipitridae (Hawks, Eagles, and Kites)
0%
Nicobar SparrowhawkAccipiter butleriAccipitriformesAccipitridae (Hawks, Eagles, and Kites)
0%
Night ParrotPezoporus occidentalisPsittaciformesPsittaculidae (Old World Parrots)
0%
Nilgiri Wood-PigeonColumba elphinstoniiColumbiformesColumbidae (Pigeons and Doves)
0%
Niuafoou ScrubfowlMegapodius pritchardiiGalliformesMegapodiidae (Megapodes)
0%
Nkulengu RailHimantornis haematopusGruiformesRallidae (Rails, Gallinules, and Coots)
0%
Noble SnipeGallinago nobilisCharadriiformesScolopacidae (Sandpipers and Allies)
0%
Norfolk Ground DoveAlopecoenas norfolkensisColumbiformesColumbidae (Pigeons and Doves)
0%
Norfolk Island KakaNestor productusPsittaciformesStrigopidae (New Zealand Parrots)
0%
Norfolk Island ParakeetCyanoramphus cookiiPsittaciformesPsittaculidae (Old World Parrots)
0%
Northern Bald IbisGeronticus eremitaPelecaniformesThreskiornithidae (Ibises and Spoonbills)
0%
Northern Carmine Bee-eaterMerops nubicusCoraciiformesMeropidae (Bee-eaters)
0%
Northern Hawk-CuckooHierococcyx hyperythrusCuculiformesCuculidae (Cuckoos)
0%
Northern Silvery-KingfisherCeyx flumenicolaCoraciiformesAlcedinidae (Kingfishers)
0%
Northern Sooty-WoodpeckerMulleripicus funebrisPiciformesPicidae (Woodpeckers)
0%
Northern White-faced OwlPtilopsis leucotisStrigiformesStrigidae (Owls)
0%
North Island SnipeCoenocorypha barrierensisCharadriiformesScolopacidae (Sandpipers and Allies)
0%
North Island TakahePorphyrio mantelliGruiformesRallidae (Rails, Gallinules, and Coots)
0%
North Moluccan Dwarf-KingfisherCeyx uropygialisCoraciiformesAlcedinidae (Kingfishers)
0%
North Solomons Dwarf-KingfisherCeyx meekiCoraciiformesAlcedinidae (Kingfishers)
0%
Nubian BustardNeotis nubaOtidiformesOtididae (Bustards)
0%
Nubian NightjarCaprimulgus nubicusCaprimulgiformesCaprimulgidae (Nightjars and Allies)
0%
Nubian WoodpeckerCampethera nubicaPiciformesPicidae (Woodpeckers)
0%
Numfor Paradise-KingfisherTanysiptera carolinaeCoraciiformesAlcedinidae (Kingfishers)
0%
Nyanza SwiftApus niansaeCaprimulgiformesApodidae (Swifts)
0%
Oasis HummingbirdRhodopis vesperCaprimulgiformesTrochilidae (Hummingbirds)
0%
Oceanic ParrotEclectus infectusPsittaciformesPsittaculidae (Old World Parrots)
0%
Ocellated CrakeMicropygia schomburgkiiGruiformesRallidae (Rails, Gallinules, and Coots)
0%
Ocellated PiculetPicumnus dorbignyanusPiciformesPicidae (Woodpeckers)
0%
Ocellated PoorwillNyctiphrynus ocellatusCaprimulgiformesCaprimulgidae (Nightjars and Allies)
0%
Ocellated QuailCyrtonyx ocellatusGalliformesOdontophoridae (New World Quail)
0%
Ochraceous PiculetPicumnus limaePiciformesPicidae (Woodpeckers)
0%
Ochre-backed WoodpeckerCeleus ochraceusPiciformesPicidae (Woodpeckers)
0%
Ochre-bellied BoobookNinox ochraceaStrigiformesStrigidae (Owls)
0%
Ochre-bellied DoveLeptotila ochraceiventrisColumbiformesColumbidae (Pigeons and Doves)
0%
Ochre-collared PiculetPicumnus temminckiiPiciformesPicidae (Woodpeckers)
0%
Ochre-marked ParakeetPyrrhura cruentataPsittaciformesPsittacidae (New World and African Parrots)
0%
OilbirdSteatornis caripensisCaprimulgiformesSteatornithidae (Oilbird)
0%
Okarito Brown KiwiApteryx rowiApterygiformesApterygidae (Kiwis)
0%
Okinawa RailGallirallus okinawaeGruiformesRallidae (Rails, Gallinules, and Coots)
0%
Okinawa WoodpeckerDendrocopos noguchiiPiciformesPicidae (Woodpeckers)
0%
Olivaceous PiculetPicumnus olivaceusPiciformesPicidae (Woodpeckers)
0%
Olivaceous ThornbillChalcostigma olivaceumCaprimulgiformesTrochilidae (Hummingbirds)
0%
Olive-backed Quail-DoveLeptotrygon veraguensisColumbiformesColumbidae (Pigeons and Doves)
0%
Olive-backed WoodpeckerDinopium rafflesiiPiciformesPicidae (Woodpeckers)
0%
Olive-headed LorikeetTrichoglossus eutelesPsittaciformesPsittaculidae (Old World Parrots)
0%
Olive IbisBostrychia olivaceaPelecaniformesThreskiornithidae (Ibises and Spoonbills)
0%
Olive Long-tailed CuckooCercococcyx olivinusCuculiformesCuculidae (Cuckoos)
0%
Olive-shouldered ParrotAprosmictus jonquillaceusPsittaciformesPsittaculidae (Old World Parrots)
0%
Olive-spotted HummingbirdTalaphorus chlorocercusCaprimulgiformesTrochilidae (Hummingbirds)
0%
Olive-throated ParakeetEupsittula nanaPsittaciformesPsittacidae (New World and African Parrots)
0%
Olive WoodpeckerChloropicus griseocephalusPiciformesPicidae (Woodpeckers)
0%
Olrog's GullLarus atlanticusCharadriiformesLaridae (Gulls, Terns, and Skimmers)
0%
Omani OwlStrix butleriStrigiformesStrigidae (Owls)
0%
Orange-backed WoodpeckerReinwardtipicus validusPiciformesPicidae (Woodpeckers)
0%
Orange-bellied Fruit-DovePtilinopus iozonusColumbiformesColumbidae (Pigeons and Doves)
0%
Orange-bellied ParrotNeophema chrysogasterPsittaciformesPsittaculidae (Old World Parrots)
0%
Orange-billed LorikeetNeopsittacus pullicaudaPsittaciformesPsittaculidae (Old World Parrots)
0%
Orange-breasted FalconFalco deiroleucusFalconiformesFalconidae (Falcons and Caracaras)
0%
Orange-breasted Fig-ParrotCyclopsitta gulielmitertiiPsittaciformesPsittaculidae (Old World Parrots)
0%
Orange-breasted Green-PigeonTreron bicinctusColumbiformesColumbidae (Pigeons and Doves)
0%
Orange-breasted TrogonHarpactes oreskiosTrogoniformesTrogonidae (Trogons)
0%
Orange-cheeked ParrotPyrilia barrabandiPsittaciformesPsittacidae (New World and African Parrots)
0%
Orange DovePtilinopus victorColumbiformesColumbidae (Pigeons and Doves)
0%
Orange-fronted BarbetCapito squamatusPiciformesCapitonidae (New World Barbets)
0%
Orange-fronted Fruit-DovePtilinopus aurantiifronsColumbiformesColumbidae (Pigeons and Doves)
0%
Orange-fronted ParakeetEupsittula canicularisPsittaciformesPsittacidae (New World and African Parrots)
0%
Orange-necked PartridgeArborophila davidiGalliformesPhasianidae (Pheasants, Grouse, and Allies)
0%
Orange River FrancolinScleroptila gutturalisGalliformesPhasianidae (Pheasants, Grouse, and Allies)
0%
Orange-throated SunangelHeliangelus mavorsCaprimulgiformesTrochilidae (Hummingbirds)
0%
Orange-winged ParrotAmazona amazonicaPsittaciformesPsittacidae (New World and African Parrots)
0%
Oriental Bay-OwlPhodilus badiusStrigiformesTytonidae (Barn-Owls)
0%
Oriental HobbyFalco severusFalconiformesFalconidae (Falcons and Caracaras)
0%
Oriental PloverCharadrius veredusCharadriiformesCharadriidae (Plovers and Lapwings)
0%
Oriental Scops-OwlOtus suniaStrigiformesStrigidae (Owls)
0%
Oriental Turtle-DoveStreptopelia orientalisColumbiformesColumbidae (Pigeons and Doves)
0%
Orinoco PiculetPicumnus pumilusPiciformesPicidae (Woodpeckers)
0%
Ornate Fruit-DovePtilinopus ornatusColumbiformesColumbidae (Pigeons and Doves)
0%
Ornate Hawk-EagleSpizaetus ornatusAccipitriformesAccipitridae (Hawks, Eagles, and Kites)
0%
Ornate LorikeetSaudareos ornatusPsittaciformesPsittaculidae (Old World Parrots)
0%
Outcrop SabrewingCampylopterus calcirupicolaCaprimulgiformesTrochilidae (Hummingbirds)
0%
Ouvea ParakeetEunymphicus uvaeensisPsittaciformesPsittaculidae (Old World Parrots)
0%
Ovambo SparrowhawkAccipiter ovampensisAccipitriformesAccipitridae (Hawks, Eagles, and Kites)
0%
Pacific Imperial-PigeonDucula pacificaColumbiformesColumbidae (Pigeons and Doves)
0%
Pacific KingfisherTodiramphus sacerCoraciiformesAlcedinidae (Kingfishers)
0%
Pacific ParakeetPsittacara strenuusPsittaciformesPsittacidae (New World and African Parrots)
0%
Pacific ParrotletForpus coelestisPsittaciformesPsittacidae (New World and African Parrots)
0%
Pacific SwiftApus pacificusCaprimulgiformesApodidae (Swifts)
0%
Paint-billed CrakeMustelirallus erythropsGruiformesRallidae (Rails, Gallinules, and Coots)
0%
Painted Bush-QuailPerdicula erythrorhynchaGalliformesPhasianidae (Pheasants, Grouse, and Allies)
0%
Painted ButtonquailTurnix variusCharadriiformesTurnicidae (Buttonquail)
0%
Painted FrancolinFrancolinus pictusGalliformesPhasianidae (Pheasants, Grouse, and Allies)
0%
Painted ParakeetPyrrhura pictaPsittaciformesPsittacidae (New World and African Parrots)
0%
Painted SandgrousePterocles indicusPterocliformesPteroclidae (Sandgrouse)
0%
Painted Tiger-ParrotPsittacella pictaPsittaciformesPsittaculidae (Old World Parrots)
0%
Palau Fruit-DovePtilinopus pelewensisColumbiformesColumbidae (Pigeons and Doves)
0%
Palau Ground DoveAlopecoenas canifronsColumbiformesColumbidae (Pigeons and Doves)
0%
Palau KingfisherTodiramphus pelewensisCoraciiformesAlcedinidae (Kingfishers)
0%
Palau NightjarCaprimulgus phalaenaCaprimulgiformesCaprimulgidae (Nightjars and Allies)
0%
Palau OwlPyrroglaux podarginaStrigiformesStrigidae (Owls)
0%
Palau SwiftletAerodramus pelewensisCaprimulgiformesApodidae (Swifts)
0%
Palawan FrogmouthBatrachostomus chaseniCaprimulgiformesPodargidae (Frogmouths)
0%
Palawan HornbillAnthracoceros marcheiBucerotiformesBucerotidae (Hornbills)
0%
Palawan Scops-OwlOtus fuliginosusStrigiformesStrigidae (Owls)
0%
Pale-bellied HermitPhaethornis anthophilusCaprimulgiformesTrochilidae (Hummingbirds)
0%
Pale-billed HornbillLophoceros pallidirostrisBucerotiformesBucerotidae (Hornbills)
0%
Pale-billed WoodpeckerCampephilus guatemalensisPiciformesPicidae (Woodpeckers)
0%
Pale-browed TinamouCrypturellus transfasciatusTinamiformesTinamidae (Tinamous)
0%
Pale-capped PigeonColumba puniceaColumbiformesColumbidae (Pigeons and Doves)
0%
Pale-crested WoodpeckerCeleus lugubrisPiciformesPicidae (Woodpeckers)
0%
Pale-headed JacamarBrachygalba goeringiGalbuliformesGalbulidae (Jacamars)
0%
Pale-headed WoodpeckerGecinulus grantiaPiciformesPicidae (Woodpeckers)
0%
Pale Mountain-PigeonGymnophaps solomonensisColumbiformesColumbidae (Pigeons and Doves)
0%
Pale-rumped SwiftChaetura egregiaCaprimulgiformesApodidae (Swifts)
0%
Pale-tailed BarbthroatThrenetes leucurusCaprimulgiformesTrochilidae (Hummingbirds)
0%
Pale-vented Bush-henAmaurornis moluccanaGruiformesRallidae (Rails, Gallinules, and Coots)
0%
Pale-vented PigeonPatagioenas cayennensisColumbiformesColumbidae (Pigeons and Doves)
0%
Pale-winged TrumpeterPsophia leucopteraGruiformesPsophiidae (Trumpeters)
0%
Pallas's CormorantUrile perspicillatusSuliformesPhalacrocoracidae (Cormorants and Shags)
0%
Pallid CuckooCacomantis pallidusCuculiformesCuculidae (Cuckoos)
0%
Pallid DoveLeptotila pallidaColumbiformesColumbidae (Pigeons and Doves)
0%
Pallid HoneyguideIndicator meliphilusPiciformesIndicatoridae (Honeyguides)
0%
Pallid Scops-OwlOtus bruceiStrigiformesStrigidae (Owls)
0%
Pallid SwiftApus pallidusCaprimulgiformesApodidae (Swifts)
0%
Palm LorikeetVini palmarumPsittaciformesPsittaculidae (Old World Parrots)
0%
Papuan BoobookNinox theomachaStrigiformesStrigidae (Owls)
0%
Papuan Dwarf-KingfisherCeyx solitariusCoraciiformesAlcedinidae (Kingfishers)
0%
Papuan Hanging-ParrotLoriculus aurantiifronsPsittaciformesPsittaculidae (Old World Parrots)
0%
Papuan King-ParrotAlisterus chloropterusPsittaciformesPsittaculidae (Old World Parrots)
0%
Papuan LorikeetCharmosyna papouPsittaciformesPsittaculidae (Old World Parrots)
0%
Papuan Marsh-HarrierCircus spilothoraxAccipitriformesAccipitridae (Hawks, Eagles, and Kites)
0%
Papuan Mountain-PigeonGymnophaps albertisiiColumbiformesColumbidae (Pigeons and Doves)
0%
Papuan NightjarEurostopodus papuensisCaprimulgiformesCaprimulgidae (Nightjars and Allies)
0%
Papuan OwlUroglaux dimorphaStrigiformesStrigidae (Owls)
0%
Papuan Spinetailed SwiftMearnsia novaeguineaeCaprimulgiformesApodidae (Swifts)
0%
Paradise JacamarGalbula deaGalbuliformesGalbulidae (Jacamars)
0%
Paradise ParrotPsephotus pulcherrimusPsittaciformesPsittaculidae (Old World Parrots)
0%
Paraguayan SnipeGallinago paraguaiaeCharadriiformesScolopacidae (Sandpipers and Allies)
0%
Parakeet AukletAethia psittaculaCharadriiformesAlcidae (Auks, Murres, and Puffins)
0%
Parkinson's PetrelProcellaria parkinsoniProcellariiformesProcellariidae (Shearwaters and Petrels)
0%
Patagonian TinamouTinamotis ingoufiTinamiformesTinamidae (Tinamous)
0%
Pavonine CuckooDromococcyx pavoninusCuculiformesCuculidae (Cuckoos)
0%
Pavonine QuetzalPharomachrus pavoninusTrogoniformesTrogonidae (Trogons)
0%
Peaceful DoveGeopelia placidaColumbiformesColumbidae (Pigeons and Doves)
0%
Peach-fronted ParakeetEupsittula aureaPsittaciformesPsittacidae (New World and African Parrots)
0%
Peacock CoquetteLophornis pavoninusCaprimulgiformesTrochilidae (Hummingbirds)
0%
Peale's Imperial-PigeonDucula latransColumbiformesColumbidae (Pigeons and Doves)
0%
Pearl KiteGampsonyx swainsoniiAccipitriformesAccipitridae (Hawks, Eagles, and Kites)
0%
Pearl-spotted OwletGlaucidium perlatumStrigiformesStrigidae (Owls)
0%
Pearly-breasted CuckooCoccyzus euleriCuculiformesCuculidae (Cuckoos)
0%
Pearly ParakeetPyrrhura lepidaPsittaciformesPsittacidae (New World and African Parrots)
0%
Pemba Green-PigeonTreron pembaensisColumbiformesColumbidae (Pigeons and Doves)
0%
Pemba Scops-OwlOtus pembaensisStrigiformesStrigidae (Owls)
0%
Pennant-winged NightjarCaprimulgus vexillariusCaprimulgiformesCaprimulgidae (Nightjars and Allies)
0%
Pere David's OwlStrix davidiStrigiformesStrigidae (Owls)
0%
Perija MetaltailMetallura iracundaCaprimulgiformesTrochilidae (Hummingbirds)
0%
Pernambuco Pygmy-OwlGlaucidium mooreorumStrigiformesStrigidae (Owls)
0%
Persian ShearwaterPuffinus persicusProcellariiformesProcellariidae (Shearwaters and Petrels)
0%
Peruvian Diving-PetrelPelecanoides garnotiiProcellariiformesProcellariidae (Shearwaters and Petrels)
0%
Peruvian PiedtailPhlogophilus hartertiCaprimulgiformesTrochilidae (Hummingbirds)
0%
Peruvian PigeonPatagioenas oenopsColumbiformesColumbidae (Pigeons and Doves)
0%
Peruvian Pygmy-OwlGlaucidium peruanumStrigiformesStrigidae (Owls)
0%
Peruvian Screech-OwlMegascops roboratusStrigiformesStrigidae (Owls)
0%
Peruvian SheartailThaumastura coraCaprimulgiformesTrochilidae (Hummingbirds)
0%
Peruvian Thick-kneeBurhinus superciliarisCharadriiformesBurhinidae (Thick-knees)
0%
Pfrimer's ParakeetPyrrhura pfrimeriPsittaciformesPsittacidae (New World and African Parrots)
0%
Pharaoh Eagle-OwlBubo ascalaphusStrigiformesStrigidae (Owls)
0%
Pheasant CoucalCentropus phasianinusCuculiformesCuculidae (Cuckoos)
0%
Pheasant CuckooDromococcyx phasianellusCuculiformesCuculidae (Cuckoos)
0%
Philby's PartridgeAlectoris philbyiGalliformesPhasianidae (Pheasants, Grouse, and Allies)
0%
Philippine CockatooCacatua haematuropygiaPsittaciformesCacatuidae (Cockatoos)
0%
Philippine Collared-DoveStreptopelia dusumieriColumbiformesColumbidae (Pigeons and Doves)
0%
Philippine CoucalCentropus viridisCuculiformesCuculidae (Cuckoos)
0%
Philippine Cuckoo-DoveMacropygia tenuirostrisColumbiformesColumbidae (Pigeons and Doves)
0%
Philippine Drongo-CuckooSurniculus velutinusCuculiformesCuculidae (Cuckoos)
0%
Philippine Dwarf-KingfisherCeyx melanurusCoraciiformesAlcedinidae (Kingfishers)
0%
Philippine FalconetMicrohierax erythrogenysFalconiformesFalconidae (Falcons and Caracaras)
0%
Philippine FrogmouthBatrachostomus septimusCaprimulgiformesPodargidae (Frogmouths)
0%
Philippine Green-PigeonTreron axillarisColumbiformesColumbidae (Pigeons and Doves)
0%
Philippine Hanging-ParrotLoriculus philippensisPsittaciformesPsittaculidae (Old World Parrots)
0%
Philippine Hawk-CuckooHierococcyx pectoralisCuculiformesCuculidae (Cuckoos)
0%
Philippine Honey-buzzardPernis steereiAccipitriformesAccipitridae (Hawks, Eagles, and Kites)
0%
Philippine NightjarCaprimulgus manillensisCaprimulgiformesCaprimulgidae (Nightjars and Allies)
0%
Philippine Pygmy WoodpeckerYungipicus maculatusPiciformesPicidae (Woodpeckers)
0%
Philippine Scops-OwlOtus megalotisStrigiformesStrigidae (Owls)
0%
Philippine Serpent-EagleSpilornis holospilusAccipitriformesAccipitridae (Hawks, Eagles, and Kites)
0%
Philippine Spinetailed SwiftMearnsia picinaCaprimulgiformesApodidae (Swifts)
0%
Philippine SwamphenPorphyrio pulverulentusGruiformesRallidae (Rails, Gallinules, and Coots)
0%
Philippine SwiftletAerodramus mearnsiCaprimulgiformesApodidae (Swifts)
0%
Philippine TrogonHarpactes ardensTrogoniformesTrogonidae (Trogons)
0%
Phoenix PetrelPterodroma albaProcellariiformesProcellariidae (Shearwaters and Petrels)
0%
Picazuro PigeonPatagioenas picazuroColumbiformesColumbidae (Pigeons and Doves)
0%
Pied BarbetTricholaema leucomelasPiciformesLybiidae (African Barbets)
0%
Pied CormorantPhalacrocorax variusSuliformesPhalacrocoracidae (Cormorants and Shags)
0%
Pied CoucalCentropus ateralbusCuculiformesCuculidae (Cuckoos)
0%
Pied CuckooClamator jacobinusCuculiformesCuculidae (Cuckoos)
0%
Pied Cuckoo-DoveReinwardtoena browniColumbiformesColumbidae (Pigeons and Doves)
0%
Pied FalconetMicrohierax melanoleucosFalconiformesFalconidae (Falcons and Caracaras)
0%
Pied GoshawkAccipiter albogularisAccipitriformesAccipitridae (Hawks, Eagles, and Kites)
0%
Pied LapwingVanellus cayanusCharadriiformesCharadriidae (Plovers and Lapwings)
0%
Pied OystercatcherHaematopus longirostrisCharadriiformesHaematopodidae (Oystercatchers)
0%
Pied PuffbirdNotharchus tectusGalbuliformesBucconidae (Puffbirds)
0%
Pileated ParrotPionopsitta pileataPsittaciformesPsittacidae (New World and African Parrots)
0%
Pincoya Storm-PetrelOceanites pincoyaeProcellariiformesOceanitidae (Southern Storm-Petrels)
0%
Pink-bellied Imperial-PigeonDucula poliocephalaColumbiformesColumbidae (Pigeons and Doves)
0%
Pink-footed ShearwaterArdenna creatopusProcellariiformesProcellariidae (Shearwaters and Petrels)
0%
Pink-headed Fruit-DovePtilinopus porphyreusColumbiformesColumbidae (Pigeons and Doves)
0%
Pink-headed Imperial-PigeonDucula rosaceaColumbiformesColumbidae (Pigeons and Doves)
0%
Pink-necked Green-PigeonTreron vernansColumbiformesColumbidae (Pigeons and Doves)
0%
Pink PigeonNesoenas mayeriColumbiformesColumbidae (Pigeons and Doves)
0%
Pink-spotted Fruit-DovePtilinopus perlatusColumbiformesColumbidae (Pigeons and Doves)
0%
Pink-throated BrilliantHeliodoxa gularisCaprimulgiformesTrochilidae (Hummingbirds)
0%
Pinnated BitternBotaurus pinnatusPelecaniformesArdeidae (Herons, Egrets, and Bitterns)
0%
Pinon's Imperial-PigeonDucula pinonColumbiformesColumbidae (Pigeons and Doves)
0%
Pinsker's Hawk-EagleNisaetus pinskeriAccipitriformesAccipitridae (Hawks, Eagles, and Kites)
0%
Pin-tailed Green-PigeonTreron apicaudaColumbiformesColumbidae (Pigeons and Doves)
0%
Pin-tailed SandgrousePterocles alchataPterocliformesPteroclidae (Sandgrouse)
0%
Pin-tailed SnipeGallinago stenuraCharadriiformesScolopacidae (Sandpipers and Allies)
0%
Piping HornbillBycanistes fistulatorBucerotiformesBucerotidae (Hornbills)
0%
Pirre HummingbirdGoldmania bellaCaprimulgiformesTrochilidae (Hummingbirds)
0%
Pitta-like Ground-RollerAtelornis pittoidesCoraciiformesBrachypteraciidae (Ground-Rollers)
0%
Pitt Island ShagPhalacrocorax featherstoniSuliformesPhalacrocoracidae (Cormorants and Shags)
0%
Plain-bellied EmeraldChrysuronia leucogasterCaprimulgiformesTrochilidae (Hummingbirds)
0%
Plain-breasted Ground DoveColumbina minutaColumbiformesColumbidae (Pigeons and Doves)
0%
Plain-breasted PiculetPicumnus castelnauPiciformesPicidae (Woodpeckers)
0%
Plain Bush-henAmaurornis olivaceaGruiformesRallidae (Rails, Gallinules, and Coots)
0%
Plain-capped StarthroatHeliomaster constantiiCaprimulgiformesTrochilidae (Hummingbirds)
0%
Plain-flanked RailRallus wetmoreiGruiformesRallidae (Rails, Gallinules, and Coots)
0%
Plain NightjarCaprimulgus inornatusCaprimulgiformesCaprimulgidae (Nightjars and Allies)
0%
Plain ParakeetBrotogeris tiricaPsittaciformesPsittacidae (New World and African Parrots)
0%
Plain PigeonPatagioenas inornataColumbiformesColumbidae (Pigeons and Doves)
0%
Plain-pouched HornbillRhyticeros subruficollisBucerotiformesBucerotidae (Hornbills)
0%
Plain SwiftApus unicolorCaprimulgiformesApodidae (Swifts)
0%
Plaintive CuckooCacomantis merulinusCuculiformesCuculidae (Cuckoos)
0%
Planalto HermitPhaethornis pretreiCaprimulgiformesTrochilidae (Hummingbirds)
0%
Plumbeous Forest-FalconMicrastur plumbeusFalconiformesFalconidae (Falcons and Caracaras)
0%
Plumbeous HawkCryptoleucopteryx plumbeaAccipitriformesAccipitridae (Hawks, Eagles, and Kites)
0%
Plumbeous IbisTheristicus caerulescensPelecaniformesThreskiornithidae (Ibises and Spoonbills)
0%
Plumbeous PigeonPatagioenas plumbeaColumbiformesColumbidae (Pigeons and Doves)
0%
Plumbeous RailPardirallus sanguinolentusGruiformesRallidae (Rails, Gallinules, and Coots)
0%
Plumed GuineafowlGuttera plumiferaGalliformesNumididae (Guineafowl)
0%
Plume-toed SwiftletCollocalia affinisCaprimulgiformesApodidae (Swifts)
0%
Plum-faced LorikeetOreopsittacus arfakiPsittaciformesPsittaculidae (Old World Parrots)
0%
Plum-headed ParakeetPsittacula cyanocephalaPsittaciformesPsittaculidae (Old World Parrots)
0%
Pohnpei KingfisherTodiramphus reichenbachiiCoraciiformesAlcedinidae (Kingfishers)
0%
Pohnpei LorikeetTrichoglossus rubiginosusPsittaciformesPsittaculidae (Old World Parrots)
0%
Polynesian Ground DoveAlopecoenas erythropterusColumbiformesColumbidae (Pigeons and Doves)
0%
Polynesian Imperial-PigeonDucula auroraeColumbiformesColumbidae (Pigeons and Doves)
0%
Polynesian Storm-PetrelNesofregetta fuliginosaProcellariiformesOceanitidae (Southern Storm-Petrels)
0%
Polynesian SwiftletAerodramus leucophaeusCaprimulgiformesApodidae (Swifts)
0%
Powerful WoodpeckerCampephilus pollensPiciformesPicidae (Woodpeckers)
0%
Princess ParrotPolytelis alexandraePsittaciformesPsittaculidae (Old World Parrots)
0%
Prong-billed BarbetSemnornis frantziiPiciformesSemnornithidae (Toucan-Barbets)
0%
Providence PetrelPterodroma solandriProcellariiformesProcellariidae (Shearwaters and Petrels)
0%
Przevalski's PartridgeAlectoris magnaGalliformesPhasianidae (Pheasants, Grouse, and Allies)
0%
Puerto Rican EmeraldRiccordia maugaeusCaprimulgiformesTrochilidae (Hummingbirds)
0%
Puerto Rican Lizard-CuckooCoccyzus vieillotiCuculiformesCuculidae (Cuckoos)
0%
Puerto Rican NightjarAntrostomus noctitherusCaprimulgiformesCaprimulgidae (Nightjars and Allies)
0%
Puerto Rican OwlGymnasio nudipesStrigiformesStrigidae (Owls)
0%
Puerto Rican ParakeetPsittacara maugeiPsittaciformesPsittacidae (New World and African Parrots)
0%
Puerto Rican ParrotAmazona vittataPsittaciformesPsittacidae (New World and African Parrots)
0%
Puerto Rican TodyTodus mexicanusCoraciiformesTodidae (Todies)
0%
Puerto Rican WoodpeckerMelanerpes portoricensisPiciformesPicidae (Woodpeckers)
0%
Puna IbisPlegadis ridgwayiPelecaniformesThreskiornithidae (Ibises and Spoonbills)
0%
Puna PloverCharadrius alticolaCharadriiformesCharadriidae (Plovers and Lapwings)
0%
Puna SnipeGallinago andinaCharadriiformesScolopacidae (Sandpipers and Allies)
0%
Puna TinamouTinamotis pentlandiiTinamiformesTinamidae (Tinamous)
0%
Purple-backed SunbeamAglaeactis aliciaeCaprimulgiformesTrochilidae (Hummingbirds)
0%
Purple-backed ThornbillRamphomicron microrhynchumCaprimulgiformesTrochilidae (Hummingbirds)
0%
Purple-bearded Bee-eaterMeropogon forsteniCoraciiformesMeropidae (Bee-eaters)
0%
Purple-bellied LoryLorius hypoinochrousPsittaciformesPsittaculidae (Old World Parrots)
0%
Purple-bibbed WhitetipUrosticte benjaminiCaprimulgiformesTrochilidae (Hummingbirds)
0%
Purple-capped Fruit-DovePtilinopus ponapensisColumbiformesColumbidae (Pigeons and Doves)
0%
Purple-chested HummingbirdPolyerata rosenbergiCaprimulgiformesTrochilidae (Hummingbirds)
0%
Purple-collared WoodstarMyrtis fannyCaprimulgiformesTrochilidae (Hummingbirds)
0%
Purple-crested TuracoTauraco porphyreolophusMusophagiformesMusophagidae (Turacos)
0%
Purple-crowned FairyHeliothryx barrotiCaprimulgiformesTrochilidae (Hummingbirds)
0%
Purple-crowned LorikeetParvipsitta porphyrocephalaPsittaciformesPsittaculidae (Old World Parrots)
0%
Purple-crowned PlovercrestStephanoxis loddigesiiCaprimulgiformesTrochilidae (Hummingbirds)
0%
Purple-naped LoryLorius domicellaPsittaciformesPsittaculidae (Old World Parrots)
0%
Purple NeedletailHirundapus celebensisCaprimulgiformesApodidae (Swifts)
0%
Purple Quail-DoveGeotrygon purpurataColumbiformesColumbidae (Pigeons and Doves)
0%
Purple-tailed Imperial-PigeonDucula rufigasterColumbiformesColumbidae (Pigeons and Doves)
0%
Purple-throated Mountain-gemLampornis calolaemusCaprimulgiformesTrochilidae (Hummingbirds)
0%
Purple-throated SunangelHeliangelus violaCaprimulgiformesTrochilidae (Hummingbirds)
0%
Purple-throated WoodstarPhilodice mitchelliiCaprimulgiformesTrochilidae (Hummingbirds)
0%
Purple-winged Ground DoveParaclaravis geoffroyiColumbiformesColumbidae (Pigeons and Doves)
0%
Purple-winged RollerCoracias temminckiiCoraciiformesCoraciidae (Rollers)
0%
Purplish-backed Quail-DoveZentrygon lawrenciiColumbiformesColumbidae (Pigeons and Doves)
0%
Purplish JacamarGalbula chalcothoraxGalbuliformesGalbulidae (Jacamars)
0%
Purus JacamarGalbalcyrhynchus purusianusGalbuliformesGalbulidae (Jacamars)
0%
Pycroft's PetrelPterodroma pycroftiProcellariiformesProcellariidae (Shearwaters and Petrels)
0%
Pygmy EagleHieraaetus weiskeiAccipitriformesAccipitridae (Hawks, Eagles, and Kites)
0%
Pygmy Hanging-ParrotLoriculus exilisPsittaciformesPsittaculidae (Old World Parrots)
0%
Pygmy LorikeetCharminetta wilhelminaePsittaciformesPsittaculidae (Old World Parrots)
0%
Pygmy NightjarNyctipolus hirundinaceusCaprimulgiformesCaprimulgidae (Nightjars and Allies)
0%
Pygmy SwiftTachornis furcataCaprimulgiformesApodidae (Swifts)
0%
Pygmy SwiftletCollocalia troglodytesCaprimulgiformesApodidae (Swifts)
0%
Quail-ploverOrtyxelos meiffreniiCharadriiformesTurnicidae (Buttonquail)
0%
Racket-tailed RollerCoracias spatulatusCoraciiformesCoraciidae (Rollers)
0%
Racket-tipped ThorntailDiscosura longicaudusCaprimulgiformesTrochilidae (Hummingbirds)
0%
Raffles's MalkohaRhinortha chlorophaeaCuculiformesCuculidae (Cuckoos)
0%
Raiatea ParakeetCyanoramphus ulietanusPsittaciformesPsittaculidae (Old World Parrots)
0%
Rainbow-bearded ThornbillChalcostigma herraniCaprimulgiformesTrochilidae (Hummingbirds)
0%
Rainbow StarfrontletCoeligena irisCaprimulgiformesTrochilidae (Hummingbirds)
0%
Rajah Scops-OwlOtus brookiiStrigiformesStrigidae (Owls)
0%
Rameron PigeonColumba arquatrixColumbiformesColumbidae (Pigeons and Doves)
0%
Rapa Fruit-DovePtilinopus huttoniColumbiformesColumbidae (Pigeons and Doves)
0%
Rapa ShearwaterPuffinus myrtaeProcellariiformesProcellariidae (Shearwaters and Petrels)
0%
Red-and-blue LoryEos histrioPsittaciformesPsittaculidae (Old World Parrots)
0%
Red-and-white CrakeLaterallus leucopyrrhusGruiformesRallidae (Rails, Gallinules, and Coots)
0%
Red-and-yellow BarbetTrachyphonus erythrocephalusPiciformesLybiidae (African Barbets)
0%
Red-backed ButtonquailTurnix maculosusCharadriiformesTurnicidae (Buttonquail)
0%
Red-backed FlamebackDinopium psarodesPiciformesPicidae (Woodpeckers)
0%
Red-backed KingfisherTodiramphus pyrrhopygiusCoraciiformesAlcedinidae (Kingfishers)
0%
Red-backed MousebirdColius castanotusColiiformesColiidae (Mousebirds)
0%
Red-bearded Bee-eaterNyctyornis amictusCoraciiformesMeropidae (Bee-eaters)
0%
Red-bellied Fruit-DovePtilinopus greyiColumbiformesColumbidae (Pigeons and Doves)
0%
Red-bellied MacawOrthopsittaca manilatusPsittaciformesPsittacidae (New World and African Parrots)
0%
Red-bellied ParrotPoicephalus rufiventrisPsittaciformesPsittacidae (New World and African Parrots)
0%
Red-billed BrushturkeyTalegalla cuvieriGalliformesMegapodiidae (Megapodes)
0%
Red-billed CurassowCrax blumenbachiiGalliformesCracidae (Guans, Chachalacas, and Curassows)
0%
Red-billed Dwarf HornbillLophoceros camurusBucerotiformesBucerotidae (Hornbills)
0%
Red-billed EmeraldChlorostilbon gibsoniCaprimulgiformesTrochilidae (Hummingbirds)
0%
Red-billed FrancolinPternistis adspersusGalliformesPhasianidae (Pheasants, Grouse, and Allies)
0%
Red-billed MalkohaZanclostomus javanicusCuculiformesCuculidae (Cuckoos)
0%
Red-billed ParrotPionus sordidusPsittaciformesPsittacidae (New World and African Parrots)
0%
Red-billed PartridgeArborophila rubrirostrisGalliformesPhasianidae (Pheasants, Grouse, and Allies)
0%
Red-breasted CouaCoua serrianaCuculiformesCuculidae (Cuckoos)
0%
Red-breasted DotterelCharadrius obscurusCharadriiformesCharadriidae (Plovers and Lapwings)
0%
Red-breasted Paradise-KingfisherTanysiptera nymphaCoraciiformesAlcedinidae (Kingfishers)
0%
Red-breasted ParakeetPsittacula alexandriPsittaciformesPsittaculidae (Old World Parrots)
0%
Red-breasted PartridgeArborophila hyperythraGalliformesPhasianidae (Pheasants, Grouse, and Allies)
0%
Red-breasted Pygmy-ParrotMicropsitta bruijniiPsittaciformesPsittaculidae (Old World Parrots)
0%
Red-browed ParrotAmazona rhodocorythaPsittaciformesPsittacidae (New World and African Parrots)
0%
Red-capped CouaCoua ruficepsCuculiformesCuculidae (Cuckoos)
0%
Red-capped ParrotPurpureicephalus spuriusPsittaciformesPsittaculidae (Old World Parrots)
0%
Red-capped PloverCharadrius ruficapillusCharadriiformesCharadriidae (Plovers and Lapwings)
0%
Red-cheeked ParrotGeoffroyus geoffroyiPsittaciformesPsittaculidae (Old World Parrots)
0%
Red-chested ButtonquailTurnix pyrrhothoraxCharadriiformesTurnicidae (Buttonquail)
0%
Red-chested CuckooCuculus solitariusCuculiformesCuculidae (Cuckoos)
0%
Red-chested FlufftailSarothrura rufaGruiformesSarothruridae (Flufftails)
0%
Red-chested GoshawkAccipiter tousseneliiAccipitriformesAccipitridae (Hawks, Eagles, and Kites)
0%
Red-chested OwletGlaucidium tephronotumStrigiformesStrigidae (Owls)
0%
Red-chinned LorikeetVini rubrigularisPsittaciformesPsittaculidae (Old World Parrots)
0%
Red-cockaded WoodpeckerDryobates borealisPiciformesPicidae (Woodpeckers)
0%
Red Collared-DoveStreptopelia tranquebaricaColumbiformesColumbidae (Pigeons and Doves)
0%
Red-collared LorikeetTrichoglossus rubritorquisPsittaciformesPsittaculidae (Old World Parrots)
0%
Red-collared WoodpeckerPicus rabieriPiciformesPicidae (Woodpeckers)
0%
Red-crested BustardEupodotis ruficristaOtidiformesOtididae (Bustards)
0%
Red-crested MalkohaDasylophus superciliosusCuculiformesCuculidae (Cuckoos)
0%
Red-crowned BarbetPsilopogon rafflesiiPiciformesMegalaimidae (Asian Barbets)
0%
Red-crowned ParakeetCyanoramphus novaezelandiaePsittaciformesPsittaculidae (Old World Parrots)
0%
Red-crowned ParrotAmazona viridigenalisPsittaciformesPsittacidae (New World and African Parrots)
0%
Red-crowned WoodpeckerMelanerpes rubricapillusPiciformesPicidae (Woodpeckers)
0%
Reddish HermitPhaethornis ruberCaprimulgiformesTrochilidae (Hummingbirds)
0%
Reddish Scops-OwlOtus rufescensStrigiformesStrigidae (Owls)
0%
Red-eared Fruit-DovePtilinopus fischeriColumbiformesColumbidae (Pigeons and Doves)
0%
Red-eared ParakeetPyrrhura hoematotisPsittaciformesPsittacidae (New World and African Parrots)
0%
Red-faced BarbetLybius rubrifaciesPiciformesLybiidae (African Barbets)
0%
Red-faced CormorantUrile urileSuliformesPhalacrocoracidae (Cormorants and Shags)
0%
Red-faced GuanPenelope dabbeneiGalliformesCracidae (Guans, Chachalacas, and Curassows)
0%
Red-faced MalkohaPhaenicophaeus pyrrhocephalusCuculiformesCuculidae (Cuckoos)
0%
Red-faced MousebirdUrocolius indicusColiiformesColiidae (Mousebirds)
0%
Red-faced ParrotHapalopsittaca pyrrhopsPsittaciformesPsittacidae (New World and African Parrots)
0%
Red-fan ParrotDeroptyus accipitrinusPsittaciformesPsittacidae (New World and African Parrots)
0%
Red-flanked LorikeetHypocharmosyna placentisPsittaciformesPsittaculidae (Old World Parrots)
0%
Red-footed FalconFalco vespertinusFalconiformesFalconidae (Falcons and Caracaras)
0%
Red-fronted BarbetTricholaema diademataPiciformesLybiidae (African Barbets)
0%
Red-fronted CootFulica rufifronsGruiformesRallidae (Rails, Gallinules, and Coots)
0%
Red-fronted CouaCoua reynaudiiCuculiformesCuculidae (Cuckoos)
0%
Red-fronted LorikeetHypocharmosyna rubronotataPsittaciformesPsittaculidae (Old World Parrots)
0%
Red-fronted ParrotPoicephalus gulielmiPsittaciformesPsittacidae (New World and African Parrots)
0%
Red-fronted ParrotletTouit costaricensisPsittaciformesPsittacidae (New World and African Parrots)
0%
Red-fronted TinkerbirdPogoniulus pusillusPiciformesLybiidae (African Barbets)
0%
Red-gartered CootFulica armillataGruiformesRallidae (Rails, Gallinules, and Coots)
0%
Red-headed BarbetEubucco bourcieriiPiciformesCapitonidae (New World Barbets)
0%
Red-headed FlamebackChrysocolaptes erythrocephalusPiciformesPicidae (Woodpeckers)
0%
Red-headed LovebirdAgapornis pullariusPsittaciformesPsittaculidae (Old World Parrots)
0%
Red-headed TrogonHarpactes erythrocephalusTrogoniformesTrogonidae (Trogons)
0%
Red-kneed DotterelErythrogonys cinctusCharadriiformesCharadriidae (Plovers and Lapwings)
0%
Red-knobbed Imperial-PigeonDucula rubriceraColumbiformesColumbidae (Pigeons and Doves)
0%
Red-legged BrushturkeyTalegalla jobiensisGalliformesMegapodiidae (Megapodes)
0%
Red-legged CormorantPoikilocarbo gaimardiSuliformesPhalacrocoracidae (Cormorants and Shags)
0%
Red-legged CrakeRallina fasciataGruiformesRallidae (Rails, Gallinules, and Coots)
0%
Red-legged TinamouCrypturellus erythropusTinamiformesTinamidae (Tinamous)
0%
Red LoryEos borneaPsittaciformesPsittaculidae (Old World Parrots)
0%
Red-masked ParakeetPsittacara erythrogenysPsittaciformesPsittacidae (New World and African Parrots)
0%
Red-moustached Fruit-DovePtilinopus mercieriiColumbiformesColumbidae (Pigeons and Doves)
0%
Red-naped Fruit-DovePtilinopus dohertyiColumbiformesColumbidae (Pigeons and Doves)
0%
Red-naped IbisPseudibis papillosaPelecaniformesThreskiornithidae (Ibises and Spoonbills)
0%
Red-naped TrogonHarpactes kasumbaTrogoniformesTrogonidae (Trogons)
0%
Red-necked AracariPteroglossus bitorquatusPiciformesRamphastidae (Toucans)
0%
Red-necked BuzzardButeo auguralisAccipitriformesAccipitridae (Hawks, Eagles, and Kites)
0%
Red-necked CrakeRallina tricolorGruiformesRallidae (Rails, Gallinules, and Coots)
0%
Red-necked FalconFalco chicqueraFalconiformesFalconidae (Falcons and Caracaras)
0%
Red-necked FrancolinPternistis aferGalliformesPhasianidae (Pheasants, Grouse, and Allies)
0%
Red-necked NightjarCaprimulgus ruficollisCaprimulgiformesCaprimulgidae (Nightjars and Allies)
0%
Red-necked ParrotAmazona arausiacaPsittaciformesPsittacidae (New World and African Parrots)
0%
Red-necked PhalaropePhalaropus lobatusCharadriiformesScolopacidae (Sandpipers and Allies)
0%
Red-necked WoodpeckerCampephilus rubricollisPiciformesPicidae (Woodpeckers)
0%
Red OwlTyto soumagneiStrigiformesTytonidae (Barn-Owls)
0%
Red PhalaropePhalaropus fulicariusCharadriiformesScolopacidae (Sandpipers and Allies)
0%
Red RailAphanapteryx bonasiaGruiformesRallidae (Rails, Gallinules, and Coots)
0%
Red-rumped ParrotPsephotus haematonotusPsittaciformesPsittaculidae (Old World Parrots)
0%
Red-rumped TinkerbirdPogoniulus atroflavusPiciformesLybiidae (African Barbets)
0%
Red-rumped WoodpeckerDryobates kirkiiPiciformesPicidae (Woodpeckers)
0%
Red Shining-ParrotProsopeia tabuensisPsittaciformesPsittaculidae (Old World Parrots)
0%
Red-shouldered MacawDiopsittaca nobilisPsittaciformesPsittacidae (New World and African Parrots)
0%
Red-spectacled ParrotAmazona pretreiPsittaciformesPsittacidae (New World and African Parrots)
0%
Red SpurfowlGalloperdix spadiceaGalliformesPhasianidae (Pheasants, Grouse, and Allies)
0%
Red-stained WoodpeckerDryobates affinisPiciformesPicidae (Woodpeckers)
0%
Red-tailed Black-CockatooCalyptorhynchus banksiiPsittaciformesCacatuidae (Cockatoos)
0%
Red-tailed CometSappho sparganurusCaprimulgiformesTrochilidae (Hummingbirds)
0%
Red-tailed ParrotAmazona brasiliensisPsittaciformesPsittacidae (New World and African Parrots)
0%
Red-thighed SparrowhawkAccipiter erythropusAccipitriformesAccipitridae (Hawks, Eagles, and Kites)
0%
Red-throated BarbetPsilopogon mystacophanosPiciformesMegalaimidae (Asian Barbets)
0%
Red-throated Bee-eaterMerops bulockiCoraciiformesMeropidae (Bee-eaters)
0%
Red-throated CaracaraIbycter americanusFalconiformesFalconidae (Falcons and Caracaras)
0%
Red-throated LorikeetVini amabilisPsittaciformesPsittaculidae (Old World Parrots)
0%
Red-vented BarbetPsilopogon lagrandieriPiciformesMegalaimidae (Asian Barbets)
0%
Red-winged FrancolinScleroptila levaillantiiGalliformesPhasianidae (Pheasants, Grouse, and Allies)
0%
Red-winged ParrotAprosmictus erythropterusPsittaciformesPsittaculidae (Old World Parrots)
0%
Red-winged Wood-RailAramides calopterusGruiformesRallidae (Rails, Gallinules, and Coots)
0%
Regent ParrotPolytelis anthopeplusPsittaciformesPsittaculidae (Old World Parrots)
0%
Reichenow's WoodpeckerCampethera scriptoricaudaPiciformesPicidae (Woodpeckers)
0%
Reischek's ParakeetCyanoramphus hochstetteriPsittaciformesPsittaculidae (Old World Parrots)
0%
Resplendent QuetzalPharomachrus mocinnoTrogoniformesTrogonidae (Trogons)
0%
Reunion GallinulePorphyrio caerulescensGruiformesRallidae (Rails, Gallinules, and Coots)
0%
Reunion HarrierCircus maillardiAccipitriformesAccipitridae (Hawks, Eagles, and Kites)
0%
Reunion IbisThreskiornis solitariusPelecaniformesThreskiornithidae (Ibises and Spoonbills)
0%
Reunion KestrelFalco duboisiFalconiformesFalconidae (Falcons and Caracaras)
0%
Reunion Night-HeronNycticorax duboisiPelecaniformesArdeidae (Herons, Egrets, and Bitterns)
0%
Reunion PigeonNesoenas duboisiColumbiformesColumbidae (Pigeons and Doves)
0%
Reunion RailDryolimnas augustiGruiformesRallidae (Rails, Gallinules, and Coots)
0%
Reunion Scops-OwlOtus gruchetiStrigiformesStrigidae (Owls)
0%
Reunion ShelduckAlopochen kervazoiAnseriformesAnatidae (Ducks, Geese, and Waterfowl)
0%
Ridgetop SwiftletCollocalia isonotaCaprimulgiformesApodidae (Swifts)
0%
Ridgway's HawkButeo ridgwayiAccipitriformesAccipitridae (Hawks, Eagles, and Kites)
0%
Ridgway's RailRallus obsoletusGruiformesRallidae (Rails, Gallinules, and Coots)
0%
Ringed Storm-PetrelHydrobates hornbyiProcellariiformesHydrobatidae (Northern Storm-Petrels)
0%
Ringed WoodpeckerCeleus torquatusPiciformesPicidae (Woodpeckers)
0%
Ring-necked DoveStreptopelia capicolaColumbiformesColumbidae (Pigeons and Doves)
0%
Ring-necked FrancolinScleroptila streptophoraGalliformesPhasianidae (Pheasants, Grouse, and Allies)
0%
Ring-tailed PigeonPatagioenas caribaeaColumbiformesColumbidae (Pigeons and Doves)
0%
Rinjani Scops-OwlOtus jolandaeStrigiformesStrigidae (Owls)
0%
Riparian ParrotletForpus crassirostrisPsittaciformesPsittacidae (New World and African Parrots)
0%
River LapwingVanellus duvauceliiCharadriiformesCharadriidae (Plovers and Lapwings)
0%
River TernSterna aurantiaCharadriiformesLaridae (Gulls, Terns, and Skimmers)
0%
Rivoli's HummingbirdEugenes fulgensCaprimulgiformesTrochilidae (Hummingbirds)
0%
Robust WoodpeckerCampephilus robustusPiciformesPicidae (Woodpeckers)
0%
Rock Bush-QuailPerdicula argoondahGalliformesPhasianidae (Pheasants, Grouse, and Allies)
0%
Rock Eagle-OwlBubo bengalensisStrigiformesStrigidae (Owls)
0%
Rock ParrotNeophema petrophilaPsittaciformesPsittaculidae (Old World Parrots)
0%
Rock PratincoleGlareola nuchalisCharadriiformesGlareolidae (Pratincoles and Coursers)
0%
Rodrigues Blue-PigeonAlectroenas payandeeiColumbiformesColumbidae (Pigeons and Doves)
0%
Rodrigues Night-HeronNycticorax megacephalusPelecaniformesArdeidae (Herons, Egrets, and Bitterns)
0%
Rodrigues ParrotNecropsittacus rodricanusPsittaciformesPsittaculidae (Old World Parrots)
0%
Rodrigues RailErythromachus leguatiGruiformesRallidae (Rails, Gallinules, and Coots)
0%
Rodrigues Scops-OwlOtus murivorusStrigiformesStrigidae (Owls)
0%
Rodrigues SolitairePezophaps solitariaColumbiformesColumbidae (Pigeons and Doves)
0%
Rodrigues Turtle-DoveNesoenas rodericanusColumbiformesColumbidae (Pigeons and Doves)
0%
Roll's PartridgeArborophila rolliGalliformesPhasianidae (Pheasants, Grouse, and Allies)
0%
Romblon BoobookNinox spilonotusStrigiformesStrigidae (Owls)
0%
Roraiman NightjarSetopagis whitelyiCaprimulgiformesCaprimulgidae (Nightjars and Allies)
0%
Rose-crowned Fruit-DovePtilinopus reginaColumbiformesColumbidae (Pigeons and Doves)
0%
Rose-fronted ParakeetPyrrhura roseifronsPsittaciformesPsittacidae (New World and African Parrots)
0%
Rose-headed ParakeetPyrrhura rhodocephalaPsittaciformesPsittacidae (New World and African Parrots)
0%
Rose-ringed ParakeetPsittacula krameriPsittaciformesPsittaculidae (Old World Parrots)
0%
Rosy Bee-eaterMerops malimbicusCoraciiformesMeropidae (Bee-eaters)
0%
Rote BoobookNinox rotiensisStrigiformesStrigidae (Owls)
0%
Rothschild's SwiftCypseloides rothschildiCaprimulgiformesApodidae (Swifts)
0%
Rouget's RailRougetius rougetiiGruiformesRallidae (Rails, Gallinules, and Coots)
0%
Roviana RailGallirallus rovianaeGruiformesRallidae (Rails, Gallinules, and Coots)
0%
Royal SunangelHeliangelus regalisCaprimulgiformesTrochilidae (Hummingbirds)
0%
Ruby-topaz HummingbirdChrysolampis mosquitusCaprimulgiformesTrochilidae (Hummingbirds)
0%
Ruddy-breasted CrakeZapornia fuscaGruiformesRallidae (Rails, Gallinules, and Coots)
0%
Ruddy CrakeLaterallus ruberGruiformesRallidae (Rails, Gallinules, and Coots)
0%
Ruddy Cuckoo-DoveMacropygia emilianaColumbiformesColumbidae (Pigeons and Doves)
0%
Ruddy Ground DoveColumbina talpacotiColumbiformesColumbidae (Pigeons and Doves)
0%
Ruddy KingfisherHalcyon coromandaCoraciiformesAlcedinidae (Kingfishers)
0%
Ruddy PigeonPatagioenas subvinaceaColumbiformesColumbidae (Pigeons and Doves)
0%
Ruddy Quail-DoveGeotrygon montanaColumbiformesColumbidae (Pigeons and Doves)
0%
Rufescent Imperial-PigeonDucula chalconotaColumbiformesColumbidae (Pigeons and Doves)
0%
Rufescent Screech-OwlMegascops ingensStrigiformesStrigidae (Owls)
0%
Rufous-backed Dwarf-KingfisherCeyx rufidorsaCoraciiformesAlcedinidae (Kingfishers)
0%
Rufous-banded OwlCiccaba albitarsisStrigiformesStrigidae (Owls)
0%
Rufous-bellied ChachalacaOrtalis wagleriGalliformesCracidae (Guans, Chachalacas, and Curassows)
0%
Rufous-bellied EagleLophotriorchis kieneriiAccipitriformesAccipitridae (Hawks, Eagles, and Kites)
0%
Rufous-bellied HeronArdeola rufiventrisPelecaniformesArdeidae (Herons, Egrets, and Bitterns)
0%
Rufous-bellied KookaburraDacelo gaudichaudCoraciiformesAlcedinidae (Kingfishers)
0%
Rufous-bellied NighthawkLurocalis rufiventrisCaprimulgiformesCaprimulgidae (Nightjars and Allies)
0%
Rufous-bellied SeedsnipeAttagis gayiCharadriiformesThinocoridae (Seedsnipes)
0%
Rufous-bellied WoodpeckerDendrocopos hyperythrusPiciformesPicidae (Woodpeckers)
0%
Rufous-breasted HermitGlaucis hirsutusCaprimulgiformesTrochilidae (Hummingbirds)
0%
Rufous-breasted PiculetPicumnus rufiventrisPiciformesPicidae (Woodpeckers)
0%
Rufous-breasted SabrewingCampylopterus hyperythrusCaprimulgiformesTrochilidae (Hummingbirds)
0%
Rufous-breasted SparrowhawkAccipiter rufiventrisAccipitriformesAccipitridae (Hawks, Eagles, and Kites)
0%
Rufous-breasted Wood-QuailOdontophorus speciosusGalliformesOdontophoridae (New World Quail)
0%
Rufous-capped MotmotBaryphthengus ruficapillusCoraciiformesMomotidae (Motmots)
0%
Rufous-capped NunletNonnula ruficapillaGalbuliformesBucconidae (Puffbirds)
0%
Rufous-capped ThornbillChalcostigma ruficepsCaprimulgiformesTrochilidae (Hummingbirds)
0%
Rufous-cheeked NightjarCaprimulgus rufigenaCaprimulgiformesCaprimulgidae (Nightjars and Allies)
0%
Rufous-chested DotterelCharadrius modestusCharadriiformesCharadriidae (Plovers and Lapwings)
0%
Rufous-collared KingfisherActenoides concretusCoraciiformesAlcedinidae (Kingfishers)
0%
Rufous CoucalCentropus unirufusCuculiformesCuculidae (Cuckoos)
0%
Rufous Crab HawkButeogallus aequinoctialisAccipitriformesAccipitridae (Hawks, Eagles, and Kites)
0%
Rufous-crested CoquetteLophornis delattreiCaprimulgiformesTrochilidae (Hummingbirds)
0%
Rufous-crowned Bee-eaterMerops americanusCoraciiformesMeropidae (Bee-eaters)
0%
Rufous-crowned RollerCoracias naeviusCoraciiformesCoraciidae (Rollers)
0%
Rufous-faced CrakeLaterallus xenopterusGruiformesRallidae (Rails, Gallinules, and Coots)
0%
Rufous Fishing-OwlScotopelia ussheriStrigiformesStrigidae (Owls)
0%
Rufous-fronted ParakeetBolborhynchus ferrugineifronsPsittaciformesPsittacidae (New World and African Parrots)
0%
Rufous-fronted Wood-QuailOdontophorus erythropsGalliformesOdontophoridae (New World Quail)
0%
Rufous-gaped HillstarUrochroa bougueriCaprimulgiformesTrochilidae (Hummingbirds)
0%
Rufous-headed Ground-RollerAtelornis crossleyiCoraciiformesBrachypteraciidae (Ground-Rollers)
0%
Rufous-headed WoodpeckerCeleus spectabilisPiciformesPicidae (Woodpeckers)
0%
Rufous-legged OwlStrix rufipesStrigiformesStrigidae (Owls)
0%
Rufous-lored KingfisherTodiramphus winchelliCoraciiformesAlcedinidae (Kingfishers)
0%
Rufous-necked HornbillAceros nipalensisBucerotiformesBucerotidae (Hornbills)
0%
Rufous-necked PuffbirdMalacoptila rufaGalbuliformesBucconidae (Puffbirds)
0%
Rufous-necked SparrowhawkAccipiter erythrauchenAccipitriformesAccipitridae (Hawks, Eagles, and Kites)
0%
Rufous-necked Wood-RailAramides axillarisGruiformesRallidae (Rails, Gallinules, and Coots)
0%
Rufous-necked WryneckJynx ruficollisPiciformesPicidae (Woodpeckers)
0%
Rufous PiculetSasia abnormisPiciformesPicidae (Woodpeckers)
0%
Rufous PotooNyctibius bracteatusCaprimulgiformesNyctibiidae (Potoos)
0%
Rufous SabrewingPampa rufaCaprimulgiformesTrochilidae (Hummingbirds)
0%
Rufous-shafted WoodstarChaetocercus jourdaniiCaprimulgiformesTrochilidae (Hummingbirds)
0%
Rufous-sided CrakeLaterallus melanophaiusGruiformesRallidae (Rails, Gallinules, and Coots)
0%
Rufous-tailed HawkButeo ventralisAccipitriformesAccipitridae (Hawks, Eagles, and Kites)
0%
Rufous-tailed JacamarGalbula ruficaudaGalbuliformesGalbulidae (Jacamars)
0%
Rufous-thighed KiteHarpagus diodonAccipitriformesAccipitridae (Hawks, Eagles, and Kites)
0%
Rufous-throated Bronze-CuckooChrysococcyx ruficollisCuculiformesCuculidae (Cuckoos)
0%
Rufous-throated PartridgeArborophila rufogularisGalliformesPhasianidae (Pheasants, Grouse, and Allies)
0%
Rufous-throated SapphireHylocharis sapphirinaCaprimulgiformesTrochilidae (Hummingbirds)
0%
Rufous-vented ChachalacaOrtalis ruficaudaGalliformesCracidae (Guans, Chachalacas, and Curassows)
0%
Rufous-vented Ground-CuckooNeomorphus geoffroyiCuculiformesCuculidae (Cuckoos)
0%
Rufous-vented WhitetipUrosticte ruficrissaCaprimulgiformesTrochilidae (Hummingbirds)
0%
Rufous-webbed BrilliantHeliodoxa branickiiCaprimulgiformesTrochilidae (Hummingbirds)
0%
Rufous-winged BuzzardButastur liventerAccipitriformesAccipitridae (Hawks, Eagles, and Kites)
0%
Rufous-winged Ground-CuckooNeomorphus rufipennisCuculiformesCuculidae (Cuckoos)
0%
Rufous-winged WoodpeckerPiculus simplexPiciformesPicidae (Woodpeckers)
0%
Rufous WoodpeckerMicropternus brachyurusPiciformesPicidae (Woodpeckers)
0%
Running CouaCoua cursorCuculiformesCuculidae (Cuckoos)
0%
Rüppell's BustardEupodotis rueppeliiOtidiformesOtididae (Bustards)
0%
Rüppell's ParrotPoicephalus rueppelliiPsittaciformesPsittacidae (New World and African Parrots)
0%
Russet-crowned CrakeAnurolimnas viridisGruiformesRallidae (Rails, Gallinules, and Coots)
0%
Russet-crowned MotmotMomotus mexicanusCoraciiformesMomotidae (Motmots)
0%
Russet-crowned Quail-DoveZentrygon goldmaniColumbiformesColumbidae (Pigeons and Doves)
0%
Russet-naped Wood-RailAramides albiventrisGruiformesRallidae (Rails, Gallinules, and Coots)
0%
Russet-throated PuffbirdHypnelus ruficollisGalbuliformesBucconidae (Puffbirds)
0%
Rusty-barred OwlStrix hylophilaStrigiformesStrigidae (Owls)
0%
Rusty-breasted NunletNonnula rubeculaGalbuliformesBucconidae (Puffbirds)
0%
Rusty-cheeked HornbillAnorrhinus tickelliBucerotiformesBucerotidae (Hornbills)
0%
Rusty-faced ParrotHapalopsittaca amazoninaPsittaciformesPsittacidae (New World and African Parrots)
0%
Rusty-flanked CrakeLaterallus levraudiGruiformesRallidae (Rails, Gallinules, and Coots)
0%
Rusty-margined GuanPenelope superciliarisGalliformesCracidae (Guans, Chachalacas, and Curassows)
0%
Rusty-necked PiculetPicumnus fuscusPiciformesPicidae (Woodpeckers)
0%
Rusty TinamouCrypturellus brevirostrisTinamiformesTinamidae (Tinamous)
0%
Rwenzori NightjarCaprimulgus ruwenzoriiCaprimulgiformesCaprimulgidae (Nightjars and Allies)
0%
Ryukyu PigeonColumba jouyiColumbiformesColumbidae (Pigeons and Doves)
0%
Ryukyu Scops-OwlOtus elegansStrigiformesStrigidae (Owls)
0%
Sabine's SpinetailRhaphidura sabiniCaprimulgiformesApodidae (Swifts)
0%
Sacred KingfisherTodiramphus sanctusCoraciiformesAlcedinidae (Kingfishers)
0%
Saffron-headed ParrotPyrilia pyriliaPsittaciformesPsittacidae (New World and African Parrots)
0%
Sakalava RailZapornia olivieriGruiformesRallidae (Rails, Gallinules, and Coots)
0%
Saker FalconFalco cherrugFalconiformesFalconidae (Falcons and Caracaras)
0%
Salim Ali's SwiftApus salimaliiCaprimulgiformesApodidae (Swifts)
0%
Salvadori's Fig-ParrotPsittaculirostris salvadoriiPsittaciformesPsittaculidae (Old World Parrots)
0%
Salvadori's NightjarCaprimulgus pulchellusCaprimulgiformesCaprimulgidae (Nightjars and Allies)
0%
Salvadori's PheasantLophura inornataGalliformesPhasianidae (Pheasants, Grouse, and Allies)
0%
Salvin's AlbatrossThalassarche salviniProcellariiformesDiomedeidae (Albatrosses)
0%
Salvin's CurassowMitu salviniGalliformesCracidae (Guans, Chachalacas, and Curassows)
0%
Salvin's PrionPachyptila salviniProcellariiformesProcellariidae (Shearwaters and Petrels)
0%
Samar HornbillPenelopides samarensisBucerotiformesBucerotidae (Hornbills)
0%
Samoan MoorhenGallinula pacificaGruiformesRallidae (Rails, Gallinules, and Coots)
0%
Sand-colored NighthawkChordeiles rupestrisCaprimulgiformesCaprimulgidae (Nightjars and Allies)
0%
Sand PartridgeAmmoperdix heyiGalliformesPhasianidae (Pheasants, Grouse, and Allies)
0%
Sandy Scops-OwlOtus icterorhynchusStrigiformesStrigidae (Owls)
0%
Sanford's Sea-EagleHaliaeetus sanfordiAccipitriformesAccipitridae (Hawks, Eagles, and Kites)
0%
Sangihe Hanging-ParrotLoriculus catamenePsittaciformesPsittaculidae (Old World Parrots)
0%
Sangihe Scops-OwlOtus collariStrigiformesStrigidae (Owls)
0%
Santa Cruz Ground DoveAlopecoenas sanctaecrucisColumbiformesColumbidae (Pigeons and Doves)
0%
Santa Marta BlossomcrownAnthocephala floricepsCaprimulgiformesTrochilidae (Hummingbirds)
0%
Santa Marta ParakeetPyrrhura viridicataPsittaciformesPsittacidae (New World and African Parrots)
0%
Santa Marta SabrewingCampylopterus phainopeplusCaprimulgiformesTrochilidae (Hummingbirds)
0%
Santa Marta Screech-OwlMegascops gilesiStrigiformesStrigidae (Owls)
0%
Santa Marta WoodstarChaetocercus astreansCaprimulgiformesTrochilidae (Hummingbirds)
0%
Santarem ParakeetPyrrhura amazonumPsittaciformesPsittacidae (New World and African Parrots)
0%
Sao Tome Green-PigeonTreron sanctithomaeColumbiformesColumbidae (Pigeons and Doves)
0%
Sao Tome IbisBostrychia bocageiPelecaniformesThreskiornithidae (Ibises and Spoonbills)
0%
Sao Tome PigeonColumba malherbiiColumbiformesColumbidae (Pigeons and Doves)
0%
Sao Tome Scops-OwlOtus hartlaubiStrigiformesStrigidae (Owls)
0%
Sao Tome SpinetailZoonavena thomensisCaprimulgiformesApodidae (Swifts)
0%
Sapphire-bellied HummingbirdChrysuronia lilliaeCaprimulgiformesTrochilidae (Hummingbirds)
0%
Sapphire Quail-DoveGeotrygon saphirinaColumbiformesColumbidae (Pigeons and Doves)
0%
Sapphire-rumped ParrotletTouit purpuratusPsittaciformesPsittacidae (New World and African Parrots)
0%
Sapphire-spangled EmeraldChionomesa lacteaCaprimulgiformesTrochilidae (Hummingbirds)
0%
Sapphire-throated HummingbirdChrysuronia coeruleogularisCaprimulgiformesTrochilidae (Hummingbirds)
0%
Sapphire-vented PufflegEriocnemis lucianiCaprimulgiformesTrochilidae (Hummingbirds)
0%
Satin SwiftletCollocalia uropygialisCaprimulgiformesApodidae (Swifts)
0%
Saunders's TernSternula saundersiCharadriiformesLaridae (Gulls, Terns, and Skimmers)
0%
Savanna HawkButeogallus meridionalisAccipitriformesAccipitridae (Hawks, Eagles, and Kites)
0%
Savanna NightjarCaprimulgus affinisCaprimulgiformesCaprimulgidae (Nightjars and Allies)
0%
Saw-billed HermitRamphodon naeviusCaprimulgiformesTrochilidae (Hummingbirds)
0%
Scale-breasted WoodpeckerCeleus grammicusPiciformesPicidae (Woodpeckers)
0%
Scaled ChachalacaOrtalis squamataGalliformesCracidae (Guans, Chachalacas, and Curassows)
0%
Scaled DoveColumbina squammataColumbiformesColumbidae (Pigeons and Doves)
0%
Scaled Ground-CuckooNeomorphus squamigerCuculiformesCuculidae (Cuckoos)
0%
Scaled MetaltailMetallura aeneocaudaCaprimulgiformesTrochilidae (Hummingbirds)
0%
Scaled PiculetPicumnus squamulatusPiciformesPicidae (Woodpeckers)
0%
Scaled PigeonPatagioenas speciosaColumbiformesColumbidae (Pigeons and Doves)
0%
Scale-feathered MalkohaDasylophus cumingiCuculiformesCuculidae (Cuckoos)
0%
Scale-throated HermitPhaethornis eurynomeCaprimulgiformesTrochilidae (Hummingbirds)
0%
Scaly-bellied WoodpeckerPicus squamatusPiciformesPicidae (Woodpeckers)
0%
Scaly-breasted HummingbirdPhaeochroa cuvieriiCaprimulgiformesTrochilidae (Hummingbirds)
0%
Scaly-breasted KingfisherActenoides princepsCoraciiformesAlcedinidae (Kingfishers)
0%
Scaly-breasted LorikeetTrichoglossus chlorolepidotusPsittaciformesPsittaculidae (Old World Parrots)
0%
Scaly-breasted PartridgeTropicoperdix chloropusGalliformesPhasianidae (Pheasants, Grouse, and Allies)
0%
Scaly FrancolinPternistis squamatusGalliformesPhasianidae (Pheasants, Grouse, and Allies)
0%
Scaly Ground-RollerBrachypteracias squamigerCoraciiformesBrachypteraciidae (Ground-Rollers)
0%
Scaly-headed ParrotPionus maximilianiPsittaciformesPsittacidae (New World and African Parrots)
0%
Scaly-naped ParrotAmazona mercenariusPsittaciformesPsittacidae (New World and African Parrots)
0%
Scaly-naped PigeonPatagioenas squamosaColumbiformesColumbidae (Pigeons and Doves)
0%
Scaly-throated HoneyguideIndicator variegatusPiciformesIndicatoridae (Honeyguides)
0%
Scarce SwiftSchoutedenapus myoptilusCaprimulgiformesApodidae (Swifts)
0%
Scarlet-backed WoodpeckerDryobates callonotusPiciformesPicidae (Woodpeckers)
0%
Scarlet-banded BarbetCapito wallaceiPiciformesCapitonidae (New World Barbets)
0%
Scarlet-breasted Fruit-DovePtilinopus bernsteiniiColumbiformesColumbidae (Pigeons and Doves)
0%
Scarlet-chested ParrotNeophema splendidaPsittaciformesPsittaculidae (Old World Parrots)
0%
Scarlet-crowned BarbetCapito aurovirensPiciformesCapitonidae (New World Barbets)
0%
Scarlet-fronted ParakeetPsittacara wagleriPsittaciformesPsittacidae (New World and African Parrots)
0%
Scarlet-hooded BarbetEubucco tucinkaePiciformesCapitonidae (New World Barbets)
0%
Scarlet-rumped TrogonHarpactes duvauceliiTrogoniformesTrogonidae (Trogons)
0%
Scarlet-shouldered ParrotletTouit huetiiPsittaciformesPsittacidae (New World and African Parrots)
0%
Schalow's TuracoTauraco schalowiMusophagiformesMusophagidae (Turacos)
0%
Scheepmaker's Crowned-PigeonGoura scheepmakeriColumbiformesColumbidae (Pigeons and Doves)
0%
Schlegel's FrancolinCampocolinus schlegeliiGalliformesPhasianidae (Pheasants, Grouse, and Allies)
0%
Schrenck's BitternIxobrychus eurhythmusPelecaniformesArdeidae (Herons, Egrets, and Bitterns)
0%
Scintillant HummingbirdSelasphorus scintillaCaprimulgiformesTrochilidae (Hummingbirds)
0%
Scissor-tailed HummingbirdHylonympha macrocercaCaprimulgiformesTrochilidae (Hummingbirds)
0%
Scissor-tailed KiteChelictinia riocouriiAccipitriformesAccipitridae (Hawks, Eagles, and Kites)
0%
Scissor-tailed NightjarHydropsalis torquataCaprimulgiformesCaprimulgidae (Nightjars and Allies)
0%
Sclater's Crowned-PigeonGoura sclateriiColumbiformesColumbidae (Pigeons and Doves)
0%
Sclater's MonalLophophorus sclateriGalliformesPhasianidae (Pheasants, Grouse, and Allies)
0%
Scripps's MurreletSynthliboramphus scrippsiCharadriiformesAlcidae (Auks, Murres, and Puffins)
0%
Scrub NightjarNyctidromus anthonyiCaprimulgiformesCaprimulgidae (Nightjars and Allies)
0%
See-see PartridgeAmmoperdix griseogularisGalliformesPhasianidae (Pheasants, Grouse, and Allies)
0%
Semicollared HawkAccipiter collarisAccipitriformesAccipitridae (Hawks, Eagles, and Kites)
0%
Semicollared PuffbirdMalacoptila semicinctaGalbuliformesBucconidae (Puffbirds)
0%
Senegal CoucalCentropus senegalensisCuculiformesCuculidae (Cuckoos)
0%
Senegal LapwingVanellus lugubrisCharadriiformesCharadriidae (Plovers and Lapwings)
0%
Senegal ParrotPoicephalus senegalusPsittaciformesPsittacidae (New World and African Parrots)
0%
Senegal Thick-kneeBurhinus senegalensisCharadriiformesBurhinidae (Thick-knees)
0%
Seram BoobookNinox squamipilaStrigiformesStrigidae (Owls)
0%
Seram Dwarf-KingfisherCeyx lepidusCoraciiformesAlcedinidae (Kingfishers)
0%
Seram Imperial-PigeonDucula neglectaColumbiformesColumbidae (Pigeons and Doves)
0%
Seram Masked-OwlTyto almaeStrigiformesTytonidae (Barn-Owls)
0%
Seram Mountain-PigeonGymnophaps stalkeriColumbiformesColumbidae (Pigeons and Doves)
0%
Seram SwiftletAerodramus ceramensisCaprimulgiformesApodidae (Swifts)
0%
Serendib Scops-OwlOtus thilohoffmanniStrigiformesStrigidae (Owls)
0%
Severtzov's GrouseTetrastes sewerzowiGalliformesPhasianidae (Pheasants, Grouse, and Allies)
0%
Seychelles Blue-PigeonAlectroenas pulcherrimusColumbiformesColumbidae (Pigeons and Doves)
0%
Seychelles KestrelFalco araeusFalconiformesFalconidae (Falcons and Caracaras)
0%
Seychelles ParakeetPsittacula wardiPsittaciformesPsittaculidae (Old World Parrots)
0%
Seychelles ParrotCoracopsis barklyiPsittaciformesPsittaculidae (Old World Parrots)
0%
Seychelles Scops-OwlOtus insularisStrigiformesStrigidae (Owls)
0%
Seychelles SwiftletAerodramus elaphrusCaprimulgiformesApodidae (Swifts)
0%
Sharp-tailed IbisCercibis oxycercaPelecaniformesThreskiornithidae (Ibises and Spoonbills)
0%
Shelley's FrancolinScleroptila shelleyiGalliformesPhasianidae (Pheasants, Grouse, and Allies)
0%
Shining Bronze-CuckooChrysococcyx lucidusCuculiformesCuculidae (Cuckoos)
0%
Shining-green HummingbirdChrysuronia goudotiCaprimulgiformesTrochilidae (Hummingbirds)
0%
Shore PloverThinornis novaeseelandiaeCharadriiformesCharadriidae (Plovers and Lapwings)
0%
Short-billed PigeonPatagioenas nigrirostrisColumbiformesColumbidae (Pigeons and Doves)
0%
Short-crested CoquetteLophornis brachylophusCaprimulgiformesTrochilidae (Hummingbirds)
0%
Short-legged Ground-RollerBrachypteracias leptosomusCoraciiformesBrachypteraciidae (Ground-Rollers)
0%
Short-tailed EmeraldChlorostilbon poortmaniCaprimulgiformesTrochilidae (Hummingbirds)
0%
Short-tailed NighthawkLurocalis semitorquatusCaprimulgiformesCaprimulgidae (Nightjars and Allies)
0%
Short-tailed ParrotGraydidascalus brachyurusPsittaciformesPsittacidae (New World and African Parrots)
0%
Short-tailed ShearwaterArdenna tenuirostrisProcellariiformesProcellariidae (Shearwaters and Petrels)
0%
Short-tailed SwiftChaetura brachyuraCaprimulgiformesApodidae (Swifts)
0%
Short-tailed WoodstarMyrmia micruraCaprimulgiformesTrochilidae (Hummingbirds)
0%
Short-toed CoucalCentropus rectunguisCuculiformesCuculidae (Cuckoos)
0%
Shovel-billed KookaburraClytoceyx rexCoraciiformesAlcedinidae (Kingfishers)
0%
Shy Ground DoveAlopecoenas stairiColumbiformesColumbidae (Pigeons and Doves)
0%
Siamese FirebackLophura diardiGalliformesPhasianidae (Pheasants, Grouse, and Allies)
0%
Siau Scops-OwlOtus siaoensisStrigiformesStrigidae (Owls)
0%
Siberian GrouseFalcipennis falcipennisGalliformesPhasianidae (Pheasants, Grouse, and Allies)
0%
Sichuan PartridgeArborophila rufipectusGalliformesPhasianidae (Pheasants, Grouse, and Allies)
0%
Sickle-winged NightjarEleothreptus anomalusCaprimulgiformesCaprimulgidae (Nightjars and Allies)
0%
Sick's SwiftChaetura meridionalisCaprimulgiformesApodidae (Swifts)
0%
Silky-tailed NightjarAntrostomus sericocaudatusCaprimulgiformesCaprimulgidae (Nightjars and Allies)
0%
Silver-backed NeedletailHirundapus cochinchinensisCaprimulgiformesApodidae (Swifts)
0%
Silver-capped Fruit-DovePtilinopus richardsiiColumbiformesColumbidae (Pigeons and Doves)
0%
Silver PheasantLophura nycthemeraGalliformesPhasianidae (Pheasants, Grouse, and Allies)
0%
Silver-rumped NeedletailRhaphidura leucopygialisCaprimulgiformesApodidae (Swifts)
0%
Silver-tipped Imperial-PigeonDucula luctuosaColumbiformesColumbidae (Pigeons and Doves)
0%
Silvery Wood-PigeonColumba argentinaColumbiformesColumbidae (Pigeons and Doves)
0%
Simeulue Scops-OwlOtus umbraStrigiformesStrigidae (Owls)
0%
Sind WoodpeckerDendrocopos assimilisPiciformesPicidae (Woodpeckers)
0%
Singing ParrotGeoffroyus heteroclitusPsittaciformesPsittaculidae (Old World Parrots)
0%
Singing QuailDactylortyx thoracicusGalliformesOdontophoridae (New World Quail)
0%
Sira CurassowPauxi koepckeaeGalliformesCracidae (Guans, Chachalacas, and Curassows)
0%
Sirkeer MalkohaTaccocua leschenaultiiCuculiformesCuculidae (Cuckoos)
0%
Sjöstedt's OwletGlaucidium sjostedtiStrigiformesStrigidae (Owls)
0%
Sladen's BarbetGymnobucco sladeniPiciformesLybiidae (African Barbets)
0%
Slate-colored HawkButeogallus schistaceusAccipitriformesAccipitridae (Hawks, Eagles, and Kites)
0%
Slaty-backed Forest-FalconMicrastur mirandolleiFalconiformesFalconidae (Falcons and Caracaras)
0%
Slaty-breasted RailLewinia striataGruiformesRallidae (Rails, Gallinules, and Coots)
0%
Slaty-breasted Wood-RailAramides saracuraGruiformesRallidae (Rails, Gallinules, and Coots)
0%
Slaty Cuckoo-DoveTuracoena modestaColumbiformesColumbidae (Pigeons and Doves)
0%
Slaty-headed ParakeetPsittacula himalayanaPsittaciformesPsittaculidae (Old World Parrots)
0%
Slaty-legged CrakeRallina eurizonoidesGruiformesRallidae (Rails, Gallinules, and Coots)
0%
Slaty-mantled GoshawkAccipiter luteoschistaceusAccipitriformesAccipitridae (Hawks, Eagles, and Kites)
0%
Slaty-tailed TrogonTrogon massenaTrogoniformesTrogonidae (Trogons)
0%
Slender-billed FlufftailSarothrura watersiGruiformesSarothruridae (Flufftails)
0%
Slender-billed GullChroicocephalus geneiCharadriiformesLaridae (Gulls, Terns, and Skimmers)
0%
Slender-billed KiteHelicolestes hamatusAccipitriformesAccipitridae (Hawks, Eagles, and Kites)
0%
Slender-billed ParakeetEnicognathus leptorhynchusPsittaciformesPsittacidae (New World and African Parrots)
0%
Slender SheartailDoricha enicuraCaprimulgiformesTrochilidae (Hummingbirds)
0%
Slender-tailed NightjarCaprimulgus clarusCaprimulgiformesCaprimulgidae (Nightjars and Allies)
0%
Slender-tailed WoodstarMicrostilbon burmeisteriCaprimulgiformesTrochilidae (Hummingbirds)
0%
Small-billed TinamouCrypturellus parvirostrisTinamiformesTinamidae (Tinamous)
0%
Small Blue KingfisherAlcedo coerulescensCoraciiformesAlcedinidae (Kingfishers)
0%
Small ButtonquailTurnix sylvaticusCharadriiformesTurnicidae (Buttonquail)
0%
Small PratincoleGlareola lacteaCharadriiformesGlareolidae (Pratincoles and Coursers)
0%
Small SparrowhawkAccipiter nanusAccipitriformesAccipitridae (Hawks, Eagles, and Kites)
0%
Small St. Helena PetrelBulweria bifaxProcellariiformesProcellariidae (Shearwaters and Petrels)
0%
Smoky-brown WoodpeckerDryobates fumigatusPiciformesPicidae (Woodpeckers)
0%
Snail-eating CouaCoua delalandeiCuculiformesCuculidae (Cuckoos)
0%
Snares Island SnipeCoenocorypha huegeliCharadriiformesScolopacidae (Sandpipers and Allies)
0%
Snoring RailAramidopsis plateniGruiformesRallidae (Rails, Gallinules, and Coots)
0%
Snow Mountain QuailSynoicus monorthonyxGalliformesPhasianidae (Pheasants, Grouse, and Allies)
0%
Snow PartridgeLerwa lerwaGalliformesPhasianidae (Pheasants, Grouse, and Allies)
0%
Snow PigeonColumba leuconotaColumbiformesColumbidae (Pigeons and Doves)
0%
Snowy-bellied HummingbirdSaucerottia edwardCaprimulgiformesTrochilidae (Hummingbirds)
0%
Snowy-crowned TernSterna trudeauiCharadriiformesLaridae (Gulls, Terns, and Skimmers)
0%
Sociable LapwingVanellus gregariusCharadriiformesCharadriidae (Plovers and Lapwings)
0%
Society KingfisherTodiramphus veneratusCoraciiformesAlcedinidae (Kingfishers)
0%
Socorro DoveZenaida graysoniColumbiformesColumbidae (Pigeons and Doves)
0%
Socorro ParakeetPsittacara brevipesPsittaciformesPsittacidae (New World and African Parrots)
0%
Socotra BuzzardButeo socotraensisAccipitriformesAccipitridae (Hawks, Eagles, and Kites)
0%
Socotra CormorantPhalacrocorax nigrogularisSuliformesPhalacrocoracidae (Cormorants and Shags)
0%
Socotra Scops-OwlOtus socotranusStrigiformesStrigidae (Owls)
0%
Soft-plumaged PetrelPterodroma mollisProcellariiformesProcellariidae (Shearwaters and Petrels)
0%
Sokoke Scops-OwlOtus ireneaeStrigiformesStrigidae (Owls)
0%
Solitary EagleButeogallus solitariusAccipitriformesAccipitridae (Hawks, Eagles, and Kites)
0%
Solitary SnipeGallinago solitariaCharadriiformesScolopacidae (Sandpipers and Allies)
0%
Solitary TinamouTinamus solitariusTinamiformesTinamidae (Tinamous)
0%
Solomons BoobookNinox jacquinotiStrigiformesStrigidae (Owls)
0%
Solomons FrogmouthRigidipenna inexpectataCaprimulgiformesPodargidae (Frogmouths)
0%
Solomons NightjarEurostopodus nigripennisCaprimulgiformesCaprimulgidae (Nightjars and Allies)
0%
Somali Bee-eaterMerops revoiliiCoraciiformesMeropidae (Bee-eaters)
0%
Somali CourserCursorius somalensisCharadriiformesGlareolidae (Pratincoles and Coursers)
0%
Somali PigeonColumba oliviaeColumbiformesColumbidae (Pigeons and Doves)
0%
Sombre HummingbirdEupetomena cirrochlorisCaprimulgiformesTrochilidae (Hummingbirds)
0%
Sombre KingfisherTodiramphus funebrisCoraciiformesAlcedinidae (Kingfishers)
0%
Sombre NightjarCaprimulgus fraenatusCaprimulgiformesCaprimulgidae (Nightjars and Allies)
0%
Sombre PigeonCryptophaps poecilorrhoaColumbiformesColumbidae (Pigeons and Doves)
0%
Sooty AlbatrossPhoebetria fuscaProcellariiformesDiomedeidae (Albatrosses)
0%
Sooty BarbetCaloramphus hayiiPiciformesMegalaimidae (Asian Barbets)
0%
Sooty BarbthroatThrenetes nigerCaprimulgiformesTrochilidae (Hummingbirds)
0%
Sooty-capped HermitPhaethornis augustiCaprimulgiformesTrochilidae (Hummingbirds)
0%
Sooty-capped PuffbirdBucco noanamaeGalbuliformesBucconidae (Puffbirds)
0%
Sooty FalconFalco concolorFalconiformesFalconidae (Falcons and Caracaras)
0%
Sooty GullIchthyaetus hemprichiiCharadriiformesLaridae (Gulls, Terns, and Skimmers)
0%
Sooty OwlTyto tenebricosaStrigiformesTytonidae (Barn-Owls)
0%
Sooty SwiftCypseloides fumigatusCaprimulgiformesApodidae (Swifts)
0%
South American Painted-SnipeNycticryphes semicollarisCharadriiformesRostratulidae (Painted-Snipes)
0%
Southern Bald IbisGeronticus calvusPelecaniformesThreskiornithidae (Ibises and Spoonbills)
0%
Southern Carmine Bee-eaterMerops nubicoidesCoraciiformesMeropidae (Bee-eaters)
0%
Southern Silvery-KingfisherCeyx argentatusCoraciiformesAlcedinidae (Kingfishers)
0%
Southern Sooty-WoodpeckerMulleripicus fuliginosusPiciformesPicidae (Woodpeckers)
0%
Southern White-faced OwlPtilopsis grantiStrigiformesStrigidae (Owls)
0%
South Georgia Diving-PetrelPelecanoides georgicusProcellariiformesProcellariidae (Shearwaters and Petrels)
0%
South Georgia ShagLeucocarbo georgianusSuliformesPhalacrocoracidae (Cormorants and Shags)
0%
South Island OystercatcherHaematopus finschiCharadriiformesHaematopodidae (Oystercatchers)
0%
South Island SnipeCoenocorypha iredaleiCharadriiformesScolopacidae (Sandpipers and Allies)
0%
Spangled CoquetteLophornis stictolophusCaprimulgiformesTrochilidae (Hummingbirds)
0%
Spangled KookaburraDacelo tyroCoraciiformesAlcedinidae (Kingfishers)
0%
Spanish EagleAquila adalbertiAccipitriformesAccipitridae (Hawks, Eagles, and Kites)
0%
Sparkling-tailed HummingbirdTilmatura dupontiiCaprimulgiformesTrochilidae (Hummingbirds)
0%
Speckle-breasted WoodpeckerChloropicus poecilolaemusPiciformesPicidae (Woodpeckers)
0%
Speckle-chested PiculetPicumnus steindachneriPiciformesPicidae (Woodpeckers)
0%
Speckled BoobookNinox punctulataStrigiformesStrigidae (Owls)
0%
Speckled ChachalacaOrtalis guttataGalliformesCracidae (Guans, Chachalacas, and Curassows)
0%
Speckled HummingbirdAdelomyia melanogenysCaprimulgiformesTrochilidae (Hummingbirds)
0%
Speckled PiculetPicumnus innominatusPiciformesPicidae (Woodpeckers)
0%
Speckled PigeonColumba guineaColumbiformesColumbidae (Pigeons and Doves)
0%
Speckled RailCoturnicops notatusGruiformesRallidae (Rails, Gallinules, and Coots)
0%
Speckled TinkerbirdPogoniulus scolopaceusPiciformesLybiidae (African Barbets)
0%
Speckled Wood-PigeonColumba hodgsoniiColumbiformesColumbidae (Pigeons and Doves)
0%
Speckle-faced ParrotPionus tumultuosusPsittaciformesPsittacidae (New World and African Parrots)
0%
Spectacled Imperial-PigeonDucula perspicillataColumbiformesColumbidae (Pigeons and Doves)
0%
Spectacled ParrotletForpus conspicillatusPsittaciformesPsittacidae (New World and African Parrots)
0%
Spectacled PetrelProcellaria conspicillataProcellariiformesProcellariidae (Shearwaters and Petrels)
0%
Spice Imperial-PigeonDucula myristicivoraColumbiformesColumbidae (Pigeons and Doves)
0%
Spinifex PigeonGeophaps plumiferaColumbiformesColumbidae (Pigeons and Doves)
0%
Spix's GuanPenelope jacquacuGalliformesCracidae (Guans, Chachalacas, and Curassows)
0%
Spot-bellied Eagle-OwlBubo nipalensisStrigiformesStrigidae (Owls)
0%
Spot-billed ToucanetSelenidera maculirostrisPiciformesRamphastidae (Toucans)
0%
Spot-breasted IbisBostrychia raraPelecaniformesThreskiornithidae (Ibises and Spoonbills)
0%
Spot-breasted LapwingVanellus melanocephalusCharadriiformesCharadriidae (Plovers and Lapwings)
0%
Spot-breasted WoodpeckerColaptes punctigulaPiciformesPicidae (Woodpeckers)
0%
Spot-crowned BarbetCapito maculicoronatusPiciformesCapitonidae (New World Barbets)
0%
Spot-flanked BarbetTricholaema lacrymosaPiciformesLybiidae (African Barbets)
0%
Spot-flanked GallinulePorphyriops melanopsGruiformesRallidae (Rails, Gallinules, and Coots)
0%
Spot-fronted SwiftCypseloides cherrieiCaprimulgiformesApodidae (Swifts)
0%
Spotless CrakeZapornia tabuensisGruiformesRallidae (Rails, Gallinules, and Coots)
0%
Spot-tailed GoshawkAccipiter trinotatusAccipitriformesAccipitridae (Hawks, Eagles, and Kites)
0%
Spot-tailed NightjarHydropsalis maculicaudusCaprimulgiformesCaprimulgidae (Nightjars and Allies)
0%
Spotted ButtonquailTurnix ocellatusCharadriiformesTurnicidae (Buttonquail)
0%
Spotted CrakePorzana porzanaGruiformesRallidae (Rails, Gallinules, and Coots)
0%
Spotted DoveStreptopelia chinensisColumbiformesColumbidae (Pigeons and Doves)
0%
Spotted Eagle-OwlBubo africanusStrigiformesStrigidae (Owls)
0%
Spotted Green PigeonCaloenas maculataColumbiformesColumbidae (Pigeons and Doves)
0%
Spotted HarrierCircus assimilisAccipitriformesAccipitridae (Hawks, Eagles, and Kites)
0%
Spotted HoneyguideIndicator maculatusPiciformesIndicatoridae (Honeyguides)
0%
Spotted Imperial-PigeonDucula carolaColumbiformesColumbidae (Pigeons and Doves)
0%
Spotted KestrelFalco moluccensisFalconiformesFalconidae (Falcons and Caracaras)
0%
Spotted KingfisherActenoides lindsayiCoraciiformesAlcedinidae (Kingfishers)
0%
Spotted NightjarEurostopodus argusCaprimulgiformesCaprimulgidae (Nightjars and Allies)
0%
Spotted NothuraNothura maculosaTinamiformesTinamidae (Tinamous)
0%
Spotted OwlStrix occidentalisStrigiformesStrigidae (Owls)
0%
Spotted OwletAthene bramaStrigiformesStrigidae (Owls)
0%
Spotted PiculetPicumnus pygmaeusPiciformesPicidae (Woodpeckers)
0%
Spotted PuffbirdBucco tamatiaGalbuliformesBucconidae (Puffbirds)
0%
Spotted RailPardirallus maculatusGruiformesRallidae (Rails, Gallinules, and Coots)
0%
Spotted SandgrousePterocles senegallusPterocliformesPteroclidae (Sandgrouse)
0%
Spotted ShagPhalacrocorax punctatusSuliformesPhalacrocoracidae (Cormorants and Shags)
0%
Spotted Wood-OwlStrix seloputoStrigiformesStrigidae (Owls)
0%
Spotted Wood-QuailOdontophorus guttatusGalliformesOdontophoridae (New World Quail)
0%
Spot-throated FlamebackDinopium everettiPiciformesPicidae (Woodpeckers)
0%
Spot-throated HummingbirdThaumasius taczanowskiiCaprimulgiformesTrochilidae (Hummingbirds)
0%
Spot-winged FalconetSpiziapteryx circumcinctaFalconiformesFalconidae (Falcons and Caracaras)
0%
Spot-winged ParrotletTouit stictopterusPsittaciformesPsittacidae (New World and African Parrots)
0%
Spot-winged PigeonPatagioenas maculosaColumbiformesColumbidae (Pigeons and Doves)
0%
Spot-winged Wood-QuailOdontophorus capueiraGalliformesOdontophoridae (New World Quail)
0%
Spur-winged LapwingVanellus spinosusCharadriiformesCharadriidae (Plovers and Lapwings)
0%
Squacco HeronArdeola ralloidesPelecaniformesArdeidae (Herons, Egrets, and Bitterns)
0%
Square-tailed Drongo-CuckooSurniculus lugubrisCuculiformesCuculidae (Cuckoos)
0%
Square-tailed KiteLophoictinia isuraAccipitriformesAccipitridae (Hawks, Eagles, and Kites)
0%
Square-tailed NightjarCaprimulgus fossiiCaprimulgiformesCaprimulgidae (Nightjars and Allies)
0%
Sri Lanka Bay-OwlPhodilus assimilisStrigiformesTytonidae (Barn-Owls)
0%
Sri Lanka FrogmouthBatrachostomus moniligerCaprimulgiformesPodargidae (Frogmouths)
0%
Sri Lanka Gray HornbillOcyceros gingalensisBucerotiformesBucerotidae (Hornbills)
0%
Sri Lanka Green-PigeonTreron pompadoraColumbiformesColumbidae (Pigeons and Doves)
0%
Sri Lanka Hanging-ParrotLoriculus beryllinusPsittaciformesPsittaculidae (Old World Parrots)
0%
Sri Lanka SpurfowlGalloperdix bicalcarataGalliformesPhasianidae (Pheasants, Grouse, and Allies)
0%
Sri Lanka Wood-PigeonColumba torringtoniaeColumbiformesColumbidae (Pigeons and Doves)
0%
Starred Wood-QuailOdontophorus stellatusGalliformesOdontophoridae (New World Quail)
0%
Starry Owlet-nightjarAegotheles tateiCaprimulgiformesAegothelidae (Owlet-nightjars)
0%
Star-spotted NightjarCaprimulgus stellatusCaprimulgiformesCaprimulgidae (Nightjars and Allies)
0%
Steely-vented HummingbirdSaucerottia saucerotteiCaprimulgiformesTrochilidae (Hummingbirds)
0%
Stejneger's PetrelPterodroma longirostrisProcellariiformesProcellariidae (Shearwaters and Petrels)
0%
Stephan's DoveChalcophaps stephaniColumbiformesColumbidae (Pigeons and Doves)
0%
Stephen's LorikeetVini stepheniPsittaciformesPsittaculidae (Old World Parrots)
0%
Stewart Island ShagLeucocarbo chalconotusSuliformesPhalacrocoracidae (Cormorants and Shags)
0%
St. Helena CrakeAtlantisia podarcesGruiformesRallidae (Rails, Gallinules, and Coots)
0%
St. Helena CuckooNannococcyx psixCuculiformesCuculidae (Cuckoos)
0%
St. Helena HoopoeUpupa antaiosBucerotiformesUpupidae (Hoopoes)
0%
St. Helena PloverCharadrius sanctaehelenaeCharadriiformesCharadriidae (Plovers and Lapwings)
0%
St. Helena RailZapornia astrictocarpusGruiformesRallidae (Rails, Gallinules, and Coots)
0%
Stierling's WoodpeckerChloropicus stierlingiPiciformesPicidae (Woodpeckers)
0%
Stilt SandpiperCalidris himantopusCharadriiformesScolopacidae (Sandpipers and Allies)
0%
St. Lucia ParrotAmazona versicolorPsittaciformesPsittacidae (New World and African Parrots)
0%
Stock DoveColumba oenasColumbiformesColumbidae (Pigeons and Doves)
0%
Stone PartridgePtilopachus petrosusGalliformesOdontophoridae (New World Quail)
0%
Straight-billed HermitPhaethornis bourcieriCaprimulgiformesTrochilidae (Hummingbirds)
0%
Streak-breasted WoodpeckerPicus viridanusPiciformesPicidae (Woodpeckers)
0%
Streaked ShearwaterCalonectris leucomelasProcellariiformesProcellariidae (Shearwaters and Petrels)
0%
Streak-throated HermitPhaethornis rupurumiiCaprimulgiformesTrochilidae (Hummingbirds)
0%
Streak-throated WoodpeckerPicus xanthopygaeusPiciformesPicidae (Woodpeckers)
0%
Streaky-breasted FlufftailSarothrura boehmiGruiformesSarothruridae (Flufftails)
0%
StreamertailTrochilus polytmusCaprimulgiformesTrochilidae (Hummingbirds)
0%
Striated LorikeetSynorhacma multistriataPsittaciformesPsittaculidae (Old World Parrots)
0%
Strickland's WoodpeckerDryobates stricklandiPiciformesPicidae (Woodpeckers)
0%
Stripe-backed BitternIxobrychus involucrisPelecaniformesArdeidae (Herons, Egrets, and Bitterns)
0%
Stripe-breasted StarthroatHeliomaster squamosusCaprimulgiformesTrochilidae (Hummingbirds)
0%
Stripe-breasted WoodpeckerDendrocopos atratusPiciformesPicidae (Woodpeckers)
0%
Stripe-cheeked WoodpeckerPiculus callopterusPiciformesPicidae (Woodpeckers)
0%
Striped CrakeAmaurornis marginalisGruiformesRallidae (Rails, Gallinules, and Coots)
0%
Striped CuckooTapera naeviaCuculiformesCuculidae (Cuckoos)
0%
Striped FlufftailSarothrura affinisGruiformesSarothruridae (Flufftails)
0%
Striped OwlAsio clamatorStrigiformesStrigidae (Owls)
0%
Striped WoodpeckerDryobates lignariusPiciformesPicidae (Woodpeckers)
0%
Stripe-faced Wood-QuailOdontophorus ballivianiGalliformesOdontophoridae (New World Quail)
0%
Stripe-tailed HummingbirdEupherusa eximiaCaprimulgiformesTrochilidae (Hummingbirds)
0%
Stripe-throated HermitPhaethornis striigularisCaprimulgiformesTrochilidae (Hummingbirds)
0%
Stubble QuailCoturnix pectoralisGalliformesPhasianidae (Pheasants, Grouse, and Allies)
0%
St. Vincent ParrotAmazona guildingiiPsittaciformesPsittacidae (New World and African Parrots)
0%
Stygian OwlAsio stygiusStrigiformesStrigidae (Owls)
0%
Subantarctic ShearwaterPuffinus elegansProcellariiformesProcellariidae (Shearwaters and Petrels)
0%
Subantarctic SnipeCoenocorypha aucklandicaCharadriiformesScolopacidae (Sandpipers and Allies)
0%
Subdesert MesiteMonias benschiMesitornithiformesMesitornithidae (Mesites)
0%
Subtropical Pygmy-OwlGlaucidium parkeriStrigiformesStrigidae (Owls)
0%
Sula Cuckoo-DoveTuracoena sulaensisColumbiformesColumbidae (Pigeons and Doves)
0%
Sula Dwarf-KingfisherCeyx wallaciiCoraciiformesAlcedinidae (Kingfishers)
0%
Sula Fruit-DovePtilinopus mangoliensisColumbiformesColumbidae (Pigeons and Doves)
0%
Sula Hanging-ParrotLoriculus sclateriPsittaciformesPsittaculidae (Old World Parrots)
0%
Sula LorikeetSaudareos flavoviridisPsittaciformesPsittaculidae (Old World Parrots)
0%
Sula Scops-OwlOtus sulaensisStrigiformesStrigidae (Owls)
0%
Sula ScrubfowlMegapodius bernsteiniiGalliformesMegapodiidae (Megapodes)
0%
Sulawesi CuckooCuculus crassirostrisCuculiformesCuculidae (Cuckoos)
0%
Sulawesi Dwarf-KingfisherCeyx fallaxCoraciiformesAlcedinidae (Kingfishers)
0%
Sulawesi GoshawkAccipiter griseicepsAccipitriformesAccipitridae (Hawks, Eagles, and Kites)
0%
Sulawesi Ground DoveGallicolumba tristigmataColumbiformesColumbidae (Pigeons and Doves)
0%
Sulawesi Hanging-ParrotLoriculus stigmatusPsittaciformesPsittaculidae (Old World Parrots)
0%
Sulawesi Hawk-EagleNisaetus lanceolatusAccipitriformesAccipitridae (Hawks, Eagles, and Kites)
0%
Sulawesi Honey-buzzardPernis celebensisAccipitriformesAccipitridae (Hawks, Eagles, and Kites)
0%
Sulawesi HornbillRhabdotorrhinus exarhatusBucerotiformesBucerotidae (Hornbills)
0%
Sulawesi Masked-OwlTyto rosenbergiiStrigiformesTytonidae (Barn-Owls)
0%
Sulawesi NightjarCaprimulgus celebensisCaprimulgiformesCaprimulgidae (Nightjars and Allies)
0%
Sulawesi Pygmy WoodpeckerYungipicus temminckiiPiciformesPicidae (Woodpeckers)
0%
Sulawesi Scops-OwlOtus manadensisStrigiformesStrigidae (Owls)
0%
Sulawesi Serpent-EagleSpilornis rufipectusAccipitriformesAccipitridae (Hawks, Eagles, and Kites)
0%
Sulawesi SwiftletAerodramus sororumCaprimulgiformesApodidae (Swifts)
0%
Sulawesi WoodcockScolopax celebensisCharadriiformesScolopacidae (Sandpipers and Allies)
0%
Sulphur-breasted ParakeetAratinga maculataPsittaciformesPsittacidae (New World and African Parrots)
0%
Sulphur-winged ParakeetPyrrhura hoffmanniPsittaciformesPsittacidae (New World and African Parrots)
0%
Sultan's Cuckoo-DoveMacropygia doreyaColumbiformesColumbidae (Pigeons and Doves)
0%
Sulu Bleeding-heartGallicolumba menageiColumbiformesColumbidae (Pigeons and Doves)
0%
Sulu BoobookNinox reyiStrigiformesStrigidae (Owls)
0%
Sulu Pygmy WoodpeckerYungipicus ramsayiPiciformesPicidae (Woodpeckers)
0%
Sumatran FrogmouthBatrachostomus poliolophusCaprimulgiformesPodargidae (Frogmouths)
0%
Sumatran PartridgeArborophila sumatranaGalliformesPhasianidae (Pheasants, Grouse, and Allies)
0%
Sumatran TrogonHarpactes macklotiTrogoniformesTrogonidae (Trogons)
0%
Sumba BoobookNinox rudolfiStrigiformesStrigidae (Owls)
0%
Sumba ButtonquailTurnix everettiCharadriiformesTurnicidae (Buttonquail)
0%
Sumba Green-PigeonTreron teysmanniiColumbiformesColumbidae (Pigeons and Doves)
0%
Sumba HornbillRhyticeros everettiBucerotiformesBucerotidae (Hornbills)
0%
Sunda CoucalCentropus nigrorufusCuculiformesCuculidae (Cuckoos)
0%
Sunda CuckooCuculus lepidusCuculiformesCuculidae (Cuckoos)
0%
Sunda FrogmouthBatrachostomus cornutusCaprimulgiformesPodargidae (Frogmouths)
0%
Sunda OwletTaenioptynx sylvaticusStrigiformesStrigidae (Owls)
0%
Sunda Pygmy WoodpeckerYungipicus moluccensisPiciformesPicidae (Woodpeckers)
0%
Sunda Scops-OwlOtus lempijiStrigiformesStrigidae (Owls)
0%
Sunset LorikeetTrichoglossus forsteniPsittaciformesPsittaculidae (Old World Parrots)
0%
Superb ParrotPolytelis swainsoniiPsittaciformesPsittaculidae (Old World Parrots)
0%
Surucua TrogonTrogon surrucuraTrogoniformesTrogonidae (Trogons)
0%
Swainson's FrancolinPternistis swainsoniiGalliformesPhasianidae (Pheasants, Grouse, and Allies)
0%
Swallow-tailed Bee-eaterMerops hirundineusCoraciiformesMeropidae (Bee-eaters)
0%
Swallow-tailed HummingbirdEupetomena macrouraCaprimulgiformesTrochilidae (Hummingbirds)
0%
Swamp FrancolinOrtygornis gularisGalliformesPhasianidae (Pheasants, Grouse, and Allies)
0%
Swamp HarrierCircus approximansAccipitriformesAccipitridae (Hawks, Eagles, and Kites)
0%
Swamp NightjarCaprimulgus natalensisCaprimulgiformesCaprimulgidae (Nightjars and Allies)
0%
Swierstra's FrancolinPternistis swierstraiGalliformesPhasianidae (Pheasants, Grouse, and Allies)
0%
Swift ParrotLathamus discolorPsittaciformesPsittaculidae (Old World Parrots)
0%
Swinhoe's RailCoturnicops exquisitusGruiformesRallidae (Rails, Gallinules, and Coots)
0%
Swinhoe's SnipeGallinago megalaCharadriiformesScolopacidae (Sandpipers and Allies)
0%
Swinhoe's Storm-PetrelHydrobates monorhisProcellariiformesHydrobatidae (Northern Storm-Petrels)
0%
Sword-billed HummingbirdEnsifera ensiferaCaprimulgiformesTrochilidae (Hummingbirds)
0%
Sykes's NightjarCaprimulgus mahrattensisCaprimulgiformesCaprimulgidae (Nightjars and Allies)
0%
Szechenyi's PartridgeTetraophasis szechenyiiGalliformesPhasianidae (Pheasants, Grouse, and Allies)
0%
Tabon ScrubfowlMegapodius cumingiiGalliformesMegapodiidae (Megapodes)
0%
Tacarcuna Wood-QuailOdontophorus dialeucosGalliformesOdontophoridae (New World Quail)
0%
Tahiti PetrelPseudobulweria rostrataProcellariiformesProcellariidae (Shearwaters and Petrels)
0%
Tahiti RailGallirallus pacificusGruiformesRallidae (Rails, Gallinules, and Coots)
0%
Taita FalconFalco fasciinuchaFalconiformesFalconidae (Falcons and Caracaras)
0%
Taiwan Bamboo-PartridgeBambusicola sonorivoxGalliformesPhasianidae (Pheasants, Grouse, and Allies)
0%
Taiwan BarbetPsilopogon nuchalisPiciformesMegalaimidae (Asian Barbets)
0%
Taiwan PartridgeArborophila crudigularisGalliformesPhasianidae (Pheasants, Grouse, and Allies)
0%
Talamanca HummingbirdEugenes spectabilisCaprimulgiformesTrochilidae (Hummingbirds)
0%
Talaud Bush-henAmaurornis magnirostrisGruiformesRallidae (Rails, Gallinules, and Coots)
0%
Talaud KingfisherTodiramphus enigmaCoraciiformesAlcedinidae (Kingfishers)
0%
Talaud RailGymnocrex talaudensisGruiformesRallidae (Rails, Gallinules, and Coots)
0%
Taliabu Masked-OwlTyto nigrobrunneaStrigiformesTytonidae (Barn-Owls)
0%
Tamaulipas Pygmy-OwlGlaucidium sancheziStrigiformesStrigidae (Owls)
0%
Tanimbar BoobookNinox forbesiStrigiformesStrigidae (Owls)
0%
Tanimbar CorellaCacatua goffinianaPsittaciformesCacatuidae (Cockatoos)
0%
Tanimbar Cuckoo-DoveMacropygia timorlaoensisColumbiformesColumbidae (Pigeons and Doves)
0%
Tanimbar ScrubfowlMegapodius tenimberensisGalliformesMegapodiidae (Megapodes)
0%
Tanna Fruit-DovePtilinopus tannensisColumbiformesColumbidae (Pigeons and Doves)
0%
Tanna Ground DoveAlopecoenas ferrugineusColumbiformesColumbidae (Pigeons and Doves)
0%
Tanzanian Red-billed HornbillTockus ruahaeBucerotiformesBucerotidae (Hornbills)
0%
Tapajos HermitPhaethornis aethopygusCaprimulgiformesTrochilidae (Hummingbirds)
0%
Tasmanian NativehenTribonyx mortieriiGruiformesRallidae (Rails, Gallinules, and Coots)
0%
Tawitawi Brown-DovePhapitreron cinereicepsColumbiformesColumbidae (Pigeons and Doves)
0%
Tawny-bellied HermitPhaethornis syrmatophorusCaprimulgiformesTrochilidae (Hummingbirds)
0%
Tawny-bellied Screech-OwlMegascops watsoniiStrigiformesStrigidae (Owls)
0%
Tawny-breasted TinamouNothocercus juliusTinamiformesTinamidae (Tinamous)
0%
Tawny-browed OwlPulsatrix koeniswaldianaStrigiformesStrigidae (Owls)
0%
Tawny-collared NightjarAntrostomus salviniCaprimulgiformesCaprimulgidae (Nightjars and Allies)
0%
Tawny-faced QuailRhynchortyx cinctusGalliformesOdontophoridae (New World Quail)
0%
Tawny Fish-OwlKetupa flavipesStrigiformesStrigidae (Owls)
0%
Tawny-throated DotterelOreopholus ruficollisCharadriiformesCharadriidae (Plovers and Lapwings)
0%
Tawny-tufted ToucanetSelenidera nattereriPiciformesRamphastidae (Toucans)
0%
Temminck's CourserCursorius temminckiiCharadriiformesGlareolidae (Pratincoles and Coursers)
0%
Tenggara SwiftletCollocalia sumbawaeCaprimulgiformesApodidae (Swifts)
0%
Tepui GoldenthroatPolytmus milleriCaprimulgiformesTrochilidae (Hummingbirds)
0%
Tepui ParrotletNannopsittaca panychloraPsittaciformesPsittacidae (New World and African Parrots)
0%
Tepui SwiftStreptoprocne phelpsiCaprimulgiformesApodidae (Swifts)
0%
Tepui TinamouCrypturellus ptaritepuiTinamiformesTinamidae (Tinamous)
0%
Tepui ToucanetAulacorhynchus whitelianusPiciformesRamphastidae (Toucans)
0%
Terek SandpiperXenus cinereusCharadriiformesScolopacidae (Sandpipers and Allies)
0%
Thick-billed CuckooPachycoccyx audebertiCuculiformesCuculidae (Cuckoos)
0%
Thick-billed Green-PigeonTreron curvirostraColumbiformesColumbidae (Pigeons and Doves)
0%
Thick-billed Ground DoveAlopecoenas salamonisColumbiformesColumbidae (Pigeons and Doves)
0%
Thick-billed Ground-PigeonTrugon terrestrisColumbiformesColumbidae (Pigeons and Doves)
0%
Thick-billed HoneyguideIndicator conirostrisPiciformesIndicatoridae (Honeyguides)
0%
Three-banded CourserRhinoptilus cinctusCharadriiformesGlareolidae (Pratincoles and Coursers)
0%
Three-banded PloverCharadrius tricollarisCharadriiformesCharadriidae (Plovers and Lapwings)
0%
Three-toed JacamarJacamaralcyon tridactylaGalbuliformesGalbulidae (Jacamars)
0%
Three-toed SwiftletAerodramus papuensisCaprimulgiformesApodidae (Swifts)
0%
Tibetan Eared-PheasantCrossoptilon harmaniGalliformesPhasianidae (Pheasants, Grouse, and Allies)
0%
Tibetan PartridgePerdix hodgsoniaeGalliformesPhasianidae (Pheasants, Grouse, and Allies)
0%
Tibetan SandgrouseSyrrhaptes tibetanusPterocliformesPteroclidae (Sandgrouse)
0%
Tibetan SnowcockTetraogallus tibetanusGalliformesPhasianidae (Pheasants, Grouse, and Allies)
0%
Timor BoobookNinox fuscaStrigiformesStrigidae (Owls)
0%
Timor Cuckoo-DoveMacropygia magnaColumbiformesColumbidae (Pigeons and Doves)
0%
Timor Green-PigeonTreron psittaceusColumbiformesColumbidae (Pigeons and Doves)
0%
Timor Imperial-PigeonDucula cineraceaColumbiformesColumbidae (Pigeons and Doves)
0%
Todd's NightjarSetopagis heteruraCaprimulgiformesCaprimulgidae (Nightjars and Allies)
0%
Tody MotmotHylomanes momotulaCoraciiformesMomotidae (Motmots)
0%
Togian BoobookNinox burhaniStrigiformesStrigidae (Owls)
0%
Tolima BlossomcrownAnthocephala berlepschiCaprimulgiformesTrochilidae (Hummingbirds)
0%
Tolima DoveLeptotila conoveriColumbiformesColumbidae (Pigeons and Doves)
0%
Tooth-billed HummingbirdAndrodon aequatorialisCaprimulgiformesTrochilidae (Hummingbirds)
0%
Tooth-billed PigeonDidunculus strigirostrisColumbiformesColumbidae (Pigeons and Doves)
0%
Torotoroka Scops-OwlOtus madagascariensisStrigiformesStrigidae (Owls)
0%
Torresian KingfisherTodiramphus sordidusCoraciiformesAlcedinidae (Kingfishers)
0%
Toucan BarbetSemnornis ramphastinusPiciformesSemnornithidae (Toucan-Barbets)
0%
Tourmaline SunangelHeliangelus exortisCaprimulgiformesTrochilidae (Hummingbirds)
0%
Townsend's ShearwaterPuffinus auricularisProcellariiformesProcellariidae (Shearwaters and Petrels)
0%
Townsend's Storm-PetrelHydrobates socorroensisProcellariiformesHydrobatidae (Northern Storm-Petrels)
0%
Trindade PetrelPterodroma arminjonianaProcellariiformesProcellariidae (Shearwaters and Petrels)
0%
Trinidad MotmotMomotus bahamensisCoraciiformesMomotidae (Motmots)
0%
Trinidad Piping-GuanPipile pipileGalliformesCracidae (Guans, Chachalacas, and Curassows)
0%
Tristan MoorhenGallinula nesiotisGruiformesRallidae (Rails, Gallinules, and Coots)
0%
Tristram's Storm-PetrelHydrobates tristramiProcellariiformesHydrobatidae (Northern Storm-Petrels)
0%
Tropical Screech-OwlMegascops cholibaStrigiformesStrigidae (Owls)
0%
Tropical ShearwaterPuffinus bailloniProcellariiformesProcellariidae (Shearwaters and Petrels)
0%
Tschudi's NightjarSystellura decussataCaprimulgiformesCaprimulgidae (Nightjars and Allies)
0%
Tsingy Wood-RailMentocrex beankaensisGruiformesSarothruridae (Flufftails)
0%
Tuamotu SandpiperProsobonia parvirostrisCharadriiformesScolopacidae (Sandpipers and Allies)
0%
Tucuman ParrotAmazona tucumanaPsittaciformesPsittacidae (New World and African Parrots)
0%
Tufted CoquetteLophornis ornatusCaprimulgiformesTrochilidae (Hummingbirds)
0%
Tui ParakeetBrotogeris sanctithomaePsittaciformesPsittacidae (New World and African Parrots)
0%
Tullberg's WoodpeckerCampethera tullbergiPiciformesPicidae (Woodpeckers)
0%
Tumbes HummingbirdThaumasius baeriCaprimulgiformesTrochilidae (Hummingbirds)
0%
Turquoise-browed MotmotEumomota superciliosaCoraciiformesMomotidae (Motmots)
0%
Turquoise-crowned HummingbirdCynanthus doubledayiCaprimulgiformesTrochilidae (Hummingbirds)
0%
Turquoise-fronted ParrotAmazona aestivaPsittaciformesPsittacidae (New World and African Parrots)
0%
Turquoise ParrotNeophema pulchellaPsittaciformesPsittaculidae (Old World Parrots)
0%
Turquoise-throated BarbetPsilopogon chersonesusPiciformesMegalaimidae (Asian Barbets)
0%
Turquoise-throated PufflegEriocnemis godiniCaprimulgiformesTrochilidae (Hummingbirds)
0%
Turquoise-winged ParrotletForpus spengeliPsittaciformesPsittacidae (New World and African Parrots)
0%
Tuxtla Quail-DoveZentrygon carrikeriColumbiformesColumbidae (Pigeons and Doves)
0%
Two-banded PloverCharadrius falklandicusCharadriiformesCharadriidae (Plovers and Lapwings)
0%
Udzungwa PartridgeXenoperdix udzungwensisGalliformesPhasianidae (Pheasants, Grouse, and Allies)
0%
Ultramarine KingfisherTodiramphus leucopygiusCoraciiformesAlcedinidae (Kingfishers)
0%
Ultramarine LorikeetVini ultramarinaPsittaciformesPsittaculidae (Old World Parrots)
0%
Uniform CrakeAmaurolimnas concolorGruiformesRallidae (Rails, Gallinules, and Coots)
0%
Uniform SwiftletAerodramus vanikorensisCaprimulgiformesApodidae (Swifts)
0%
Upland BuzzardButeo hemilasiusAccipitriformesAccipitridae (Hawks, Eagles, and Kites)
0%
Usambara Eagle-OwlBubo vosseleriStrigiformesStrigidae (Owls)
0%
Vanuatu KingfisherTodiramphus farquhariCoraciiformesAlcedinidae (Kingfishers)
0%
Vanuatu PetrelPterodroma occultaProcellariiformesProcellariidae (Shearwaters and Petrels)
0%
Vanuatu ScrubfowlMegapodius layardiGalliformesMegapodiidae (Megapodes)
0%
Variable ChachalacaOrtalis motmotGalliformesCracidae (Guans, Chachalacas, and Curassows)
0%
Variable GoshawkAccipiter hiogasterAccipitriformesAccipitridae (Hawks, Eagles, and Kites)
0%
Variable HawkGeranoaetus polyosomaAccipitriformesAccipitridae (Hawks, Eagles, and Kites)
0%
Variable OystercatcherHaematopus unicolorCharadriiformesHaematopodidae (Oystercatchers)
0%
Varied LorikeetPsitteuteles versicolorPsittaciformesPsittaculidae (Old World Parrots)
0%
Variegated TinamouCrypturellus variegatusTinamiformesTinamidae (Tinamous)
0%
Varzea PiculetPicumnus varzeaePiciformesPicidae (Woodpeckers)
0%
Velvet-browed BrilliantHeliodoxa xanthogonysCaprimulgiformesTrochilidae (Hummingbirds)
0%
Velvet DovePtilinopus layardiColumbiformesColumbidae (Pigeons and Doves)
0%
Venezuelan SylphAglaiocercus berlepschiCaprimulgiformesTrochilidae (Hummingbirds)
0%
Venezuelan Wood-QuailOdontophorus columbianusGalliformesOdontophoridae (New World Quail)
0%
Veraguan MangoAnthracothorax veraguensisCaprimulgiformesTrochilidae (Hummingbirds)
0%
Vermiculated Fishing-OwlScotopelia bouvieriStrigiformesStrigidae (Owls)
0%
Vernal Hanging-ParrotLoriculus vernalisPsittaciformesPsittaculidae (Old World Parrots)
0%
Verreaux's CouaCoua verreauxiCuculiformesCuculidae (Cuckoos)
0%
Verreaux's PartridgeTetraophasis obscurusGalliformesPhasianidae (Pheasants, Grouse, and Allies)
0%
Versicolored BarbetEubucco versicolorPiciformesCapitonidae (New World Barbets)
0%
Versicolored EmeraldChrysuronia versicolorCaprimulgiformesTrochilidae (Hummingbirds)
0%
Vervain HummingbirdMellisuga minimaCaprimulgiformesTrochilidae (Hummingbirds)
0%
Vieillot's BarbetLybius vieillotiPiciformesLybiidae (African Barbets)
0%
Vietnamese Crested ArgusRheinardia ocellataGalliformesPhasianidae (Pheasants, Grouse, and Allies)
0%
Vinaceous-breasted ParrotAmazona vinaceaPsittaciformesPsittacidae (New World and African Parrots)
0%
Vinaceous DoveStreptopelia vinaceaColumbiformesColumbidae (Pigeons and Doves)
0%
Vinous-breasted SparrowhawkAccipiter rhodogasterAccipitriformesAccipitridae (Hawks, Eagles, and Kites)
0%
Violaceous CoucalCentropus violaceusCuculiformesCuculidae (Cuckoos)
0%
Violaceous Quail-DoveGeotrygon violaceaColumbiformesColumbidae (Pigeons and Doves)
0%
Violet-bellied HummingbirdChlorestes julieCaprimulgiformesTrochilidae (Hummingbirds)
0%
Violet-capped HummingbirdGoldmania violicepsCaprimulgiformesTrochilidae (Hummingbirds)
0%
Violet-capped WoodnymphThalurania glaucopisCaprimulgiformesTrochilidae (Hummingbirds)
0%
Violet-chested HummingbirdSternoclyta cyanopectusCaprimulgiformesTrochilidae (Hummingbirds)
0%
Violet-crowned HummingbirdLeucolia violicepsCaprimulgiformesTrochilidae (Hummingbirds)
0%
Violet CuckooChrysococcyx xanthorhynchusCuculiformesCuculidae (Cuckoos)
0%
Violet-fronted BrilliantHeliodoxa leadbeateriCaprimulgiformesTrochilidae (Hummingbirds)
0%
Violet-headed HummingbirdKlais guimetiCaprimulgiformesTrochilidae (Hummingbirds)
0%
Violet-necked LoryEos squamataPsittaciformesPsittaculidae (Old World Parrots)
0%
Violet-throated MetaltailMetallura baroniCaprimulgiformesTrochilidae (Hummingbirds)
0%
Violet-throated StarfrontletCoeligena violiferCaprimulgiformesTrochilidae (Hummingbirds)
0%
Violet WoodhoopoePhoeniculus damarensisBucerotiformesPhoeniculidae (Woodhoopoes and Scimitarbills)
0%
Vogelkop Owlet-nightjarAegotheles affinisCaprimulgiformesAegothelidae (Owlet-nightjars)
0%
Volcano HummingbirdSelasphorus flammulaCaprimulgiformesTrochilidae (Hummingbirds)
0%
Volcano SwiftletAerodramus vulcanorumCaprimulgiformesApodidae (Swifts)
0%
Von der Decken's HornbillTockus deckeniBucerotiformesBucerotidae (Hornbills)
0%
Vulturine ParrotPyrilia vulturinaPsittaciformesPsittacidae (New World and African Parrots)
0%
Wahlberg's HoneyguideProdotiscus regulusPiciformesIndicatoridae (Honeyguides)
0%
Waigeo BrushturkeyAepypodius bruijniiGalliformesMegapodiidae (Megapodes)
0%
Wake Island RailGallirallus wakensisGruiformesRallidae (Rails, Gallinules, and Coots)
0%
Wallace's Fruit-DovePtilinopus wallaciiColumbiformesColumbidae (Pigeons and Doves)
0%
Wallace's Hanging-ParrotLoriculus flosculusPsittaciformesPsittaculidae (Old World Parrots)
0%
Wallace's Hawk-EagleNisaetus nanusAccipitriformesAccipitridae (Hawks, Eagles, and Kites)
0%
Wallace's Owlet-nightjarAegotheles wallaciiCaprimulgiformesAegothelidae (Owlet-nightjars)
0%
Wallace's Scops-OwlOtus silvicolaStrigiformesStrigidae (Owls)
0%
Ward's TrogonHarpactes wardiTrogoniformesTrogonidae (Trogons)
0%
WatercockGallicrex cinereaGruiformesRallidae (Rails, Gallinules, and Coots)
0%
Waterfall SwiftHydrochous gigasCaprimulgiformesApodidae (Swifts)
0%
Wattled BrushturkeyAepypodius arfakianusGalliformesMegapodiidae (Megapodes)
0%
Wattled GuanAburria aburriGalliformesCracidae (Guans, Chachalacas, and Curassows)
0%
Wattled IbisBostrychia carunculataPelecaniformesThreskiornithidae (Ibises and Spoonbills)
0%
Wattled LapwingVanellus senegallusCharadriiformesCharadriidae (Plovers and Lapwings)
0%
Waved WoodpeckerCeleus undatusPiciformesPicidae (Woodpeckers)
0%
Wedge-rumped Storm-PetrelHydrobates tethysProcellariiformesHydrobatidae (Northern Storm-Petrels)
0%
Wedge-tailed Green-PigeonTreron sphenurusColumbiformesColumbidae (Pigeons and Doves)
0%
Wedge-tailed HillstarOreotrochilus adelaCaprimulgiformesTrochilidae (Hummingbirds)
0%
Wedge-tailed SabrewingPampa curvipennisCaprimulgiformesTrochilidae (Hummingbirds)
0%
Wedge-tailed ShearwaterArdenna pacificaProcellariiformesProcellariidae (Shearwaters and Petrels)
0%
WekaGallirallus australisGruiformesRallidae (Rails, Gallinules, and Coots)
0%
Western CorellaCacatua pastinatorPsittaciformesCacatuidae (Cockatoos)
0%
Western Red-billed HornbillTockus kempiBucerotiformesBucerotidae (Hornbills)
0%
Western Striolated-PuffbirdNystalus obamaiGalbuliformesBucconidae (Puffbirds)
0%
Western SwamphenPorphyrio porphyrioGruiformesRallidae (Rails, Gallinules, and Coots)
0%
Western TinkerbirdPogoniulus coryphaeaPiciformesLybiidae (African Barbets)
0%
West Indian WoodpeckerMelanerpes superciliarisPiciformesPicidae (Woodpeckers)
0%
Westland PetrelProcellaria westlandicaProcellariiformesProcellariidae (Shearwaters and Petrels)
0%
Wetar Ground DoveAlopecoenas hoedtiiColumbiformesColumbidae (Pigeons and Doves)
0%
Whiskered AukletAethia pygmaeaCharadriiformesAlcidae (Auks, Murres, and Puffins)
0%
Whiskered Screech-OwlMegascops trichopsisStrigiformesStrigidae (Owls)
0%
Whiskered TernChlidonias hybridaCharadriiformesLaridae (Gulls, Terns, and Skimmers)
0%
Whiskered TreeswiftHemiprocne comataCaprimulgiformesHemiprocnidae (Treeswifts)
0%
Whistling Green-PigeonTreron formosaeColumbiformesColumbidae (Pigeons and Doves)
0%
White-backed MousebirdColius coliusColiiformesColiidae (Mousebirds)
0%
White-backed WoodpeckerDendrocopos leucotosPiciformesPicidae (Woodpeckers)
0%
White-barred PiculetPicumnus cirratusPiciformesPicidae (Woodpeckers)
0%
White-bearded HelmetcrestOxypogon lindeniiCaprimulgiformesTrochilidae (Hummingbirds)
0%
White-bearded HermitPhaethornis hispidusCaprimulgiformesTrochilidae (Hummingbirds)
0%
White-bellied ChachalacaOrtalis leucogastraGalliformesCracidae (Guans, Chachalacas, and Curassows)
0%
White-bellied EmeraldChlorestes candidaCaprimulgiformesTrochilidae (Hummingbirds)
0%
White-bellied Go-away-birdCorythaixoides leucogasterMusophagiformesMusophagidae (Turacos)
0%
White-bellied Green-PigeonTreron sieboldiiColumbiformesColumbidae (Pigeons and Doves)
0%
White-bellied HummingbirdElliotomyia chionogasterCaprimulgiformesTrochilidae (Hummingbirds)
0%
White-bellied Imperial-PigeonDucula forsteniColumbiformesColumbidae (Pigeons and Doves)
0%
White-bellied KingfisherCorythornis leucogasterCoraciiformesAlcedinidae (Kingfishers)
0%
White-bellied Mountain-gemLampornis hemileucusCaprimulgiformesTrochilidae (Hummingbirds)
0%
White-bellied NothuraNothura boraquiraTinamiformesTinamidae (Tinamous)
0%
White-bellied ParrotPionites leucogasterPsittaciformesPsittacidae (New World and African Parrots)
0%
White-bellied PiculetPicumnus spilogasterPiciformesPicidae (Woodpeckers)
0%
White-bellied SeedsnipeAttagis malouinusCharadriiformesThinocoridae (Seedsnipes)
0%
White-bellied Storm-PetrelFregetta grallariaProcellariiformesOceanitidae (Southern Storm-Petrels)
0%
White-bellied WoodpeckerDryocopus javensisPiciformesPicidae (Woodpeckers)
0%
White-bellied WoodstarChaetocercus mulsantCaprimulgiformesTrochilidae (Hummingbirds)
0%
White-bibbed Ground DoveAlopecoenas jobiensisColumbiformesColumbidae (Pigeons and Doves)
0%
White-breasted Fruit-DovePtilinopus rivoliColumbiformesColumbidae (Pigeons and Doves)
0%
White-breasted GuineafowlAgelastes meleagridesGalliformesNumididae (Guineafowl)
0%
White-breasted MesiteMesitornis variegatusMesitornithiformesMesitornithidae (Mesites)
0%
White-breasted WaterhenAmaurornis phoenicurusGruiformesRallidae (Rails, Gallinules, and Coots)
0%
White-browed CoucalCentropus superciliosusCuculiformesCuculidae (Cuckoos)
0%
White-browed CrakePoliolimnas cinereusGruiformesRallidae (Rails, Gallinules, and Coots)
0%
White-browed GuanPenelope jacucacaGalliformesCracidae (Guans, Chachalacas, and Curassows)
0%
White-browed HawkLeucopternis kuhliAccipitriformesAccipitridae (Hawks, Eagles, and Kites)
0%
White-browed HermitPhaethornis stuartiCaprimulgiformesTrochilidae (Hummingbirds)
0%
White-browed OwlAthene superciliarisStrigiformesStrigidae (Owls)
0%
White-browed PiculetSasia ochraceaPiciformesPicidae (Woodpeckers)
0%
White-browed WoodpeckerPiculus aurulentusPiciformesPicidae (Woodpeckers)
0%
White-capped AlbatrossThalassarche cautaProcellariiformesDiomedeidae (Albatrosses)
0%
White-capped Fruit-DovePtilinopus dupetithouarsiiColumbiformesColumbidae (Pigeons and Doves)
0%
White-cheeked BarbetPsilopogon viridisPiciformesMegalaimidae (Asian Barbets)
0%
White-cheeked PartridgeArborophila atrogularisGalliformesPhasianidae (Pheasants, Grouse, and Allies)
0%
White-cheeked TernSterna repressaCharadriiformesLaridae (Gulls, Terns, and Skimmers)
0%
White-chested EmeraldChrysuronia brevirostrisCaprimulgiformesTrochilidae (Hummingbirds)
0%
White-chested PuffbirdMalacoptila fuscaGalbuliformesBucconidae (Puffbirds)
0%
White-chested SwiftCypseloides lemosiCaprimulgiformesApodidae (Swifts)
0%
White-chinned JacamarGalbula tombaceaGalbuliformesGalbulidae (Jacamars)
0%
White-chinned PetrelProcellaria aequinoctialisProcellariiformesProcellariidae (Shearwaters and Petrels)
0%
White-chinned SapphireChlorestes cyanusCaprimulgiformesTrochilidae (Hummingbirds)
0%
White-chinned SwiftCypseloides cryptusCaprimulgiformesApodidae (Swifts)
0%
White-collared KiteLeptodon forbesiAccipitriformesAccipitridae (Hawks, Eagles, and Kites)
0%
White-collared PigeonColumba albitorquesColumbiformesColumbidae (Pigeons and Doves)
0%
White-collared SwiftStreptoprocne zonarisCaprimulgiformesApodidae (Swifts)
0%
White-crested BitternTigriornis leucolophaPelecaniformesArdeidae (Herons, Egrets, and Bitterns)
0%
White-crested CoquetteLophornis adorabilisCaprimulgiformesTrochilidae (Hummingbirds)
0%
White-crested GuanPenelope pileataGalliformesCracidae (Guans, Chachalacas, and Curassows)
0%
White-crested HornbillHorizocerus albocristatusBucerotiformesBucerotidae (Hornbills)
0%
White-crested TuracoTauraco leucolophusMusophagiformesMusophagidae (Turacos)
0%
White-crowned KoelCacomantis leucolophusCuculiformesCuculidae (Cuckoos)
0%
White-eared BarbetStactolaema leucotisPiciformesLybiidae (African Barbets)
0%
White-eared Bronze-CuckooChrysococcyx meyeriiCuculiformesCuculidae (Cuckoos)
0%
White-eared Brown-DovePhapitreron leucotisColumbiformesColumbidae (Pigeons and Doves)
0%
White-eared HummingbirdBasilinna leucotisCaprimulgiformesTrochilidae (Hummingbirds)
0%
White-eared JacamarGalbalcyrhynchus leucotisGalbuliformesGalbulidae (Jacamars)
0%
White-eared Night-HeronGorsachius magnificusPelecaniformesArdeidae (Herons, Egrets, and Bitterns)
0%
White Eared-PheasantCrossoptilon crossoptilonGalliformesPhasianidae (Pheasants, Grouse, and Allies)
0%
White-eared PuffbirdNystalus chacuruGalbuliformesBucconidae (Puffbirds)
0%
White-eyed GullIchthyaetus leucophthalmusCharadriiformesLaridae (Gulls, Terns, and Skimmers)
0%
White-eyed ParakeetPsittacara leucophthalmusPsittaciformesPsittacidae (New World and African Parrots)
0%
White-faced Cuckoo-DoveTuracoena manadensisColumbiformesColumbidae (Pigeons and Doves)
0%
White-faced NunbirdHapaloptila castaneaGalbuliformesBucconidae (Puffbirds)
0%
White-faced PloverCharadrius dealbatusCharadriiformesCharadriidae (Plovers and Lapwings)
0%
White-faced Quail-DoveZentrygon albifaciesColumbiformesColumbidae (Pigeons and Doves)
0%
White-faced Storm-PetrelPelagodroma marinaProcellariiformesOceanitidae (Southern Storm-Petrels)
0%
White-fronted Bee-eaterMerops bullockoidesCoraciiformesMeropidae (Bee-eaters)
0%
White-fronted FalconetMicrohierax latifronsFalconiformesFalconidae (Falcons and Caracaras)
0%
White-fronted NunbirdMonasa morphoeusGalbuliformesBucconidae (Puffbirds)
0%
White-fronted ParrotAmazona albifronsPsittaciformesPsittacidae (New World and African Parrots)
0%
White-fronted Quail-DoveGeotrygon leucometopiaColumbiformesColumbidae (Pigeons and Doves)
0%
White-fronted Scops-OwlOtus sagittatusStrigiformesStrigidae (Owls)
0%
White-fronted SwiftCypseloides storeriCaprimulgiformesApodidae (Swifts)
0%
White-fronted TernSterna striataCharadriiformesLaridae (Gulls, Terns, and Skimmers)
0%
White-fronted WoodpeckerMelanerpes cactorumPiciformesPicidae (Woodpeckers)
0%
White-headed BarbetLybius leucocephalusPiciformesLybiidae (African Barbets)
0%
White-headed Fruit-DovePtilinopus eugeniaeColumbiformesColumbidae (Pigeons and Doves)
0%
White-headed LapwingVanellus albicepsCharadriiformesCharadriidae (Plovers and Lapwings)
0%
White-headed MousebirdColius leucocephalusColiiformesColiidae (Mousebirds)
0%
White-headed PetrelPterodroma lessoniiProcellariiformesProcellariidae (Shearwaters and Petrels)
0%
White-headed WoodhoopoePhoeniculus bolleiBucerotiformesPhoeniculidae (Woodhoopoes and Scimitarbills)
0%
Whitehead's SwiftletAerodramus whiteheadiCaprimulgiformesApodidae (Swifts)
0%
Whitehead's TrogonHarpactes whiteheadiTrogoniformesTrogonidae (Trogons)
0%
White-mantled BarbetCapito hypoleucusPiciformesCapitonidae (New World Barbets)
0%
White-naped LoryLorius albidinuchaPsittaciformesPsittaculidae (Old World Parrots)
0%
White-naped PigeonColumba albinuchaColumbiformesColumbidae (Pigeons and Doves)
0%
White-naped SwiftStreptoprocne semicollarisCaprimulgiformesApodidae (Swifts)
0%
White-naped WoodpeckerChrysocolaptes festivusPiciformesPicidae (Woodpeckers)
0%
White-necked HawkButeogallus lacernulatusAccipitriformesAccipitridae (Hawks, Eagles, and Kites)
0%
White-necked JacobinFlorisuga mellivoraCaprimulgiformesTrochilidae (Hummingbirds)
0%
White-necked ParakeetPyrrhura albipectusPsittaciformesPsittacidae (New World and African Parrots)
0%
White-necked PetrelPterodroma cervicalisProcellariiformesProcellariidae (Shearwaters and Petrels)
0%
White-necked PuffbirdNotharchus hyperrhynchusGalbuliformesBucconidae (Puffbirds)
0%
White-necklaced PartridgeArborophila gingicaGalliformesPhasianidae (Pheasants, Grouse, and Allies)
0%
White-nest SwiftletAerodramus fuciphagusCaprimulgiformesApodidae (Swifts)
0%
White-quilled BustardEupodotis afraoidesOtidiformesOtididae (Bustards)
0%
White-quilled Rock-PigeonPetrophassa albipennisColumbiformesColumbidae (Pigeons and Doves)
0%
White-rumped FalconPolihierax insignisFalconiformesFalconidae (Falcons and Caracaras)
0%
White-rumped HawkParabuteo leucorrhousAccipitriformesAccipitridae (Hawks, Eagles, and Kites)
0%
White-rumped KingfisherCaridonax fulgidusCoraciiformesAlcedinidae (Kingfishers)
0%
White-rumped NeedletailZoonavena sylvaticaCaprimulgiformesApodidae (Swifts)
0%
White-rumped SwiftApus cafferCaprimulgiformesApodidae (Swifts)
0%
White-rumped SwiftletAerodramus spodiopygiusCaprimulgiformesApodidae (Swifts)
0%
White-shouldered IbisPseudibis davisoniPelecaniformesThreskiornithidae (Ibises and Spoonbills)
0%
White-sided HillstarOreotrochilus leucopleurusCaprimulgiformesTrochilidae (Hummingbirds)
0%
White-spotted FlufftailSarothrura pulchraGruiformesSarothruridae (Flufftails)
0%
White-spotted WoodpeckerDryobates spilogasterPiciformesPicidae (Woodpeckers)
0%
White-striped Forest-RailRallina leucospilaGruiformesRallidae (Rails, Gallinules, and Coots)
0%
White-tailed EmeraldMicrochera chionuraCaprimulgiformesTrochilidae (Hummingbirds)
0%
White-tailed GoldenthroatPolytmus guainumbiCaprimulgiformesTrochilidae (Hummingbirds)
0%
White-tailed HawkGeranoaetus albicaudatusAccipitriformesAccipitridae (Hawks, Eagles, and Kites)
0%
White-tailed HummingbirdEupherusa poliocercaCaprimulgiformesTrochilidae (Hummingbirds)
0%
White-tailed LapwingVanellus leucurusCharadriiformesCharadriidae (Plovers and Lapwings)
0%
White-tailed NightjarHydropsalis cayennensisCaprimulgiformesCaprimulgidae (Nightjars and Allies)
0%
White-tailed SabrewingCampylopterus ensipennisCaprimulgiformesTrochilidae (Hummingbirds)
0%
White-tailed StarfrontletCoeligena phalerataCaprimulgiformesTrochilidae (Hummingbirds)
0%
White-tailed TrogonTrogon chionurusTrogoniformesTrogonidae (Trogons)
0%
White-thighed HornbillBycanistes albotibialisBucerotiformesBucerotidae (Hornbills)
0%
White-throated Bee-eaterMerops albicollisCoraciiformesMeropidae (Bee-eaters)
0%
White-throated CaracaraPhalcoboenus albogularisFalconiformesFalconidae (Falcons and Caracaras)
0%
White-throated CrakeLaterallus albigularisGruiformesRallidae (Rails, Gallinules, and Coots)
0%
White-throated DaggerbillSchistes albogularisCaprimulgiformesTrochilidae (Hummingbirds)
0%
White-throated FrancolinCampocolinus albogularisGalliformesPhasianidae (Pheasants, Grouse, and Allies)
0%
White-throated Ground DoveAlopecoenas xanthonurusColumbiformesColumbidae (Pigeons and Doves)
0%
White-throated HawkButeo albigulaAccipitriformesAccipitridae (Hawks, Eagles, and Kites)
0%
White-throated HummingbirdLeucochloris albicollisCaprimulgiformesTrochilidae (Hummingbirds)
0%
White-throated JacamarBrachygalba albogularisGalbuliformesGalbulidae (Jacamars)
0%
White-throated Mountain-gemLampornis castaneoventrisCaprimulgiformesTrochilidae (Hummingbirds)
0%
White-throated NightjarEurostopodus mystacalisCaprimulgiformesCaprimulgidae (Nightjars and Allies)
0%
White-throated Quail-DoveZentrygon frenataColumbiformesColumbidae (Pigeons and Doves)
0%
White-throated RailDryolimnas cuvieriGruiformesRallidae (Rails, Gallinules, and Coots)
0%
White-throated Screech-OwlMegascops albogularisStrigiformesStrigidae (Owls)
0%
White-throated TinamouTinamus guttatusTinamiformesTinamidae (Tinamous)
0%
White-throated WoodpeckerPiculus leucolaemusPiciformesPicidae (Woodpeckers)
0%
White-tipped QuetzalPharomachrus fulgidusTrogoniformesTrogonidae (Trogons)
0%
White-tipped SicklebillEutoxeres aquilaCaprimulgiformesTrochilidae (Hummingbirds)
0%
White-tipped SwiftAeronautes montivagusCaprimulgiformesApodidae (Swifts)
0%
White-tufted SunbeamAglaeactis castelnaudiiCaprimulgiformesTrochilidae (Hummingbirds)
0%
White-vented PlumeleteerChalybura buffoniiCaprimulgiformesTrochilidae (Hummingbirds)
0%
White-vented VioletearColibri serrirostrisCaprimulgiformesTrochilidae (Hummingbirds)
0%
White-wedged PiculetPicumnus albosquamatusPiciformesPicidae (Woodpeckers)
0%
White-whiskered HermitPhaethornis yaruquiCaprimulgiformesTrochilidae (Hummingbirds)
0%
White-whiskered PuffbirdMalacoptila panamensisGalbuliformesBucconidae (Puffbirds)
0%
White-winged Collared-DoveStreptopelia reichenowiColumbiformesColumbidae (Pigeons and Doves)
0%
White-winged CootFulica leucopteraGruiformesRallidae (Rails, Gallinules, and Coots)
0%
White-winged FlufftailSarothrura ayresiGruiformesSarothruridae (Flufftails)
0%
White-winged GuanPenelope albipennisGalliformesCracidae (Guans, Chachalacas, and Curassows)
0%
White-winged ParakeetBrotogeris versicolurusPsittaciformesPsittacidae (New World and African Parrots)
0%
White-winged PotooNyctibius leucopterusCaprimulgiformesNyctibiidae (Potoos)
0%
White-winged SandpiperProsobonia leucopteraCharadriiformesScolopacidae (Sandpipers and Allies)
0%
White-winged WoodpeckerDendrocopos leucopterusPiciformesPicidae (Woodpeckers)
0%
White WoodpeckerMelanerpes candidusPiciformesPicidae (Woodpeckers)
0%
Whooping MotmotMomotus subrufescensCoraciiformesMomotidae (Motmots)
0%
Whyte's BarbetStactolaema whytiiPiciformesLybiidae (African Barbets)
0%
Willcocks's HoneyguideIndicator willcocksiPiciformesIndicatoridae (Honeyguides)
0%
WilletTringa semipalmataCharadriiformesScolopacidae (Sandpipers and Allies)
0%
Wilson's PhalaropePhalaropus tricolorCharadriiformesScolopacidae (Sandpipers and Allies)
0%
Wine-throated HummingbirdSelasphorus elliotiCaprimulgiformesTrochilidae (Hummingbirds)
0%
Wire-crested ThorntailDiscosura popelairiiCaprimulgiformesTrochilidae (Hummingbirds)
0%
Wompoo Fruit-DovePtilinopus magnificusColumbiformesColumbidae (Pigeons and Doves)
0%
Wonga PigeonLeucosarcia melanoleucaColumbiformesColumbidae (Pigeons and Doves)
0%
Woodford's RailGallirallus woodfordiGruiformesRallidae (Rails, Gallinules, and Coots)
0%
Woodland KingfisherHalcyon senegalensisCoraciiformesAlcedinidae (Kingfishers)
0%
Wood SandpiperTringa glareolaCharadriiformesScolopacidae (Sandpipers and Allies)
0%
Wood SnipeGallinago nemoricolaCharadriiformesScolopacidae (Sandpipers and Allies)
0%
Writhe-billed HornbillRhabdotorrhinus waldeniBucerotiformesBucerotidae (Hornbills)
0%
Writhed HornbillRhabdotorrhinus leucocephalusBucerotiformesBucerotidae (Hornbills)
0%
WrybillAnarhynchus frontalisCharadriiformesCharadriidae (Plovers and Lapwings)
0%
Xantus's HummingbirdBasilinna xantusiiCaprimulgiformesTrochilidae (Hummingbirds)
0%
Yelkouan ShearwaterPuffinus yelkouanProcellariiformesProcellariidae (Shearwaters and Petrels)
0%
Yellow-bibbed Fruit-DovePtilinopus solomonensisColumbiformesColumbidae (Pigeons and Doves)
0%
Yellow-bibbed LoryLorius chlorocercusPsittaciformesPsittaculidae (Old World Parrots)
0%
Yellow-billed BarbetTrachyphonus purpuratusPiciformesLybiidae (African Barbets)
0%
Yellow-billed JacamarGalbula albirostrisGalbuliformesGalbulidae (Jacamars)
0%
Yellow-billed KingfisherSyma torotoroCoraciiformesAlcedinidae (Kingfishers)
0%
Yellow-billed LorikeetNeopsittacus musschenbroekiiPsittaciformesPsittaculidae (Old World Parrots)
0%
Yellow-billed MalkohaRhamphococcyx calyorhynchusCuculiformesCuculidae (Cuckoos)
0%
Yellow-billed NunbirdMonasa flavirostrisGalbuliformesBucconidae (Puffbirds)
0%
Yellow-billed ParrotAmazona collariaPsittaciformesPsittacidae (New World and African Parrots)
0%
Yellow-billed TuracoTauraco macrorhynchusMusophagiformesMusophagidae (Turacos)
0%
Yellow-breasted BarbetTrachyphonus margaritatusPiciformesLybiidae (African Barbets)
0%
Yellow-breasted CrakeHapalocrex flaviventerGruiformesRallidae (Rails, Gallinules, and Coots)
0%
Yellow-breasted Fruit-DovePtilinopus occipitalisColumbiformesColumbidae (Pigeons and Doves)
0%
Yellow-breasted Racquet-tailPrioniturus flavicansPsittaciformesPsittaculidae (Old World Parrots)
0%
Yellow-browed ToucanetAulacorhynchus huallagaePiciformesRamphastidae (Toucans)
0%
Yellow-capped Pygmy-ParrotMicropsitta keiensisPsittaciformesPsittaculidae (Old World Parrots)
0%
Yellow-casqued HornbillCeratogymna elataBucerotiformesBucerotidae (Hornbills)
0%
Yellow-cheeked LorikeetSaudareos meyeriPsittaciformesPsittaculidae (Old World Parrots)
0%
Yellow-chevroned ParakeetBrotogeris chiririPsittaciformesPsittacidae (New World and African Parrots)
0%
Yellow-collared MacawPrimolius auricollisPsittaciformesPsittacidae (New World and African Parrots)
0%
Yellow-crested CockatooCacatua sulphureaPsittaciformesCacatuidae (Cockatoos)
0%
Yellow-crowned BarbetPsilopogon henriciiPiciformesMegalaimidae (Asian Barbets)
0%
Yellow-crowned ParakeetCyanoramphus auricepsPsittaciformesPsittaculidae (Old World Parrots)
0%
Yellow-crowned ParrotAmazona ochrocephalaPsittaciformesPsittacidae (New World and African Parrots)
0%
Yellow-crowned WoodpeckerLeiopicus mahrattensisPiciformesPicidae (Woodpeckers)
0%
Yellow-eared ParrotOgnorhynchus icterotisPsittaciformesPsittacidae (New World and African Parrots)
0%
Yellow-eared ToucanetSelenidera spectabilisPiciformesRamphastidae (Toucans)
0%
Yellow-eared WoodpeckerDryobates maculifronsPiciformesPicidae (Woodpeckers)
0%
Yellow-eyed PigeonColumba eversmanniColumbiformesColumbidae (Pigeons and Doves)
0%
Yellow-faced FlamebackChrysocolaptes xanthocephalusPiciformesPicidae (Woodpeckers)
0%
Yellow-faced ParrotAlipiopsitta xanthopsPsittaciformesPsittacidae (New World and African Parrots)
0%
Yellow-faced ParrotletForpus xanthopsPsittaciformesPsittacidae (New World and African Parrots)
0%
Yellow-footed Green-PigeonTreron phoenicopterusColumbiformesColumbidae (Pigeons and Doves)
0%
Yellow-footed GullLarus livensCharadriiformesLaridae (Gulls, Terns, and Skimmers)
0%
Yellow-footed HoneyguideMelignomon eisentrautiPiciformesIndicatoridae (Honeyguides)
0%
Yellow-fronted BarbetPsilopogon flavifronsPiciformesMegalaimidae (Asian Barbets)
0%
Yellow-fronted ParrotPoicephalus flavifronsPsittaciformesPsittacidae (New World and African Parrots)
0%
Yellow-fronted TinkerbirdPogoniulus chrysoconusPiciformesLybiidae (African Barbets)
0%
Yellow-fronted WoodpeckerMelanerpes flavifronsPiciformesPicidae (Woodpeckers)
0%
Yellow-headed CaracaraMilvago chimachimaFalconiformesFalconidae (Falcons and Caracaras)
0%
Yellow-headed ParrotAmazona oratrixPsittaciformesPsittacidae (New World and African Parrots)
0%
Yellowish Imperial-PigeonDucula subflavescensColumbiformesColumbidae (Pigeons and Doves)
0%
Yellow-legged BrushturkeyTalegalla fuscirostrisGalliformesMegapodiidae (Megapodes)
0%
Yellow-legged ButtonquailTurnix tankiCharadriiformesTurnicidae (Buttonquail)
0%
Yellow-legged PigeonColumba pallidicepsColumbiformesColumbidae (Pigeons and Doves)
0%
Yellow-lored ParrotAmazona xantholoraPsittaciformesPsittacidae (New World and African Parrots)
0%
Yellow-naped ParrotAmazona auropalliataPsittaciformesPsittacidae (New World and African Parrots)
0%
Yellow-necked FrancolinPternistis leucoscepusGalliformesPhasianidae (Pheasants, Grouse, and Allies)
0%
Yellow-rumped HoneyguideIndicator xanthonotusPiciformesIndicatoridae (Honeyguides)
0%
Yellow-rumped TinkerbirdPogoniulus bilineatusPiciformesLybiidae (African Barbets)
0%
Yellow-shouldered ParrotAmazona barbadensisPsittaciformesPsittacidae (New World and African Parrots)
0%
Yellow-spotted BarbetBuccanodon duchailluiPiciformesLybiidae (African Barbets)
0%
Yellow-streaked LoryChalcopsitta scintillataPsittaciformesPsittaculidae (Old World Parrots)
0%
Yellow-tailed Black-CockatooCalyptorhynchus funereusPsittaciformesCacatuidae (Cockatoos)
0%
Yellow-throated CuckooChrysococcyx flavigularisCuculiformesCuculidae (Cuckoos)
0%
Yellow-throated Hanging-ParrotLoriculus pusillusPsittaciformesPsittaculidae (Old World Parrots)
0%
Yellow-throated SandgrousePterocles gutturalisPterocliformesPteroclidae (Sandgrouse)
0%
Yellow-throated TinkerbirdPogoniulus subsulphureusPiciformesLybiidae (African Barbets)
0%
Yellow-throated WoodpeckerPiculus flavigulaPiciformesPicidae (Woodpeckers)
0%
Yellow-tufted WoodpeckerMelanerpes cruentatusPiciformesPicidae (Woodpeckers)
0%
Yellow-vented Green-PigeonTreron seimundiColumbiformesColumbidae (Pigeons and Doves)
0%
Yellow-vented WoodpeckerDryobates dignusPiciformesPicidae (Woodpeckers)
0%
Yellow-wattled LapwingVanellus malabaricusCharadriiformesCharadriidae (Plovers and Lapwings)
0%
Yucatan NightjarAntrostomus badiusCaprimulgiformesCaprimulgidae (Nightjars and Allies)
0%
Yucatan PoorwillNyctiphrynus yucatanicusCaprimulgiformesCaprimulgidae (Nightjars and Allies)
0%
Yucatan WoodpeckerMelanerpes pygmaeusPiciformesPicidae (Woodpeckers)
0%
Yungas GuanPenelope bridgesiGalliformesCracidae (Guans, Chachalacas, and Curassows)
0%
Yungas Pygmy-OwlGlaucidium bolivianumStrigiformesStrigidae (Owls)
0%
Zapata RailCyanolimnas cerveraiGruiformesRallidae (Rails, Gallinules, and Coots)
0%
Zebra DoveGeopelia striataColumbiformesColumbidae (Pigeons and Doves)
0%
Zenker's HoneyguideMelignomon zenkeriPiciformesIndicatoridae (Honeyguides)
0%
Zigzag HeronZebrilus undulatusPelecaniformesArdeidae (Herons, Egrets, and Bitterns)
0%
Zino's PetrelPterodroma madeiraProcellariiformesProcellariidae (Shearwaters and Petrels)
0%
Zoe's Imperial-PigeonDucula zoeaeColumbiformesColumbidae (Pigeons and Doves)
0%

Score Distribution

Percentile by Number Answered

Percent of People with Each Score

Your Score History

You have not taken this quiz